{"text_format":"3","workbook":"xlsx","n_sheets":1,"sheets":["DataSheet"],"read":"whole","date_system":"1900"}

{"sheet":"DataSheet","index":0,"n_rows":944,"n_cols":37,"rows_kept":944}
["Data","Document Number","Tip document","Cod. Client","Nume client","Stare","Warehouse in Doc","Bin in Doc","Crate Type Code","STR 2 Uz intern","Detalii","Cod Articol","Part Description","Work Order/Lot","Balanta magazie / do","Stoc actual","Cantitate","Unitate","Pret Unitar","Item Currency","Discount articol (%)","Discount global (%)","Total Price","Document Currency","Comanda","Com. Achiz. Client","Linie","Warehouse in Ln","Bin in Ln","From Status","From Pallet","Nr.Factura/Nota Cred","Cod Art. Client","Facturabil?","Billable Document?","Facturabil?","Model"]
["2025-07-04","SH25000035","Aviz Expeditie","411_01INNOFA B.V","INNOFA B.V.","Finalizat","MPF","0",{"$nulls":3},"PF011957","HUSA TWIN 2024 26 1 200X220x26","CP00000279",25,0,25,"BUC",{"v":54.92,"d":"54.9200"},"EUR",{"v":0,"d":"0.00"},{"v":0,"d":"0.00"},{"v":1373,"d":"1373.00"},"EUR","SO25000032","45567",2,"MPF","0","Bunuri",null,"SI25000072","21178","Y","Y","Y","TWIN 2024 26 1"]
["2025-07-04","SH25000035","Aviz Expeditie","411_01INNOFA B.V","INNOFA B.V.","Finalizat","MPF","0",{"$nulls":3},"PF011876","HUSA TWIN 2024 22 1 160X200","CP00000263",25,0,25,"BUC",{"v":35.65,"d":"35.6500"},"EUR",{"v":0,"d":"0.00"},{"v":0,"d":"0.00"},891.25,"EUR","SO25000043","45662",6,"MPF","0","Bunuri",null,"SI25000072","21159","Y","Y","Y"]
["2025-07-04","SH25000035","Aviz Expeditie","411_01INNOFA B.V","INNOFA B.V.","Finalizat","MPF","0",{"$nulls":3},"PF011737","HUSA TWIN 2024 26 2 200X200","CP00000283",25,0,25,"BUC",{"v":46.44,"d":"46.4400"},"EUR",{"v":0,"d":"0.00"},{"v":0,"d":"0.00"},{"v":1161,"d":"1161.00"},"EUR","SO25000046","45691",2,"MPF","0","Bunuri",null,"SI25000072","21176","Y","Y","Y"]
["2025-07-04","SH25000035","Aviz Expeditie","411_01INNOFA B.V","INNOFA B.V.","Finalizat","MPF","0",{"$nulls":3},"PF012068","HUSA TWIN 2024 22 1 160X210x22","CP00000257",25,0,25,"BUC",{"v":41,"d":"41.0000"},"EUR",{"v":0,"d":"0.00"},{"v":0,"d":"0.00"},{"v":1025,"d":"1025.00"},"EUR","SO25000039","45629",1,"MPF","0","Bunuri",null,"SI25000072","21160","Y","Y","Y","TWIN 2024 22 1"]
["2025-07-04","SH25000035","Aviz Expeditie","411_01INNOFA B.V","INNOFA B.V.","Finalizat","MPF","0",{"$nulls":3},"PF011623","HUSA CM NEXT 724 90X200","CP00000656",25,0,25,"BUC",{"v":22.48,"d":"22.4800"},"EUR",{"v":0,"d":"0.00"},{"v":0,"d":"0.00"},{"v":562,"d":"562.00"},"EUR","SO25000136","45797",5,"MPF","0","Bunuri",null,"SI25000072","21134","Y","Y","Y"]
["2025-07-04","SH25000035","Aviz Expeditie","411_01INNOFA B.V","INNOFA B.V.","Finalizat","MPF","0",{"$nulls":3},"PF011623","HUSA CM NEXT 724 90X200","CP00000644",25,0,25,"BUC",{"v":22.48,"d":"22.4800"},"EUR",{"v":0,"d":"0.00"},{"v":0,"d":"0.00"},{"v":562,"d":"562.00"},"EUR","SO25000134","45795",12,"MPF","0","Bunuri",null,"SI25000072","21134","Y","Y","Y"]
["2025-07-04","SH25000035","Aviz Expeditie","411_01INNOFA B.V","INNOFA B.V.","Finalizat","MPF","0",{"$nulls":3},"PF011623","HUSA CM NEXT 724 90X200","CP00000651",50,0,50,"BUC",{"v":22.48,"d":"22.4800"},"EUR",{"v":0,"d":"0.00"},{"v":0,"d":"0.00"},{"v":1124,"d":"1124.00"},"EUR","SO25000135","45796",5,"MPF","0","Bunuri",null,"SI25000072","21134","Y","Y","Y"]
["2025-07-04","SH25000035","Aviz Expeditie","411_01INNOFA B.V","INNOFA B.V.","Finalizat","MPF","0",{"$nulls":3},"PF011621","HUSA CM NEXT 524 90X200","CP00000641",25,0,25,"BUC",{"v":22.48,"d":"22.4800"},"EUR",{"v":0,"d":"0.00"},{"v":0,"d":"0.00"},{"v":562,"d":"562.00"},"EUR","SO25000134","45795",9,"MPF","0","Bunuri",null,"SI25000072","21106","Y","Y","Y"]
["2025-07-04","SH25000035","Aviz Expeditie","411_01INNOFA B.V","INNOFA B.V.","Finalizat","MPF","0",{"$nulls":3},"PF011621","HUSA CM NEXT 524 90X200","CP00000654",25,0,25,"BUC",{"v":22.48,"d":"22.4800"},"EUR",{"v":0,"d":"0.00"},{"v":0,"d":"0.00"},{"v":562,"d":"562.00"},"EUR","SO25000136","45797",3,"MPF","0","Bunuri",null,"SI25000072","21106","Y","Y","Y"]
["2025-07-04","SH25000035","Aviz Expeditie","411_01INNOFA B.V","INNOFA B.V.","Finalizat","MPF","0",{"$nulls":3},"PF011653","HUSA DUO COOL MOTION NEXT  26 180X200x26","CP00000639",50,0,25,"BUC",{"v":38.45,"d":"38.4500"},"EUR",{"v":0,"d":"0.00"},{"v":0,"d":"0.00"},961.25,"EUR","SO25000134","45795",7,"MPF","0","Bunuri",null,"SI25000072","21206","Y","Y","Y","DUO COOL MOTION NEXT  26"]
["2025-07-04","SH25000035","Aviz Expeditie","411_01INNOFA B.V","INNOFA B.V.","Finalizat","MPF","0",{"$nulls":3},"PF011653","HUSA DUO COOL MOTION NEXT  26 180X200x26","CP00000639",25,0,25,"BUC",{"v":38.45,"d":"38.4500"},"EUR",{"v":0,"d":"0.00"},{"v":0,"d":"0.00"},961.25,"EUR","SO25000134","45795",7,"MPF","0","Bunuri",null,"SI25000072","21206","Y","Y","Y","DUO COOL MOTION NEXT  26"]
["2025-07-04","SH25000035","Aviz Expeditie","411_01INNOFA B.V","INNOFA B.V.","Finalizat","MPF","0",{"$nulls":3},"PF011654","HUSA DUO COOL MOTION NEXT  26 180X210x26","CP00000640",50,0,25,"BUC",{"v":44.22,"d":"44.2200"},"EUR",{"v":0,"d":"0.00"},{"v":0,"d":"0.00"},{"v":1105.5,"d":"1105.50"},"EUR","SO25000134","45795",8,"MPF","0","Bunuri",null,"SI25000072","21207","Y","Y","Y","DUO COOL MOTION NEXT  26"]
["2025-07-04","SH25000035","Aviz Expeditie","411_01INNOFA B.V","INNOFA B.V.","Finalizat","MPF","0",{"$nulls":3},"PF011654","HUSA DUO COOL MOTION NEXT  26 180X210x26","CP00000640",25,0,25,"BUC",{"v":44.22,"d":"44.2200"},"EUR",{"v":0,"d":"0.00"},{"v":0,"d":"0.00"},{"v":1105.5,"d":"1105.50"},"EUR","SO25000134","45795",8,"MPF","0","Bunuri",null,"SI25000072","21207","Y","Y","Y","DUO COOL MOTION NEXT  26"]
["2025-07-04","SH25000035","Aviz Expeditie","411_01INNOFA B.V","INNOFA B.V.","Finalizat","MPF","0",{"$nulls":3},"PF011667","HUSA CM NEXT 524 80X200","CP00000638",25,0,25,"BUC",{"v":21.58,"d":"21.5800"},"EUR",{"v":0,"d":"0.00"},{"v":0,"d":"0.00"},{"v":539.5,"d":"539.50"},"EUR","SO25000134","45795",6,"MPF","0","Bunuri",null,"SI25000072","21103","Y","Y","Y"]
["2025-07-04","SH25000035","Aviz Expeditie","411_01INNOFA B.V","INNOFA B.V.","Finalizat","MPF","0",{"$nulls":3},"PF011667","HUSA CM NEXT 524 80X200","CP00000649",25,0,25,"BUC",{"v":21.58,"d":"21.5800"},"EUR",{"v":0,"d":"0.00"},{"v":0,"d":"0.00"},{"v":539.5,"d":"539.50"},"EUR","SO25000135","45796",3,"MPF","0","Bunuri",null,"SI25000072","21103","Y","Y","Y"]
["2025-07-04","SH25000035","Aviz Expeditie","411_01INNOFA B.V","INNOFA B.V.","Finalizat","MPF","0",{"$nulls":3},"PF010848","HUSA CM NEXT 1 90X200","CP00000633",25,0,25,"BUC",{"v":19.41,"d":"19.4100"},"EUR",{"v":0,"d":"0.00"},{"v":0,"d":"0.00"},485.25,"EUR","SO25000134","45795",1,"MPF","0","Bunuri",null,"SI25000072","21006","Y","Y","Y"]
["2025-07-04","SH25000035","Aviz Expeditie","411_01INNOFA B.V","INNOFA B.V.","Finalizat","MPF","0",{"$nulls":3},"PF011675","HUSA CM NEXT 724 100X200","CP00000643",25,0,25,"BUC",{"v":24.73,"d":"24.7300"},"EUR",{"v":0,"d":"0.00"},{"v":0,"d":"0.00"},618.25,"EUR","SO25000134","45795",11,"MPF","0","Bunuri",null,"SI25000072","21137","Y","Y","Y"]
["2025-07-04","SH25000035","Aviz Expeditie","411_01INNOFA B.V","INNOFA B.V.","Finalizat","MPF","0",{"$nulls":3},"PF011666","HUSA CM NEXT 524 140X200","CP00000637",25,0,25,"BUC",{"v":31.3,"d":"31.3000"},"EUR",{"v":0,"d":"0.00"},{"v":0,"d":"0.00"},{"v":782.5,"d":"782.50"},"EUR","SO25000134","45795",5,"MPF","0","Bunuri",null,"SI25000072","21354","Y","Y","Y"]
["2025-07-04","SH25000035","Aviz Expeditie","411_01INNOFA B.V","INNOFA B.V.","Finalizat","MPF","0",{"$nulls":3},"PF011679","HUSA CM NEXT 724 90X210","CP00000645",25,0,25,"BUC",{"v":25.86,"d":"25.8600"},"EUR",{"v":0,"d":"0.00"},{"v":0,"d":"0.00"},{"v":646.5,"d":"646.50"},"EUR","SO25000134","45795",13,"MPF","0","Bunuri",null,"SI25000072","21135","Y","Y","Y"]
["2025-07-04","SH25000035","Aviz Expeditie","411_01INNOFA B.V","INNOFA B.V.","Finalizat","MPF","0",{"$nulls":3},"PF011667","HUSA CM NEXT 524 80X200","CP00000653",25,0,25,"BUC",{"v":21.58,"d":"21.5800"},"EUR",{"v":0,"d":"0.00"},{"v":0,"d":"0.00"},{"v":539.5,"d":"539.50"},"EUR","SO25000136","45797",2,"MPF","0","Bunuri",null,"SI25000072","21103","Y","Y","Y"]
["2025-07-04","SH25000035","Aviz Expeditie","411_01INNOFA B.V","INNOFA B.V.","Finalizat","MPF","0",{"$nulls":3},"PF011652","HUSA DUO COOL MOTION NEXT  26 160X200x26","CP00000646",50,0,25,"BUC",{"v":34.02,"d":"34.0200"},"EUR",{"v":0,"d":"0.00"},{"v":0,"d":"0.00"},{"v":850.5,"d":"850.50"},"EUR","SO25000134","45795",14,"MPF","0","Bunuri",null,"SI25000072","21203","Y","Y","Y","DUO COOL MOTION NEXT  26"]
["2025-07-04","SH25000035","Aviz Expeditie","411_01INNOFA B.V","INNOFA B.V.","Finalizat","MPF","0",{"$nulls":3},"PF011652","HUSA DUO COOL MOTION NEXT  26 160X200x26","CP00000646",25,0,25,"BUC",{"v":34.02,"d":"34.0200"},"EUR",{"v":0,"d":"0.00"},{"v":0,"d":"0.00"},{"v":850.5,"d":"850.50"},"EUR","SO25000134","45795",14,"MPF","0","Bunuri",null,"SI25000072","21203","Y","Y","Y","DUO COOL MOTION NEXT  26"]
["2025-07-04","SH25000035","Aviz Expeditie","411_01INNOFA B.V","INNOFA B.V.","Finalizat","MPF","0",{"$nulls":3},"PF011669","HUSA CM NEXT 524 90X210","CP00000642",25,0,25,"BUC",{"v":25.86,"d":"25.8600"},"EUR",{"v":0,"d":"0.00"},{"v":0,"d":"0.00"},{"v":646.5,"d":"646.50"},"EUR","SO25000134","45795",10,"MPF","0","Bunuri",null,"SI25000072","21107","Y","Y","Y"]
["2025-07-04","SH25000035","Aviz Expeditie","411_01INNOFA B.V","INNOFA B.V.","Finalizat","MPF","0",{"$nulls":3},"PF011669","HUSA CM NEXT 524 90X210","CP00000655",25,0,25,"BUC",{"v":25.86,"d":"25.8600"},"EUR",{"v":0,"d":"0.00"},{"v":0,"d":"0.00"},{"v":646.5,"d":"646.50"},"EUR","SO25000136","45797",4,"MPF","0","Bunuri",null,"SI25000072","21107","Y","Y","Y"]
["2025-07-04","SH25000035","Aviz Expeditie","411_01INNOFA B.V","INNOFA B.V.","Finalizat","MPF","0",{"$nulls":3},"PF011660","HUSA CM NEXT 324 90X210","CP00000636",25,0,25,"BUC",{"v":25.76,"d":"25.7600"},"EUR",{"v":0,"d":"0.00"},{"v":0,"d":"0.00"},{"v":644,"d":"644.00"},"EUR","SO25000134","45795",4,"MPF","0","Bunuri",null,"SI25000072","21057","Y","Y","Y"]
["2025-07-04","SH25000035","Aviz Expeditie","411_01INNOFA B.V","INNOFA B.V.","Finalizat","MPF","0",{"$nulls":3},"PF011676","HUSA CM NEXT 724 80X200","CP00000650",25,0,25,"BUC",{"v":21.58,"d":"21.5800"},"EUR",{"v":0,"d":"0.00"},{"v":0,"d":"0.00"},{"v":539.5,"d":"539.50"},"EUR","SO25000135","45796",4,"MPF","0","Bunuri",null,"SI25000072","21131","Y","Y","Y"]
["2025-07-04","SH25000035","Aviz Expeditie","411_01INNOFA B.V","INNOFA B.V.","Finalizat","MPF","0",{"$nulls":3},"PALET1200X1000","PALETI LEMN (120X100)","0",175,0,19,"BUC",{"v":0,"d":"0.0000"},"EUR",{"v":0,"d":"0.00"},{"v":0,"d":"0.00"},{"v":0,"d":"0.00"},"EUR",null,null,0,"Prin","0","Bunuri",null,"SI25000072",null,"Y","Y","Y"]
["2025-07-04","SH25000035","Aviz Expeditie","411_01INNOFA B.V","INNOFA B.V.","Finalizat","MPF","0",{"$nulls":3},"CAPAC1200","CAPAC 1200 x 1000 x 150","0",106,660,19,"BUC",{"v":0,"d":"0.0000"},"EUR",{"v":0,"d":"0.00"},{"v":0,"d":"0.00"},{"v":0,"d":"0.00"},"EUR",null,null,0,"Prin","0","Bunuri",null,"SI25000072",null,"Y","Y","Y"]
["2025-07-04","SH25000035","Aviz Expeditie","411_01INNOFA B.V","INNOFA B.V.","Finalizat","MPF","0",{"$nulls":3},"CUTIE1200x90","CUTIE 1200 x 1000 x 900","0",166,154,19,"BUC",{"v":0,"d":"0.0000"},"EUR",{"v":0,"d":"0.00"},{"v":0,"d":"0.00"},{"v":0,"d":"0.00"},"EUR",null,null,0,"Prin","0","Bunuri",null,"SI25000072",null,"Y","Y","Y"]
["2025-07-04","SH25000036","Aviz Expeditie","411_01INNOFA B.V","INNOFA B.V.","Finalizat","MPF","0",{"$nulls":3},"PF011622","HUSA CM NEXT 624 90X200","CP00000629",100,0,50,"BUC",{"v":22.48,"d":"22.4800"},"EUR",{"v":0,"d":"0.00"},{"v":0,"d":"0.00"},{"v":1124,"d":"1124.00"},"EUR","SO25000141","45805",6,"MPF","0","Bunuri",null,"SI25000071","21120","Y","Y","Y"]
["2025-07-04","SH25000036","Aviz Expeditie","411_01INNOFA B.V","INNOFA B.V.","Finalizat","MPF","0",{"$nulls":3},"PF011622","HUSA CM NEXT 624 90X200","CP00000629",50,0,50,"BUC",{"v":22.48,"d":"22.4800"},"EUR",{"v":0,"d":"0.00"},{"v":0,"d":"0.00"},{"v":1124,"d":"1124.00"},"EUR","SO25000141","45805",6,"MPF","0","Bunuri",null,"SI25000071","21120","Y","Y","Y"]
["2025-07-04","SH25000036","Aviz Expeditie","411_01INNOFA B.V","INNOFA B.V.","Finalizat","MPF","0",{"$nulls":3},"PF011624","HUSA CM NEXT 824 90X200","CP00000630",200,0,50,"BUC",{"v":22.48,"d":"22.4800"},"EUR",{"v":0,"d":"0.00"},{"v":0,"d":"0.00"},{"v":1124,"d":"1124.00"},"EUR","SO25000141","45805",7,"MPF","0","Bunuri",null,"SI25000071","21148","Y","Y","Y"]
["2025-07-04","SH25000036","Aviz Expeditie","411_01INNOFA B.V","INNOFA B.V.","Finalizat","MPF","0",{"$nulls":3},"PF011624","HUSA CM NEXT 824 90X200","CP00000630",150,0,50,"BUC",{"v":22.48,"d":"22.4800"},"EUR",{"v":0,"d":"0.00"},{"v":0,"d":"0.00"},{"v":1124,"d":"1124.00"},"EUR","SO25000141","45805",7,"MPF","0","Bunuri",null,"SI25000071","21148","Y","Y","Y"]
["2025-07-04","SH25000036","Aviz Expeditie","411_01INNOFA B.V","INNOFA B.V.","Finalizat","MPF","0",{"$nulls":3},"PF011624","HUSA CM NEXT 824 90X200","CP00000630",100,0,50,"BUC",{"v":22.48,"d":"22.4800"},"EUR",{"v":0,"d":"0.00"},{"v":0,"d":"0.00"},{"v":1124,"d":"1124.00"},"EUR","SO25000141","45805",7,"MPF","0","Bunuri",null,"SI25000071","21148","Y","Y","Y"]
["2025-07-04","SH25000036","Aviz Expeditie","411_01INNOFA B.V","INNOFA B.V.","Finalizat","MPF","0",{"$nulls":3},"PF011624","HUSA CM NEXT 824 90X200","CP00000630",50,0,50,"BUC",{"v":22.48,"d":"22.4800"},"EUR",{"v":0,"d":"0.00"},{"v":0,"d":"0.00"},{"v":1124,"d":"1124.00"},"EUR","SO25000141","45805",7,"MPF","0","Bunuri",null,"SI25000071","21148","Y","Y","Y"]
["2025-07-04","SH25000036","Aviz Expeditie","411_01INNOFA B.V","INNOFA B.V.","Finalizat","MPF","0",{"$nulls":3},"PF011663","HUSA CM NEXT 424 90X210","CP00000627",100,0,50,"BUC",{"v":25.76,"d":"25.7600"},"EUR",{"v":0,"d":"0.00"},{"v":0,"d":"0.00"},{"v":1288,"d":"1288.00"},"EUR","SO25000141","45805",4,"MPF","0","Bunuri",null,"SI25000071","21082","Y","Y","Y"]
["2025-07-04","SH25000036","Aviz Expeditie","411_01INNOFA B.V","INNOFA B.V.","Finalizat","MPF","0",{"$nulls":3},"PF011663","HUSA CM NEXT 424 90X210","CP00000627",50,0,50,"BUC",{"v":25.76,"d":"25.7600"},"EUR",{"v":0,"d":"0.00"},{"v":0,"d":"0.00"},{"v":1288,"d":"1288.00"},"EUR","SO25000141","45805",4,"MPF","0","Bunuri",null,"SI25000071","21082","Y","Y","Y"]
["2025-07-04","SH25000036","Aviz Expeditie","411_01INNOFA B.V","INNOFA B.V.","Finalizat","MPF","0",{"$nulls":3},"PF011662","HUSA CM NEXT 424 80X200","CP00000625",100,0,50,"BUC",{"v":21.5,"d":"21.5000"},"EUR",{"v":0,"d":"0.00"},{"v":0,"d":"0.00"},{"v":1075,"d":"1075.00"},"EUR","SO25000141","45805",2,"MPF","0","Bunuri",null,"SI25000071","21078","Y","Y","Y"]
["2025-07-04","SH25000036","Aviz Expeditie","411_01INNOFA B.V","INNOFA B.V.","Finalizat","MPF","0",{"$nulls":3},"PF011662","HUSA CM NEXT 424 80X200","CP00000625",50,0,50,"BUC",{"v":21.5,"d":"21.5000"},"EUR",{"v":0,"d":"0.00"},{"v":0,"d":"0.00"},{"v":1075,"d":"1075.00"},"EUR","SO25000141","45805",2,"MPF","0","Bunuri",null,"SI25000071","21078","Y","Y","Y"]
["2025-07-04","SH25000036","Aviz Expeditie","411_01INNOFA B.V","INNOFA B.V.","Finalizat","MPF","0",{"$nulls":3},"PF011620","HUSA CM NEXT 424 90X200","CP00000626",100,0,50,"BUC",{"v":22.4,"d":"22.4000"},"EUR",{"v":0,"d":"0.00"},{"v":0,"d":"0.00"},{"v":1120,"d":"1120.00"},"EUR","SO25000141","45805",3,"MPF","0","Bunuri",null,"SI25000071","21081","Y","Y","Y"]
["2025-07-04","SH25000036","Aviz Expeditie","411_01INNOFA B.V","INNOFA B.V.","Finalizat","MPF","0",{"$nulls":3},"PF011620","HUSA CM NEXT 424 90X200","CP00000626",50,0,50,"BUC",{"v":22.4,"d":"22.4000"},"EUR",{"v":0,"d":"0.00"},{"v":0,"d":"0.00"},{"v":1120,"d":"1120.00"},"EUR","SO25000141","45805",3,"MPF","0","Bunuri",null,"SI25000071","21081","Y","Y","Y"]
["2025-07-04","SH25000036","Aviz Expeditie","411_01INNOFA B.V","INNOFA B.V.","Finalizat","MPF","0",{"$nulls":3},"PF011816","HUSA CM NEXT 424 200X200","CP00000632",25,0,25,"BUC",{"v":44.14,"d":"44.1400"},"EUR",{"v":0,"d":"0.00"},{"v":0,"d":"0.00"},{"v":1103.5,"d":"1103.50"},"EUR","SO25000143","45808",1,"MPF","0","Bunuri",null,"SI25000071","21098","Y","Y","Y"]
["2025-07-04","SH25000036","Aviz Expeditie","411_01INNOFA B.V","INNOFA B.V.","Finalizat","MPF","0",{"$nulls":3},"CAPAC1200","CAPAC 1200 x 1000 x 150","0",119,660,13,"BUC",{"v":0,"d":"0.0000"},"EUR",{"v":0,"d":"0.00"},{"v":0,"d":"0.00"},{"v":0,"d":"0.00"},"EUR",null,null,0,"Prin","0","Bunuri",null,"SI25000071",null,"Y","Y","Y"]
["2025-07-04","SH25000036","Aviz Expeditie","411_01INNOFA B.V","INNOFA B.V.","Finalizat","MPF","0",{"$nulls":3},"CUTIE1200x90","CUTIE 1200 x 1000 x 900","0",179,154,13,"BUC",{"v":0,"d":"0.0000"},"EUR",{"v":0,"d":"0.00"},{"v":0,"d":"0.00"},{"v":0,"d":"0.00"},"EUR",null,null,0,"Prin","0","Bunuri",null,"SI25000071",null,"Y","Y","Y"]
["2025-07-04","SH25000036","Aviz Expeditie","411_01INNOFA B.V","INNOFA B.V.","Finalizat","MPF","0",{"$nulls":3},"PALET1200X1000","PALETI LEMN (120X100)","0",188,0,13,"BUC",{"v":0,"d":"0.0000"},"EUR",{"v":0,"d":"0.00"},{"v":0,"d":"0.00"},{"v":0,"d":"0.00"},"EUR",null,null,0,"Prin","0","Bunuri",null,"SI25000071",null,"Y","Y","Y"]
["2025-07-11","SH25000037","Aviz Expeditie","411_01ARAMIS INV","ARAMIS INVEST S.R.L.","Finalizat","MPF","0",{"$nulls":3},"PF012129","HUSA NORRSELE MAT PAD 160x200","CP00000709",500,0,80,"BUC",{"v":24.53,"d":"24.5300"},"RON",{"v":0,"d":"0.00"},{"v":0,"d":"0.00"},{"v":1962.4,"d":"1962.40"},"RON","SO25000150","260806",3,"MPF","0","Bunuri",null,"SI25000070",null,"Y","Y","Y","NORRSELE MAT PAD"]
["2025-07-11","SH25000037","Aviz Expeditie","411_01ARAMIS INV","ARAMIS INVEST S.R.L.","Finalizat","MPF","0",{"$nulls":3},"PF012129","HUSA NORRSELE MAT PAD 160x200","CP00000709",420,0,80,"BUC",{"v":24.53,"d":"24.5300"},"RON",{"v":0,"d":"0.00"},{"v":0,"d":"0.00"},{"v":1962.4,"d":"1962.40"},"RON","SO25000150","260806",3,"MPF","0","Bunuri",null,"SI25000070","111000000139907","Y","Y","Y","NORRSELE MAT PAD"]
["2025-07-11","SH25000037","Aviz Expeditie","411_01ARAMIS INV","ARAMIS INVEST S.R.L.","Finalizat","MPF","0",{"$nulls":3},"PF012129","HUSA NORRSELE MAT PAD 160x200","CP00000709",340,0,80,"BUC",{"v":24.53,"d":"24.5300"},"RON",{"v":0,"d":"0.00"},{"v":0,"d":"0.00"},{"v":1962.4,"d":"1962.40"},"RON","SO25000150","260806",3,"MPF","0","Bunuri",null,"SI25000070","111000000139907","Y","Y","Y","NORRSELE MAT PAD"]
["2025-07-11","SH25000037","Aviz Expeditie","411_01ARAMIS INV","ARAMIS INVEST S.R.L.","Finalizat","MPF","0",{"$nulls":3},"PF012129","HUSA NORRSELE MAT PAD 160x200","CP00000709",260,0,80,"BUC",{"v":24.53,"d":"24.5300"},"RON",{"v":0,"d":"0.00"},{"v":0,"d":"0.00"},{"v":1962.4,"d":"1962.40"},"RON","SO25000150","260806",3,"MPF","0","Bunuri",null,"SI25000070","111000000139907","Y","Y","Y","NORRSELE MAT PAD"]
["2025-07-11","SH25000037","Aviz Expeditie","411_01ARAMIS INV","ARAMIS INVEST S.R.L.","Finalizat","MPF","0",{"$nulls":3},"PF012129","HUSA NORRSELE MAT PAD 160x200","CP00000709",180,0,80,"BUC",{"v":24.53,"d":"24.5300"},"RON",{"v":0,"d":"0.00"},{"v":0,"d":"0.00"},{"v":1962.4,"d":"1962.40"},"RON","SO25000150","260806",3,"MPF","0","Bunuri",null,"SI25000070","111000000139907","Y","Y","Y","NORRSELE MAT PAD"]
["2025-07-11","SH25000037","Aviz Expeditie","411_01ARAMIS INV","ARAMIS INVEST S.R.L.","Finalizat","MPF","0",{"$nulls":3},"PF012129","HUSA NORRSELE MAT PAD 160x200","CP00000709",100,0,80,"BUC",{"v":24.53,"d":"24.5300"},"RON",{"v":0,"d":"0.00"},{"v":0,"d":"0.00"},{"v":1962.4,"d":"1962.40"},"RON","SO25000150","260806",3,"MPF","0","Bunuri",null,"SI25000070","111000000139907","Y","Y","Y","NORRSELE MAT PAD"]
["2025-07-11","SH25000037","Aviz Expeditie","411_01ARAMIS INV","ARAMIS INVEST S.R.L.","Finalizat","MPF","0",{"$nulls":3},"PF012129","HUSA NORRSELE MAT PAD 160x200","CP00000709",20,0,20,"BUC",{"v":24.53,"d":"24.5300"},"RON",{"v":0,"d":"0.00"},{"v":0,"d":"0.00"},{"v":490.6,"d":"490.60"},"RON","SO25000150","260806",3,"MPF","0","Bunuri",null,"SI25000070","111000000139907","Y","Y","Y","NORRSELE MAT PAD"]
["2025-07-11","SH25000037","Aviz Expeditie","411_01ARAMIS INV","ARAMIS INVEST S.R.L.","Finalizat","MPF","0",{"$nulls":3},"PF012127","HUSA NORRSELE MAT PAD 90x200","CP00000707",300,0,120,"BUC",{"v":15.68,"d":"15.6800"},"RON",{"v":0,"d":"0.00"},{"v":0,"d":"0.00"},{"v":1881.6,"d":"1881.60"},"RON","SO25000150","260806",1,"MPF","0","Bunuri",null,"SI25000070",null,"Y","Y","Y","NORRSELE MAT PAD"]
["2025-07-11","SH25000037","Aviz Expeditie","411_01ARAMIS INV","ARAMIS INVEST S.R.L.","Finalizat","MPF","0",{"$nulls":3},"PF012127","HUSA NORRSELE MAT PAD 90x200","CP00000707",180,0,120,"BUC",{"v":15.68,"d":"15.6800"},"RON",{"v":0,"d":"0.00"},{"v":0,"d":"0.00"},{"v":1881.6,"d":"1881.60"},"RON","SO25000150","260806",1,"MPF","0","Bunuri",null,"SI25000070","111000000139903","Y","Y","Y","NORRSELE MAT PAD"]
["2025-07-11","SH25000037","Aviz Expeditie","411_01ARAMIS INV","ARAMIS INVEST S.R.L.","Finalizat","MPF","0",{"$nulls":3},"PF012130","HUSA NORRSELE MAT PAD 180x200","CP00000710",250,0,80,"BUC",{"v":26.88,"d":"26.8800"},"RON",{"v":0,"d":"0.00"},{"v":0,"d":"0.00"},{"v":2150.4,"d":"2150.40"},"RON","SO25000150","260806",4,"MPF","0","Bunuri",null,"SI25000070",null,"Y","Y","Y","NORRSELE MAT PAD"]
["2025-07-11","SH25000037","Aviz Expeditie","411_01ARAMIS INV","ARAMIS INVEST S.R.L.","Finalizat","MPF","0",{"$nulls":3},"PF012130","HUSA NORRSELE MAT PAD 180x200","CP00000710",170,0,80,"BUC",{"v":26.88,"d":"26.8800"},"RON",{"v":0,"d":"0.00"},{"v":0,"d":"0.00"},{"v":2150.4,"d":"2150.40"},"RON","SO25000150","260806",4,"MPF","0","Bunuri",null,"SI25000070","111000000139908","Y","Y","Y","NORRSELE MAT PAD"]
["2025-07-11","SH25000037","Aviz Expeditie","411_01ARAMIS INV","ARAMIS INVEST S.R.L.","Finalizat","MPF","0",{"$nulls":3},"PF012130","HUSA NORRSELE MAT PAD 180x200","CP00000710",90,0,80,"BUC",{"v":26.88,"d":"26.8800"},"RON",{"v":0,"d":"0.00"},{"v":0,"d":"0.00"},{"v":2150.4,"d":"2150.40"},"RON","SO25000150","260806",4,"MPF","0","Bunuri",null,"SI25000070","111000000139908","Y","Y","Y","NORRSELE MAT PAD"]
["2025-07-11","SH25000037","Aviz Expeditie","411_01ARAMIS INV","ARAMIS INVEST S.R.L.","Finalizat","MPF","0",{"$nulls":3},"PF012127","HUSA NORRSELE MAT PAD 90x200","CP00000707",260,0,80,"BUC",{"v":15.68,"d":"15.6800"},"RON",{"v":0,"d":"0.00"},{"v":0,"d":"0.00"},{"v":1254.4,"d":"1254.40"},"RON","SO25000150","260806",1,"MPF","0","Bunuri",null,"SI25000070","111000000139903","Y","Y","Y","NORRSELE MAT PAD"]
["2025-07-11","SH25000037","Aviz Expeditie","411_01ARAMIS INV","ARAMIS INVEST S.R.L.","Finalizat","MPF","0",{"$nulls":3},"PALET2000X900","PALETI LEMN (90x200) - folositi la pachete","0",75,243,12,"BUC",{"v":0,"d":"0.0000"},"RON",{"v":0,"d":"0.00"},{"v":0,"d":"0.00"},{"v":0,"d":"0.00"},"RON",null,null,0,"MPF","0","Bunuri",null,"SI25000070",null,"Y","Y","Y"]
["2025-07-11","SH25000037","Aviz Expeditie","411_01ARAMIS INV","ARAMIS INVEST S.R.L.","Finalizat","MPF","0",{"$nulls":3},"CAPAC90","CAPAC CARTON 900x2000x350","0",100,0,12,"BUC",{"v":0,"d":"0.0000"},"RON",{"v":0,"d":"0.00"},{"v":0,"d":"0.00"},{"v":0,"d":"0.00"},"RON",null,null,0,"Prin","0","Bunuri",null,"SI25000070",null,"Y","Y","Y"]
["2025-07-11","SH25000037","Aviz Expeditie","411_01ARAMIS INV","ARAMIS INVEST S.R.L.","Finalizat","MPF","0",{"$nulls":3},"CAPAC","CAPAC 1050 x 2050 x 350","0",100,0,12,"BUC",{"v":0,"d":"0.0000"},"RON",{"v":0,"d":"0.00"},{"v":0,"d":"0.00"},{"v":0,"d":"0.00"},"RON",null,null,0,"Prin","0","Bunuri",null,"SI25000070",null,"Y","Y","Y"]
["2025-07-11","SH25000038","Aviz Expeditie","411_01INNOFA B.V","INNOFA B.V.","Finalizat","MPF","0",{"$nulls":3},"PF011619","HUSA CM NEXT 324 90X200","CP00000648",25,0,25,"BUC",{"v":22.4,"d":"22.4000"},"EUR",{"v":0,"d":"0.00"},{"v":0,"d":"0.00"},{"v":560,"d":"560.00"},"EUR","SO25000135","45796",2,"MPF","0","Bunuri",null,"SI25000073","21056","Y","Y","Y"]
["2025-07-11","SH25000038","Aviz Expeditie","411_01INNOFA B.V","INNOFA B.V.","Finalizat","MPF","0",{"$nulls":3},"PF011619","HUSA CM NEXT 324 90X200","CP00000652",25,0,25,"BUC",{"v":22.4,"d":"22.4000"},"EUR",{"v":0,"d":"0.00"},{"v":0,"d":"0.00"},{"v":560,"d":"560.00"},"EUR","SO25000136","45797",1,"MPF","0","Bunuri",null,"SI25000073","21056","Y","Y","Y"]
["2025-07-11","SH25000038","Aviz Expeditie","411_01INNOFA B.V","INNOFA B.V.","Finalizat","MPF","0",{"$nulls":3},"PF011619","HUSA CM NEXT 324 90X200","CP00000635",50,0,50,"BUC",{"v":22.4,"d":"22.4000"},"EUR",{"v":0,"d":"0.00"},{"v":0,"d":"0.00"},{"v":1120,"d":"1120.00"},"EUR","SO25000134","45795",3,"MPF","0","Bunuri",null,"SI25000073","21056","Y","Y","Y"]
["2025-07-11","SH25000038","Aviz Expeditie","411_01INNOFA B.V","INNOFA B.V.","Finalizat","MPF","0",{"$nulls":3},"PF011653","HUSA DUO COOL MOTION NEXT  26 180X200x26","CP00000665",25,0,25,"BUC",{"v":38.45,"d":"38.4500"},"EUR",{"v":0,"d":"0.00"},{"v":0,"d":"0.00"},961.25,"EUR","SO25000137","45798",9,"MPF","0","Bunuri",null,"SI25000073","21206","Y","Y","Y","DUO COOL MOTION NEXT  26"]
["2025-07-11","SH25000038","Aviz Expeditie","411_01INNOFA B.V","INNOFA B.V.","Finalizat","MPF","0",{"$nulls":3},"PF011659","HUSA CM NEXT 324 80X200","CP00000634",25,0,25,"BUC",{"v":21.5,"d":"21.5000"},"EUR",{"v":0,"d":"0.00"},{"v":0,"d":"0.00"},{"v":537.5,"d":"537.50"},"EUR","SO25000134","45795",2,"MPF","0","Bunuri",null,"SI25000073","21053","Y","Y","Y"]
["2025-07-11","SH25000038","Aviz Expeditie","411_01INNOFA B.V","INNOFA B.V.","Finalizat","MPF","0",{"$nulls":3},"PF011659","HUSA CM NEXT 324 80X200","CP00000647",25,0,25,"BUC",{"v":21.5,"d":"21.5000"},"EUR",{"v":0,"d":"0.00"},{"v":0,"d":"0.00"},{"v":537.5,"d":"537.50"},"EUR","SO25000135","45796",1,"MPF","0","Bunuri",null,"SI25000073","21053","Y","Y","Y"]
["2025-07-11","SH25000038","Aviz Expeditie","411_01INNOFA B.V","INNOFA B.V.","Finalizat","MPF","0",{"$nulls":3},"PF011657","HUSA CM NEXT 324 140X200","CP00000657",25,0,25,"BUC",{"v":31.23,"d":"31.2300"},"EUR",{"v":0,"d":"0.00"},{"v":0,"d":"0.00"},780.75,"EUR","SO25000137","45798",1,"MPF","0","Bunuri",null,"SI25000073","21065","Y","Y","Y"]
["2025-07-11","SH25000038","Aviz Expeditie","411_01INNOFA B.V","INNOFA B.V.","Finalizat","MPF","0",{"$nulls":3},"PF010848","HUSA CM NEXT 1 90X200","CP00000673",25,0,25,"BUC",{"v":19.41,"d":"19.4100"},"EUR",{"v":0,"d":"0.00"},{"v":0,"d":"0.00"},485.25,"EUR","SO25000139","45800",1,"MPF","0","Bunuri",null,"SI25000073","21006","Y","Y","Y"]
["2025-07-11","SH25000038","Aviz Expeditie","411_01INNOFA B.V","INNOFA B.V.","Finalizat","MPF","0",{"$nulls":3},"PALET1200X1000","PALETI LEMN (120X100)","0",152,0,5,"BUC",{"v":0,"d":"0.0000"},"EUR",{"v":0,"d":"0.00"},{"v":0,"d":"0.00"},{"v":0,"d":"0.00"},"EUR",null,null,0,"Prin","0","Bunuri",null,"SI25000073",null,"Y","Y","Y"]
["2025-07-11","SH25000038","Aviz Expeditie","411_01INNOFA B.V","INNOFA B.V.","Finalizat","MPF","0",{"$nulls":3},"CUTIE1200x90","CUTIE 1200 x 1000 x 900","0",143,154,5,"BUC",{"v":0,"d":"0.0000"},"EUR",{"v":0,"d":"0.00"},{"v":0,"d":"0.00"},{"v":0,"d":"0.00"},"EUR",null,null,0,"Prin","0","Bunuri",null,"SI25000073",null,"Y","Y","Y"]
["2025-07-11","SH25000038","Aviz Expeditie","411_01INNOFA B.V","INNOFA B.V.","Finalizat","MPF","0",{"$nulls":3},"CAPAC1200","CAPAC 1200 x 1000 x 150","0",83,660,5,"BUC",{"v":0,"d":"0.0000"},"EUR",{"v":0,"d":"0.00"},{"v":0,"d":"0.00"},{"v":0,"d":"0.00"},"EUR",null,null,0,"Prin","0","Bunuri",null,"SI25000073",null,"Y","Y","Y"]
["2025-07-11","SH25000039","Aviz Expeditie","411_01INNOFA B.V","INNOFA B.V.","Finalizat","MPF","0",{"$nulls":3},"PF011620","HUSA CM NEXT 424 90X200","CP00000668",185,0,50,"BUC",{"v":22.4,"d":"22.4000"},"EUR",{"v":0,"d":"0.00"},{"v":0,"d":"0.00"},{"v":1120,"d":"1120.00"},"EUR","SO25000142","45806",1,"MPF","0","Bunuri",null,"SI25000074","21081","Y","Y","Y"]
["2025-07-11","SH25000039","Aviz Expeditie","411_01INNOFA B.V","INNOFA B.V.","Finalizat","MPF","0",{"$nulls":3},"PF011620","HUSA CM NEXT 424 90X200","CP00000668",135,0,50,"BUC",{"v":22.4,"d":"22.4000"},"EUR",{"v":0,"d":"0.00"},{"v":0,"d":"0.00"},{"v":1120,"d":"1120.00"},"EUR","SO25000142","45806",1,"MPF","0","Bunuri",null,"SI25000074","21081","Y","Y","Y"]
["2025-07-11","SH25000039","Aviz Expeditie","411_01INNOFA B.V","INNOFA B.V.","Finalizat","MPF","0",{"$nulls":3},"PF011620","HUSA CM NEXT 424 90X200","CP00000668",85,0,50,"BUC",{"v":22.4,"d":"22.4000"},"EUR",{"v":0,"d":"0.00"},{"v":0,"d":"0.00"},{"v":1120,"d":"1120.00"},"EUR","SO25000142","45806",1,"MPF","0","Bunuri",null,"SI25000074","21081","Y","Y","Y"]
["2025-07-11","SH25000039","Aviz Expeditie","411_01INNOFA B.V","INNOFA B.V.","Finalizat","MPF","0",{"$nulls":3},"PF011620","HUSA CM NEXT 424 90X200","CP00000668",35,0,35,"BUC",{"v":22.4,"d":"22.4000"},"EUR",{"v":0,"d":"0.00"},{"v":0,"d":"0.00"},{"v":784,"d":"784.00"},"EUR","SO25000142","45806",1,"MPF","0","Bunuri",null,"SI25000074","21081","Y","Y","Y"]
["2025-07-11","SH25000039","Aviz Expeditie","411_01INNOFA B.V","INNOFA B.V.","Finalizat","MPF","0",{"$nulls":3},"PF011620","HUSA CM NEXT 424 90X200","CP00000779",15,0,15,"BUC",{"v":22.4,"d":"22.4000"},"EUR",{"v":0,"d":"0.00"},{"v":0,"d":"0.00"},{"v":336,"d":"336.00"},"EUR","SO25000142","45806",1,"MPF","0","Bunuri",null,"SI25000074","21081","Y","Y","Y"]
["2025-07-11","SH25000039","Aviz Expeditie","411_01INNOFA B.V","INNOFA B.V.","Finalizat","MPF","0",{"$nulls":3},"PALET1200X1000","PALETI LEMN (120X100)","0",156,0,4,"BUC",{"v":0,"d":"0.0000"},"EUR",{"v":0,"d":"0.00"},{"v":0,"d":"0.00"},{"v":0,"d":"0.00"},"EUR",null,null,0,"Prin","0","Bunuri",null,"SI25000074",null,"Y","Y","Y"]
["2025-07-11","SH25000039","Aviz Expeditie","411_01INNOFA B.V","INNOFA B.V.","Finalizat","MPF","0",{"$nulls":3},"CUTIE1200x90","CUTIE 1200 x 1000 x 900","0",147,154,4,"BUC",{"v":0,"d":"0.0000"},"EUR",{"v":0,"d":"0.00"},{"v":0,"d":"0.00"},{"v":0,"d":"0.00"},"EUR",null,null,0,"Prin","0","Bunuri",null,"SI25000074",null,"Y","Y","Y"]
["2025-07-11","SH25000039","Aviz Expeditie","411_01INNOFA B.V","INNOFA B.V.","Finalizat","MPF","0",{"$nulls":3},"CAPAC1200","CAPAC 1200 x 1000 x 150","0",87,660,4,"BUC",{"v":0,"d":"0.0000"},"EUR",{"v":0,"d":"0.00"},{"v":0,"d":"0.00"},{"v":0,"d":"0.00"},"EUR",null,null,0,"Prin","0","Bunuri",null,"SI25000074",null,"Y","Y","Y"]
["2025-07-15","SH25000040","Aviz Expeditie","411_01ARAMIS INV","ARAMIS INVEST S.R.L.","Finalizat","MPF","0",{"$nulls":3},"PF012127","HUSA NORRSELE MAT PAD 90x200","CP00000707",180,0,120,"BUC",{"v":15.68,"d":"15.6800"},"RON",{"v":0,"d":"0.00"},{"v":0,"d":"0.00"},{"v":1881.6,"d":"1881.60"},"RON","SO25000150","260806",1,"MPF","0","Bunuri",null,"SI25000075",null,"Y","Y","Y","NORRSELE MAT PAD"]
["2025-07-15","SH25000040","Aviz Expeditie","411_01ARAMIS INV","ARAMIS INVEST S.R.L.","Finalizat","MPF","0",{"$nulls":3},"PF012127","HUSA NORRSELE MAT PAD 90x200","CP00000707",60,0,60,"BUC",{"v":15.68,"d":"15.6800"},"RON",{"v":0,"d":"0.00"},{"v":0,"d":"0.00"},{"v":940.8,"d":"940.80"},"RON","SO25000150","260806",1,"MPF","0","Bunuri",null,"SI25000075","111000000139903","Y","Y","Y","NORRSELE MAT PAD"]
["2025-07-15","SH25000040","Aviz Expeditie","411_01ARAMIS INV","ARAMIS INVEST S.R.L.","Finalizat","MPF","0",{"$nulls":3},"PF012130","HUSA NORRSELE MAT PAD 180x200","CP00000710",260,0,40,"BUC",{"v":26.88,"d":"26.8800"},"RON",{"v":0,"d":"0.00"},{"v":0,"d":"0.00"},{"v":1075.2,"d":"1075.20"},"RON","SO25000150","260806",4,"MPF","0","Bunuri",null,"SI25000075",null,"Y","Y","Y","NORRSELE MAT PAD"]
["2025-07-15","SH25000040","Aviz Expeditie","411_01ARAMIS INV","ARAMIS INVEST S.R.L.","Finalizat","MPF","0",{"$nulls":3},"PF012130","HUSA NORRSELE MAT PAD 180x200","CP00000710",220,0,80,"BUC",{"v":26.88,"d":"26.8800"},"RON",{"v":0,"d":"0.00"},{"v":0,"d":"0.00"},{"v":2150.4,"d":"2150.40"},"RON","SO25000150","260806",4,"MPF","0","Bunuri",null,"SI25000075","111000000139908","Y","Y","Y","NORRSELE MAT PAD"]
["2025-07-15","SH25000040","Aviz Expeditie","411_01ARAMIS INV","ARAMIS INVEST S.R.L.","Finalizat","MPF","0",{"$nulls":3},"PF012130","HUSA NORRSELE MAT PAD 180x200","CP00000710",140,0,80,"BUC",{"v":26.88,"d":"26.8800"},"RON",{"v":0,"d":"0.00"},{"v":0,"d":"0.00"},{"v":2150.4,"d":"2150.40"},"RON","SO25000150","260806",4,"MPF","0","Bunuri",null,"SI25000075","111000000139908","Y","Y","Y","NORRSELE MAT PAD"]
["2025-07-15","SH25000040","Aviz Expeditie","411_01ARAMIS INV","ARAMIS INVEST S.R.L.","Finalizat","MPF","0",{"$nulls":3},"PF012130","HUSA NORRSELE MAT PAD 180x200","CP00000710",60,0,40,"BUC",{"v":26.88,"d":"26.8800"},"RON",{"v":0,"d":"0.00"},{"v":0,"d":"0.00"},{"v":1075.2,"d":"1075.20"},"RON","SO25000150","260806",4,"MPF","0","Bunuri",null,"SI25000075","111000000139908","Y","Y","Y","NORRSELE MAT PAD"]
["2025-07-15","SH25000040","Aviz Expeditie","411_01ARAMIS INV","ARAMIS INVEST S.R.L.","Finalizat","MPF","0",{"$nulls":3},"PF012128","HUSA NORRSELE MAT PAD 140x200","CP00000708",500,0,50,"BUC",{"v":22.14,"d":"22.1400"},"RON",{"v":0,"d":"0.00"},{"v":0,"d":"0.00"},{"v":1107,"d":"1107.00"},"RON","SO25000150","260806",2,"MPF","0","Bunuri",null,"SI25000075",null,"Y","Y","Y","NORRSELE MAT PAD"]
["2025-07-15","SH25000040","Aviz Expeditie","411_01ARAMIS INV","ARAMIS INVEST S.R.L.","Finalizat","MPF","0",{"$nulls":3},"PF012128","HUSA NORRSELE MAT PAD 140x200","CP00000708",450,0,100,"BUC",{"v":22.14,"d":"22.1400"},"RON",{"v":0,"d":"0.00"},{"v":0,"d":"0.00"},{"v":2214,"d":"2214.00"},"RON","SO25000150","260806",2,"MPF","0","Bunuri",null,"SI25000075","111000000139906","Y","Y","Y","NORRSELE MAT PAD"]
["2025-07-15","SH25000040","Aviz Expeditie","411_01ARAMIS INV","ARAMIS INVEST S.R.L.","Finalizat","MPF","0",{"$nulls":3},"PF012128","HUSA NORRSELE MAT PAD 140x200","CP00000708",350,0,100,"BUC",{"v":22.14,"d":"22.1400"},"RON",{"v":0,"d":"0.00"},{"v":0,"d":"0.00"},{"v":2214,"d":"2214.00"},"RON","SO25000150","260806",2,"MPF","0","Bunuri",null,"SI25000075","111000000139906","Y","Y","Y","NORRSELE MAT PAD"]
["2025-07-15","SH25000040","Aviz Expeditie","411_01ARAMIS INV","ARAMIS INVEST S.R.L.","Finalizat","MPF","0",{"$nulls":3},"PF012128","HUSA NORRSELE MAT PAD 140x200","CP00000708",250,0,100,"BUC",{"v":22.14,"d":"22.1400"},"RON",{"v":0,"d":"0.00"},{"v":0,"d":"0.00"},{"v":2214,"d":"2214.00"},"RON","SO25000150","260806",2,"MPF","0","Bunuri",null,"SI25000075","111000000139906","Y","Y","Y","NORRSELE MAT PAD"]
["2025-07-15","SH25000040","Aviz Expeditie","411_01ARAMIS INV","ARAMIS INVEST S.R.L.","Finalizat","MPF","0",{"$nulls":3},"PF012127","HUSA NORRSELE MAT PAD 90x200","CP00000713",230,0,20,"BUC",{"v":15.68,"d":"15.6800"},"RON",{"v":0,"d":"0.00"},{"v":0,"d":"0.00"},{"v":313.6,"d":"313.60"},"RON","SO25000151","260807",1,"MPF","0","Bunuri",null,"SI25000075",null,"Y","Y","Y","NORRSELE MAT PAD"]
["2025-07-15","SH25000040","Aviz Expeditie","411_01ARAMIS INV","ARAMIS INVEST S.R.L.","Finalizat","MPF","0",{"$nulls":3},"PF012128","HUSA NORRSELE MAT PAD 140x200","CP00000708",150,0,100,"BUC",{"v":22.14,"d":"22.1400"},"RON",{"v":0,"d":"0.00"},{"v":0,"d":"0.00"},{"v":2214,"d":"2214.00"},"RON","SO25000150","260806",2,"MPF","0","Bunuri",null,"SI25000075","111000000139906","Y","Y","Y","NORRSELE MAT PAD"]
["2025-07-15","SH25000040","Aviz Expeditie","411_01ARAMIS INV","ARAMIS INVEST S.R.L.","Finalizat","MPF","0",{"$nulls":3},"PF012130","HUSA NORRSELE MAT PAD 180x200","CP00000710",20,0,20,"BUC",{"v":26.88,"d":"26.8800"},"RON",{"v":0,"d":"0.00"},{"v":0,"d":"0.00"},{"v":537.6,"d":"537.60"},"RON","SO25000150","260806",4,"MPF","0","Bunuri",null,"SI25000075","111000000139908","Y","Y","Y","NORRSELE MAT PAD"]
["2025-07-15","SH25000040","Aviz Expeditie","411_01ARAMIS INV","ARAMIS INVEST S.R.L.","Finalizat","MPF","0",{"$nulls":3},"PF012127","HUSA NORRSELE MAT PAD 90x200","CP00000713",210,0,90,"BUC",{"v":15.68,"d":"15.6800"},"RON",{"v":0,"d":"0.00"},{"v":0,"d":"0.00"},{"v":1411.2,"d":"1411.20"},"RON","SO25000151","260807",1,"MPF","0","Bunuri",null,"SI25000075","111000000139903","Y","Y","Y","NORRSELE MAT PAD"]
["2025-07-15","SH25000040","Aviz Expeditie","411_01ARAMIS INV","ARAMIS INVEST S.R.L.","Finalizat","MPF","0",{"$nulls":3},"PF012127","HUSA NORRSELE MAT PAD 90x200","CP00000713",120,0,90,"BUC",{"v":15.68,"d":"15.6800"},"RON",{"v":0,"d":"0.00"},{"v":0,"d":"0.00"},{"v":1411.2,"d":"1411.20"},"RON","SO25000151","260807",1,"MPF","0","Bunuri",null,"SI25000075","111000000139903","Y","Y","Y","NORRSELE MAT PAD"]
["2025-07-15","SH25000040","Aviz Expeditie","411_01ARAMIS INV","ARAMIS INVEST S.R.L.","Finalizat","MPF","0",{"$nulls":3},"PF012128","HUSA NORRSELE MAT PAD 140x200","CP00000708",50,0,50,"BUC",{"v":22.14,"d":"22.1400"},"RON",{"v":0,"d":"0.00"},{"v":0,"d":"0.00"},{"v":1107,"d":"1107.00"},"RON","SO25000150","260806",2,"MPF","0","Bunuri",null,"SI25000075","111000000139906","Y","Y","Y","NORRSELE MAT PAD"]
["2025-07-15","SH25000040","Aviz Expeditie","411_01ARAMIS INV","ARAMIS INVEST S.R.L.","Finalizat","MPF","0",{"$nulls":3},"PF012128","HUSA NORRSELE MAT PAD 140x200","CP00000712",175,0,75,"BUC",{"v":22.14,"d":"22.1400"},"RON",{"v":0,"d":"0.00"},{"v":0,"d":"0.00"},{"v":1660.5,"d":"1660.50"},"RON","SO25000151","260807",2,"MPF","0","Bunuri",null,"SI25000075",null,"Y","Y","Y","NORRSELE MAT PAD"]
["2025-07-15","SH25000040","Aviz Expeditie","411_01ARAMIS INV","ARAMIS INVEST S.R.L.","Finalizat","MPF","0",{"$nulls":3},"PF012128","HUSA NORRSELE MAT PAD 140x200","CP00000712",100,0,50,"BUC",{"v":22.14,"d":"22.1400"},"RON",{"v":0,"d":"0.00"},{"v":0,"d":"0.00"},{"v":1107,"d":"1107.00"},"RON","SO25000151","260807",2,"MPF","0","Bunuri",null,"SI25000075","111000000139906","Y","Y","Y","NORRSELE MAT PAD"]
["2025-07-15","SH25000040","Aviz Expeditie","411_01ARAMIS INV","ARAMIS INVEST S.R.L.","Finalizat","MPF","0",{"$nulls":3},"PF012128","HUSA NORRSELE MAT PAD 140x200","CP00000712",50,0,50,"BUC",{"v":22.14,"d":"22.1400"},"RON",{"v":0,"d":"0.00"},{"v":0,"d":"0.00"},{"v":1107,"d":"1107.00"},"RON","SO25000151","260807",2,"MPF","0","Bunuri",null,"SI25000075","111000000139906","Y","Y","Y","NORRSELE MAT PAD"]
["2025-07-15","SH25000040","Aviz Expeditie","411_01ARAMIS INV","ARAMIS INVEST S.R.L.","Finalizat","MPF","0",{"$nulls":3},"PF012128","HUSA NORRSELE MAT PAD 140x200","CP00000712",42,0,42,"BUC",{"v":22.14,"d":"22.1400"},"RON",{"v":0,"d":"0.00"},{"v":0,"d":"0.00"},929.88,"RON","SO25000151","260807",2,"MPF","0","Bunuri",null,"SI25000075","111000000139906","Y","Y","Y","NORRSELE MAT PAD"]
["2025-07-15","SH25000040","Aviz Expeditie","411_01ARAMIS INV","ARAMIS INVEST S.R.L.","Finalizat","MPF","0",{"$nulls":3},"PF012127","HUSA NORRSELE MAT PAD 90x200","CP00000713",44,0,44,"BUC",{"v":15.68,"d":"15.6800"},"RON",{"v":0,"d":"0.00"},{"v":0,"d":"0.00"},689.92,"RON","SO25000151","260807",1,"MPF","0","Bunuri",null,"SI25000075","111000000139903","Y","Y","Y","NORRSELE MAT PAD"]
["2025-07-15","SH25000040","Aviz Expeditie","411_01ARAMIS INV","ARAMIS INVEST S.R.L.","Finalizat","MPF","0",{"$nulls":3},"PALET2000X900","PALETI LEMN (90x200) - folositi la pachete","0",63,243,13,"BUC",{"v":0,"d":"0.0000"},"RON",{"v":0,"d":"0.00"},{"v":0,"d":"0.00"},{"v":0,"d":"0.00"},"RON",null,null,0,"MPF","0","Bunuri",null,"SI25000075",null,"Y","Y","Y"]
["2025-07-15","SH25000040","Aviz Expeditie","411_01ARAMIS INV","ARAMIS INVEST S.R.L.","Finalizat","MPF","0",{"$nulls":3},"CAPAC90","CAPAC CARTON 900x2000x350","0",88,0,13,"BUC",{"v":0,"d":"0.0000"},"RON",{"v":0,"d":"0.00"},{"v":0,"d":"0.00"},{"v":0,"d":"0.00"},"RON",null,null,0,"Prin","0","Bunuri",null,"SI25000075",null,"Y","Y","Y"]
["2025-07-15","SH25000040","Aviz Expeditie","411_01ARAMIS INV","ARAMIS INVEST S.R.L.","Finalizat","MPF","0",{"$nulls":3},"CAPAC","CAPAC 1050 x 2050 x 350","0",88,0,6,"BUC",{"v":0,"d":"0.0000"},"RON",{"v":0,"d":"0.00"},{"v":0,"d":"0.00"},{"v":0,"d":"0.00"},"RON",null,null,0,"Prin","0","Bunuri",null,"SI25000075",null,"Y","Y","Y"]
["2025-07-17","SH25000041","Aviz Expeditie","411_01INNOFA B.V","INNOFA B.V.","Finalizat","MPF","0",{"$nulls":3},"PF012134","HUSA PRESTIGE NEW25 100X210","CP00000783",42,0,30,"BUC",{"v":84.24,"d":"84.2400"},"EUR",{"v":0,"d":"0.00"},{"v":0,"d":"0.00"},{"v":2527.2,"d":"2527.20"},"EUR","SO25000166","45910",1,"MPF","0","Bunuri",null,"SI25000079",null,"Y","Y","Y","PRESTIGE NEW25"]
["2025-07-17","SH25000041","Aviz Expeditie","411_01INNOFA B.V","INNOFA B.V.","Finalizat","MPF","0",{"$nulls":3},"PF012134","HUSA PRESTIGE NEW25 100X210","CP00000783",12,0,12,"BUC",{"v":84.24,"d":"84.2400"},"EUR",{"v":0,"d":"0.00"},{"v":0,"d":"0.00"},1010.88,"EUR","SO25000166","45910",1,"MPF","0","Bunuri",null,"SI25000079",null,"Y","Y","Y","PRESTIGE NEW25"]
["2025-07-17","SH25000041","Aviz Expeditie","411_01INNOFA B.V","INNOFA B.V.","Finalizat","MPF","0",{"$nulls":3},"PF012135","PILLOW PRESTIGE FLOW NEW25","CP00000786",65,0,65,"BUC",{"v":11.79,"d":"11.7900"},"EUR",{"v":0,"d":"0.00"},{"v":0,"d":"0.00"},766.35,"EUR","SO25000167","45910",3,"MPF","0","Bunuri",null,"SI25000079",null,"Y","Y","Y","PERNA PRESTIGE FLOW"]
["2025-07-17","SH25000041","Aviz Expeditie","411_01INNOFA B.V","INNOFA B.V.","Finalizat","MPF","0",{"$nulls":3},"PF012204","HUSA PRESTIGE NEW25 90X210","CP00000784",7,0,7,"BUC",{"v":76.11,"d":"76.1100"},"EUR",{"v":0,"d":"0.00"},{"v":0,"d":"0.00"},532.77,"EUR","SO25000166","45910",2,"MPF","0","Bunuri",null,"SI25000079",null,"Y","Y","Y","PRESTIGE NEW25"]
["2025-07-17","SH25000041","Aviz Expeditie","411_01INNOFA B.V","INNOFA B.V.","Finalizat","MPF","0",{"$nulls":3},"CAPAC1200","CAPAC 1200 x 1000 x 150","0",78,660,2,"BUC",{"v":0,"d":"0.0000"},"EUR",{"v":0,"d":"0.00"},{"v":0,"d":"0.00"},{"v":0,"d":"0.00"},"EUR",null,null,0,"Prin","0","Bunuri",null,"SI25000079",null,"Y","Y","Y"]
["2025-07-17","SH25000041","Aviz Expeditie","411_01INNOFA B.V","INNOFA B.V.","Finalizat","MPF","0",{"$nulls":3},"PALET1200X1000","PALETI LEMN (120X100)","0",202,0,2,"BUC",{"v":0,"d":"0.0000"},"EUR",{"v":0,"d":"0.00"},{"v":0,"d":"0.00"},{"v":0,"d":"0.00"},"EUR",null,null,0,"Prin","0","Bunuri",null,"SI25000079",null,"Y","Y","Y"]
["2025-07-18","SH25000042","Aviz Expeditie","411_01INNOFA B.V","INNOFA B.V.","Finalizat","MPF","0",{"$nulls":3},"PF011652","HUSA DUO COOL MOTION NEXT  26 160X200x26","CP00000664",25,0,25,"BUC",{"v":34.02,"d":"34.0200"},"EUR",{"v":0,"d":"0.00"},{"v":0,"d":"0.00"},{"v":850.5,"d":"850.50"},"EUR","SO25000137","45798",8,"MPF","0","Bunuri",null,"SI25000080","21203","Y","Y","Y","DUO COOL MOTION NEXT  26"]
["2025-07-18","SH25000042","Aviz Expeditie","411_01INNOFA B.V","INNOFA B.V.","Finalizat","MPF","0",{"$nulls":3},"PF011621","HUSA CM NEXT 524 90X200","CP00000660",50,0,50,"BUC",{"v":22.48,"d":"22.4800"},"EUR",{"v":0,"d":"0.00"},{"v":0,"d":"0.00"},{"v":1124,"d":"1124.00"},"EUR","SO25000137","45798",4,"MPF","0","Bunuri",null,"SI25000080","21106","Y","Y","Y"]
["2025-07-18","SH25000042","Aviz Expeditie","411_01INNOFA B.V","INNOFA B.V.","Finalizat","MPF","0",{"$nulls":3},"PF011621","HUSA CM NEXT 524 90X200","CP00000716",25,0,25,"BUC",{"v":22.48,"d":"22.4800"},"EUR",{"v":0,"d":"0.00"},{"v":0,"d":"0.00"},{"v":562,"d":"562.00"},"EUR","SO25000155","45856",1,"MPF","0","Bunuri",null,"SI25000080","21106","Y","Y","Y"]
["2025-07-18","SH25000042","Aviz Expeditie","411_01INNOFA B.V","INNOFA B.V.","Finalizat","MPF","0",{"$nulls":3},"PF011621","HUSA CM NEXT 524 90X200","CP00000667",25,0,25,"BUC",{"v":22.48,"d":"22.4800"},"EUR",{"v":0,"d":"0.00"},{"v":0,"d":"0.00"},{"v":562,"d":"562.00"},"EUR","SO25000138","45799",1,"MPF","0","Bunuri",null,"SI25000080","21106","Y","Y","Y"]
["2025-07-18","SH25000042","Aviz Expeditie","411_01INNOFA B.V","INNOFA B.V.","Finalizat","MPF","0",{"$nulls":3},"PF011623","HUSA CM NEXT 724 90X200","CP00000662",25,0,25,"BUC",{"v":22.48,"d":"22.4800"},"EUR",{"v":0,"d":"0.00"},{"v":0,"d":"0.00"},{"v":562,"d":"562.00"},"EUR","SO25000137","45798",6,"MPF","0","Bunuri",null,"SI25000080","21134","Y","Y","Y"]
["2025-07-18","SH25000042","Aviz Expeditie","411_01INNOFA B.V","INNOFA B.V.","Finalizat","MPF","0",{"$nulls":3},"PF011828","HUSA CM NEXT 724 70X200","CP00000793",25,0,25,"BUC",{"v":21.58,"d":"21.5800"},"EUR",{"v":0,"d":"0.00"},{"v":0,"d":"0.00"},{"v":539.5,"d":"539.50"},"EUR","SO25000172","45934",5,"MPF","0","Bunuri",null,"SI25000080",null,"Y","Y","Y"]
["2025-07-18","SH25000042","Aviz Expeditie","411_01INNOFA B.V","INNOFA B.V.","Finalizat","MPF","0",{"$nulls":3},"PF011654","HUSA DUO COOL MOTION NEXT  26 180X210x26","CP00000666",50,0,25,"BUC",{"v":44.22,"d":"44.2200"},"EUR",{"v":0,"d":"0.00"},{"v":0,"d":"0.00"},{"v":1105.5,"d":"1105.50"},"EUR","SO25000137","45798",10,"MPF","0","Bunuri",null,"SI25000080","21207","Y","Y","Y","DUO COOL MOTION NEXT  26"]
["2025-07-18","SH25000042","Aviz Expeditie","411_01INNOFA B.V","INNOFA B.V.","Finalizat","MPF","0",{"$nulls":3},"PF011654","HUSA DUO COOL MOTION NEXT  26 180X210x26","CP00000666",25,0,25,"BUC",{"v":44.22,"d":"44.2200"},"EUR",{"v":0,"d":"0.00"},{"v":0,"d":"0.00"},{"v":1105.5,"d":"1105.50"},"EUR","SO25000137","45798",10,"MPF","0","Bunuri",null,"SI25000080","21207","Y","Y","Y","DUO COOL MOTION NEXT  26"]
["2025-07-18","SH25000042","Aviz Expeditie","411_01INNOFA B.V","INNOFA B.V.","Finalizat","MPF","0",{"$nulls":3},"PF011676","HUSA CM NEXT 724 80X200","CP00000661",25,0,25,"BUC",{"v":21.58,"d":"21.5800"},"EUR",{"v":0,"d":"0.00"},{"v":0,"d":"0.00"},{"v":539.5,"d":"539.50"},"EUR","SO25000137","45798",5,"MPF","0","Bunuri",null,"SI25000080","21131","Y","Y","Y"]
["2025-07-18","SH25000042","Aviz Expeditie","411_01INNOFA B.V","INNOFA B.V.","Finalizat","MPF","0",{"$nulls":3},"PF011667","HUSA CM NEXT 524 80X200","CP00000659",25,0,25,"BUC",{"v":21.58,"d":"21.5800"},"EUR",{"v":0,"d":"0.00"},{"v":0,"d":"0.00"},{"v":539.5,"d":"539.50"},"EUR","SO25000137","45798",3,"MPF","0","Bunuri",null,"SI25000080","21103","Y","Y","Y"]
["2025-07-18","SH25000042","Aviz Expeditie","411_01INNOFA B.V","INNOFA B.V.","Finalizat","MPF","0",{"$nulls":3},"PF011659","HUSA CM NEXT 324 80X200","CP00000658",25,0,25,"BUC",{"v":21.5,"d":"21.5000"},"EUR",{"v":0,"d":"0.00"},{"v":0,"d":"0.00"},{"v":537.5,"d":"537.50"},"EUR","SO25000137","45798",2,"MPF","0","Bunuri",null,"SI25000080","21053","Y","Y","Y"]
["2025-07-18","SH25000042","Aviz Expeditie","411_01INNOFA B.V","INNOFA B.V.","Finalizat","MPF","0",{"$nulls":3},"PF011679","HUSA CM NEXT 724 90X210","CP00000663",25,0,25,"BUC",{"v":25.86,"d":"25.8600"},"EUR",{"v":0,"d":"0.00"},{"v":0,"d":"0.00"},{"v":646.5,"d":"646.50"},"EUR","SO25000137","45798",7,"MPF","0","Bunuri",null,"SI25000080","21135","Y","Y","Y"]
["2025-07-18","SH25000042","Aviz Expeditie","411_01INNOFA B.V","INNOFA B.V.","Finalizat","MPF","0",{"$nulls":3},"PALET1200X1000","PALETI LEMN (120X100)","0",200,0,8,"BUC",{"v":0,"d":"0.0000"},"EUR",{"v":0,"d":"0.00"},{"v":0,"d":"0.00"},{"v":0,"d":"0.00"},"EUR",null,null,0,"Prin","0","Bunuri",null,"SI25000080",null,"Y","Y","Y"]
["2025-07-18","SH25000042","Aviz Expeditie","411_01INNOFA B.V","INNOFA B.V.","Finalizat","MPF","0",{"$nulls":3},"CAPAC1200","CAPAC 1200 x 1000 x 150","0",76,660,8,"BUC",{"v":0,"d":"0.0000"},"EUR",{"v":0,"d":"0.00"},{"v":0,"d":"0.00"},{"v":0,"d":"0.00"},"EUR",null,null,0,"Prin","0","Bunuri",null,"SI25000080",null,"Y","Y","Y"]
["2025-07-18","SH25000042","Aviz Expeditie","411_01INNOFA B.V","INNOFA B.V.","Finalizat","MPF","0",{"$nulls":3},"CUTIE1200x90","CUTIE 1200 x 1000 x 900","0",138,154,8,"BUC",{"v":0,"d":"0.0000"},"EUR",{"v":0,"d":"0.00"},{"v":0,"d":"0.00"},{"v":0,"d":"0.00"},"EUR",null,null,0,"Prin","0","Bunuri",null,"SI25000080",null,"Y","Y","Y"]
["2025-07-18","SH25000043","Aviz Expeditie","411_01INNOFA B.V","INNOFA B.V.","Finalizat","MPF","0",{"$nulls":3},"PF011686","HUSA CM NEXT 824 90X210","CP00000672",100,0,50,"BUC",{"v":27.47,"d":"27.4700"},"EUR",{"v":0,"d":"0.00"},{"v":0,"d":"0.00"},{"v":1373.5,"d":"1373.50"},"EUR","SO25000142","45806",5,"MPF","0","Bunuri",null,"SI25000083","21149","Y","Y","Y"]
["2025-07-18","SH25000043","Aviz Expeditie","411_01INNOFA B.V","INNOFA B.V.","Finalizat","MPF","0",{"$nulls":3},"PF011686","HUSA CM NEXT 824 90X210","CP00000672",50,0,50,"BUC",{"v":27.47,"d":"27.4700"},"EUR",{"v":0,"d":"0.00"},{"v":0,"d":"0.00"},{"v":1373.5,"d":"1373.50"},"EUR","SO25000142","45806",5,"MPF","0","Bunuri",null,"SI25000083","21149","Y","Y","Y"]
["2025-07-18","SH25000043","Aviz Expeditie","411_01INNOFA B.V","INNOFA B.V.","Finalizat","MPF","0",{"$nulls":3},"PF011624","HUSA CM NEXT 824 90X200","CP00000671",200,0,50,"BUC",{"v":23.89,"d":"23.8900"},"EUR",{"v":0,"d":"0.00"},{"v":0,"d":"0.00"},{"v":1194.5,"d":"1194.50"},"EUR","SO25000142","45806",4,"MPF","0","Bunuri",null,"SI25000083","21148","Y","Y","Y"]
["2025-07-18","SH25000043","Aviz Expeditie","411_01INNOFA B.V","INNOFA B.V.","Finalizat","MPF","0",{"$nulls":3},"PF011624","HUSA CM NEXT 824 90X200","CP00000671",150,0,50,"BUC",{"v":23.89,"d":"23.8900"},"EUR",{"v":0,"d":"0.00"},{"v":0,"d":"0.00"},{"v":1194.5,"d":"1194.50"},"EUR","SO25000142","45806",4,"MPF","0","Bunuri",null,"SI25000083","21148","Y","Y","Y"]
["2025-07-18","SH25000043","Aviz Expeditie","411_01INNOFA B.V","INNOFA B.V.","Finalizat","MPF","0",{"$nulls":3},"PF011624","HUSA CM NEXT 824 90X200","CP00000671",100,0,50,"BUC",{"v":23.89,"d":"23.8900"},"EUR",{"v":0,"d":"0.00"},{"v":0,"d":"0.00"},{"v":1194.5,"d":"1194.50"},"EUR","SO25000142","45806",4,"MPF","0","Bunuri",null,"SI25000083","21148","Y","Y","Y"]
["2025-07-18","SH25000043","Aviz Expeditie","411_01INNOFA B.V","INNOFA B.V.","Finalizat","MPF","0",{"$nulls":3},"PF011624","HUSA CM NEXT 824 90X200","CP00000671",50,0,50,"BUC",{"v":23.89,"d":"23.8900"},"EUR",{"v":0,"d":"0.00"},{"v":0,"d":"0.00"},{"v":1194.5,"d":"1194.50"},"EUR","SO25000142","45806",4,"MPF","0","Bunuri",null,"SI25000083","21148","Y","Y","Y"]
["2025-07-18","SH25000043","Aviz Expeditie","411_01INNOFA B.V","INNOFA B.V.","Finalizat","MPF","0",{"$nulls":3},"PF011622","HUSA CM NEXT 624 90X200","CP00000670",200,0,50,"BUC",{"v":23.89,"d":"23.8900"},"EUR",{"v":0,"d":"0.00"},{"v":0,"d":"0.00"},{"v":1194.5,"d":"1194.50"},"EUR","SO25000142","45806",3,"MPF","0","Bunuri",null,"SI25000083","21120","Y","Y","Y"]
["2025-07-18","SH25000043","Aviz Expeditie","411_01INNOFA B.V","INNOFA B.V.","Finalizat","MPF","0",{"$nulls":3},"PF011622","HUSA CM NEXT 624 90X200","CP00000670",150,0,50,"BUC",{"v":23.89,"d":"23.8900"},"EUR",{"v":0,"d":"0.00"},{"v":0,"d":"0.00"},{"v":1194.5,"d":"1194.50"},"EUR","SO25000142","45806",3,"MPF","0","Bunuri",null,"SI25000083","21120","Y","Y","Y"]
["2025-07-18","SH25000043","Aviz Expeditie","411_01INNOFA B.V","INNOFA B.V.","Finalizat","MPF","0",{"$nulls":3},"PF011622","HUSA CM NEXT 624 90X200","CP00000670",100,0,50,"BUC",{"v":23.89,"d":"23.8900"},"EUR",{"v":0,"d":"0.00"},{"v":0,"d":"0.00"},{"v":1194.5,"d":"1194.50"},"EUR","SO25000142","45806",3,"MPF","0","Bunuri",null,"SI25000083","21120","Y","Y","Y"]
["2025-07-18","SH25000043","Aviz Expeditie","411_01INNOFA B.V","INNOFA B.V.","Finalizat","MPF","0",{"$nulls":3},"PF011622","HUSA CM NEXT 624 90X200","CP00000670",50,0,50,"BUC",{"v":23.89,"d":"23.8900"},"EUR",{"v":0,"d":"0.00"},{"v":0,"d":"0.00"},{"v":1194.5,"d":"1194.50"},"EUR","SO25000142","45806",3,"MPF","0","Bunuri",null,"SI25000083","21120","Y","Y","Y"]
["2025-07-18","SH25000043","Aviz Expeditie","411_01INNOFA B.V","INNOFA B.V.","Finalizat","MPF","0",{"$nulls":3},"PF011862","HUSA CM NEXT 824 90X190","CP00000808",1,0,1,"BUC",{"v":23.82,"d":"23.8200"},"EUR",{"v":0,"d":"0.00"},{"v":0,"d":"0.00"},23.82,"EUR","SO25000158","45868",25,"MPF","0","Bunuri",null,"SI25000083",null,"Y","Y","Y"]
["2025-07-18","SH25000043","Aviz Expeditie","411_01INNOFA B.V","INNOFA B.V.","Finalizat","MPF","0",{"$nulls":3},"PF011954","HUSA CM NEXT 824 80X190","CP00000809",1,0,1,"BUC",{"v":23.82,"d":"23.8200"},"EUR",{"v":0,"d":"0.00"},{"v":0,"d":"0.00"},23.82,"EUR","SO25000158","45868",23,"MPF","0","Bunuri",null,"SI25000083",null,"Y","Y","Y"]
["2025-07-18","SH25000043","Aviz Expeditie","411_01INNOFA B.V","INNOFA B.V.","Finalizat","MPF","0",{"$nulls":3},"PF011673","HUSA CM NEXT 624 90X190","CP00000794",1,0,1,"BUC",{"v":23.89,"d":"23.8900"},"EUR",{"v":0,"d":"0.00"},{"v":0,"d":"0.00"},23.89,"EUR","SO25000173","45934",1,"MPF","0","Bunuri",null,"SI25000083",null,"Y","Y","Y"]
["2025-07-18","SH25000043","Aviz Expeditie","411_01INNOFA B.V","INNOFA B.V.","Finalizat","MPF","0",{"$nulls":3},"PF011845","HUSA CM NEXT 624 140X220","CP00000810",1,0,1,"BUC",{"v":38.25,"d":"38.2500"},"EUR",{"v":0,"d":"0.00"},{"v":0,"d":"0.00"},38.25,"EUR","SO25000158","45868",20,"MPF","0","Bunuri",null,"SI25000083",null,"Y","Y","Y"]
["2025-07-18","SH25000043","Aviz Expeditie","411_01INNOFA B.V","INNOFA B.V.","Finalizat","MPF","0",{"$nulls":3},"PF011739","HUSA CM NEXT 624 140X190","CP00000811",1,0,1,"BUC",{"v":37.77,"d":"37.7700"},"EUR",{"v":0,"d":"0.00"},{"v":0,"d":"0.00"},37.77,"EUR","SO25000158","45868",18,"MPF","0","Bunuri",null,"SI25000083",null,"Y","Y","Y"]
["2025-07-18","SH25000043","Aviz Expeditie","411_01INNOFA B.V","INNOFA B.V.","Finalizat","MPF","0",{"$nulls":3},"PF012020","HUSA CM NEXT 624 80X190","CP00000812",3,0,3,"BUC",{"v":23.85,"d":"23.8500"},"EUR",{"v":0,"d":"0.00"},{"v":0,"d":"0.00"},71.55,"EUR","SO25000158","45868",16,"MPF","0","Bunuri",null,"SI25000083",null,"Y","Y","Y"]
["2025-07-18","SH25000043","Aviz Expeditie","411_01INNOFA B.V","INNOFA B.V.","Finalizat","MPF","0",{"$nulls":3},"PF011948","HUSA CM NEXT 424 160X190","CP00000813",1,0,1,"BUC",{"v":34.47,"d":"34.4700"},"EUR",{"v":0,"d":"0.00"},{"v":0,"d":"0.00"},34.47,"EUR","SO25000158","45868",14,"MPF","0","Bunuri",null,"SI25000083",null,"Y","Y","Y"]
["2025-07-18","SH25000043","Aviz Expeditie","411_01INNOFA B.V","INNOFA B.V.","Finalizat","MPF","0",{"$nulls":3},"PF011873","HUSA CM NEXT 424 140X220","CP00000814",1,0,1,"BUC",{"v":37.06,"d":"37.0600"},"EUR",{"v":0,"d":"0.00"},{"v":0,"d":"0.00"},37.06,"EUR","SO25000158","45868",12,"MPF","0","Bunuri",null,"SI25000083",null,"Y","Y","Y"]
["2025-07-18","SH25000043","Aviz Expeditie","411_01INNOFA B.V","INNOFA B.V.","Finalizat","MPF","0",{"$nulls":3},"PF011947","HUSA CM NEXT 424 120X190","CP00000815",1,0,1,"BUC",{"v":30.3,"d":"30.3000"},"EUR",{"v":0,"d":"0.00"},{"v":0,"d":"0.00"},{"v":30.3,"d":"30.30"},"EUR","SO25000158","45868",10,"MPF","0","Bunuri",null,"SI25000083",null,"Y","Y","Y"]
["2025-07-18","SH25000043","Aviz Expeditie","411_01INNOFA B.V","INNOFA B.V.","Finalizat","MPF","0",{"$nulls":3},"PF011857","HUSA CM NEXT 424 90X190","CP00000816",3,0,3,"BUC",{"v":23.82,"d":"23.8200"},"EUR",{"v":0,"d":"0.00"},{"v":0,"d":"0.00"},71.46,"EUR","SO25000158","45868",8,"MPF","0","Bunuri",null,"SI25000083",null,"Y","Y","Y"]
["2025-07-18","SH25000043","Aviz Expeditie","411_01INNOFA B.V","INNOFA B.V.","Finalizat","MPF","0",{"$nulls":3},"PF011945","HUSA CM NEXT 424 80X190","CP00000817",3,0,3,"BUC",{"v":22.85,"d":"22.8500"},"EUR",{"v":0,"d":"0.00"},{"v":0,"d":"0.00"},68.55,"EUR","SO25000158","45868",6,"MPF","0","Bunuri",null,"SI25000083",null,"Y","Y","Y"]
["2025-07-18","SH25000043","Aviz Expeditie","411_01INNOFA B.V","INNOFA B.V.","Finalizat","MPF","0",{"$nulls":3},"PF011802","HUSA CM NEXT 2 140X220","CP00000818",1,0,1,"BUC",{"v":33.98,"d":"33.9800"},"EUR",{"v":0,"d":"0.00"},{"v":0,"d":"0.00"},33.98,"EUR","SO25000158","45868",4,"MPF","0","Bunuri",null,"SI25000083",null,"Y","Y","Y"]
["2025-07-18","SH25000043","Aviz Expeditie","411_01INNOFA B.V","INNOFA B.V.","Finalizat","MPF","0",{"$nulls":3},"PF011303","HUSA CM NEXT 2 90X190","CP00000819",1,0,1,"BUC",{"v":23.73,"d":"23.7300"},"EUR",{"v":0,"d":"0.00"},{"v":0,"d":"0.00"},23.73,"EUR","SO25000158","45868",2,"MPF","0","Bunuri",null,"SI25000083",null,"Y","Y","Y"]
["2025-07-18","SH25000043","Aviz Expeditie","411_01INNOFA B.V","INNOFA B.V.","Finalizat","MPF","0",{"$nulls":3},"PF012151","HUSA CM NEXT 824 70X220","CP00000820",2,0,2,"BUC",{"v":27.28,"d":"27.2800"},"EUR",{"v":0,"d":"0.00"},{"v":0,"d":"0.00"},54.56,"EUR","SO25000158","45868",21,"MPF","0","Bunuri",null,"SI25000083","21406","Y","Y","Y","CM NEXT 824"]
["2025-07-18","SH25000043","Aviz Expeditie","411_01INNOFA B.V","INNOFA B.V.","Finalizat","MPF","0",{"$nulls":3},"PALET1200X1000","PALETI LEMN (120X100)","0",192,0,11,"BUC",{"v":0,"d":"0.0000"},"EUR",{"v":0,"d":"0.00"},{"v":0,"d":"0.00"},{"v":0,"d":"0.00"},"EUR",null,null,0,"Prin","0","Bunuri",null,"SI25000083",null,"Y","Y","Y"]
["2025-07-18","SH25000043","Aviz Expeditie","411_01INNOFA B.V","INNOFA B.V.","Finalizat","MPF","0",{"$nulls":3},"CAPAC1200","CAPAC 1200 x 1000 x 150","0",68,660,11,"BUC",{"v":0,"d":"0.0000"},"EUR",{"v":0,"d":"0.00"},{"v":0,"d":"0.00"},{"v":0,"d":"0.00"},"EUR",null,null,0,"Prin","0","Bunuri",null,"SI25000083",null,"Y","Y","Y"]
["2025-07-18","SH25000043","Aviz Expeditie","411_01INNOFA B.V","INNOFA B.V.","Finalizat","MPF","0",{"$nulls":3},"CUTIE1200x90","CUTIE 1200 x 1000 x 900","0",130,154,10,"BUC",{"v":0,"d":"0.0000"},"EUR",{"v":0,"d":"0.00"},{"v":0,"d":"0.00"},{"v":0,"d":"0.00"},"EUR",null,null,0,"Prin","0","Bunuri",null,"SI25000083",null,"Y","Y","Y"]
["2025-07-18","SH25000043","Aviz Expeditie","411_01INNOFA B.V","INNOFA B.V.","Finalizat","MPF","0",{"$nulls":3},"CUTIE1200x70","CUTIE 1200 x 1000 x 740","0",142,76,1,"BUC",{"v":0,"d":"0.0000"},"EUR",{"v":0,"d":"0.00"},{"v":0,"d":"0.00"},{"v":0,"d":"0.00"},"EUR",null,null,0,"Prin","0","Bunuri",null,"SI25000083",null,"Y","Y","Y"]
["2025-07-22","SH25000044","Aviz Expeditie","411_01ARAMIS INV","ARAMIS INVEST S.R.L.","Finalizat","MPF","0",{"$nulls":3},"PF012129","HUSA NORRSELE MAT PAD 160x200","CP00000711",350,0,120,"BUC",{"v":24.53,"d":"24.5300"},"RON",{"v":0,"d":"0.00"},{"v":0,"d":"0.00"},{"v":2943.6,"d":"2943.60"},"RON","SO25000151","260807",3,"MPF","0","Bunuri",null,"SI25000076","111000000139907","Y","Y","Y","NORRSELE MAT PAD"]
["2025-07-22","SH25000044","Aviz Expeditie","411_01ARAMIS INV","ARAMIS INVEST S.R.L.","Finalizat","MPF","0",{"$nulls":3},"PF012129","HUSA NORRSELE MAT PAD 160x200","CP00000711",230,0,120,"BUC",{"v":24.53,"d":"24.5300"},"RON",{"v":0,"d":"0.00"},{"v":0,"d":"0.00"},{"v":2943.6,"d":"2943.60"},"RON","SO25000151","260807",3,"MPF","0","Bunuri",null,"SI25000076","111000000139907","Y","Y","Y","NORRSELE MAT PAD"]
["2025-07-22","SH25000044","Aviz Expeditie","411_01ARAMIS INV","ARAMIS INVEST S.R.L.","Finalizat","MPF","0",{"$nulls":3},"PF012129","HUSA NORRSELE MAT PAD 160x200","CP00000711",110,0,80,"BUC",{"v":24.53,"d":"24.5300"},"RON",{"v":0,"d":"0.00"},{"v":0,"d":"0.00"},{"v":1962.4,"d":"1962.40"},"RON","SO25000151","260807",3,"MPF","0","Bunuri",null,"SI25000076","111000000139907","Y","Y","Y","NORRSELE MAT PAD"]
["2025-07-22","SH25000044","Aviz Expeditie","411_01ARAMIS INV","ARAMIS INVEST S.R.L.","Finalizat","MPF","0",{"$nulls":3},"PF012130","HUSA NORRSELE MAT PAD 180x200","CP00000715",400,0,40,"BUC",{"v":26.88,"d":"26.8800"},"RON",{"v":0,"d":"0.00"},{"v":0,"d":"0.00"},{"v":1075.2,"d":"1075.20"},"RON","SO25000151","260807",5,"MPF","0","Bunuri",null,"SI25000076",null,"Y","Y","Y","NORRSELE MAT PAD"]
["2025-07-22","SH25000044","Aviz Expeditie","411_01ARAMIS INV","ARAMIS INVEST S.R.L.","Finalizat","MPF","0",{"$nulls":3},"PF012129","HUSA NORRSELE MAT PAD 160x200","CP00000711",30,0,30,"BUC",{"v":24.53,"d":"24.5300"},"RON",{"v":0,"d":"0.00"},{"v":0,"d":"0.00"},{"v":735.9,"d":"735.90"},"RON","SO25000151","260807",3,"MPF","0","Bunuri",null,"SI25000076","111000000139907","Y","Y","Y","NORRSELE MAT PAD"]
["2025-07-22","SH25000044","Aviz Expeditie","411_01ARAMIS INV","ARAMIS INVEST S.R.L.","Finalizat","MPF","0",{"$nulls":3},"PF012129","HUSA NORRSELE MAT PAD 160x200","CP00000714",350,0,70,"BUC",{"v":24.53,"d":"24.5300"},"RON",{"v":0,"d":"0.00"},{"v":0,"d":"0.00"},{"v":1717.1,"d":"1717.10"},"RON","SO25000151","260807",4,"MPF","0","Bunuri",null,"SI25000076","111000000139907","Y","Y","Y","NORRSELE MAT PAD"]
["2025-07-22","SH25000044","Aviz Expeditie","411_01ARAMIS INV","ARAMIS INVEST S.R.L.","Finalizat","MPF","0",{"$nulls":3},"PF012130","HUSA NORRSELE MAT PAD 180x200","CP00000715",360,0,20,"BUC",{"v":26.88,"d":"26.8800"},"RON",{"v":0,"d":"0.00"},{"v":0,"d":"0.00"},{"v":537.6,"d":"537.60"},"RON","SO25000151","260807",5,"MPF","0","Bunuri",null,"SI25000076","111000000139908","Y","Y","Y","NORRSELE MAT PAD"]
["2025-07-22","SH25000044","Aviz Expeditie","411_01ARAMIS INV","ARAMIS INVEST S.R.L.","Finalizat","MPF","0",{"$nulls":3},"PF012129","HUSA NORRSELE MAT PAD 160x200","CP00000714",240,0,80,"BUC",{"v":24.53,"d":"24.5300"},"RON",{"v":0,"d":"0.00"},{"v":0,"d":"0.00"},{"v":1962.4,"d":"1962.40"},"RON","SO25000151","260807",4,"MPF","0","Bunuri",null,"SI25000076","111000000139907","Y","Y","Y","NORRSELE MAT PAD"]
["2025-07-22","SH25000044","Aviz Expeditie","411_01ARAMIS INV","ARAMIS INVEST S.R.L.","Finalizat","MPF","0",{"$nulls":3},"PF012130","HUSA NORRSELE MAT PAD 180x200","CP00000715",340,0,40,"BUC",{"v":26.88,"d":"26.8800"},"RON",{"v":0,"d":"0.00"},{"v":0,"d":"0.00"},{"v":1075.2,"d":"1075.20"},"RON","SO25000151","260807",5,"MPF","0","Bunuri",null,"SI25000076","111000000139908","Y","Y","Y","NORRSELE MAT PAD"]
["2025-07-22","SH25000044","Aviz Expeditie","411_01ARAMIS INV","ARAMIS INVEST S.R.L.","Finalizat","MPF","0",{"$nulls":3},"PF012130","HUSA NORRSELE MAT PAD 180x200","CP00000715",300,0,120,"BUC",{"v":26.88,"d":"26.8800"},"RON",{"v":0,"d":"0.00"},{"v":0,"d":"0.00"},{"v":3225.6,"d":"3225.60"},"RON","SO25000151","260807",5,"MPF","0","Bunuri",null,"SI25000076","111000000139908","Y","Y","Y","NORRSELE MAT PAD"]
["2025-07-22","SH25000044","Aviz Expeditie","411_01ARAMIS INV","ARAMIS INVEST S.R.L.","Finalizat","MPF","0",{"$nulls":3},"PF012130","HUSA NORRSELE MAT PAD 180x200","CP00000715",180,0,40,"BUC",{"v":26.88,"d":"26.8800"},"RON",{"v":0,"d":"0.00"},{"v":0,"d":"0.00"},{"v":1075.2,"d":"1075.20"},"RON","SO25000151","260807",5,"MPF","0","Bunuri",null,"SI25000076","111000000139908","Y","Y","Y","NORRSELE MAT PAD"]
["2025-07-22","SH25000044","Aviz Expeditie","411_01ARAMIS INV","ARAMIS INVEST S.R.L.","Finalizat","MPF","0",{"$nulls":3},"PF012129","HUSA NORRSELE MAT PAD 160x200","CP00000714",200,0,80,"BUC",{"v":24.53,"d":"24.5300"},"RON",{"v":0,"d":"0.00"},{"v":0,"d":"0.00"},{"v":1962.4,"d":"1962.40"},"RON","SO25000151","260807",4,"MPF","0","Bunuri",null,"SI25000076","111000000139907","Y","Y","Y","NORRSELE MAT PAD"]
["2025-07-22","SH25000044","Aviz Expeditie","411_01ARAMIS INV","ARAMIS INVEST S.R.L.","Finalizat","MPF","0",{"$nulls":3},"PF012129","HUSA NORRSELE MAT PAD 160x200","CP00000714",120,0,40,"BUC",{"v":24.53,"d":"24.5300"},"RON",{"v":0,"d":"0.00"},{"v":0,"d":"0.00"},{"v":981.2,"d":"981.20"},"RON","SO25000151","260807",4,"MPF","0","Bunuri",null,"SI25000076","111000000139907","Y","Y","Y","NORRSELE MAT PAD"]
["2025-07-22","SH25000044","Aviz Expeditie","411_01ARAMIS INV","ARAMIS INVEST S.R.L.","Finalizat","MPF","0",{"$nulls":3},"PF012130","HUSA NORRSELE MAT PAD 180x200","CP00000715",140,0,80,"BUC",{"v":26.88,"d":"26.8800"},"RON",{"v":0,"d":"0.00"},{"v":0,"d":"0.00"},{"v":2150.4,"d":"2150.40"},"RON","SO25000151","260807",5,"MPF","0","Bunuri",null,"SI25000076","111000000139908","Y","Y","Y","NORRSELE MAT PAD"]
["2025-07-22","SH25000044","Aviz Expeditie","411_01ARAMIS INV","ARAMIS INVEST S.R.L.","Finalizat","MPF","0",{"$nulls":3},"PF012130","HUSA NORRSELE MAT PAD 180x200","CP00000715",60,0,40,"BUC",{"v":26.88,"d":"26.8800"},"RON",{"v":0,"d":"0.00"},{"v":0,"d":"0.00"},{"v":1075.2,"d":"1075.20"},"RON","SO25000151","260807",5,"MPF","0","Bunuri",null,"SI25000076","111000000139908","Y","Y","Y","NORRSELE MAT PAD"]
["2025-07-22","SH25000044","Aviz Expeditie","411_01ARAMIS INV","ARAMIS INVEST S.R.L.","Finalizat","MPF","0",{"$nulls":3},"PF012129","HUSA NORRSELE MAT PAD 160x200","CP00000714",80,0,40,"BUC",{"v":24.53,"d":"24.5300"},"RON",{"v":0,"d":"0.00"},{"v":0,"d":"0.00"},{"v":981.2,"d":"981.20"},"RON","SO25000151","260807",4,"MPF","0","Bunuri",null,"SI25000076","111000000139907","Y","Y","Y","NORRSELE MAT PAD"]
["2025-07-22","SH25000044","Aviz Expeditie","411_01ARAMIS INV","ARAMIS INVEST S.R.L.","Finalizat","MPF","0",{"$nulls":3},"PF012128","HUSA NORRSELE MAT PAD 140x200","CP00000712",183,0,50,"BUC",{"v":22.14,"d":"22.1400"},"RON",{"v":0,"d":"0.00"},{"v":0,"d":"0.00"},{"v":1107,"d":"1107.00"},"RON","SO25000151","260807",2,"MPF","0","Bunuri",null,"SI25000076",null,"Y","Y","Y","NORRSELE MAT PAD"]
["2025-07-22","SH25000044","Aviz Expeditie","411_01ARAMIS INV","ARAMIS INVEST S.R.L.","Finalizat","MPF","0",{"$nulls":3},"PF012128","HUSA NORRSELE MAT PAD 140x200","CP00000712",133,0,50,"BUC",{"v":22.14,"d":"22.1400"},"RON",{"v":0,"d":"0.00"},{"v":0,"d":"0.00"},{"v":1107,"d":"1107.00"},"RON","SO25000151","260807",2,"MPF","0","Bunuri",null,"SI25000076","111000000139906","Y","Y","Y","NORRSELE MAT PAD"]
["2025-07-22","SH25000044","Aviz Expeditie","411_01ARAMIS INV","ARAMIS INVEST S.R.L.","Finalizat","MPF","0",{"$nulls":3},"PF012130","HUSA NORRSELE MAT PAD 180x200","CP00000715",20,0,20,"BUC",{"v":26.88,"d":"26.8800"},"RON",{"v":0,"d":"0.00"},{"v":0,"d":"0.00"},{"v":537.6,"d":"537.60"},"RON","SO25000151","260807",5,"MPF","0","Bunuri",null,"SI25000076","111000000139908","Y","Y","Y","NORRSELE MAT PAD"]
["2025-07-22","SH25000044","Aviz Expeditie","411_01ARAMIS INV","ARAMIS INVEST S.R.L.","Finalizat","MPF","0",{"$nulls":3},"PF012129","HUSA NORRSELE MAT PAD 160x200","CP00000714",40,0,40,"BUC",{"v":24.53,"d":"24.5300"},"RON",{"v":0,"d":"0.00"},{"v":0,"d":"0.00"},{"v":981.2,"d":"981.20"},"RON","SO25000151","260807",4,"MPF","0","Bunuri",null,"SI25000076","111000000139907","Y","Y","Y","NORRSELE MAT PAD"]
["2025-07-22","SH25000044","Aviz Expeditie","411_01ARAMIS INV","ARAMIS INVEST S.R.L.","Finalizat","MPF","0",{"$nulls":3},"PF012127","HUSA NORRSELE MAT PAD 90x200","CP00000713",256,0,30,"BUC",{"v":15.68,"d":"15.6800"},"RON",{"v":0,"d":"0.00"},{"v":0,"d":"0.00"},{"v":470.4,"d":"470.40"},"RON","SO25000151","260807",1,"MPF","0","Bunuri",null,"SI25000076",null,"Y","Y","Y","NORRSELE MAT PAD"]
["2025-07-22","SH25000044","Aviz Expeditie","411_01ARAMIS INV","ARAMIS INVEST S.R.L.","Finalizat","MPF","0",{"$nulls":3},"PF012127","HUSA NORRSELE MAT PAD 90x200","CP00000713",226,0,60,"BUC",{"v":15.68,"d":"15.6800"},"RON",{"v":0,"d":"0.00"},{"v":0,"d":"0.00"},{"v":940.8,"d":"940.80"},"RON","SO25000151","260807",1,"MPF","0","Bunuri",null,"SI25000076","111000000139903","Y","Y","Y","NORRSELE MAT PAD"]
["2025-07-22","SH25000044","Aviz Expeditie","411_01ARAMIS INV","ARAMIS INVEST S.R.L.","Finalizat","MPF","0",{"$nulls":3},"PF012128","HUSA NORRSELE MAT PAD 140x200","CP00000712",83,0,50,"BUC",{"v":22.14,"d":"22.1400"},"RON",{"v":0,"d":"0.00"},{"v":0,"d":"0.00"},{"v":1107,"d":"1107.00"},"RON","SO25000151","260807",2,"MPF","0","Bunuri",null,"SI25000076","111000000139906","Y","Y","Y","NORRSELE MAT PAD"]
["2025-07-22","SH25000044","Aviz Expeditie","411_01ARAMIS INV","ARAMIS INVEST S.R.L.","Finalizat","MPF","0",{"$nulls":3},"PF012130","HUSA NORRSELE MAT PAD 180x200","CP00000720",20,0,20,"BUC",{"v":26.88,"d":"26.8800"},"RON",{"v":0,"d":"0.00"},{"v":0,"d":"0.00"},{"v":537.6,"d":"537.60"},"RON","SO25000152","260809",5,"MPF","0","Bunuri",null,"SI25000076","111000000139908","Y","Y","Y","NORRSELE MAT PAD"]
["2025-07-22","SH25000044","Aviz Expeditie","411_01ARAMIS INV","ARAMIS INVEST S.R.L.","Finalizat","MPF","0",{"$nulls":3},"PF012127","HUSA NORRSELE MAT PAD 90x200","CP00000713",166,0,166,"BUC",{"v":15.68,"d":"15.6800"},"RON",{"v":0,"d":"0.00"},{"v":0,"d":"0.00"},2602.88,"RON","SO25000151","260807",1,"MPF","0","Bunuri",null,"SI25000076","111000000139903","Y","Y","Y","NORRSELE MAT PAD"]
["2025-07-22","SH25000044","Aviz Expeditie","411_01ARAMIS INV","ARAMIS INVEST S.R.L.","Finalizat","MPF","0",{"$nulls":3},"PF012128","HUSA NORRSELE MAT PAD 140x200","CP00000712",33,0,33,"BUC",{"v":22.14,"d":"22.1400"},"RON",{"v":0,"d":"0.00"},{"v":0,"d":"0.00"},730.62,"RON","SO25000151","260807",2,"MPF","0","Bunuri",null,"SI25000076","111000000139906","Y","Y","Y","NORRSELE MAT PAD"]
["2025-07-22","SH25000044","Aviz Expeditie","411_01ARAMIS INV","ARAMIS INVEST S.R.L.","Finalizat","MPF","0",{"$nulls":3},"PALET2000X900","PALETI LEMN (90x200) - folositi la pachete","0",50,243,12,"BUC",{"v":0,"d":"0.0000"},"RON",{"v":0,"d":"0.00"},{"v":0,"d":"0.00"},{"v":0,"d":"0.00"},"RON",null,null,0,"MPF","0","Bunuri",null,"SI25000076",null,"Y","Y","Y"]
["2025-07-22","SH25000044","Aviz Expeditie","411_01ARAMIS INV","ARAMIS INVEST S.R.L.","Finalizat","MPF","0",{"$nulls":3},"CAPAC90","CAPAC CARTON 900x2000x350","0",75,0,12,"BUC",{"v":0,"d":"0.0000"},"RON",{"v":0,"d":"0.00"},{"v":0,"d":"0.00"},{"v":0,"d":"0.00"},"RON",null,null,0,"Prin","0","Bunuri",null,"SI25000076",null,"Y","Y","Y"]
["2025-07-23","SH25000045","Aviz Expeditie","411_01INNOFA B.V","INNOFA B.V.","Finalizat","MPF","0",{"$nulls":3},"PF012204","HUSA PRESTIGE NEW25 90X210","CP00000784",23,0,23,"BUC",{"v":76.11,"d":"76.1100"},"EUR",{"v":0,"d":"0.00"},{"v":0,"d":"0.00"},1750.53,"EUR","SO25000166","45910",2,"MPF","0","Bunuri",null,"SI25000081",null,"Y","Y","Y","PRESTIGE NEW25"]
["2025-07-23","SH25000045","Aviz Expeditie","411_01INNOFA B.V","INNOFA B.V.","Finalizat","MPF","0",{"$nulls":3},"PF012135","PILLOW PRESTIGE FLOW NEW25","CP00000786",35,0,35,"BUC",{"v":11.79,"d":"11.7900"},"EUR",{"v":0,"d":"0.00"},{"v":0,"d":"0.00"},412.65,"EUR","SO25000167","45910",3,"MPF","0","Bunuri",null,"SI25000081",null,"Y","Y","Y","PERNA PRESTIGE FLOW"]
["2025-07-23","SH25000045","Aviz Expeditie","411_01INNOFA B.V","INNOFA B.V.","Finalizat","MPF","0",{"$nulls":3},"PF012205","HUSA PRESTIGE NEW25 80X200","CP00000781",32,0,5,"BUC",{"v":64.11,"d":"64.1100"},"EUR",{"v":0,"d":"0.00"},{"v":0,"d":"0.00"},320.55,"EUR","SO25000164","45889",1,"MPF","0","Bunuri",null,"SI25000081",null,"Y","Y","Y","PRESTIGE NEW25"]
["2025-07-23","SH25000045","Aviz Expeditie","411_01INNOFA B.V","INNOFA B.V.","Finalizat","MPF","0",{"$nulls":3},"PF012205","HUSA PRESTIGE NEW25 80X200","CP00000781",27,0,27,"BUC",{"v":64.11,"d":"64.1100"},"EUR",{"v":0,"d":"0.00"},{"v":0,"d":"0.00"},1730.97,"EUR","SO25000164","45889",1,"MPF","0","Bunuri",null,"SI25000081",null,"Y","Y","Y","PRESTIGE NEW25"]
["2025-07-23","SH25000045","Aviz Expeditie","411_01INNOFA B.V","INNOFA B.V.","Finalizat","MPF","0",{"$nulls":3},"PF012136","PILLOW PRESTIGE CROWN NEW25","CP00000787",18,0,18,"BUC",{"v":12.57,"d":"12.5700"},"EUR",{"v":0,"d":"0.00"},{"v":0,"d":"0.00"},226.26,"EUR","SO25000167","45910",4,"MPF","0","Bunuri",null,"SI25000081",null,"Y","Y","Y","PERNA PRESTIGE CROWN"]
["2025-07-23","SH25000045","Aviz Expeditie","411_01INNOFA B.V","INNOFA B.V.","Finalizat","MPF","0",{"$nulls":3},"CUTIE1200x135","CUTIE 1200 x 1000 x 1350","0",57,157,2,"BUC",{"v":0,"d":"0.0000"},"EUR",{"v":0,"d":"0.00"},{"v":0,"d":"0.00"},{"v":0,"d":"0.00"},"EUR",null,null,0,"Prin","0","Bunuri",null,"SI25000081",null,"Y","Y","Y"]
["2025-07-23","SH25000045","Aviz Expeditie","411_01INNOFA B.V","INNOFA B.V.","Finalizat","MPF","0",{"$nulls":3},"CAPAC1200","CAPAC 1200 x 1000 x 150","0",57,660,2,"BUC",{"v":0,"d":"0.0000"},"EUR",{"v":0,"d":"0.00"},{"v":0,"d":"0.00"},{"v":0,"d":"0.00"},"EUR",null,null,0,"Prin","0","Bunuri",null,"SI25000081",null,"Y","Y","Y"]
["2025-07-26","SH25000047","Aviz Expeditie","411_01INNOFA B.V","INNOFA B.V.","Finalizat","MPF","0",{"$nulls":3},"PF011873","HUSA CM NEXT 424 140X220","CP00000814",1,0,1,"BUC",{"v":37.06,"d":"37.0600"},"EUR",{"v":0,"d":"0.00"},{"v":0,"d":"0.00"},37.06,"EUR","SO25000158","45868",12,"MPF","0","Bunuri",null,"SI25000084",null,"Y","Y","Y"]
["2025-07-26","SH25000048","Aviz Expeditie","411_01INNOFA B.V","INNOFA B.V.","Finalizat","MPF","0",{"$nulls":3},"PF011659","HUSA CM NEXT 324 80X200","CP00000674",25,0,25,"BUC",{"v":22.85,"d":"22.8500"},"EUR",{"v":0,"d":"0.00"},{"v":0,"d":"0.00"},571.25,"EUR","SO25000139","45800",2,"MPF","0","Bunuri",null,"SI25000085","21053","Y","Y","Y"]
["2025-07-26","SH25000048","Aviz Expeditie","411_01INNOFA B.V","INNOFA B.V.","Finalizat","MPF","0",{"$nulls":3},"PF011660","HUSA CM NEXT 324 90X210","CP00000676",25,0,25,"BUC",{"v":27.37,"d":"27.3700"},"EUR",{"v":0,"d":"0.00"},{"v":0,"d":"0.00"},684.25,"EUR","SO25000139","45800",4,"MPF","0","Bunuri",null,"SI25000085","21057","Y","Y","Y"]
["2025-07-26","SH25000048","Aviz Expeditie","411_01INNOFA B.V","INNOFA B.V.","Finalizat","MPF","0",{"$nulls":3},"PF011623","HUSA CM NEXT 724 90X200","CP00000839",50,0,50,"BUC",{"v":23.89,"d":"23.8900"},"EUR",{"v":0,"d":"0.00"},{"v":0,"d":"0.00"},{"v":1194.5,"d":"1194.50"},"EUR","SO25000139","45800",5,"MPF","0","Bunuri",null,"SI25000085","21134","Y","Y","Y"]
["2025-07-26","SH25000048","Aviz Expeditie","411_01INNOFA B.V","INNOFA B.V.","Finalizat","MPF","0",{"$nulls":3},"PF011667","HUSA CM NEXT 524 80X200","CP00000842",25,0,25,"BUC",{"v":22.93,"d":"22.9300"},"EUR",{"v":0,"d":"0.00"},{"v":0,"d":"0.00"},573.25,"EUR","SO25000140","45801",2,"MPF","0","Bunuri",null,"SI25000085","21103","Y","Y","Y"]
["2025-07-26","SH25000048","Aviz Expeditie","411_01INNOFA B.V","INNOFA B.V.","Finalizat","MPF","0",{"$nulls":3},"PF011676","HUSA CM NEXT 724 80X200","CP00000684",25,0,25,"BUC",{"v":22.93,"d":"22.9300"},"EUR",{"v":0,"d":"0.00"},{"v":0,"d":"0.00"},573.25,"EUR","SO25000140","45801",3,"MPF","0","Bunuri",null,"SI25000085","21131","Y","Y","Y"]
["2025-07-26","SH25000048","Aviz Expeditie","411_01INNOFA B.V","INNOFA B.V.","Finalizat","MPF","0",{"$nulls":3},"PF011619","HUSA CM NEXT 324 90X200","CP00000675",25,0,25,"BUC",{"v":23.8,"d":"23.8000"},"EUR",{"v":0,"d":"0.00"},{"v":0,"d":"0.00"},{"v":595,"d":"595.00"},"EUR","SO25000139","45800",3,"MPF","0","Bunuri",null,"SI25000085","21056","Y","Y","Y"]
["2025-07-26","SH25000048","Aviz Expeditie","411_01INNOFA B.V","INNOFA B.V.","Finalizat","MPF","0",{"$nulls":3},"PF011619","HUSA CM NEXT 324 90X200","CP00000682",25,0,25,"BUC",{"v":23.8,"d":"23.8000"},"EUR",{"v":0,"d":"0.00"},{"v":0,"d":"0.00"},{"v":595,"d":"595.00"},"EUR","SO25000140","45801",1,"MPF","0","Bunuri",null,"SI25000085","21056","Y","Y","Y"]
["2025-07-26","SH25000048","Aviz Expeditie","411_01INNOFA B.V","INNOFA B.V.","Finalizat","MPF","0",{"$nulls":3},"PF011679","HUSA CM NEXT 724 90X210","CP00000678",25,0,25,"BUC",{"v":27.47,"d":"27.4700"},"EUR",{"v":0,"d":"0.00"},{"v":0,"d":"0.00"},686.75,"EUR","SO25000139","45800",6,"MPF","0","Bunuri",null,"SI25000085","21135","Y","Y","Y"]
["2025-07-26","SH25000048","Aviz Expeditie","411_01INNOFA B.V","INNOFA B.V.","Finalizat","MPF","0",{"$nulls":3},"PF011828","HUSA CM NEXT 724 70X200","CP00000843",25,0,25,"BUC",{"v":22.93,"d":"22.9300"},"EUR",{"v":0,"d":"0.00"},{"v":0,"d":"0.00"},573.25,"EUR","SO25000157","45866",2,"MPF","0","Bunuri",null,"SI25000085",null,"Y","Y","Y"]
["2025-07-26","SH25000048","Aviz Expeditie","411_01INNOFA B.V","INNOFA B.V.","Finalizat","MPF","0",{"$nulls":3},"PF012133","HUSA TOPPER COOL MOTION FIRM 160X220x6","CP00000836",25,0,25,"BUC",{"v":41.34,"d":"41.3400"},"EUR",{"v":0,"d":"0.00"},{"v":0,"d":"0.00"},{"v":1033.5,"d":"1033.50"},"EUR","SO25000148","45820",4,"MPF","0","Bunuri",null,"SI25000085","21236","Y","Y","Y","TOPPER COOL MOTION FIRM"]
["2025-07-26","SH25000048","Aviz Expeditie","411_01INNOFA B.V","INNOFA B.V.","Finalizat","MPF","0",{"$nulls":3},"PF012188","TOPPER COOL MOTION INTENSE LUXE SOFT 70X200X6 70X200","CP00000844",2,0,2,"BUC",{"v":19.92,"d":"19.9200"},"EUR",{"v":0,"d":"0.00"},{"v":0,"d":"0.00"},39.84,"EUR","SO25000159","45869",48,"MPF","0","Bunuri",null,"SI25000085","21449","Y","Y","Y"]
["2025-07-26","SH25000048","Aviz Expeditie","411_01INNOFA B.V","INNOFA B.V.","Finalizat","MPF","0",{"$nulls":3},"PF012190","TOPPER COOL MOTION INTENSE LUXE SOFT 90X200X6 90X200","CP00000846",6,0,6,"BUC",{"v":20.95,"d":"20.9500"},"EUR",{"v":0,"d":"0.00"},{"v":0,"d":"0.00"},{"v":125.7,"d":"125.70"},"EUR","SO25000159","45869",50,"MPF","0","Bunuri",null,"SI25000085","21444","Y","Y","Y"]
["2025-07-26","SH25000048","Aviz Expeditie","411_01INNOFA B.V","INNOFA B.V.","Finalizat","MPF","0",{"$nulls":3},"PF012191","TOPPER COOL MOTION INTENSE LUXE SOFT 90X210X6 90X210","CP00000847",1,0,1,"BUC",{"v":22.11,"d":"22.1100"},"EUR",{"v":0,"d":"0.00"},{"v":0,"d":"0.00"},22.11,"EUR","SO25000159","45869",51,"MPF","0","Bunuri",null,"SI25000085","21466","Y","Y","Y"]
["2025-07-26","SH25000048","Aviz Expeditie","411_01INNOFA B.V","INNOFA B.V.","Finalizat","MPF","0",{"$nulls":3},"PF012176","TOPPER COOL MOTION INTENSE LUXE FIRM 180X220X 180X220","CP00000851",4,0,4,"BUC",{"v":46.51,"d":"46.5100"},"EUR",{"v":0,"d":"0.00"},{"v":0,"d":"0.00"},186.04,"EUR","SO25000159","45869",36,"MPF","0","Bunuri",null,"SI25000085","21443","Y","Y","Y"]
["2025-07-26","SH25000048","Aviz Expeditie","411_01INNOFA B.V","INNOFA B.V.","Finalizat","MPF","0",{"$nulls":3},"PF012177","TOPPER COOL MOTION INTENSE LUXE FIRM 200X200X 200X200","CP00000850",3,0,3,"BUC",{"v":46.56,"d":"46.5600"},"EUR",{"v":0,"d":"0.00"},{"v":0,"d":"0.00"},139.68,"EUR","SO25000159","45869",37,"MPF","0","Bunuri",null,"SI25000085","21446","Y","Y","Y"]
["2025-07-26","SH25000048","Aviz Expeditie","411_01INNOFA B.V","INNOFA B.V.","Finalizat","MPF","0",{"$nulls":3},"PF012179","TOPPER COOL MOTION INTENSE LUXE FIRM 80X200X6 80X200","CP00000852",2,0,2,"BUC",{"v":19.92,"d":"19.9200"},"EUR",{"v":0,"d":"0.00"},{"v":0,"d":"0.00"},39.84,"EUR","SO25000159","45869",39,"MPF","0","Bunuri",null,"SI25000085","21467","Y","Y","Y"]
["2025-07-26","SH25000048","Aviz Expeditie","411_01INNOFA B.V","INNOFA B.V.","Finalizat","MPF","0",{"$nulls":3},"PF012180","TOPPER COOL MOTION INTENSE LUXE FIRM 90X210X6 90X210","CP00000849",6,0,6,"BUC",{"v":22.11,"d":"22.1100"},"EUR",{"v":0,"d":"0.00"},{"v":0,"d":"0.00"},132.66,"EUR","SO25000159","45869",40,"MPF","0","Bunuri",null,"SI25000085","21447","Y","Y","Y"]
["2025-07-26","SH25000048","Aviz Expeditie","411_01INNOFA B.V","INNOFA B.V.","Finalizat","MPF","0",{"$nulls":3},"PF012181","TOPPER COOL MOTION INTENSE LUXE SOFT 100X200X 100X200","CP00000848",1,0,1,"BUC",{"v":23.28,"d":"23.2800"},"EUR",{"v":0,"d":"0.00"},{"v":0,"d":"0.00"},23.28,"EUR","SO25000159","45869",41,"MPF","0","Bunuri",null,"SI25000085","21463","Y","Y","Y"]
["2025-07-26","SH25000048","Aviz Expeditie","411_01INNOFA B.V","INNOFA B.V.","Finalizat","MPF","0",{"$nulls":3},"PF012186","TOPPER COOL MOTION INTENSE LUXE SOFT 180X220X 180X220","CP00000853",4,0,4,"BUC",{"v":46.51,"d":"46.5100"},"EUR",{"v":0,"d":"0.00"},{"v":0,"d":"0.00"},186.04,"EUR","SO25000159","45869",46,"MPF","0","Bunuri",null,"SI25000085","21456","Y","Y","Y"]
["2025-07-26","SH25000048","Aviz Expeditie","411_01INNOFA B.V","INNOFA B.V.","Finalizat","MPF","0",{"$nulls":3},"PF012187","TOPPER COOL MOTION INTENSE LUXE SOFT 200X200X 200X200","CP00000854",5,0,5,"BUC",{"v":46.56,"d":"46.5600"},"EUR",{"v":0,"d":"0.00"},{"v":0,"d":"0.00"},{"v":232.8,"d":"232.80"},"EUR","SO25000159","45869",47,"MPF","0","Bunuri",null,"SI25000085","21452","Y","Y","Y"]
["2025-07-26","SH25000048","Aviz Expeditie","411_01INNOFA B.V","INNOFA B.V.","Finalizat","MPF","0",{"$nulls":3},"PALET1200X1000","PALETI LEMN (120X100)","0",181,0,7,"BUC",{"v":0,"d":"0.0000"},"EUR",{"v":0,"d":"0.00"},{"v":0,"d":"0.00"},{"v":0,"d":"0.00"},"EUR",null,null,0,"Prin","0","Bunuri",null,"SI25000085",null,"Y","Y","Y"]
["2025-07-26","SH25000048","Aviz Expeditie","411_01INNOFA B.V","INNOFA B.V.","Finalizat","MPF","0",{"$nulls":3},"CUTIE1200x90","CUTIE 1200 x 1000 x 900","0",120,154,7,"BUC",{"v":0,"d":"0.0000"},"EUR",{"v":0,"d":"0.00"},{"v":0,"d":"0.00"},{"v":0,"d":"0.00"},"EUR",null,null,0,"Prin","0","Bunuri",null,"SI25000085",null,"Y","Y","Y"]
["2025-07-26","SH25000048","Aviz Expeditie","411_01INNOFA B.V","INNOFA B.V.","Finalizat","MPF","0",{"$nulls":3},"CAPAC1200","CAPAC 1200 x 1000 x 150","0",55,660,7,"BUC",{"v":0,"d":"0.0000"},"EUR",{"v":0,"d":"0.00"},{"v":0,"d":"0.00"},{"v":0,"d":"0.00"},"EUR",null,null,0,"Prin","0","Bunuri",null,"SI25000085",null,"Y","Y","Y"]
["2025-07-26","SH25000048","Aviz Expeditie","411_01INNOFA B.V","INNOFA B.V.","Finalizat","MPF","0",{"$nulls":3},"PF012189","TOPPER COOL MOTION INTENSE LUXE SOFT 80X200X6 80X200","CP00000909",3,0,3,"BUC",{"v":19.92,"d":"19.9200"},"EUR",{"v":0,"d":"0.00"},{"v":0,"d":"0.00"},59.76,"EUR","SO25000159","45869",49,"MPF","0","Bunuri",null,"SI25000085","21460","Y","Y","Y"]
["2025-07-28","SH25000046","Aviz Expeditie","411_01ARAMIS INV","ARAMIS INVEST S.R.L.","Finalizat","MPF","0",{"$nulls":3},"PF012130","HUSA NORRSELE MAT PAD 180x200","CP00000720",280,0,100,"BUC",{"v":26.88,"d":"26.8800"},"RON",{"v":0,"d":"0.00"},{"v":0,"d":"0.00"},{"v":2688,"d":"2688.00"},"RON","SO25000152","260809",5,"MPF","0","Bunuri",null,"SI25000078",null,"Y","Y","Y","NORRSELE MAT PAD"]
["2025-07-28","SH25000046","Aviz Expeditie","411_01ARAMIS INV","ARAMIS INVEST S.R.L.","Finalizat","MPF","0",{"$nulls":3},"PF012130","HUSA NORRSELE MAT PAD 180x200","CP00000720",180,0,100,"BUC",{"v":26.88,"d":"26.8800"},"RON",{"v":0,"d":"0.00"},{"v":0,"d":"0.00"},{"v":2688,"d":"2688.00"},"RON","SO25000152","260809",5,"MPF","0","Bunuri",null,"SI25000078","111000000139908","Y","Y","Y","NORRSELE MAT PAD"]
["2025-07-28","SH25000046","Aviz Expeditie","411_01ARAMIS INV","ARAMIS INVEST S.R.L.","Finalizat","MPF","0",{"$nulls":3},"PF012130","HUSA NORRSELE MAT PAD 180x200","CP00000720",80,0,20,"BUC",{"v":26.88,"d":"26.8800"},"RON",{"v":0,"d":"0.00"},{"v":0,"d":"0.00"},{"v":537.6,"d":"537.60"},"RON","SO25000152","260809",5,"MPF","0","Bunuri",null,"SI25000078","111000000139908","Y","Y","Y","NORRSELE MAT PAD"]
["2025-07-28","SH25000046","Aviz Expeditie","411_01ARAMIS INV","ARAMIS INVEST S.R.L.","Finalizat","MPF","0",{"$nulls":3},"PF012129","HUSA NORRSELE MAT PAD 160x200","CP00000719",420,0,80,"BUC",{"v":24.53,"d":"24.5300"},"RON",{"v":0,"d":"0.00"},{"v":0,"d":"0.00"},{"v":1962.4,"d":"1962.40"},"RON","SO25000152","260809",3,"MPF","0","Bunuri",null,"SI25000078",null,"Y","Y","Y","NORRSELE MAT PAD"]
["2025-07-28","SH25000046","Aviz Expeditie","411_01ARAMIS INV","ARAMIS INVEST S.R.L.","Finalizat","MPF","0",{"$nulls":3},"PF012129","HUSA NORRSELE MAT PAD 160x200","CP00000719",340,0,40,"BUC",{"v":24.53,"d":"24.5300"},"RON",{"v":0,"d":"0.00"},{"v":0,"d":"0.00"},{"v":981.2,"d":"981.20"},"RON","SO25000152","260809",3,"MPF","0","Bunuri",null,"SI25000078",null,"Y","Y","Y","NORRSELE MAT PAD"]
["2025-07-28","SH25000046","Aviz Expeditie","411_01ARAMIS INV","ARAMIS INVEST S.R.L.","Finalizat","MPF","0",{"$nulls":3},"PF012130","HUSA NORRSELE MAT PAD 180x200","CP00000720",60,0,60,"BUC",{"v":26.88,"d":"26.8800"},"RON",{"v":0,"d":"0.00"},{"v":0,"d":"0.00"},{"v":1612.8,"d":"1612.80"},"RON","SO25000152","260809",5,"MPF","0","Bunuri",null,"SI25000078","111000000139908","Y","Y","Y","NORRSELE MAT PAD"]
["2025-07-28","SH25000046","Aviz Expeditie","411_01ARAMIS INV","ARAMIS INVEST S.R.L.","Finalizat","MPF","0",{"$nulls":3},"PF012129","HUSA NORRSELE MAT PAD 160x200","CP00000719",300,0,100,"BUC",{"v":24.53,"d":"24.5300"},"RON",{"v":0,"d":"0.00"},{"v":0,"d":"0.00"},{"v":2453,"d":"2453.00"},"RON","SO25000152","260809",3,"MPF","0","Bunuri",null,"SI25000078","111000000139907","Y","Y","Y","NORRSELE MAT PAD"]
["2025-07-28","SH25000046","Aviz Expeditie","411_01ARAMIS INV","ARAMIS INVEST S.R.L.","Finalizat","MPF","0",{"$nulls":3},"PF012129","HUSA NORRSELE MAT PAD 160x200","CP00000719",200,0,100,"BUC",{"v":24.53,"d":"24.5300"},"RON",{"v":0,"d":"0.00"},{"v":0,"d":"0.00"},{"v":2453,"d":"2453.00"},"RON","SO25000152","260809",3,"MPF","0","Bunuri",null,"SI25000078","111000000139907","Y","Y","Y","NORRSELE MAT PAD"]
["2025-07-28","SH25000046","Aviz Expeditie","411_01ARAMIS INV","ARAMIS INVEST S.R.L.","Finalizat","MPF","0",{"$nulls":3},"PF012129","HUSA NORRSELE MAT PAD 160x200","CP00000719",100,0,100,"BUC",{"v":24.53,"d":"24.5300"},"RON",{"v":0,"d":"0.00"},{"v":0,"d":"0.00"},{"v":2453,"d":"2453.00"},"RON","SO25000152","260809",3,"MPF","0","Bunuri",null,"SI25000078","111000000139907","Y","Y","Y","NORRSELE MAT PAD"]
["2025-07-28","SH25000046","Aviz Expeditie","411_01ARAMIS INV","ARAMIS INVEST S.R.L.","Finalizat","MPF","0",{"$nulls":3},"PF012127","HUSA NORRSELE MAT PAD 90x200","CP00000717",150,0,150,"BUC",{"v":15.68,"d":"15.6800"},"RON",{"v":0,"d":"0.00"},{"v":0,"d":"0.00"},{"v":2352,"d":"2352.00"},"RON","SO25000152","260809",1,"MPF","0","Bunuri",null,"SI25000078",null,"Y","Y","Y","NORRSELE MAT PAD"]
["2025-07-28","SH25000046","Aviz Expeditie","411_01ARAMIS INV","ARAMIS INVEST S.R.L.","Finalizat","MPF","0",{"$nulls":3},"PF012127","HUSA NORRSELE MAT PAD 90x200","CP00000717",250,0,180,"BUC",{"v":15.68,"d":"15.6800"},"RON",{"v":0,"d":"0.00"},{"v":0,"d":"0.00"},{"v":2822.4,"d":"2822.40"},"RON","SO25000152","260809",1,"MPF","0","Bunuri",null,"SI25000078","111000000139903","Y","Y","Y","NORRSELE MAT PAD"]
["2025-07-28","SH25000046","Aviz Expeditie","411_01ARAMIS INV","ARAMIS INVEST S.R.L.","Finalizat","MPF","0",{"$nulls":3},"PF012127","HUSA NORRSELE MAT PAD 90x200","CP00000717",70,0,70,"BUC",{"v":15.68,"d":"15.6800"},"RON",{"v":0,"d":"0.00"},{"v":0,"d":"0.00"},{"v":1097.6,"d":"1097.60"},"RON","SO25000152","260809",1,"MPF","0","Bunuri",null,"SI25000078","111000000139903","Y","Y","Y","NORRSELE MAT PAD"]
["2025-07-28","SH25000046","Aviz Expeditie","411_01ARAMIS INV","ARAMIS INVEST S.R.L.","Finalizat","MPF","0",{"$nulls":3},"PF012129","HUSA NORRSELE MAT PAD 160x200","CP00000719",130,0,60,"BUC",{"v":24.53,"d":"24.5300"},"RON",{"v":0,"d":"0.00"},{"v":0,"d":"0.00"},{"v":1471.8,"d":"1471.80"},"RON","SO25000153","260810",3,"MPF","0","Bunuri",null,"SI25000078",null,"Y","Y","Y","NORRSELE MAT PAD"]
["2025-07-28","SH25000046","Aviz Expeditie","411_01ARAMIS INV","ARAMIS INVEST S.R.L.","Finalizat","MPF","0",{"$nulls":3},"PF012129","HUSA NORRSELE MAT PAD 160x200","CP00000719",70,0,70,"BUC",{"v":24.53,"d":"24.5300"},"RON",{"v":0,"d":"0.00"},{"v":0,"d":"0.00"},{"v":1717.1,"d":"1717.10"},"RON","SO25000153","260810",3,"MPF","0","Bunuri",null,"SI25000078",null,"Y","Y","Y","NORRSELE MAT PAD"]
["2025-07-28","SH25000046","Aviz Expeditie","411_01ARAMIS INV","ARAMIS INVEST S.R.L.","Finalizat","MPF","0",{"$nulls":3},"PF012128","HUSA NORRSELE MAT PAD 140x200","CP00000718",50,0,50,"BUC",{"v":22.14,"d":"22.1400"},"RON",{"v":0,"d":"0.00"},{"v":0,"d":"0.00"},{"v":1107,"d":"1107.00"},"RON","SO25000152","260809",2,"MPF","0","Bunuri",null,"SI25000078",null,"Y","Y","Y","NORRSELE MAT PAD"]
["2025-07-28","SH25000046","Aviz Expeditie","411_01ARAMIS INV","ARAMIS INVEST S.R.L.","Finalizat","MPF","0",{"$nulls":3},"PF012128","HUSA NORRSELE MAT PAD 140x200","CP00000718",239,0,150,"BUC",{"v":22.14,"d":"22.1400"},"RON",{"v":0,"d":"0.00"},{"v":0,"d":"0.00"},{"v":3321,"d":"3321.00"},"RON","SO25000152","260809",2,"MPF","0","Bunuri",null,"SI25000078","111000000139906","Y","Y","Y","NORRSELE MAT PAD"]
["2025-07-28","SH25000046","Aviz Expeditie","411_01ARAMIS INV","ARAMIS INVEST S.R.L.","Finalizat","MPF","0",{"$nulls":3},"PF012128","HUSA NORRSELE MAT PAD 140x200","CP00000718",89,0,89,"BUC",{"v":22.14,"d":"22.1400"},"RON",{"v":0,"d":"0.00"},{"v":0,"d":"0.00"},1970.46,"RON","SO25000152","260809",2,"MPF","0","Bunuri",null,"SI25000078","111000000139906","Y","Y","Y","NORRSELE MAT PAD"]
["2025-07-28","SH25000046","Aviz Expeditie","411_01ARAMIS INV","ARAMIS INVEST S.R.L.","Finalizat","MPF","0",{"$nulls":3},"PALET2000X900","PALETI LEMN (90x200) - folositi la pachete","0",38,243,13,"BUC",{"v":0,"d":"0.0000"},"RON",{"v":0,"d":"0.00"},{"v":0,"d":"0.00"},{"v":0,"d":"0.00"},"RON",null,null,0,"MPF","0","Bunuri",null,"SI25000078",null,"Y","Y","Y"]
["2025-07-30","SH25000049","Aviz Expeditie","411_01INNOFA B.V","INNOFA B.V.","Finalizat","MPF","0",{"$nulls":3},"PF012136","PILLOW PRESTIGE CROWN NEW25","CP00000855",2,0,2,"BUC",{"v":12.57,"d":"12.5700"},"EUR",{"v":0,"d":"0.00"},{"v":0,"d":"0.00"},25.14,"EUR","SO25000186","20250729",1,"MPF","0","Bunuri",null,"SI25000086",null,"Y","Y","Y","PERNA PRESTIGE CROWN"]
["2025-07-30","SH25000049","Aviz Expeditie","411_01INNOFA B.V","INNOFA B.V.","Finalizat","MPF","0",{"$nulls":3},"PF012202","PILLOW  PRESTIGE  INNER COVER CROWN 1X1","CP00000856",2,0,2,"BUC",{"v":4.5,"d":"4.5000"},"EUR",{"v":0,"d":"0.00"},{"v":0,"d":"0.00"},{"v":9,"d":"9.00"},"EUR","SO25000186","20250729",2,"MPF","0","Bunuri",null,"SI25000086","21475","Y","Y","Y"]
["2025-07-30","SH25000049","Aviz Expeditie","411_01INNOFA B.V","INNOFA B.V.","Finalizat","MPF","0",{"$nulls":3},"PF012211","HUSA TWIN PRESTIGE 210X200","CP00000857",1,0,1,"BUC",{"v":147.5,"d":"147.5000"},"EUR",{"v":0,"d":"0.00"},{"v":0,"d":"0.00"},{"v":147.5,"d":"147.50"},"EUR","SO25000186","20250729",3,"MPF","0","Bunuri",null,"SI25000086","71111","Y","Y","Y","TWIN PRESTIGE"]
["2025-07-31","SH25000050","Aviz Expeditie","411_01ARAMIS INV","ARAMIS INVEST S.R.L.","Finalizat","MPF","0",{"$nulls":3},"PF012128","HUSA NORRSELE MAT PAD 140x200","CP00000718",311,0,150,"BUC",{"v":22.14,"d":"22.1400"},"RON",{"v":0,"d":"0.00"},{"v":0,"d":"0.00"},{"v":3321,"d":"3321.00"},"RON","SO25000152","260809",2,"MPF","0","Bunuri",null,"SI25000082",null,"Y","Y","Y","NORRSELE MAT PAD"]
["2025-07-31","SH25000050","Aviz Expeditie","411_01ARAMIS INV","ARAMIS INVEST S.R.L.","Finalizat","MPF","0",{"$nulls":3},"PF012128","HUSA NORRSELE MAT PAD 140x200","CP00000718",161,0,100,"BUC",{"v":22.14,"d":"22.1400"},"RON",{"v":0,"d":"0.00"},{"v":0,"d":"0.00"},{"v":2214,"d":"2214.00"},"RON","SO25000152","260809",2,"MPF","0","Bunuri",null,"SI25000082","111000000139906","Y","Y","Y","NORRSELE MAT PAD"]
["2025-07-31","SH25000050","Aviz Expeditie","411_01ARAMIS INV","ARAMIS INVEST S.R.L.","Finalizat","MPF","0",{"$nulls":3},"PF012128","HUSA NORRSELE MAT PAD 140x200","CP00000718",61,0,61,"BUC",{"v":22.14,"d":"22.1400"},"RON",{"v":0,"d":"0.00"},{"v":0,"d":"0.00"},1350.54,"RON","SO25000152","260809",2,"MPF","0","Bunuri",null,"SI25000082","111000000139906","Y","Y","Y","NORRSELE MAT PAD"]
["2025-07-31","SH25000050","Aviz Expeditie","411_01ARAMIS INV","ARAMIS INVEST S.R.L.","Finalizat","MPF","0",{"$nulls":3},"PF012127","HUSA NORRSELE MAT PAD 90x200","CP00000723",500,0,150,"BUC",{"v":15.68,"d":"15.6800"},"RON",{"v":0,"d":"0.00"},{"v":0,"d":"0.00"},{"v":2352,"d":"2352.00"},"RON","SO25000153","260810",1,"MPF","0","Bunuri",null,"SI25000082",null,"Y","Y","Y","NORRSELE MAT PAD"]
["2025-07-31","SH25000050","Aviz Expeditie","411_01ARAMIS INV","ARAMIS INVEST S.R.L.","Finalizat","MPF","0",{"$nulls":3},"PF012127","HUSA NORRSELE MAT PAD 90x200","CP00000723",350,0,60,"BUC",{"v":15.68,"d":"15.6800"},"RON",{"v":0,"d":"0.00"},{"v":0,"d":"0.00"},{"v":940.8,"d":"940.80"},"RON","SO25000153","260810",1,"MPF","0","Bunuri",null,"SI25000082","111000000139903","Y","Y","Y","NORRSELE MAT PAD"]
["2025-07-31","SH25000050","Aviz Expeditie","411_01ARAMIS INV","ARAMIS INVEST S.R.L.","Finalizat","MPF","0",{"$nulls":3},"PF012127","HUSA NORRSELE MAT PAD 90x200","CP00000723",290,0,150,"BUC",{"v":15.68,"d":"15.6800"},"RON",{"v":0,"d":"0.00"},{"v":0,"d":"0.00"},{"v":2352,"d":"2352.00"},"RON","SO25000153","260810",1,"MPF","0","Bunuri",null,"SI25000082","111000000139903","Y","Y","Y","NORRSELE MAT PAD"]
["2025-07-31","SH25000050","Aviz Expeditie","411_01ARAMIS INV","ARAMIS INVEST S.R.L.","Finalizat","MPF","0",{"$nulls":3},"PF012127","HUSA NORRSELE MAT PAD 90x200","CP00000723",140,0,140,"BUC",{"v":15.68,"d":"15.6800"},"RON",{"v":0,"d":"0.00"},{"v":0,"d":"0.00"},{"v":2195.2,"d":"2195.20"},"RON","SO25000153","260810",1,"MPF","0","Bunuri",null,"SI25000082","111000000139903","Y","Y","Y","NORRSELE MAT PAD"]
["2025-07-31","SH25000050","Aviz Expeditie","411_01ARAMIS INV","ARAMIS INVEST S.R.L.","Finalizat","MPF","0",{"$nulls":3},"PF012128","HUSA NORRSELE MAT PAD 140x200","CP00000722",300,0,150,"BUC",{"v":22.14,"d":"22.1400"},"RON",{"v":0,"d":"0.00"},{"v":0,"d":"0.00"},{"v":3321,"d":"3321.00"},"RON","SO25000153","260810",2,"MPF","0","Bunuri",null,"SI25000082",null,"Y","Y","Y","NORRSELE MAT PAD"]
["2025-07-31","SH25000050","Aviz Expeditie","411_01ARAMIS INV","ARAMIS INVEST S.R.L.","Finalizat","MPF","0",{"$nulls":3},"PF012128","HUSA NORRSELE MAT PAD 140x200","CP00000722",150,0,150,"BUC",{"v":22.14,"d":"22.1400"},"RON",{"v":0,"d":"0.00"},{"v":0,"d":"0.00"},{"v":3321,"d":"3321.00"},"RON","SO25000153","260810",2,"MPF","0","Bunuri",null,"SI25000082","111000000139906","Y","Y","Y","NORRSELE MAT PAD"]
["2025-07-31","SH25000050","Aviz Expeditie","411_01ARAMIS INV","ARAMIS INVEST S.R.L.","Finalizat","MPF","0",{"$nulls":3},"PF012129","HUSA NORRSELE MAT PAD 160x200","CP00000875",280,0,100,"BUC",{"v":24.53,"d":"24.5300"},"RON",{"v":0,"d":"0.00"},{"v":0,"d":"0.00"},{"v":2453,"d":"2453.00"},"RON","SO25000152","260809",4,"MPF","0","Bunuri",null,"SI25000082","111000000139907","Y","Y","Y","NORRSELE MAT PAD"]
["2025-07-31","SH25000050","Aviz Expeditie","411_01ARAMIS INV","ARAMIS INVEST S.R.L.","Finalizat","MPF","0",{"$nulls":3},"PF012129","HUSA NORRSELE MAT PAD 160x200","CP00000875",180,0,100,"BUC",{"v":24.53,"d":"24.5300"},"RON",{"v":0,"d":"0.00"},{"v":0,"d":"0.00"},{"v":2453,"d":"2453.00"},"RON","SO25000152","260809",4,"MPF","0","Bunuri",null,"SI25000082","111000000139907","Y","Y","Y","NORRSELE MAT PAD"]
["2025-07-31","SH25000050","Aviz Expeditie","411_01ARAMIS INV","ARAMIS INVEST S.R.L.","Finalizat","MPF","0",{"$nulls":3},"PF012129","HUSA NORRSELE MAT PAD 160x200","CP00000875",80,0,80,"BUC",{"v":24.53,"d":"24.5300"},"RON",{"v":0,"d":"0.00"},{"v":0,"d":"0.00"},{"v":1962.4,"d":"1962.40"},"RON","SO25000152","260809",4,"MPF","0","Bunuri",null,"SI25000082","111000000139907","Y","Y","Y","NORRSELE MAT PAD"]
["2025-07-31","SH25000050","Aviz Expeditie","411_01ARAMIS INV","ARAMIS INVEST S.R.L.","Finalizat","MPF","0",{"$nulls":3},"PALET2000X900","PALETI LEMN (90x200) - folositi la pachete","0",25,243,24,"BUC",{"v":0,"d":"0.0000"},"RON",{"v":0,"d":"0.00"},{"v":0,"d":"0.00"},{"v":0,"d":"0.00"},"RON",null,null,0,"MPF","0","Bunuri",null,"SI25000082",null,"Y","Y","Y"]
["2025-07-31","SH25000051","Aviz Expeditie","411_01INNOFA B.V","INNOFA B.V.","Finalizat","MPF","0",{"$nulls":3},"PF011600","HUSA CM NEXT 1 80X190","CP00000823",1,0,1,"BUC",{"v":19.81,"d":"19.8100"},"EUR",{"v":0,"d":"0.00"},{"v":0,"d":"0.00"},19.81,"EUR","SO25000159","45869",2,"MPF","0","Bunuri",null,"SI25000089",null,"Y","Y","Y"]
["2025-07-31","SH25000051","Aviz Expeditie","411_01INNOFA B.V","INNOFA B.V.","Finalizat","MPF","0",{"$nulls":3},"PF012156","HOES COOL MOTION 1 090X90 90X90","CP00000883",2,0,2,"BUC",{"v":20.62,"d":"20.6200"},"EUR",{"v":0,"d":"0.00"},{"v":0,"d":"0.00"},41.24,"EUR","SO25000159","45869",3,"MPF","0","Bunuri",null,"SI25000089","21387","Y","Y","Y"]
["2025-07-31","SH25000051","Aviz Expeditie","411_01INNOFA B.V","INNOFA B.V.","Finalizat","MPF","0",{"$nulls":3},"PF011927","HUSA CM NEXT 1 140X190","CP00000824",1,0,1,"BUC",{"v":29.55,"d":"29.5500"},"EUR",{"v":0,"d":"0.00"},{"v":0,"d":"0.00"},29.55,"EUR","SO25000159","45869",5,"MPF","0","Bunuri",null,"SI25000089",null,"Y","Y","Y"]
["2025-07-31","SH25000051","Aviz Expeditie","411_01INNOFA B.V","INNOFA B.V.","Finalizat","MPF","0",{"$nulls":3},"PF011643","HUSA CM NEXT 1 140X220","CP00000825",2,0,2,"BUC",{"v":33.98,"d":"33.9800"},"EUR",{"v":0,"d":"0.00"},{"v":0,"d":"0.00"},67.96,"EUR","SO25000159","45869",7,"MPF","0","Bunuri",null,"SI25000089",null,"Y","Y","Y"]
["2025-07-31","SH25000051","Aviz Expeditie","411_01INNOFA B.V","INNOFA B.V.","Finalizat","MPF","0",{"$nulls":3},"PF011857","HUSA CM NEXT 424 90X190","CP00000821",1,0,1,"BUC",{"v":23.82,"d":"23.8200"},"EUR",{"v":0,"d":"0.00"},{"v":0,"d":"0.00"},23.82,"EUR","SO25000159","45869",9,"MPF","0","Bunuri",null,"SI25000089","21412","Y","Y","Y"]
["2025-07-31","SH25000051","Aviz Expeditie","411_01INNOFA B.V","INNOFA B.V.","Finalizat","MPF","0",{"$nulls":3},"PF011966","HUSA CM NEXT 324 90X190","CP00000826",1,0,1,"BUC",{"v":23.8,"d":"23.8000"},"EUR",{"v":0,"d":"0.00"},{"v":0,"d":"0.00"},{"v":23.8,"d":"23.80"},"EUR","SO25000159","45869",11,"MPF","0","Bunuri",null,"SI25000089",null,"Y","Y","Y"]
["2025-07-31","SH25000051","Aviz Expeditie","411_01INNOFA B.V","INNOFA B.V.","Finalizat","MPF","0",{"$nulls":3},"PF011804","HUSA CM NEXT 324 120X190","CP00000827",1,0,1,"BUC",{"v":30.3,"d":"30.3000"},"EUR",{"v":0,"d":"0.00"},{"v":0,"d":"0.00"},{"v":30.3,"d":"30.30"},"EUR","SO25000159","45869",13,"MPF","0","Bunuri",null,"SI25000089",null,"Y","Y","Y"]
["2025-07-31","SH25000051","Aviz Expeditie","411_01INNOFA B.V","INNOFA B.V.","Finalizat","MPF","0",{"$nulls":3},"PF011916","HUSA CM NEXT 324 140X190","CP00000828",1,0,1,"BUC",{"v":33.18,"d":"33.1800"},"EUR",{"v":0,"d":"0.00"},{"v":0,"d":"0.00"},33.18,"EUR","SO25000159","45869",15,"MPF","0","Bunuri",null,"SI25000089",null,"Y","Y","Y"]
["2025-07-31","SH25000051","Aviz Expeditie","411_01INNOFA B.V","INNOFA B.V.","Finalizat","MPF","0",{"$nulls":3},"PF012049","HUSA CM NEXT 524 70x220","CP00000829",1,0,1,"BUC",{"v":26.37,"d":"26.3700"},"EUR",{"v":0,"d":"0.00"},{"v":0,"d":"0.00"},26.37,"EUR","SO25000159","45869",17,"MPF","0","Bunuri",null,"SI25000089",null,"Y","Y","Y"]
["2025-07-31","SH25000051","Aviz Expeditie","411_01INNOFA B.V","INNOFA B.V.","Finalizat","MPF","0",{"$nulls":3},"PF011929","HUSA CM NEXT 524 80X190","CP00000830",7,0,7,"BUC",{"v":22.93,"d":"22.9300"},"EUR",{"v":0,"d":"0.00"},{"v":0,"d":"0.00"},160.51,"EUR","SO25000159","45869",19,"MPF","0","Bunuri",null,"SI25000089",null,"Y","Y","Y"]
["2025-07-31","SH25000051","Aviz Expeditie","411_01INNOFA B.V","INNOFA B.V.","Finalizat","MPF","0",{"$nulls":3},"PF011747","HUSA CM NEXT 524 90X190","CP00000831",1,0,1,"BUC",{"v":23.89,"d":"23.8900"},"EUR",{"v":0,"d":"0.00"},{"v":0,"d":"0.00"},23.89,"EUR","SO25000159","45869",21,"MPF","0","Bunuri",null,"SI25000089",null,"Y","Y","Y"]
["2025-07-31","SH25000051","Aviz Expeditie","411_01INNOFA B.V","INNOFA B.V.","Finalizat","MPF","0",{"$nulls":3},"PF011820","HUSA CM NEXT 524 140X190","CP00000832",2,0,2,"BUC",{"v":33.26,"d":"33.2600"},"EUR",{"v":0,"d":"0.00"},{"v":0,"d":"0.00"},66.52,"EUR","SO25000159","45869",23,"MPF","0","Bunuri",null,"SI25000089",null,"Y","Y","Y"]
["2025-07-31","SH25000051","Aviz Expeditie","411_01INNOFA B.V","INNOFA B.V.","Finalizat","MPF","0",{"$nulls":3},"PF012043","HUSA CM NEXT 724 80X190","CP00000833",5,0,5,"BUC",{"v":22.93,"d":"22.9300"},"EUR",{"v":0,"d":"0.00"},{"v":0,"d":"0.00"},114.65,"EUR","SO25000159","45869",25,"MPF","0","Bunuri",null,"SI25000089",null,"Y","Y","Y"]
["2025-07-31","SH25000051","Aviz Expeditie","411_01INNOFA B.V","INNOFA B.V.","Finalizat","MPF","0",{"$nulls":3},"PF011952","HUSA CM NEXT 724 90X190","CP00000834",2,0,2,"BUC",{"v":23.89,"d":"23.8900"},"EUR",{"v":0,"d":"0.00"},{"v":0,"d":"0.00"},47.78,"EUR","SO25000159","45869",27,"MPF","0","Bunuri",null,"SI25000089",null,"Y","Y","Y"]
["2025-07-31","SH25000051","Aviz Expeditie","411_01INNOFA B.V","INNOFA B.V.","Finalizat","MPF","0",{"$nulls":3},"PF011690","HUSA CM NEXT 724 120X190","CP00000835",1,0,1,"BUC",{"v":30.37,"d":"30.3700"},"EUR",{"v":0,"d":"0.00"},{"v":0,"d":"0.00"},30.37,"EUR","SO25000159","45869",29,"MPF","0","Bunuri",null,"SI25000089",null,"Y","Y","Y"]
["2025-07-31","SH25000051","Aviz Expeditie","411_01INNOFA B.V","INNOFA B.V.","Finalizat","MPF","0",{"$nulls":3},"PF012171","TOPPER COOL MOTION INTENSE LUXE FIRM 100X220X 100X220","CP00000879",1,0,1,"BUC",{"v":25.84,"d":"25.8400"},"EUR",{"v":0,"d":"0.00"},{"v":0,"d":"0.00"},25.84,"EUR","SO25000159","45869",31,"MPF","0","Bunuri",null,"SI25000089","21454","Y","Y","Y"]
["2025-07-31","SH25000051","Aviz Expeditie","411_01INNOFA B.V","INNOFA B.V.","Finalizat","MPF","0",{"$nulls":3},"PF012172","TOPPER COOL MOTION INTENSE LUXE FIRM 140X200X 140X200","CP00000880",5,0,5,"BUC",{"v":32.59,"d":"32.5900"},"EUR",{"v":0,"d":"0.00"},{"v":0,"d":"0.00"},162.95,"EUR","SO25000159","45869",32,"MPF","0","Bunuri",null,"SI25000089","21458","Y","Y","Y"]
["2025-07-31","SH25000051","Aviz Expeditie","411_01INNOFA B.V","INNOFA B.V.","Finalizat","MPF","0",{"$nulls":3},"PF012173","TOPPER COOL MOTION INTENSE LUXE FIRM 160X200X 160X200","CP00000885",8,0,8,"BUC",{"v":37.25,"d":"37.2500"},"EUR",{"v":0,"d":"0.00"},{"v":0,"d":"0.00"},{"v":298,"d":"298.00"},"EUR","SO25000159","45869",33,"MPF","0","Bunuri",null,"SI25000089","21453","Y","Y","Y"]
["2025-07-31","SH25000051","Aviz Expeditie","411_01INNOFA B.V","INNOFA B.V.","Finalizat","MPF","0",{"$nulls":3},"PF012174","TOPPER COOL MOTION INTENSE LUXE FIRM 160X210X 160X210","CP00000886",6,0,6,"BUC",{"v":39.3,"d":"39.3000"},"EUR",{"v":0,"d":"0.00"},{"v":0,"d":"0.00"},{"v":235.8,"d":"235.80"},"EUR","SO25000159","45869",34,"MPF","0","Bunuri",null,"SI25000089","21451","Y","Y","Y"]
["2025-07-31","SH25000051","Aviz Expeditie","411_01INNOFA B.V","INNOFA B.V.","Finalizat","MPF","0",{"$nulls":3},"PF012175","TOPPER COOL MOTION INTENSE LUXE FIRM 180X210X 180X210","CP00000881",23,0,23,"BUC",{"v":44.21,"d":"44.2100"},"EUR",{"v":0,"d":"0.00"},{"v":0,"d":"0.00"},1016.83,"EUR","SO25000159","45869",35,"MPF","0","Bunuri",null,"SI25000089","21471","Y","Y","Y"]
["2025-07-31","SH25000051","Aviz Expeditie","411_01INNOFA B.V","INNOFA B.V.","Finalizat","MPF","0",{"$nulls":3},"PF012178","TOPPER COOL MOTION INTENSE LUXE FIRM 200X220X 200X220","CP00000887",2,0,2,"BUC",{"v":51.68,"d":"51.6800"},"EUR",{"v":0,"d":"0.00"},{"v":0,"d":"0.00"},103.36,"EUR","SO25000159","45869",38,"MPF","0","Bunuri",null,"SI25000089","21457","Y","Y","Y"]
["2025-07-31","SH25000051","Aviz Expeditie","411_01INNOFA B.V","INNOFA B.V.","Finalizat","MPF","0",{"$nulls":3},"PF012182","TOPPER COOL MOTION INTENSE LUXE SOFT 100X220X 100X220","CP00000898",1,0,1,"BUC",{"v":25.84,"d":"25.8400"},"EUR",{"v":0,"d":"0.00"},{"v":0,"d":"0.00"},25.84,"EUR","SO25000159","45869",42,"MPF","0","Bunuri",null,"SI25000089","21450","Y","Y","Y"]
["2025-07-31","SH25000051","Aviz Expeditie","411_01INNOFA B.V","INNOFA B.V.","Finalizat","MPF","0",{"$nulls":3},"PF012183","TOPPER COOL MOTION INTENSE LUXE SOFT 160X200X 160X200","CP00000882",14,0,14,"BUC",{"v":37.25,"d":"37.2500"},"EUR",{"v":0,"d":"0.00"},{"v":0,"d":"0.00"},{"v":521.5,"d":"521.50"},"EUR","SO25000159","45869",43,"MPF","0","Bunuri",null,"SI25000089","21464","Y","Y","Y"]
["2025-07-31","SH25000051","Aviz Expeditie","411_01INNOFA B.V","INNOFA B.V.","Finalizat","MPF","0",{"$nulls":3},"PF012184","TOPPER COOL MOTION INTENSE LUXE SOFT 160X210X 160X210","CP00000888",3,0,3,"BUC",{"v":39.3,"d":"39.3000"},"EUR",{"v":0,"d":"0.00"},{"v":0,"d":"0.00"},{"v":117.9,"d":"117.90"},"EUR","SO25000159","45869",44,"MPF","0","Bunuri",null,"SI25000089","21462","Y","Y","Y"]
["2025-07-31","SH25000051","Aviz Expeditie","411_01INNOFA B.V","INNOFA B.V.","Finalizat","MPF","0",{"$nulls":3},"PF012185","TOPPER COOL MOTION INTENSE LUXE SOFT 180X200X 180X200","CP00000889",11,0,11,"BUC",{"v":41.91,"d":"41.9100"},"EUR",{"v":0,"d":"0.00"},{"v":0,"d":"0.00"},461.01,"EUR","SO25000159","45869",45,"MPF","0","Bunuri",null,"SI25000089","21445","Y","Y","Y"]
["2025-07-31","SH25000051","Aviz Expeditie","411_01INNOFA B.V","INNOFA B.V.","Finalizat","MPF","0",{"$nulls":3},"PF012192","TOPPER COOL MOTION INTENSE LUXE SOFT SPLIT 18 180X210","CP00000890",5,0,5,"BUC",{"v":55.26,"d":"55.2600"},"EUR",{"v":0,"d":"0.00"},{"v":0,"d":"0.00"},{"v":276.3,"d":"276.30"},"EUR","SO25000159","45869",52,"MPF","0","Bunuri",null,"SI25000089","21473","Y","Y","Y"]
["2025-07-31","SH25000051","Aviz Expeditie","411_01INNOFA B.V","INNOFA B.V.","Finalizat","MPF","0",{"$nulls":3},"PF011623","HUSA CM NEXT 724 90X200","CP00000877",25,0,25,"BUC",{"v":23.89,"d":"23.8900"},"EUR",{"v":0,"d":"0.00"},{"v":0,"d":"0.00"},597.25,"EUR","SO25000160","45882",1,"MPF","0","Bunuri",null,"SI25000089","21134","Y","Y","Y"]
["2025-07-31","SH25000051","Aviz Expeditie","411_01INNOFA B.V","INNOFA B.V.","Finalizat","MPF","0",{"$nulls":3},"PF011623","HUSA CM NEXT 724 90X200","CP00000841",25,0,25,"BUC",{"v":23.89,"d":"23.8900"},"EUR",{"v":0,"d":"0.00"},{"v":0,"d":"0.00"},597.25,"EUR","SO25000180","45955",1,"MPF","0","Bunuri",null,"SI25000089","21134","Y","Y","Y"]
["2025-07-31","SH25000051","Aviz Expeditie","411_01INNOFA B.V","INNOFA B.V.","Finalizat","MPF","0",{"$nulls":3},"PF011652","HUSA DUO COOL MOTION NEXT  26 160X200x26","CP00000679",25,0,25,"BUC",{"v":39.76,"d":"39.7600"},"EUR",{"v":0,"d":"0.00"},{"v":0,"d":"0.00"},{"v":994,"d":"994.00"},"EUR","SO25000139","45800",7,"MPF","0","Bunuri",null,"SI25000089","21203","Y","Y","Y","DUO COOL MOTION NEXT  26"]
["2025-07-31","SH25000051","Aviz Expeditie","411_01INNOFA B.V","INNOFA B.V.","Finalizat","MPF","0",{"$nulls":3},"PF011653","HUSA DUO COOL MOTION NEXT  26 180X200x26","CP00000680",50,0,50,"BUC",{"v":44.94,"d":"44.9400"},"EUR",{"v":0,"d":"0.00"},{"v":0,"d":"0.00"},{"v":2247,"d":"2247.00"},"EUR","SO25000139","45800",8,"MPF","0","Bunuri",null,"SI25000089","21206","Y","Y","Y","DUO COOL MOTION NEXT  26"]
["2025-07-31","SH25000051","Aviz Expeditie","411_01INNOFA B.V","INNOFA B.V.","Finalizat","MPF","0",{"$nulls":3},"PF011654","HUSA DUO COOL MOTION NEXT  26 180X210x26","CP00000681",25,0,25,"BUC",{"v":51.68,"d":"51.6800"},"EUR",{"v":0,"d":"0.00"},{"v":0,"d":"0.00"},{"v":1292,"d":"1292.00"},"EUR","SO25000139","45800",9,"MPF","0","Bunuri",null,"SI25000089","21207","Y","Y","Y","DUO COOL MOTION NEXT  26"]
["2025-07-31","SH25000051","Aviz Expeditie","411_01INNOFA B.V","INNOFA B.V.","Finalizat","MPF","0",{"$nulls":3},"PF012132","HUSA CM NEXT 1 160X220","CP00000693",25,0,25,"BUC",{"v":36.94,"d":"36.9400"},"EUR",{"v":0,"d":"0.00"},{"v":0,"d":"0.00"},{"v":923.5,"d":"923.50"},"EUR","SO25000148","45820",1,"MPF","0","Bunuri",null,"SI25000089","21019","Y","Y","Y","CM NEXT 1"]
["2025-07-31","SH25000051","Aviz Expeditie","411_01INNOFA B.V","INNOFA B.V.","Finalizat","MPF","0",{"$nulls":3},"PF012010","HUSA CM NEXT 324 120X220","CP00000838",25,0,25,"BUC",{"v":34.85,"d":"34.8500"},"EUR",{"v":0,"d":"0.00"},{"v":0,"d":"0.00"},871.25,"EUR","SO25000148","45820",2,"MPF","0","Bunuri",null,"SI25000089","21064","Y","Y","Y"]
["2025-07-31","SH25000051","Aviz Expeditie","411_01INNOFA B.V","INNOFA B.V.","Finalizat","MPF","0",{"$nulls":3},"PF011859","HUSA CM NEXT 524 90X220","CP00000837",25,0,25,"BUC",{"v":27.47,"d":"27.4700"},"EUR",{"v":0,"d":"0.00"},{"v":0,"d":"0.00"},686.75,"EUR","SO25000148","45820",3,"MPF","0","Bunuri",null,"SI25000089","21108","Y","Y","Y"]
["2025-07-31","SH25000051","Aviz Expeditie","411_01INNOFA B.V","INNOFA B.V.","Finalizat","MPF","0",{"$nulls":3},"PF012154","TOPPER SPLIT COOL MOTION FIRM 200X210 200X210","CP00000884",25,0,25,"BUC",{"v":61.4,"d":"61.4000"},"EUR",{"v":0,"d":"0.00"},{"v":0,"d":"0.00"},{"v":1535,"d":"1535.00"},"EUR","SO25000163","45819",1,"MPF","0","Bunuri",null,"SI25000089","21246","Y","Y","Y"]
["2025-07-31","SH25000051","Aviz Expeditie","411_01INNOFA B.V","INNOFA B.V.","Finalizat","MPF","0",{"$nulls":3},"PALET1200X1000","PALETI LEMN (120X100)","0",234,0,12,"BUC",{"v":0,"d":"0.0000"},"EUR",{"v":0,"d":"0.00"},{"v":0,"d":"0.00"},{"v":0,"d":"0.00"},"EUR",null,null,0,"Prin","0","Bunuri",null,"SI25000089",null,"Y","Y","Y"]
["2025-07-31","SH25000051","Aviz Expeditie","411_01INNOFA B.V","INNOFA B.V.","Finalizat","MPF","0",{"$nulls":3},"CAPAC1200","CAPAC 1200 x 1000 x 150","0",148,660,12,"BUC",{"v":0,"d":"0.0000"},"EUR",{"v":0,"d":"0.00"},{"v":0,"d":"0.00"},{"v":0,"d":"0.00"},"EUR",null,null,0,"Prin","0","Bunuri",null,"SI25000089",null,"Y","Y","Y"]
["2025-07-31","SH25000051","Aviz Expeditie","411_01INNOFA B.V","INNOFA B.V.","Finalizat","MPF","0",{"$nulls":3},"CUTIE1200x90","CUTIE 1200 x 1000 x 900","0",113,154,12,"BUC",{"v":0,"d":"0.0000"},"EUR",{"v":0,"d":"0.00"},{"v":0,"d":"0.00"},{"v":0,"d":"0.00"},"EUR",null,null,0,"Prin","0","Bunuri",null,"SI25000089",null,"Y","Y","Y"]
["2025-07-31","SH25000051","Aviz Expeditie","411_01INNOFA B.V","INNOFA B.V.","Finalizat","MPF","0",{"$nulls":3},"PF012131","HUSA TWIN 2024 22 1 180X210x22","CP00000691",25,0,25,"BUC",{"v":54.15,"d":"54.1500"},"EUR",{"v":0,"d":"0.00"},{"v":0,"d":"0.00"},1353.75,"EUR","SO25000147","45819",1,"MPF","0","Bunuri",null,"SI25000089","21163","Y","Y","Y","TWIN 2024 22 1"]
["2025-08-07","SH25000052","Aviz Expeditie","411_01ARAMIS INV","ARAMIS INVEST S.R.L.","Finalizat","MPF","0",{"$nulls":3},"PF012129","HUSA NORRSELE MAT PAD 160x200","CP00000914",180,0,80,"BUC",{"v":24.53,"d":"24.5300"},"RON",{"v":0,"d":"0.00"},{"v":0,"d":"0.00"},{"v":1962.4,"d":"1962.40"},"RON","SO25000153","260810",3,"MPF","0","Bunuri",null,"SI25000092",null,"Y","Y","Y","NORRSELE MAT PAD"]
["2025-08-07","SH25000052","Aviz Expeditie","411_01ARAMIS INV","ARAMIS INVEST S.R.L.","Finalizat","MPF","0",{"$nulls":3},"PF012130","HUSA NORRSELE MAT PAD 180x200","CP00000915",100,0,20,"BUC",{"v":26.88,"d":"26.8800"},"RON",{"v":0,"d":"0.00"},{"v":0,"d":"0.00"},{"v":537.6,"d":"537.60"},"RON","SO25000191","260810",1,"MPF","0","Bunuri",null,"SI25000092","111000000139908","Y","Y","Y","NORRSELE MAT PAD"]
["2025-08-07","SH25000052","Aviz Expeditie","411_01ARAMIS INV","ARAMIS INVEST S.R.L.","Finalizat","MPF","0",{"$nulls":3},"PF012130","HUSA NORRSELE MAT PAD 180x200","CP00000915",80,0,60,"BUC",{"v":26.88,"d":"26.8800"},"RON",{"v":0,"d":"0.00"},{"v":0,"d":"0.00"},{"v":1612.8,"d":"1612.80"},"RON","SO25000191","260810",1,"MPF","0","Bunuri",null,"SI25000092","111000000139908","Y","Y","Y","NORRSELE MAT PAD"]
["2025-08-07","SH25000052","Aviz Expeditie","411_01ARAMIS INV","ARAMIS INVEST S.R.L.","Finalizat","MPF","0",{"$nulls":3},"PF012129","HUSA NORRSELE MAT PAD 160x200","CP00000914",100,0,40,"BUC",{"v":24.53,"d":"24.5300"},"RON",{"v":0,"d":"0.00"},{"v":0,"d":"0.00"},{"v":981.2,"d":"981.20"},"RON","SO25000153","260810",3,"MPF","0","Bunuri",null,"SI25000092","111000000139907","Y","Y","Y","NORRSELE MAT PAD"]
["2025-08-07","SH25000052","Aviz Expeditie","411_01ARAMIS INV","ARAMIS INVEST S.R.L.","Finalizat","MPF","0",{"$nulls":3},"PF012130","HUSA NORRSELE MAT PAD 180x200","CP00000916",100,0,100,"BUC",{"v":26.88,"d":"26.8800"},"RON",{"v":0,"d":"0.00"},{"v":0,"d":"0.00"},{"v":2688,"d":"2688.00"},"RON","SO25000191","260810",2,"MPF","0","Bunuri",null,"SI25000092","111000000139908","Y","Y","Y","NORRSELE MAT PAD"]
["2025-08-07","SH25000052","Aviz Expeditie","411_01ARAMIS INV","ARAMIS INVEST S.R.L.","Finalizat","MPF","0",{"$nulls":3},"PF012130","HUSA NORRSELE MAT PAD 180x200","CP00000917",100,0,100,"BUC",{"v":26.88,"d":"26.8800"},"RON",{"v":0,"d":"0.00"},{"v":0,"d":"0.00"},{"v":2688,"d":"2688.00"},"RON","SO25000191","260810",3,"MPF","0","Bunuri",null,"SI25000092","111000000139908","Y","Y","Y","NORRSELE MAT PAD"]
["2025-08-07","SH25000052","Aviz Expeditie","411_01ARAMIS INV","ARAMIS INVEST S.R.L.","Finalizat","MPF","0",{"$nulls":3},"PF012130","HUSA NORRSELE MAT PAD 180x200","CP00000918",100,0,100,"BUC",{"v":26.88,"d":"26.8800"},"RON",{"v":0,"d":"0.00"},{"v":0,"d":"0.00"},{"v":2688,"d":"2688.00"},"RON","SO25000191","260810",4,"MPF","0","Bunuri",null,"SI25000092","111000000139908","Y","Y","Y","NORRSELE MAT PAD"]
["2025-08-07","SH25000052","Aviz Expeditie","411_01ARAMIS INV","ARAMIS INVEST S.R.L.","Finalizat","MPF","0",{"$nulls":3},"PF012130","HUSA NORRSELE MAT PAD 180x200","CP00000919",100,0,100,"BUC",{"v":26.88,"d":"26.8800"},"RON",{"v":0,"d":"0.00"},{"v":0,"d":"0.00"},{"v":2688,"d":"2688.00"},"RON","SO25000191","260810",5,"MPF","0","Bunuri",null,"SI25000092","111000000139908","Y","Y","Y","NORRSELE MAT PAD"]
["2025-08-07","SH25000052","Aviz Expeditie","411_01ARAMIS INV","ARAMIS INVEST S.R.L.","Finalizat","MPF","0",{"$nulls":3},"PF012130","HUSA NORRSELE MAT PAD 180x200","CP00000915",20,0,20,"BUC",{"v":26.88,"d":"26.8800"},"RON",{"v":0,"d":"0.00"},{"v":0,"d":"0.00"},{"v":537.6,"d":"537.60"},"RON","SO25000191","260810",1,"MPF","0","Bunuri",null,"SI25000092","111000000139908","Y","Y","Y","NORRSELE MAT PAD"]
["2025-08-07","SH25000052","Aviz Expeditie","411_01ARAMIS INV","ARAMIS INVEST S.R.L.","Finalizat","MPF","0",{"$nulls":3},"PF012127","HUSA NORRSELE MAT PAD 90x200","CP00000924",100,0,90,"BUC",{"v":15.68,"d":"15.6800"},"RON",{"v":0,"d":"0.00"},{"v":0,"d":"0.00"},{"v":1411.2,"d":"1411.20"},"RON","SO25000192","260811",1,"MPF","0","Bunuri",null,"SI25000092","111000000139903","Y","Y","Y","NORRSELE MAT PAD"]
["2025-08-07","SH25000052","Aviz Expeditie","411_01ARAMIS INV","ARAMIS INVEST S.R.L.","Finalizat","MPF","0",{"$nulls":3},"PF012127","HUSA NORRSELE MAT PAD 90x200","CP00000924",10,0,10,"BUC",{"v":15.68,"d":"15.6800"},"RON",{"v":0,"d":"0.00"},{"v":0,"d":"0.00"},{"v":156.8,"d":"156.80"},"RON","SO25000192","260811",1,"MPF","0","Bunuri",null,"SI25000092","111000000139903","Y","Y","Y","NORRSELE MAT PAD"]
["2025-08-07","SH25000052","Aviz Expeditie","411_01ARAMIS INV","ARAMIS INVEST S.R.L.","Finalizat","MPF","0",{"$nulls":3},"PF012127","HUSA NORRSELE MAT PAD 90x200","CP00000920",100,0,80,"BUC",{"v":15.68,"d":"15.6800"},"RON",{"v":0,"d":"0.00"},{"v":0,"d":"0.00"},{"v":1254.4,"d":"1254.40"},"RON","SO25000192","260811",2,"MPF","0","Bunuri",null,"SI25000092","111000000139903","Y","Y","Y","NORRSELE MAT PAD"]
["2025-08-07","SH25000052","Aviz Expeditie","411_01ARAMIS INV","ARAMIS INVEST S.R.L.","Finalizat","MPF","0",{"$nulls":3},"PF012127","HUSA NORRSELE MAT PAD 90x200","CP00000920",20,0,20,"BUC",{"v":15.68,"d":"15.6800"},"RON",{"v":0,"d":"0.00"},{"v":0,"d":"0.00"},{"v":313.6,"d":"313.60"},"RON","SO25000192","260811",2,"MPF","0","Bunuri",null,"SI25000092","111000000139903","Y","Y","Y","NORRSELE MAT PAD"]
["2025-08-07","SH25000052","Aviz Expeditie","411_01ARAMIS INV","ARAMIS INVEST S.R.L.","Finalizat","MPF","0",{"$nulls":3},"PF012127","HUSA NORRSELE MAT PAD 90x200","CP00000921",100,0,100,"BUC",{"v":15.68,"d":"15.6800"},"RON",{"v":0,"d":"0.00"},{"v":0,"d":"0.00"},{"v":1568,"d":"1568.00"},"RON","SO25000192","260811",3,"MPF","0","Bunuri",null,"SI25000092","111000000139903","Y","Y","Y","NORRSELE MAT PAD"]
["2025-08-07","SH25000052","Aviz Expeditie","411_01ARAMIS INV","ARAMIS INVEST S.R.L.","Finalizat","MPF","0",{"$nulls":3},"PF012127","HUSA NORRSELE MAT PAD 90x200","CP00000922",100,0,100,"BUC",{"v":15.68,"d":"15.6800"},"RON",{"v":0,"d":"0.00"},{"v":0,"d":"0.00"},{"v":1568,"d":"1568.00"},"RON","SO25000192","260811",4,"MPF","0","Bunuri",null,"SI25000092","111000000139903","Y","Y","Y","NORRSELE MAT PAD"]
["2025-08-07","SH25000052","Aviz Expeditie","411_01ARAMIS INV","ARAMIS INVEST S.R.L.","Finalizat","MPF","0",{"$nulls":3},"PF012224","HUSA Vithall  Extra Firm EU 80X200","CP00000907",300,0,125,"BUC",{"v":23.63,"d":"23.6300"},"RON",{"v":0,"d":"0.00"},{"v":0,"d":"0.00"},2953.75,"RON","SO25000190","263660",2,"MPF","0","Bunuri",null,"SI25000092",null,"Y","Y","Y","Vithall  Extra Firm EU"]
["2025-08-07","SH25000052","Aviz Expeditie","411_01ARAMIS INV","ARAMIS INVEST S.R.L.","Finalizat","MPF","0",{"$nulls":3},"PF012129","HUSA NORRSELE MAT PAD 160x200","CP00000914",100,0,60,"BUC",{"v":24.53,"d":"24.5300"},"RON",{"v":0,"d":"0.00"},{"v":0,"d":"0.00"},{"v":1471.8,"d":"1471.80"},"RON","SO25000153","260810",3,"MPF","0","Bunuri",null,"SI25000092","111000000139907","Y","Y","Y","NORRSELE MAT PAD"]
["2025-08-07","SH25000052","Aviz Expeditie","411_01ARAMIS INV","ARAMIS INVEST S.R.L.","Finalizat","MPF","0",{"$nulls":3},"PALET1200X1000","PALETI LEMN (120X100)","0",234,143,4,"BUC",{"v":0,"d":"0.0000"},"RON",{"v":0,"d":"0.00"},{"v":0,"d":"0.00"},{"v":0,"d":"0.00"},"RON",null,null,0,"MPF","0","Bunuri",null,"SI25000092",null,"Y","Y","Y"]
["2025-08-07","SH25000052","Aviz Expeditie","411_01ARAMIS INV","ARAMIS INVEST S.R.L.","Finalizat","MPF","0",{"$nulls":3},"PALET2000X900","PALETI LEMN (90x200) - folositi la pachete","0",258,243,10,"BUC",{"v":0,"d":"0.0000"},"RON",{"v":0,"d":"0.00"},{"v":0,"d":"0.00"},{"v":0,"d":"0.00"},"RON",null,null,0,"MPF","0","Bunuri",null,"SI25000092",null,"Y","Y","Y"]
["2025-08-07","SH25000052","Aviz Expeditie","411_01ARAMIS INV","ARAMIS INVEST S.R.L.","Finalizat","MPF","0",{"$nulls":3},"CUTIE1200x135","CUTIE 1200 x 1000 x 1350","0",55,7,2,"BUC",{"v":0,"d":"0.0000"},"RON",{"v":0,"d":"0.00"},{"v":0,"d":"0.00"},{"v":0,"d":"0.00"},"RON",null,null,0,"MPF","0","Bunuri",null,"SI25000092",null,"Y","Y","Y"]
["2025-08-07","SH25000052","Aviz Expeditie","411_01ARAMIS INV","ARAMIS INVEST S.R.L.","Finalizat","MPF","0",{"$nulls":3},"CUTIE1200x90","CUTIE 1200 x 1000 x 900","0",101,404,2,"BUC",{"v":0,"d":"0.0000"},"RON",{"v":0,"d":"0.00"},{"v":0,"d":"0.00"},{"v":0,"d":"0.00"},"RON",null,null,0,"MPF","0","Bunuri",null,"SI25000092",null,"Y","Y","Y"]
["2025-08-07","SH25000052","Aviz Expeditie","411_01ARAMIS INV","ARAMIS INVEST S.R.L.","Finalizat","MPF","0",{"$nulls":3},"CAPAC1200","CAPAC 1200 x 1000 x 150","0",136,19,4,"BUC",{"v":0,"d":"0.0000"},"RON",{"v":0,"d":"0.00"},{"v":0,"d":"0.00"},{"v":0,"d":"0.00"},"RON",null,null,0,"MPF","0","Bunuri",null,"SI25000092",null,"Y","Y","Y"]
["2025-08-09","SH25000053","Aviz Expeditie","411_01INNOFA B.V","INNOFA B.V.","Finalizat","MPF","0",{"$nulls":3},"PF012212","HUSA SM 5 NEW 2025 80X200","CP00000862",175,0,100,"BUC",{"v":20.85,"d":"20.8500"},"EUR",{"v":0,"d":"0.00"},{"v":0,"d":"0.00"},{"v":2085,"d":"2085.00"},"EUR","SO25000212","45980",1,"MPF","0","Bunuri",null,"SI25000102","21418","Y","Y","Y","SM 5 NEW 2025"]
["2025-08-09","SH25000053","Aviz Expeditie","411_01INNOFA B.V","INNOFA B.V.","Finalizat","MPF","0",{"$nulls":3},"PF012212","HUSA SM 5 NEW 2025 80X200","CP00000862",75,0,75,"BUC",{"v":20.85,"d":"20.8500"},"EUR",{"v":0,"d":"0.00"},{"v":0,"d":"0.00"},1563.75,"EUR","SO25000212","45980",2,"MPF","0","Bunuri",null,"SI25000102","21418","Y","Y","Y","SM 5 NEW 2025"]
["2025-08-09","SH25000053","Aviz Expeditie","411_01INNOFA B.V","INNOFA B.V.","Finalizat","MPF","0",{"$nulls":3},"PF012213","HUSA SM 5 NEW 2025 90X200","CP00000863",275,0,100,"BUC",{"v":22.07,"d":"22.0700"},"EUR",{"v":0,"d":"0.00"},{"v":0,"d":"0.00"},{"v":2207,"d":"2207.00"},"EUR","SO25000212","45980",3,"MPF","0","Bunuri",null,"SI25000102","21419","Y","Y","Y"]
["2025-08-09","SH25000053","Aviz Expeditie","411_01INNOFA B.V","INNOFA B.V.","Finalizat","MPF","0",{"$nulls":3},"PF012213","HUSA SM 5 NEW 2025 90X200","CP00000863",175,0,100,"BUC",{"v":22.07,"d":"22.0700"},"EUR",{"v":0,"d":"0.00"},{"v":0,"d":"0.00"},{"v":2207,"d":"2207.00"},"EUR","SO25000212","45980",4,"MPF","0","Bunuri",null,"SI25000102","21419","Y","Y","Y"]
["2025-08-09","SH25000053","Aviz Expeditie","411_01INNOFA B.V","INNOFA B.V.","Finalizat","MPF","0",{"$nulls":3},"PF012213","HUSA SM 5 NEW 2025 90X200","CP00000863",75,0,75,"BUC",{"v":22.07,"d":"22.0700"},"EUR",{"v":0,"d":"0.00"},{"v":0,"d":"0.00"},1655.25,"EUR","SO25000212","45980",5,"MPF","0","Bunuri",null,"SI25000102","21419","Y","Y","Y"]
["2025-08-09","SH25000053","Aviz Expeditie","411_01INNOFA B.V","INNOFA B.V.","Finalizat","MPF","0",{"$nulls":3},"PF012214","HUSA SM 5 NEW 2025 90X210","CP00000864",100,0,100,"BUC",{"v":22.78,"d":"22.7800"},"EUR",{"v":0,"d":"0.00"},{"v":0,"d":"0.00"},{"v":2278,"d":"2278.00"},"EUR","SO25000212","45980",6,"MPF","0","Bunuri",null,"SI25000102","21420","Y","Y","Y"]
["2025-08-09","SH25000053","Aviz Expeditie","411_01INNOFA B.V","INNOFA B.V.","Finalizat","MPF","0",{"$nulls":3},"PF012213","HUSA SM 5 NEW 2025 90X200","CP00001074",100,0,100,"BUC",{"v":22.07,"d":"22.0700"},"EUR",{"v":0,"d":"0.00"},{"v":0,"d":"0.00"},{"v":2207,"d":"2207.00"},"EUR","SO25000214","45982",1,"MPF","0","Bunuri",null,"SI25000102","21419","Y","Y","Y"]
["2025-08-09","SH25000053","Aviz Expeditie","411_01INNOFA B.V","INNOFA B.V.","Finalizat","MPF","0",{"$nulls":3},"PALET1200X1000","PALETI LEMN (120X100)","0",230,143,14,"BUC",{"v":0,"d":"0.0000"},"EUR",{"v":0,"d":"0.00"},{"v":0,"d":"0.00"},{"v":0,"d":"0.00"},"EUR",null,null,0,"MPF","0","Bunuri",null,"SI25000102",null,"Y","Y","Y"]
["2025-08-09","SH25000053","Aviz Expeditie","411_01INNOFA B.V","INNOFA B.V.","Finalizat","MPF","0",{"$nulls":3},"CUTIE1200x90","CUTIE 1200 x 1000 x 900","0",99,404,14,"BUC",{"v":0,"d":"0.0000"},"EUR",{"v":0,"d":"0.00"},{"v":0,"d":"0.00"},{"v":0,"d":"0.00"},"EUR",null,null,0,"MPF","0","Bunuri",null,"SI25000102",null,"Y","Y","Y"]
["2025-08-09","SH25000053","Aviz Expeditie","411_01INNOFA B.V","INNOFA B.V.","Finalizat","MPF","0",{"$nulls":3},"CAPAC1200","CAPAC 1200 x 1000 x 150","0",132,19,14,"BUC",{"v":0,"d":"0.0000"},"EUR",{"v":0,"d":"0.00"},{"v":0,"d":"0.00"},{"v":0,"d":"0.00"},"EUR",null,null,0,"MPF","0","Bunuri",null,"SI25000102",null,"Y","Y","Y"]
["2025-08-09","SH25000054","Aviz Expeditie","411_01INNOFA B.V","INNOFA B.V.","Finalizat","MPF","0",{"$nulls":3},"PF012136","PILLOW PRESTIGE CROWN NEW25","CP00000787",132,0,132,"BUC",{"v":12.57,"d":"12.5700"},"EUR",{"v":0,"d":"0.00"},{"v":0,"d":"0.00"},1659.24,"EUR","SO25000167","45910",4,"MPF","0","Bunuri",null,"SI25000103",null,"Y","Y","Y","PERNA PRESTIGE CROWN"]
["2025-08-09","SH25000054","Aviz Expeditie","411_01INNOFA B.V","INNOFA B.V.","Finalizat","MPF","0",{"$nulls":3},"PF012204","HUSA PRESTIGE NEW25 90X210","CP00000859",24,0,24,"BUC",{"v":76.11,"d":"76.1100"},"EUR",{"v":0,"d":"0.00"},{"v":0,"d":"0.00"},1826.64,"EUR","SO25000166","45910",3,"MPF","0","Bunuri",null,"SI25000103",null,"Y","Y","Y","PRESTIGE NEW25"]
["2025-08-09","SH25000054","Aviz Expeditie","411_01INNOFA B.V","INNOFA B.V.","Finalizat","MPF","0",{"$nulls":3},"PALET1200X1000","PALETI LEMN (120X100)","0",216,143,1,"BUC",{"v":0,"d":"0.0000"},"EUR",{"v":0,"d":"0.00"},{"v":0,"d":"0.00"},{"v":0,"d":"0.00"},"EUR",null,null,0,"MPF","0","Bunuri",null,"SI25000103",null,"Y","Y","Y"]
["2025-08-09","SH25000054","Aviz Expeditie","411_01INNOFA B.V","INNOFA B.V.","Finalizat","MPF","0",{"$nulls":3},"CUTIE1200x135","CUTIE 1200 x 1000 x 1350","0",53,7,1,"BUC",{"v":0,"d":"0.0000"},"EUR",{"v":0,"d":"0.00"},{"v":0,"d":"0.00"},{"v":0,"d":"0.00"},"EUR",null,null,0,"MPF","0","Bunuri",null,"SI25000103",null,"Y","Y","Y"]
["2025-08-09","SH25000054","Aviz Expeditie","411_01INNOFA B.V","INNOFA B.V.","Finalizat","MPF","0",{"$nulls":3},"CUTIEMARE","CUTIE SWISSSLEEP 1000X500X520","0",18,17,1,"BUC",{"v":0,"d":"0.0000"},"EUR",{"v":0,"d":"0.00"},{"v":0,"d":"0.00"},{"v":0,"d":"0.00"},"EUR",null,null,0,"Flr","0","Bunuri",null,"SI25000103",null,"Y","Y","Y"]
["2025-08-09","SH25000054","Aviz Expeditie","411_01INNOFA B.V","INNOFA B.V.","Finalizat","MPF","0",{"$nulls":3},"CAPAC1200","CAPAC 1200 x 1000 x 150","0",118,19,1,"BUC",{"v":0,"d":"0.0000"},"EUR",{"v":0,"d":"0.00"},{"v":0,"d":"0.00"},{"v":0,"d":"0.00"},"EUR",null,null,0,"MPF","0","Bunuri",null,"SI25000103",null,"Y","Y","Y"]
["2025-08-09","SH25000055","Aviz Expeditie","411_01INNOFA B.V","INNOFA B.V.","Finalizat","MPF","0",{"$nulls":3},"CAPAC1200","CAPAC 1200 x 1000 x 150","0",117,19,6,"BUC",{"v":0,"d":"0.0000"},"EUR",{"v":0,"d":"0.00"},{"v":0,"d":"0.00"},{"v":0,"d":"0.00"},"EUR",null,null,0,"MPF","0","Bunuri",null,"SI25000104",null,"Y","Y","Y"]
["2025-08-09","SH25000055","Aviz Expeditie","411_01INNOFA B.V","INNOFA B.V.","Finalizat","MPF","0",{"$nulls":3},"CUTIE1200x90","CUTIE 1200 x 1000 x 900","0",85,404,6,"BUC",{"v":0,"d":"0.0000"},"EUR",{"v":0,"d":"0.00"},{"v":0,"d":"0.00"},{"v":0,"d":"0.00"},"EUR",null,null,0,"MPF","0","Bunuri",null,"SI25000104",null,"Y","Y","Y"]
["2025-08-09","SH25000055","Aviz Expeditie","411_01INNOFA B.V","INNOFA B.V.","Finalizat","MPF","0",{"$nulls":3},"PALET1200X1000","PALETI LEMN (120X100)","0",215,143,6,"BUC",{"v":0,"d":"0.0000"},"EUR",{"v":0,"d":"0.00"},{"v":0,"d":"0.00"},{"v":0,"d":"0.00"},"EUR",null,null,0,"MPF","0","Bunuri",null,"SI25000104",null,"Y","Y","Y"]
["2025-08-09","SH25000055","Aviz Expeditie","411_01INNOFA B.V","INNOFA B.V.","Finalizat","MPF","0",{"$nulls":3},"PF012216","HUSA SM 6 NEW 2025 90X200","CP00000866",500,0,50,"BUC",{"v":22.07,"d":"22.0700"},"EUR",{"v":0,"d":"0.00"},{"v":0,"d":"0.00"},{"v":1103.5,"d":"1103.50"},"EUR","SO25000216","4571098751",1,"MPF","0","Bunuri",null,"SI25000104","1056540","Y","Y","Y","SM 6 NEW 2025"]
["2025-08-09","SH25000055","Aviz Expeditie","411_01INNOFA B.V","INNOFA B.V.","Finalizat","MPF","0",{"$nulls":3},"PF012216","HUSA SM 6 NEW 2025 90X200","CP00000866",450,0,50,"BUC",{"v":22.07,"d":"22.0700"},"EUR",{"v":0,"d":"0.00"},{"v":0,"d":"0.00"},{"v":1103.5,"d":"1103.50"},"EUR","SO25000216","4571098751",2,"MPF","0","Bunuri",null,"SI25000104","1056540","Y","Y","Y","SM 6 NEW 2025"]
["2025-08-09","SH25000055","Aviz Expeditie","411_01INNOFA B.V","INNOFA B.V.","Finalizat","MPF","0",{"$nulls":3},"PF012219","HUSA SM 7 NEW 2025 90X200","CP00000869",350,0,50,"BUC",{"v":22.07,"d":"22.0700"},"EUR",{"v":0,"d":"0.00"},{"v":0,"d":"0.00"},{"v":1103.5,"d":"1103.50"},"EUR","SO25000216","4571098751",4,"MPF","0","Bunuri",null,"SI25000104","1056543","Y","Y","Y","SM 7 NEW 2025"]
["2025-08-09","SH25000055","Aviz Expeditie","411_01INNOFA B.V","INNOFA B.V.","Finalizat","MPF","0",{"$nulls":3},"PF012219","HUSA SM 7 NEW 2025 90X200","CP00000869",300,0,50,"BUC",{"v":22.07,"d":"22.0700"},"EUR",{"v":0,"d":"0.00"},{"v":0,"d":"0.00"},{"v":1103.5,"d":"1103.50"},"EUR","SO25000216","4571098751",5,"MPF","0","Bunuri",null,"SI25000104","1056543","Y","Y","Y","SM 7 NEW 2025"]
["2025-08-09","SH25000055","Aviz Expeditie","411_01INNOFA B.V","INNOFA B.V.","Finalizat","MPF","0",{"$nulls":3},"PF012222","HUSA SM 8 NEW 2025 90X200","CP00000872",475,0,50,"BUC",{"v":22.07,"d":"22.0700"},"EUR",{"v":0,"d":"0.00"},{"v":0,"d":"0.00"},{"v":1103.5,"d":"1103.50"},"EUR","SO25000216","4571098751",7,"MPF","0","Bunuri",null,"SI25000104","1056546","Y","Y","Y","SM 8 NEW 2025"]
["2025-08-09","SH25000055","Aviz Expeditie","411_01INNOFA B.V","INNOFA B.V.","Finalizat","MPF","0",{"$nulls":3},"PF012222","HUSA SM 8 NEW 2025 90X200","CP00000872",425,0,50,"BUC",{"v":22.07,"d":"22.0700"},"EUR",{"v":0,"d":"0.00"},{"v":0,"d":"0.00"},{"v":1103.5,"d":"1103.50"},"EUR","SO25000216","4571098751",8,"MPF","0","Bunuri",null,"SI25000104","1056546","Y","Y","Y","SM 8 NEW 2025"]
["2025-08-14","SH25000056","Aviz Expeditie","411_01ARAMIS INV","ARAMIS INVEST S.R.L.","Finalizat","MPF","0",{"$nulls":3},"PF012127","HUSA NORRSELE MAT PAD 90x200","CP00000923",100,0,100,"BUC",{"v":15.68,"d":"15.6800"},"RON",{"v":0,"d":"0.00"},{"v":0,"d":"0.00"},{"v":1568,"d":"1568.00"},"RON","SO25000192","260811",5,"MPF","0","Bunuri",null,"SI25000094","111000000139903","Y","Y","Y","NORRSELE MAT PAD"]
["2025-08-14","SH25000056","Aviz Expeditie","411_01ARAMIS INV","ARAMIS INVEST S.R.L.","Finalizat","MPF","0",{"$nulls":3},"PF012129","HUSA NORRSELE MAT PAD 160x200","CP00000914",390,0,390,"BUC",{"v":24.53,"d":"24.5300"},"RON",{"v":0,"d":"0.00"},{"v":0,"d":"0.00"},{"v":9566.7,"d":"9566.70"},"RON","SO25000153","260810",3,"MPF","0","Bunuri",null,"SI25000094",null,"Y","Y","Y","NORRSELE MAT PAD"]
["2025-08-14","SH25000056","Aviz Expeditie","411_01ARAMIS INV","ARAMIS INVEST S.R.L.","Finalizat","MPF","0",{"$nulls":3},"PF012129","HUSA NORRSELE MAT PAD 160x200","CP00000933",100,0,100,"BUC",{"v":24.53,"d":"24.5300"},"RON",{"v":0,"d":"0.00"},{"v":0,"d":"0.00"},{"v":2453,"d":"2453.00"},"RON","SO25000195","260811",1,"MPF","0","Bunuri",null,"SI25000094","111000000139907","Y","Y","Y","NORRSELE MAT PAD"]
["2025-08-14","SH25000056","Aviz Expeditie","411_01ARAMIS INV","ARAMIS INVEST S.R.L.","Finalizat","MPF","0",{"$nulls":3},"PF012129","HUSA NORRSELE MAT PAD 160x200","CP00000934",10,0,10,"BUC",{"v":24.53,"d":"24.5300"},"RON",{"v":0,"d":"0.00"},{"v":0,"d":"0.00"},{"v":245.3,"d":"245.30"},"RON","SO25000195","260811",2,"MPF","0","Bunuri",null,"SI25000094","111000000139907","Y","Y","Y","NORRSELE MAT PAD"]
["2025-08-14","SH25000056","Aviz Expeditie","411_01ARAMIS INV","ARAMIS INVEST S.R.L.","Finalizat","MPF","0",{"$nulls":3},"PF012129","HUSA NORRSELE MAT PAD 160x200","CP00000934",20,0,20,"BUC",{"v":24.53,"d":"24.5300"},"RON",{"v":0,"d":"0.00"},{"v":0,"d":"0.00"},{"v":490.6,"d":"490.60"},"RON","SO25000195","260811",2,"MPF","0","Bunuri",null,"SI25000094","111000000139907","Y","Y","Y","NORRSELE MAT PAD"]
["2025-08-14","SH25000056","Aviz Expeditie","411_01ARAMIS INV","ARAMIS INVEST S.R.L.","Finalizat","MPF","0",{"$nulls":3},"PF012224","HUSA Vithall  Extra Firm EU 80X200","CP00000907",175,0,175,"BUC",{"v":23.63,"d":"23.6300"},"RON",{"v":0,"d":"0.00"},{"v":0,"d":"0.00"},4135.25,"RON","SO25000190","263660",2,"MPF","0","Bunuri",null,"SI25000094",null,"Y","Y","Y","Vithall  Extra Firm EU"]
["2025-08-14","SH25000056","Aviz Expeditie","411_01ARAMIS INV","ARAMIS INVEST S.R.L.","Finalizat","MPF","0",{"$nulls":3},"PF012224","HUSA Vithall  Extra Firm EU 80X200","CP00000970",75,0,75,"BUC",{"v":23.63,"d":"23.6300"},"RON",{"v":0,"d":"0.00"},{"v":0,"d":"0.00"},1772.25,"RON","SO25000190","263660",4,"MPF","0","Bunuri",null,"SI25000094",null,"Y","Y","Y","Vithall  Extra Firm EU"]
["2025-08-14","SH25000056","Aviz Expeditie","411_01ARAMIS INV","ARAMIS INVEST S.R.L.","Finalizat","MPF","0",{"$nulls":3},"PF012224","HUSA Vithall  Extra Firm EU 80X200","CP00000970",10,0,10,"BUC",{"v":23.63,"d":"23.6300"},"RON",{"v":0,"d":"0.00"},{"v":0,"d":"0.00"},{"v":236.3,"d":"236.30"},"RON","SO25000190","263660",4,"MPF","0","Bunuri",null,"SI25000094",null,"Y","Y","Y","Vithall  Extra Firm EU"]
["2025-08-14","SH25000056","Aviz Expeditie","411_01ARAMIS INV","ARAMIS INVEST S.R.L.","Finalizat","MPF","0",{"$nulls":3},"PALET1200X1000","PALETI LEMN (120X100)","0",209,143,5,"BUC",{"v":0,"d":"0.0000"},"RON",{"v":0,"d":"0.00"},{"v":0,"d":"0.00"},{"v":0,"d":"0.00"},"RON",null,null,0,"MPF","0","Bunuri",null,"SI25000094",null,"Y","Y","Y"]
["2025-08-14","SH25000056","Aviz Expeditie","411_01ARAMIS INV","ARAMIS INVEST S.R.L.","Finalizat","MPF","0",{"$nulls":3},"PALET2000X900","PALETI LEMN (90x200) - folositi la pachete","0",248,243,12,"BUC",{"v":0,"d":"0.0000"},"RON",{"v":0,"d":"0.00"},{"v":0,"d":"0.00"},{"v":0,"d":"0.00"},"RON",null,null,0,"MPF","0","Bunuri",null,"SI25000094",null,"Y","Y","Y"]
["2025-08-14","SH25000056","Aviz Expeditie","411_01ARAMIS INV","ARAMIS INVEST S.R.L.","Finalizat","MPF","0",{"$nulls":3},"CUTIE1200x135","CUTIE 1200 x 1000 x 1350","0",52,7,5,"BUC",{"v":0,"d":"0.0000"},"RON",{"v":0,"d":"0.00"},{"v":0,"d":"0.00"},{"v":0,"d":"0.00"},"RON",null,null,0,"MPF","0","Bunuri",null,"SI25000094",null,"Y","Y","Y"]
["2025-08-14","SH25000056","Aviz Expeditie","411_01ARAMIS INV","ARAMIS INVEST S.R.L.","Finalizat","MPF","0",{"$nulls":3},"CAPAC1200","CAPAC 1200 x 1000 x 150","0",111,19,5,"BUC",{"v":0,"d":"0.0000"},"RON",{"v":0,"d":"0.00"},{"v":0,"d":"0.00"},{"v":0,"d":"0.00"},"RON",null,null,0,"MPF","0","Bunuri",null,"SI25000094",null,"Y","Y","Y"]
["2025-08-15","SH25000057","Aviz Expeditie","411_01INNOFA B.V","INNOFA B.V.","Finalizat","MPF","0",{"$nulls":3},"PF012222","HUSA SM 8 NEW 2025 90X200","CP00000872",375,0,50,"BUC",{"v":22.07,"d":"22.0700"},"EUR",{"v":0,"d":"0.00"},{"v":0,"d":"0.00"},{"v":1103.5,"d":"1103.50"},"EUR","SO25000216","4571098751",9,"MPF","0","Bunuri",null,"SI25000105","1056546","Y","Y","Y","SM 8 NEW 2025"]
["2025-08-15","SH25000057","Aviz Expeditie","411_01INNOFA B.V","INNOFA B.V.","Finalizat","MPF","0",{"$nulls":3},"PF012216","HUSA SM 6 NEW 2025 90X200","CP00000866",400,0,50,"BUC",{"v":22.07,"d":"22.0700"},"EUR",{"v":0,"d":"0.00"},{"v":0,"d":"0.00"},{"v":1103.5,"d":"1103.50"},"EUR","SO25000217","4571098751",3,"MPF","0","Bunuri",null,"SI25000105","1056540","Y","Y","Y","SM 6 NEW 2025"]
["2025-08-15","SH25000057","Aviz Expeditie","411_01INNOFA B.V","INNOFA B.V.","Finalizat","MPF","0",{"$nulls":3},"PF012216","HUSA SM 6 NEW 2025 90X200","CP00000866",350,0,50,"BUC",{"v":22.07,"d":"22.0700"},"EUR",{"v":0,"d":"0.00"},{"v":0,"d":"0.00"},{"v":1103.5,"d":"1103.50"},"EUR","SO25000217","4571098751",4,"MPF","0","Bunuri",null,"SI25000105","1056540","Y","Y","Y","SM 6 NEW 2025"]
["2025-08-15","SH25000057","Aviz Expeditie","411_01INNOFA B.V","INNOFA B.V.","Finalizat","MPF","0",{"$nulls":3},"PF012216","HUSA SM 6 NEW 2025 90X200","CP00000866",300,0,50,"BUC",{"v":22.07,"d":"22.0700"},"EUR",{"v":0,"d":"0.00"},{"v":0,"d":"0.00"},{"v":1103.5,"d":"1103.50"},"EUR","SO25000217","4571098751",2,"MPF","0","Bunuri",null,"SI25000105","1056540","Y","Y","Y","SM 6 NEW 2025"]
["2025-08-15","SH25000057","Aviz Expeditie","411_01INNOFA B.V","INNOFA B.V.","Finalizat","MPF","0",{"$nulls":3},"PF012215","HUSA SM 6 NEW 2025 80X200","CP00000865",300,0,50,"BUC",{"v":20.85,"d":"20.8500"},"EUR",{"v":0,"d":"0.00"},{"v":0,"d":"0.00"},{"v":1042.5,"d":"1042.50"},"EUR","SO25000218","4571098751",3,"MPF","0","Bunuri",null,"SI25000105","1056539","Y","Y","Y","SM 6 NEW 2025"]
["2025-08-15","SH25000057","Aviz Expeditie","411_01INNOFA B.V","INNOFA B.V.","Finalizat","MPF","0",{"$nulls":3},"PF012215","HUSA SM 6 NEW 2025 80X200","CP00000865",250,0,50,"BUC",{"v":20.85,"d":"20.8500"},"EUR",{"v":0,"d":"0.00"},{"v":0,"d":"0.00"},{"v":1042.5,"d":"1042.50"},"EUR","SO25000218","4571098751",1,"MPF","0","Bunuri",null,"SI25000105","1056539","Y","Y","Y","SM 6 NEW 2025"]
["2025-08-15","SH25000057","Aviz Expeditie","411_01INNOFA B.V","INNOFA B.V.","Finalizat","MPF","0",{"$nulls":3},"PF012215","HUSA SM 6 NEW 2025 80X200","CP00000865",200,0,50,"BUC",{"v":20.85,"d":"20.8500"},"EUR",{"v":0,"d":"0.00"},{"v":0,"d":"0.00"},{"v":1042.5,"d":"1042.50"},"EUR","SO25000218","4571098751",5,"MPF","0","Bunuri",null,"SI25000105","1056539","Y","Y","Y","SM 6 NEW 2025"]
["2025-08-15","SH25000057","Aviz Expeditie","411_01INNOFA B.V","INNOFA B.V.","Finalizat","MPF","0",{"$nulls":3},"PF012216","HUSA SM 6 NEW 2025 90X200","CP00000866",250,0,50,"BUC",{"v":22.07,"d":"22.0700"},"EUR",{"v":0,"d":"0.00"},{"v":0,"d":"0.00"},{"v":1103.5,"d":"1103.50"},"EUR","SO25000217","4571098751",1,"MPF","0","Bunuri",null,"SI25000105","1056540","Y","Y","Y","SM 6 NEW 2025"]
["2025-08-15","SH25000057","Aviz Expeditie","411_01INNOFA B.V","INNOFA B.V.","Finalizat","MPF","0",{"$nulls":3},"PF012215","HUSA SM 6 NEW 2025 80X200","CP00000865",150,0,50,"BUC",{"v":20.85,"d":"20.8500"},"EUR",{"v":0,"d":"0.00"},{"v":0,"d":"0.00"},{"v":1042.5,"d":"1042.50"},"EUR","SO25000218","4571098751",6,"MPF","0","Bunuri",null,"SI25000105","1056539","Y","Y","Y","SM 6 NEW 2025"]
["2025-08-15","SH25000057","Aviz Expeditie","411_01INNOFA B.V","INNOFA B.V.","Finalizat","MPF","0",{"$nulls":3},"PF012215","HUSA SM 6 NEW 2025 80X200","CP00000865",100,0,50,"BUC",{"v":20.85,"d":"20.8500"},"EUR",{"v":0,"d":"0.00"},{"v":0,"d":"0.00"},{"v":1042.5,"d":"1042.50"},"EUR","SO25000218","4571098751",2,"MPF","0","Bunuri",null,"SI25000105","1056539","Y","Y","Y","SM 6 NEW 2025"]
["2025-08-15","SH25000057","Aviz Expeditie","411_01INNOFA B.V","INNOFA B.V.","Finalizat","MPF","0",{"$nulls":3},"PF012216","HUSA SM 6 NEW 2025 90X200","CP00000866",200,0,50,"BUC",{"v":22.07,"d":"22.0700"},"EUR",{"v":0,"d":"0.00"},{"v":0,"d":"0.00"},{"v":1103.5,"d":"1103.50"},"EUR","SO25000216","4571098751",3,"MPF","0","Bunuri",null,"SI25000105","1056540","Y","Y","Y","SM 6 NEW 2025"]
["2025-08-15","SH25000057","Aviz Expeditie","411_01INNOFA B.V","INNOFA B.V.","Finalizat","MPF","0",{"$nulls":3},"PF012217","HUSA SM 6 NEW 2025 90X210","CP00000867",125,0,50,"BUC",{"v":22.78,"d":"22.7800"},"EUR",{"v":0,"d":"0.00"},{"v":0,"d":"0.00"},{"v":1139,"d":"1139.00"},"EUR","SO25000225","4571098778",1,"MPF","0","Bunuri",null,"SI25000105","1056541","Y","Y","Y","SM 6 NEW 2025"]
["2025-08-15","SH25000057","Aviz Expeditie","411_01INNOFA B.V","INNOFA B.V.","Finalizat","MPF","0",{"$nulls":3},"PF012217","HUSA SM 6 NEW 2025 90X210","CP00000867",75,0,50,"BUC",{"v":22.78,"d":"22.7800"},"EUR",{"v":0,"d":"0.00"},{"v":0,"d":"0.00"},{"v":1139,"d":"1139.00"},"EUR","SO25000225","4571098778",2,"MPF","0","Bunuri",null,"SI25000105","1056541","Y","Y","Y","SM 6 NEW 2025"]
["2025-08-15","SH25000057","Aviz Expeditie","411_01INNOFA B.V","INNOFA B.V.","Finalizat","MPF","0",{"$nulls":3},"PF012215","HUSA SM 6 NEW 2025 80X200","CP00000865",100,0,50,"BUC",{"v":20.85,"d":"20.8500"},"EUR",{"v":0,"d":"0.00"},{"v":0,"d":"0.00"},{"v":1042.5,"d":"1042.50"},"EUR","SO25000218","4571098751",4,"MPF","0","Bunuri",null,"SI25000105","1056539","Y","Y","Y","SM 6 NEW 2025"]
["2025-08-15","SH25000057","Aviz Expeditie","411_01INNOFA B.V","INNOFA B.V.","Finalizat","MPF","0",{"$nulls":3},"PF012219","HUSA SM 7 NEW 2025 90X200","CP00000869",250,0,50,"BUC",{"v":22.07,"d":"22.0700"},"EUR",{"v":0,"d":"0.00"},{"v":0,"d":"0.00"},{"v":1103.5,"d":"1103.50"},"EUR","SO25000216","4571098751",6,"MPF","0","Bunuri",null,"SI25000105","1056543","Y","Y","Y","SM 7 NEW 2025"]
["2025-08-15","SH25000057","Aviz Expeditie","411_01INNOFA B.V","INNOFA B.V.","Finalizat","MPF","0",{"$nulls":3},"PALET1200X1000","PALETI LEMN (120X100)","0",185,143,15,"BUC",{"v":0,"d":"0.0000"},"EUR",{"v":0,"d":"0.00"},{"v":0,"d":"0.00"},{"v":0,"d":"0.00"},"EUR",null,null,0,"MPF","0","Bunuri",null,"SI25000105",null,"Y","Y","Y"]
["2025-08-15","SH25000057","Aviz Expeditie","411_01INNOFA B.V","INNOFA B.V.","Finalizat","MPF","0",{"$nulls":3},"CUTIE1200x70","CUTIE 1200 x 1000 x 740","0",141,121,15,"BUC",{"v":0,"d":"0.0000"},"EUR",{"v":0,"d":"0.00"},{"v":0,"d":"0.00"},{"v":0,"d":"0.00"},"EUR",null,null,0,"MPF","0","Bunuri",null,"SI25000105",null,"Y","Y","Y"]
["2025-08-15","SH25000057","Aviz Expeditie","411_01INNOFA B.V","INNOFA B.V.","Finalizat","MPF","0",{"$nulls":3},"CAPAC1200","CAPAC 1200 x 1000 x 150","0",102,19,15,"BUC",{"v":0,"d":"0.0000"},"EUR",{"v":0,"d":"0.00"},{"v":0,"d":"0.00"},{"v":0,"d":"0.00"},"EUR",null,null,0,"MPF","0","Bunuri",null,"SI25000105",null,"Y","Y","Y"]
["2025-08-15","SH25000058","Aviz Expeditie","411_01INNOFA B.V","INNOFA B.V.","Finalizat","MPF","0",{"$nulls":3},"PF012137","HUSA PRESTIGE NEW25 90X200","CP00000861",84,7,77,"BUC",{"v":68.11,"d":"68.1100"},"EUR",{"v":0,"d":"0.00"},{"v":0,"d":"0.00"},5244.47,"EUR","SO25000167","45910",2,"MPF","0","Bunuri",null,"SI25000106",null,"Y","Y","Y","PRESTIGE NEW25"]
["2025-08-15","SH25000058","Aviz Expeditie","411_01INNOFA B.V","INNOFA B.V.","Finalizat","MPF","0",{"$nulls":3},"PALET1200X1000","PALETI LEMN (120X100)","0",189,143,4,"BUC",{"v":0,"d":"0.0000"},"EUR",{"v":0,"d":"0.00"},{"v":0,"d":"0.00"},{"v":0,"d":"0.00"},"EUR",null,null,0,"MPF","0","Bunuri",null,"SI25000106",null,"Y","Y","Y"]
["2025-08-15","SH25000058","Aviz Expeditie","411_01INNOFA B.V","INNOFA B.V.","Finalizat","MPF","0",{"$nulls":3},"CUTIE1200x70","CUTIE 1200 x 1000 x 740","0",126,121,4,"BUC",{"v":0,"d":"0.0000"},"EUR",{"v":0,"d":"0.00"},{"v":0,"d":"0.00"},{"v":0,"d":"0.00"},"EUR",null,null,0,"MPF","0","Bunuri",null,"SI25000106",null,"Y","Y","Y"]
["2025-08-15","SH25000058","Aviz Expeditie","411_01INNOFA B.V","INNOFA B.V.","Finalizat","MPF","0",{"$nulls":3},"CAPAC1200","CAPAC 1200 x 1000 x 150","0",106,19,4,"BUC",{"v":0,"d":"0.0000"},"EUR",{"v":0,"d":"0.00"},{"v":0,"d":"0.00"},{"v":0,"d":"0.00"},"EUR",null,null,0,"MPF","0","Bunuri",null,"SI25000106",null,"Y","Y","Y"]
["2025-08-20","SH25000059","Aviz Expeditie","411_01INNOFA B.V","INNOFA B.V.","Finalizat","MPF","0",{"$nulls":3},"PF011623","HUSA CM NEXT 724 90X200","CP00000840",25,0,25,"BUC",{"v":23.89,"d":"23.8900"},"EUR",{"v":0,"d":"0.00"},{"v":0,"d":"0.00"},597.25,"EUR","SO25000172","45934",1,"MPF","0","Bunuri",null,"SI25000107","21134","Y","Y","Y"]
["2025-08-20","SH25000059","Aviz Expeditie","411_01INNOFA B.V","INNOFA B.V.","Finalizat","MPF","0",{"$nulls":3},"PF011653","HUSA DUO COOL MOTION NEXT  26 180X200x26","CP00000797",25,0,25,"BUC",{"v":44.94,"d":"44.9400"},"EUR",{"v":0,"d":"0.00"},{"v":0,"d":"0.00"},{"v":1123.5,"d":"1123.50"},"EUR","SO25000176","45944",2,"MPF","0","Bunuri",null,"SI25000107","21206","Y","Y","Y","DUO COOL MOTION NEXT  26"]
["2025-08-20","SH25000059","Aviz Expeditie","411_01INNOFA B.V","INNOFA B.V.","Finalizat","MPF","0",{"$nulls":3},"PF011621","HUSA CM NEXT 524 90X200","CP00000800",25,0,25,"BUC",{"v":23.89,"d":"23.8900"},"EUR",{"v":0,"d":"0.00"},{"v":0,"d":"0.00"},597.25,"EUR","SO25000178","45953",1,"MPF","0","Bunuri",null,"SI25000107","21106","Y","Y","Y"]
["2025-08-20","SH25000059","Aviz Expeditie","411_01INNOFA B.V","INNOFA B.V.","Finalizat","MPF","0",{"$nulls":3},"PF011676","HUSA CM NEXT 724 80X200","CP00000803",25,0,25,"BUC",{"v":22.93,"d":"22.9300"},"EUR",{"v":0,"d":"0.00"},{"v":0,"d":"0.00"},573.25,"EUR","SO25000181","45956",1,"MPF","0","Bunuri",null,"SI25000107","21131","Y","Y","Y"]
["2025-08-20","SH25000059","Aviz Expeditie","411_01INNOFA B.V","INNOFA B.V.","Finalizat","MPF","0",{"$nulls":3},"PF011623","HUSA CM NEXT 724 90X200","CP00001137",25,0,25,"BUC",{"v":23.89,"d":"23.8900"},"EUR",{"v":0,"d":"0.00"},{"v":0,"d":"0.00"},597.25,"EUR","SO25000240","45977",1,"MPF","0","Bunuri",null,"SI25000107","21134","Y","Y","Y"]
["2025-08-20","SH25000059","Aviz Expeditie","411_01INNOFA B.V","INNOFA B.V.","Finalizat","MPF","0",{"$nulls":3},"PF011652","HUSA DUO COOL MOTION NEXT  26 160X200x26","CP00001076",25,0,25,"BUC",{"v":39.76,"d":"39.7600"},"EUR",{"v":0,"d":"0.00"},{"v":0,"d":"0.00"},{"v":994,"d":"994.00"},"EUR","SO25000160","45882",2,"MPF","0","Bunuri",null,"SI25000107","21203","Y","Y","Y","DUO COOL MOTION NEXT  26"]
["2025-08-20","SH25000059","Aviz Expeditie","411_01INNOFA B.V","INNOFA B.V.","Finalizat","MPF","0",{"$nulls":3},"PF011652","HUSA DUO COOL MOTION NEXT  26 160X200x26","CP00000790",25,0,25,"BUC",{"v":39.76,"d":"39.7600"},"EUR",{"v":0,"d":"0.00"},{"v":0,"d":"0.00"},{"v":994,"d":"994.00"},"EUR","SO25000172","45934",2,"MPF","0","Bunuri",null,"SI25000107","21203","Y","Y","Y","DUO COOL MOTION NEXT  26"]
["2025-08-20","SH25000059","Aviz Expeditie","411_01INNOFA B.V","INNOFA B.V.","Finalizat","MPF","0",{"$nulls":3},"PF011659","HUSA CM NEXT 324 80X200","CP00000796",25,0,25,"BUC",{"v":22.85,"d":"22.8500"},"EUR",{"v":0,"d":"0.00"},{"v":0,"d":"0.00"},571.25,"EUR","SO25000176","45944",1,"MPF","0","Bunuri",null,"SI25000107","21053","Y","Y","Y"]
["2025-08-20","SH25000059","Aviz Expeditie","411_01INNOFA B.V","INNOFA B.V.","Finalizat","MPF","0",{"$nulls":3},"PF011821","HUSA CM NEXT 524 70X200","CP00000805",25,0,25,"BUC",{"v":22.93,"d":"22.9300"},"EUR",{"v":0,"d":"0.00"},{"v":0,"d":"0.00"},573.25,"EUR","SO25000183","45958",1,"MPF","0","Bunuri",null,"SI25000107",null,"Y","Y","Y"]
["2025-08-20","SH25000059","Aviz Expeditie","411_01INNOFA B.V","INNOFA B.V.","Finalizat","MPF","0",{"$nulls":3},"PF011809","HUSA CM NEXT 324 90X220","CP00001131",25,0,25,"BUC",{"v":27.37,"d":"27.3700"},"EUR",{"v":0,"d":"0.00"},{"v":0,"d":"0.00"},684.25,"EUR","SO25000249","22533039",1,"MPF","0","Bunuri",null,"SI25000107",null,"Y","Y","Y"]
["2025-08-20","SH25000059","Aviz Expeditie","411_01INNOFA B.V","INNOFA B.V.","Finalizat","MPF","0",{"$nulls":3},"PF011654","HUSA DUO COOL MOTION NEXT  26 180X210x26","CP00001130",25,0,25,"BUC",{"v":51.68,"d":"51.6800"},"EUR",{"v":0,"d":"0.00"},{"v":0,"d":"0.00"},{"v":1292,"d":"1292.00"},"EUR","SO25000256","22533037",1,"MPF","0","Bunuri",null,"SI25000107","21207","Y","Y","Y","DUO COOL MOTION NEXT  26"]
["2025-08-20","SH25000059","Aviz Expeditie","411_01INNOFA B.V","INNOFA B.V.","Finalizat","MPF","0",{"$nulls":3},"PF011828","HUSA CM NEXT 724 70X200","CP00001077",25,0,25,"BUC",{"v":22.93,"d":"22.9300"},"EUR",{"v":0,"d":"0.00"},{"v":0,"d":"0.00"},573.25,"EUR","SO25000174","45934",2,"MPF","0","Bunuri",null,"SI25000107","21129","Y","Y","Y"]
["2025-08-20","SH25000059","Aviz Expeditie","411_01INNOFA B.V","INNOFA B.V.","Finalizat","MPF","0",{"$nulls":3},"PF011654","HUSA DUO COOL MOTION NEXT  26 180X210x26","CP00001138",25,0,25,"BUC",{"v":51.68,"d":"51.6800"},"EUR",{"v":0,"d":"0.00"},{"v":0,"d":"0.00"},{"v":1292,"d":"1292.00"},"EUR","SO25000242","46018",1,"MPF","0","Bunuri",null,"SI25000107","21207","Y","Y","Y","DUO COOL MOTION NEXT  26"]
["2025-08-20","SH25000059","Aviz Expeditie","411_01INNOFA B.V","INNOFA B.V.","Finalizat","MPF","0",{"$nulls":3},"PF011841","HUSA CM NEXT 324 180X200","CP00001132",25,0,25,"BUC",{"v":40.77,"d":"40.7700"},"EUR",{"v":0,"d":"0.00"},{"v":0,"d":"0.00"},1019.25,"EUR","SO25000245","22533035",1,"MPF","0","Bunuri",null,"SI25000107","21070","Y","Y","Y"]
["2025-08-20","SH25000059","Aviz Expeditie","411_01INNOFA B.V","INNOFA B.V.","Finalizat","MPF","0",{"$nulls":3},"PF012235","HUSA TOPPER COOL MOTION FIRM 100X200X6","CP00001133",25,0,25,"BUC",{"v":23.28,"d":"23.2800"},"EUR",{"v":0,"d":"0.00"},{"v":0,"d":"0.00"},{"v":582,"d":"582.00"},"EUR","SO25000244","22533031",1,"MPF","0","Bunuri",null,"SI25000107","21215","Y","Y","Y","TOPPER COOL MOTION FIRM"]
["2025-08-20","SH25000059","Aviz Expeditie","411_01INNOFA B.V","INNOFA B.V.","Finalizat","MPF","0",{"$nulls":3},"PF012235","HUSA TOPPER COOL MOTION FIRM 100X200X6","CP00001134",25,0,25,"BUC",{"v":23.28,"d":"23.2800"},"EUR",{"v":0,"d":"0.00"},{"v":0,"d":"0.00"},{"v":582,"d":"582.00"},"EUR","SO25000248","22533038",1,"MPF","0","Bunuri",null,"SI25000107","21215","Y","Y","Y","TOPPER COOL MOTION FIRM"]
["2025-08-20","SH25000059","Aviz Expeditie","411_01INNOFA B.V","INNOFA B.V.","Finalizat","MPF","0",{"$nulls":3},"PALET1200X1000","PALETI LEMN (120X100)","0",174,143,10,"BUC",{"v":0,"d":"0.0000"},"EUR",{"v":0,"d":"0.00"},{"v":0,"d":"0.00"},{"v":0,"d":"0.00"},"EUR",null,null,0,"MPF","0","Bunuri",null,"SI25000107",null,"Y","Y","Y"]
["2025-08-20","SH25000059","Aviz Expeditie","411_01INNOFA B.V","INNOFA B.V.","Finalizat","MPF","0",{"$nulls":3},"CUTIE1200x90","CUTIE 1200 x 1000 x 900","0",68,404,10,"BUC",{"v":0,"d":"0.0000"},"EUR",{"v":0,"d":"0.00"},{"v":0,"d":"0.00"},{"v":0,"d":"0.00"},"EUR",null,null,0,"MPF","0","Bunuri",null,"SI25000107",null,"Y","Y","Y"]
["2025-08-20","SH25000059","Aviz Expeditie","411_01INNOFA B.V","INNOFA B.V.","Finalizat","MPF","0",{"$nulls":3},"CAPAC1200","CAPAC 1200 x 1000 x 150","0",76,19,10,"BUC",{"v":0,"d":"0.0000"},"EUR",{"v":0,"d":"0.00"},{"v":0,"d":"0.00"},{"v":0,"d":"0.00"},"EUR",null,null,0,"MPF","0","Bunuri",null,"SI25000107",null,"Y","Y","Y"]
["2025-08-20","SH25000060","Aviz Expeditie","411_01INNOFA B.V","INNOFA B.V.","Finalizat","MPF","0",{"$nulls":3},"PF012222","HUSA SM 8 NEW 2025 90X200","CP00000872",325,0,50,"BUC",{"v":22.07,"d":"22.0700"},"EUR",{"v":0,"d":"0.00"},{"v":0,"d":"0.00"},{"v":1103.5,"d":"1103.50"},"EUR","SO25000220","4571098751",17,"MPF","0","Bunuri",null,"SI25000108","1056546","Y","Y","Y","SM 8 NEW 2025"]
["2025-08-20","SH25000060","Aviz Expeditie","411_01INNOFA B.V","INNOFA B.V.","Finalizat","MPF","0",{"$nulls":3},"PF012222","HUSA SM 8 NEW 2025 90X200","CP00000872",275,0,50,"BUC",{"v":22.07,"d":"22.0700"},"EUR",{"v":0,"d":"0.00"},{"v":0,"d":"0.00"},{"v":1103.5,"d":"1103.50"},"EUR","SO25000220","4571098751",13,"MPF","0","Bunuri",null,"SI25000108","1056546","Y","Y","Y","SM 8 NEW 2025"]
["2025-08-20","SH25000060","Aviz Expeditie","411_01INNOFA B.V","INNOFA B.V.","Finalizat","MPF","0",{"$nulls":3},"PF012222","HUSA SM 8 NEW 2025 90X200","CP00000872",225,0,50,"BUC",{"v":22.07,"d":"22.0700"},"EUR",{"v":0,"d":"0.00"},{"v":0,"d":"0.00"},{"v":1103.5,"d":"1103.50"},"EUR","SO25000220","4571098751",14,"MPF","0","Bunuri",null,"SI25000108","1056546","Y","Y","Y","SM 8 NEW 2025"]
["2025-08-20","SH25000060","Aviz Expeditie","411_01INNOFA B.V","INNOFA B.V.","Finalizat","MPF","0",{"$nulls":3},"PF012222","HUSA SM 8 NEW 2025 90X200","CP00000872",175,0,50,"BUC",{"v":22.07,"d":"22.0700"},"EUR",{"v":0,"d":"0.00"},{"v":0,"d":"0.00"},{"v":1103.5,"d":"1103.50"},"EUR","SO25000220","4571098751",15,"MPF","0","Bunuri",null,"SI25000108","1056546","Y","Y","Y","SM 8 NEW 2025"]
["2025-08-20","SH25000060","Aviz Expeditie","411_01INNOFA B.V","INNOFA B.V.","Finalizat","MPF","0",{"$nulls":3},"PF012215","HUSA SM 6 NEW 2025 80X200","CP00000865",50,0,50,"BUC",{"v":20.85,"d":"20.8500"},"EUR",{"v":0,"d":"0.00"},{"v":0,"d":"0.00"},{"v":1042.5,"d":"1042.50"},"EUR","SO25000218","4571098751",7,"MPF","0","Bunuri",null,"SI25000108","1056539","Y","Y","Y","SM 6 NEW 2025"]
["2025-08-20","SH25000060","Aviz Expeditie","411_01INNOFA B.V","INNOFA B.V.","Finalizat","MPF","0",{"$nulls":3},"PF012217","HUSA SM 6 NEW 2025 90X210","CP00000867",25,0,25,"BUC",{"v":22.78,"d":"22.7800"},"EUR",{"v":0,"d":"0.00"},{"v":0,"d":"0.00"},{"v":569.5,"d":"569.50"},"EUR","SO25000221","4571098778",1,"MPF","0","Bunuri",null,"SI25000108","1056541","Y","Y","Y","SM 6 NEW 2025"]
["2025-08-20","SH25000060","Aviz Expeditie","411_01INNOFA B.V","INNOFA B.V.","Finalizat","MPF","0",{"$nulls":3},"PF012221","HUSA SM 8 NEW 2025 80X200","CP00000871",250,0,50,"BUC",{"v":20.85,"d":"20.8500"},"EUR",{"v":0,"d":"0.00"},{"v":0,"d":"0.00"},{"v":1042.5,"d":"1042.50"},"EUR","SO25000220","4571098751",8,"MPF","0","Bunuri",null,"SI25000108","1056545","Y","Y","Y","SM 8 NEW 2025"]
["2025-08-20","SH25000060","Aviz Expeditie","411_01INNOFA B.V","INNOFA B.V.","Finalizat","MPF","0",{"$nulls":3},"PALET1200X1000","PALETI LEMN (120X100)","0",185,143,11,"BUC",{"v":0,"d":"0.0000"},"EUR",{"v":0,"d":"0.00"},{"v":0,"d":"0.00"},{"v":0,"d":"0.00"},"EUR",null,null,0,"MPF","0","Bunuri",null,"SI25000108",null,"Y","Y","Y"]
["2025-08-20","SH25000060","Aviz Expeditie","411_01INNOFA B.V","INNOFA B.V.","Finalizat","MPF","0",{"$nulls":3},"CUTIE1200x90","CUTIE 1200 x 1000 x 900","0",79,404,11,"BUC",{"v":0,"d":"0.0000"},"EUR",{"v":0,"d":"0.00"},{"v":0,"d":"0.00"},{"v":0,"d":"0.00"},"EUR",null,null,0,"MPF","0","Bunuri",null,"SI25000108",null,"Y","Y","Y"]
["2025-08-20","SH25000060","Aviz Expeditie","411_01INNOFA B.V","INNOFA B.V.","Finalizat","MPF","0",{"$nulls":3},"CAPAC1200","CAPAC 1200 x 1000 x 150","0",87,19,11,"BUC",{"v":0,"d":"0.0000"},"EUR",{"v":0,"d":"0.00"},{"v":0,"d":"0.00"},{"v":0,"d":"0.00"},"EUR",null,null,0,"MPF","0","Bunuri",null,"SI25000108",null,"Y","Y","Y"]
["2025-08-20","SH25000060","Aviz Expeditie","411_01INNOFA B.V","INNOFA B.V.","Finalizat","MPF","0",{"$nulls":3},"PF012219","HUSA SM 7 NEW 2025 90X200","CP00000869",200,0,50,"BUC",{"v":22.07,"d":"22.0700"},"EUR",{"v":0,"d":"0.00"},{"v":0,"d":"0.00"},{"v":1103.5,"d":"1103.50"},"EUR","SO25000219","4571098751",1,"MPF","0","Bunuri",null,"SI25000108","1056543","Y","Y","Y","SM 7 NEW 2025"]
["2025-08-20","SH25000060","Aviz Expeditie","411_01INNOFA B.V","INNOFA B.V.","Finalizat","MPF","0",{"$nulls":3},"PF012219","HUSA SM 7 NEW 2025 90X200","CP00000869",150,0,50,"BUC",{"v":22.07,"d":"22.0700"},"EUR",{"v":0,"d":"0.00"},{"v":0,"d":"0.00"},{"v":1103.5,"d":"1103.50"},"EUR","SO25000219","4571098751",2,"MPF","0","Bunuri",null,"SI25000108","1056543","Y","Y","Y","SM 7 NEW 2025"]
["2025-08-20","SH25000060","Aviz Expeditie","411_01INNOFA B.V","INNOFA B.V.","Finalizat","MPF","0",{"$nulls":3},"PF012219","HUSA SM 7 NEW 2025 90X200","CP00000869",100,0,50,"BUC",{"v":22.07,"d":"22.0700"},"EUR",{"v":0,"d":"0.00"},{"v":0,"d":"0.00"},{"v":1103.5,"d":"1103.50"},"EUR","SO25000219","4571098751",3,"MPF","0","Bunuri",null,"SI25000108","1056543","Y","Y","Y","SM 7 NEW 2025"]
["2025-08-20","SH25000060","Aviz Expeditie","411_01INNOFA B.V","INNOFA B.V.","Finalizat","MPF","0",{"$nulls":3},"PF012219","HUSA SM 7 NEW 2025 90X200","CP00000869",50,0,50,"BUC",{"v":22.07,"d":"22.0700"},"EUR",{"v":0,"d":"0.00"},{"v":0,"d":"0.00"},{"v":1103.5,"d":"1103.50"},"EUR","SO25000219","4571098751",4,"MPF","0","Bunuri",null,"SI25000108","1056543","Y","Y","Y","SM 7 NEW 2025"]
["2025-08-21","SH25000061","Aviz Expeditie","411_01INNOFA B.V","INNOFA B.V.","Finalizat","MPF","0",{"$nulls":3},"PF011666","HUSA CM NEXT 524 140X200","CP00000795",25,0,25,"BUC",{"v":33.26,"d":"33.2600"},"EUR",{"v":0,"d":"0.00"},{"v":0,"d":"0.00"},{"v":831.5,"d":"831.50"},"EUR","SO25000175","45943",1,"MPF","0","Bunuri",null,"SI25000109","21354","Y","Y","Y"]
["2025-08-21","SH25000061","Aviz Expeditie","411_01INNOFA B.V","INNOFA B.V.","Finalizat","MPF","0",{"$nulls":3},"PF011660","HUSA CM NEXT 324 90X210","CP00000798",25,0,25,"BUC",{"v":27.37,"d":"27.3700"},"EUR",{"v":0,"d":"0.00"},{"v":0,"d":"0.00"},684.25,"EUR","SO25000177","45945",1,"MPF","0","Bunuri",null,"SI25000109","21057","Y","Y","Y"]
["2025-08-21","SH25000061","Aviz Expeditie","411_01INNOFA B.V","INNOFA B.V.","Finalizat","MPF","0",{"$nulls":3},"PF011657","HUSA CM NEXT 324 140X200","CP00000799",25,0,25,"BUC",{"v":33.18,"d":"33.1800"},"EUR",{"v":0,"d":"0.00"},{"v":0,"d":"0.00"},{"v":829.5,"d":"829.50"},"EUR","SO25000177","45945",2,"MPF","0","Bunuri",null,"SI25000109","21065","Y","Y","Y"]
["2025-08-21","SH25000061","Aviz Expeditie","411_01INNOFA B.V","INNOFA B.V.","Finalizat","MPF","0",{"$nulls":3},"PF011808","HUSA CM NEXT 324 80X210","CP00000801",25,0,25,"BUC",{"v":26.27,"d":"26.2700"},"EUR",{"v":0,"d":"0.00"},{"v":0,"d":"0.00"},656.75,"EUR","SO25000179","45954",1,"MPF","0","Bunuri",null,"SI25000109",null,"Y","Y","Y"]
["2025-08-21","SH25000061","Aviz Expeditie","411_01INNOFA B.V","INNOFA B.V.","Finalizat","MPF","0",{"$nulls":3},"PF011668","HUSA CM NEXT 524 80X210","CP00000804",25,0,25,"BUC",{"v":26.37,"d":"26.3700"},"EUR",{"v":0,"d":"0.00"},{"v":0,"d":"0.00"},659.25,"EUR","SO25000182","45957",1,"MPF","0","Bunuri",null,"SI25000109","21104","Y","Y","Y"]
["2025-08-21","SH25000061","Aviz Expeditie","411_01INNOFA B.V","INNOFA B.V.","Finalizat","MPF","0",{"$nulls":3},"PF012236","HUSA SPLIT TOPPER COOL MOTION SOFT 160X220X6 160X220","CP00001135",25,0,25,"BUC",{"v":51.68,"d":"51.6800"},"EUR",{"v":0,"d":"0.00"},{"v":0,"d":"0.00"},{"v":1292,"d":"1292.00"},"EUR","SO25000246","22533030",1,"MPF","0","Bunuri",null,"SI25000109","21287","Y","Y","Y","SPLIT TOPPER COOL MOTION SOFT 160X220X6"]
["2025-08-21","SH25000061","Aviz Expeditie","411_01INNOFA B.V","INNOFA B.V.","Finalizat","MPF","0",{"$nulls":3},"PF012236","HUSA SPLIT TOPPER COOL MOTION SOFT 160X220X6 160X220","CP00001136",25,0,25,"BUC",{"v":51.68,"d":"51.6800"},"EUR",{"v":0,"d":"0.00"},{"v":0,"d":"0.00"},{"v":1292,"d":"1292.00"},"EUR","SO25000247","22533036",1,"MPF","0","Bunuri",null,"SI25000109","21287","Y","Y","Y","SPLIT TOPPER COOL MOTION SOFT 160X220X6"]
["2025-08-21","SH25000061","Aviz Expeditie","411_01INNOFA B.V","INNOFA B.V.","Finalizat","MPF","0",{"$nulls":3},"PALET1200X1000","PALETI LEMN (120X100)","0",164,143,4,"BUC",{"v":0,"d":"0.0000"},"EUR",{"v":0,"d":"0.00"},{"v":0,"d":"0.00"},{"v":0,"d":"0.00"},"EUR",null,null,0,"MPF","0","Bunuri",null,"SI25000109",null,"Y","Y","Y"]
["2025-08-21","SH25000061","Aviz Expeditie","411_01INNOFA B.V","INNOFA B.V.","Finalizat","MPF","0",{"$nulls":3},"CUTIE1200x90","CUTIE 1200 x 1000 x 900","0",58,404,4,"BUC",{"v":0,"d":"0.0000"},"EUR",{"v":0,"d":"0.00"},{"v":0,"d":"0.00"},{"v":0,"d":"0.00"},"EUR",null,null,0,"MPF","0","Bunuri",null,"SI25000109",null,"Y","Y","Y"]
["2025-08-21","SH25000061","Aviz Expeditie","411_01INNOFA B.V","INNOFA B.V.","Finalizat","MPF","0",{"$nulls":3},"CAPAC1200","CAPAC 1200 x 1000 x 150","0",66,19,4,"BUC",{"v":0,"d":"0.0000"},"EUR",{"v":0,"d":"0.00"},{"v":0,"d":"0.00"},{"v":0,"d":"0.00"},"EUR",null,null,0,"MPF","0","Bunuri",null,"SI25000109",null,"Y","Y","Y"]
["2025-08-21","SH25000062","Aviz Expeditie","411_01INNOFA B.V","INNOFA B.V.","Finalizat","MPF","0",{"$nulls":3},"PF012219","HUSA SM 7 NEW 2025 90X200","CP00001143",200,0,150,"BUC",{"v":22.07,"d":"22.0700"},"EUR",{"v":0,"d":"0.00"},{"v":0,"d":"0.00"},{"v":3310.5,"d":"3310.50"},"EUR","SO25000229","4571098778",4,"MPF","0","Bunuri",null,"SI25000110","1056543","Y","Y","Y","SM 7 NEW 2025"]
["2025-08-21","SH25000062","Aviz Expeditie","411_01INNOFA B.V","INNOFA B.V.","Finalizat","MPF","0",{"$nulls":3},"PF012221","HUSA SM 8 NEW 2025 80X200","CP00000871",200,0,50,"BUC",{"v":20.85,"d":"20.8500"},"EUR",{"v":0,"d":"0.00"},{"v":0,"d":"0.00"},{"v":1042.5,"d":"1042.50"},"EUR","SO25000220","4571098751",9,"MPF","0","Bunuri",null,"SI25000110","1056545","Y","Y","Y","SM 8 NEW 2025"]
["2025-08-21","SH25000062","Aviz Expeditie","411_01INNOFA B.V","INNOFA B.V.","Finalizat","MPF","0",{"$nulls":3},"PF012221","HUSA SM 8 NEW 2025 80X200","CP00000871",150,0,50,"BUC",{"v":20.85,"d":"20.8500"},"EUR",{"v":0,"d":"0.00"},{"v":0,"d":"0.00"},{"v":1042.5,"d":"1042.50"},"EUR","SO25000220","4571098751",10,"MPF","0","Bunuri",null,"SI25000110","1056545","Y","Y","Y","SM 8 NEW 2025"]
["2025-08-21","SH25000062","Aviz Expeditie","411_01INNOFA B.V","INNOFA B.V.","Finalizat","MPF","0",{"$nulls":3},"PF012222","HUSA SM 8 NEW 2025 90X200","CP00000872",125,0,50,"BUC",{"v":22.07,"d":"22.0700"},"EUR",{"v":0,"d":"0.00"},{"v":0,"d":"0.00"},{"v":1103.5,"d":"1103.50"},"EUR","SO25000220","4571098751",16,"MPF","0","Bunuri",null,"SI25000110","1056546","Y","Y","Y","SM 8 NEW 2025"]
["2025-08-21","SH25000062","Aviz Expeditie","411_01INNOFA B.V","INNOFA B.V.","Finalizat","MPF","0",{"$nulls":3},"PF012222","HUSA SM 8 NEW 2025 90X200","CP00000872",75,0,50,"BUC",{"v":22.07,"d":"22.0700"},"EUR",{"v":0,"d":"0.00"},{"v":0,"d":"0.00"},{"v":1103.5,"d":"1103.50"},"EUR","SO25000220","4571098751",18,"MPF","0","Bunuri",null,"SI25000110","1056546","Y","Y","Y","SM 8 NEW 2025"]
["2025-08-21","SH25000062","Aviz Expeditie","411_01INNOFA B.V","INNOFA B.V.","Finalizat","MPF","0",{"$nulls":3},"PF012216","HUSA SM 6 NEW 2025 90X200","CP00000866",150,0,50,"BUC",{"v":22.07,"d":"22.0700"},"EUR",{"v":0,"d":"0.00"},{"v":0,"d":"0.00"},{"v":1103.5,"d":"1103.50"},"EUR","SO25000228","4571098751",1,"MPF","0","Bunuri",null,"SI25000110","1056540","Y","Y","Y","SM 6 NEW 2025"]
["2025-08-21","SH25000062","Aviz Expeditie","411_01INNOFA B.V","INNOFA B.V.","Finalizat","MPF","0",{"$nulls":3},"PALET1200X1000","PALETI LEMN (120X100)","0",160,143,8,"BUC",{"v":0,"d":"0.0000"},"EUR",{"v":0,"d":"0.00"},{"v":0,"d":"0.00"},{"v":0,"d":"0.00"},"EUR",null,null,0,"MPF","0","Bunuri",null,"SI25000110",null,"Y","Y","Y"]
["2025-08-21","SH25000062","Aviz Expeditie","411_01INNOFA B.V","INNOFA B.V.","Finalizat","MPF","0",{"$nulls":3},"CUTIE1200x90","CUTIE 1200 x 1000 x 900","0",54,404,8,"BUC",{"v":0,"d":"0.0000"},"EUR",{"v":0,"d":"0.00"},{"v":0,"d":"0.00"},{"v":0,"d":"0.00"},"EUR",null,null,0,"MPF","0","Bunuri",null,"SI25000110",null,"Y","Y","Y"]
["2025-08-21","SH25000062","Aviz Expeditie","411_01INNOFA B.V","INNOFA B.V.","Finalizat","MPF","0",{"$nulls":3},"CAPAC1200","CAPAC 1200 x 1000 x 150","0",62,19,8,"BUC",{"v":0,"d":"0.0000"},"EUR",{"v":0,"d":"0.00"},{"v":0,"d":"0.00"},{"v":0,"d":"0.00"},"EUR",null,null,0,"MPF","0","Bunuri",null,"SI25000110",null,"Y","Y","Y"]
["2025-08-22","SH25000063","Aviz Expeditie","411_01ARAMIS INV","ARAMIS INVEST S.R.L.","Finalizat","MPF","0",{"$nulls":3},"PF012224","HUSA Vithall  Extra Firm EU 80X200","CP00000964",100,7,85,"BUC",{"v":23.63,"d":"23.6300"},"RON",{"v":0,"d":"0.00"},{"v":0,"d":"0.00"},2008.55,"RON","SO25000199","263661",1,"MPF","0","Bunuri",null,"SI25000096",null,"Y","Y","Y","Vithall  Extra Firm EU"]
["2025-08-22","SH25000063","Aviz Expeditie","411_01ARAMIS INV","ARAMIS INVEST S.R.L.","Finalizat","MPF","0",{"$nulls":3},"PF012224","HUSA Vithall  Extra Firm EU 80X200","CP00000971",100,0,100,"BUC",{"v":23.63,"d":"23.6300"},"RON",{"v":0,"d":"0.00"},{"v":0,"d":"0.00"},{"v":2363,"d":"2363.00"},"RON","SO25000190","263660",6,"MPF","0","Bunuri",null,"SI25000096",null,"Y","Y","Y","Vithall  Extra Firm EU"]
["2025-08-22","SH25000063","Aviz Expeditie","411_01ARAMIS INV","ARAMIS INVEST S.R.L.","Finalizat","MPF","0",{"$nulls":3},"PF012224","HUSA Vithall  Extra Firm EU 80X200","CP00000970",15,0,15,"BUC",{"v":23.63,"d":"23.6300"},"RON",{"v":0,"d":"0.00"},{"v":0,"d":"0.00"},354.45,"RON","SO25000190","263660",4,"MPF","0","Bunuri",null,"SI25000096",null,"Y","Y","Y","Vithall  Extra Firm EU"]
["2025-08-22","SH25000063","Aviz Expeditie","411_01ARAMIS INV","ARAMIS INVEST S.R.L.","Finalizat","MPF","0",{"$nulls":3},"PF012127","HUSA NORRSELE MAT PAD 90x200","CP00000943",100,0,100,"BUC",{"v":15.68,"d":"15.6800"},"RON",{"v":0,"d":"0.00"},{"v":0,"d":"0.00"},{"v":1568,"d":"1568.00"},"RON","SO25000196","263661",3,"MPF","0","Bunuri",null,"SI25000096","111000000139903","Y","Y","Y","NORRSELE MAT PAD"]
["2025-08-22","SH25000063","Aviz Expeditie","411_01ARAMIS INV","ARAMIS INVEST S.R.L.","Finalizat","MPF","0",{"$nulls":3},"PF012127","HUSA NORRSELE MAT PAD 90x200","CP00000942",100,0,100,"BUC",{"v":15.68,"d":"15.6800"},"RON",{"v":0,"d":"0.00"},{"v":0,"d":"0.00"},{"v":1568,"d":"1568.00"},"RON","SO25000196","263661",2,"MPF","0","Bunuri",null,"SI25000096","111000000139903","Y","Y","Y","NORRSELE MAT PAD"]
["2025-08-22","SH25000063","Aviz Expeditie","411_01ARAMIS INV","ARAMIS INVEST S.R.L.","Finalizat","MPF","0",{"$nulls":3},"PF012127","HUSA NORRSELE MAT PAD 90x200","CP00000941",100,0,100,"BUC",{"v":15.68,"d":"15.6800"},"RON",{"v":0,"d":"0.00"},{"v":0,"d":"0.00"},{"v":1568,"d":"1568.00"},"RON","SO25000196","263661",1,"MPF","0","Bunuri",null,"SI25000096","111000000139903","Y","Y","Y","NORRSELE MAT PAD"]
["2025-08-22","SH25000063","Aviz Expeditie","411_01ARAMIS INV","ARAMIS INVEST S.R.L.","Finalizat","MPF","0",{"$nulls":3},"PF012129","HUSA NORRSELE MAT PAD 160x200","CP00000934",70,0,70,"BUC",{"v":24.53,"d":"24.5300"},"RON",{"v":0,"d":"0.00"},{"v":0,"d":"0.00"},{"v":1717.1,"d":"1717.10"},"RON","SO25000195","260811",2,"MPF","0","Bunuri",null,"SI25000096","111000000139907","Y","Y","Y","NORRSELE MAT PAD"]
["2025-08-22","SH25000063","Aviz Expeditie","411_01ARAMIS INV","ARAMIS INVEST S.R.L.","Finalizat","MPF","0",{"$nulls":3},"PF012129","HUSA NORRSELE MAT PAD 160x200","CP00000935",100,0,100,"BUC",{"v":24.53,"d":"24.5300"},"RON",{"v":0,"d":"0.00"},{"v":0,"d":"0.00"},{"v":2453,"d":"2453.00"},"RON","SO25000195","260811",3,"MPF","0","Bunuri",null,"SI25000096","111000000139907","Y","Y","Y","NORRSELE MAT PAD"]
["2025-08-22","SH25000063","Aviz Expeditie","411_01ARAMIS INV","ARAMIS INVEST S.R.L.","Finalizat","MPF","0",{"$nulls":3},"PF012129","HUSA NORRSELE MAT PAD 160x200","CP00000936",30,0,30,"BUC",{"v":24.53,"d":"24.5300"},"RON",{"v":0,"d":"0.00"},{"v":0,"d":"0.00"},{"v":735.9,"d":"735.90"},"RON","SO25000195","260811",4,"MPF","0","Bunuri",null,"SI25000096","111000000139907","Y","Y","Y","NORRSELE MAT PAD"]
["2025-08-22","SH25000063","Aviz Expeditie","411_01ARAMIS INV","ARAMIS INVEST S.R.L.","Finalizat","MPF","0",{"$nulls":3},"PALET2000X900","PALETI LEMN (90x200) - folositi la pachete","0",236,243,8,"BUC",{"v":0,"d":"0.0000"},"RON",{"v":0,"d":"0.00"},{"v":0,"d":"0.00"},{"v":0,"d":"0.00"},"RON",null,null,0,"MPF","0","Bunuri",null,"SI25000096",null,"Y","Y","Y"]
["2025-08-22","SH25000063","Aviz Expeditie","411_01ARAMIS INV","ARAMIS INVEST S.R.L.","Finalizat","MPF","0",{"$nulls":3},"PALET1200X1000","PALETI LEMN (120X100)","0",152,143,4,"BUC",{"v":0,"d":"0.0000"},"RON",{"v":0,"d":"0.00"},{"v":0,"d":"0.00"},{"v":0,"d":"0.00"},"RON",null,null,0,"MPF","0","Bunuri",null,"SI25000096",null,"Y","Y","Y"]
["2025-08-22","SH25000063","Aviz Expeditie","411_01ARAMIS INV","ARAMIS INVEST S.R.L.","Finalizat","MPF","0",{"$nulls":3},"CUTIE1200x135","CUTIE 1200 x 1000 x 1350","0",47,7,4,"BUC",{"v":0,"d":"0.0000"},"RON",{"v":0,"d":"0.00"},{"v":0,"d":"0.00"},{"v":0,"d":"0.00"},"RON",null,null,0,"MPF","0","Bunuri",null,"SI25000096",null,"Y","Y","Y"]
["2025-08-22","SH25000063","Aviz Expeditie","411_01ARAMIS INV","ARAMIS INVEST S.R.L.","Finalizat","MPF","0",{"$nulls":3},"CAPAC1200","CAPAC 1200 x 1000 x 150","0",54,19,4,"BUC",{"v":0,"d":"0.0000"},"RON",{"v":0,"d":"0.00"},{"v":0,"d":"0.00"},{"v":0,"d":"0.00"},"RON",null,null,0,"MPF","0","Bunuri",null,"SI25000096",null,"Y","Y","Y"]
["2025-08-22","SH25000063","Aviz Expeditie","411_01ARAMIS INV","ARAMIS INVEST S.R.L.","Finalizat","MPF","0",{"$nulls":3},"CAPAC","CAPAC 1050 x 2050 x 350","0",82,98,12,"BUC",{"v":0,"d":"0.0000"},"RON",{"v":0,"d":"0.00"},{"v":0,"d":"0.00"},{"v":0,"d":"0.00"},"RON",null,null,0,"MPF","0","Bunuri",null,"SI25000096",null,"Y","Y","Y"]
["2025-08-25","SH25000064","Aviz Expeditie","411_01INNOFA B.V","INNOFA B.V.","Finalizat","MPF","0",{"$nulls":3},"PF012217","HUSA SM 6 NEW 2025 90X210","CP00001128",125,0,125,"BUC",{"v":22.78,"d":"22.7800"},"EUR",{"v":0,"d":"0.00"},{"v":0,"d":"0.00"},{"v":2847.5,"d":"2847.50"},"EUR","SO25000228","4571098751",2,"MPF","0","Bunuri",null,"SI25000111","1056541","Y","Y","Y","SM 6 NEW 2025"]
["2025-08-25","SH25000064","Aviz Expeditie","411_01INNOFA B.V","INNOFA B.V.","Finalizat","MPF","0",{"$nulls":3},"PF012223","HUSA SM 8 NEW 2025 90X210","CP00000873",125,25,50,"BUC",{"v":22.78,"d":"22.7800"},"EUR",{"v":0,"d":"0.00"},{"v":0,"d":"0.00"},{"v":1139,"d":"1139.00"},"EUR","SO25000220","4571098751",20,"MPF","0","Bunuri",null,"SI25000111","1056547","Y","Y","Y","SM 8 NEW 2025"]
["2025-08-25","SH25000064","Aviz Expeditie","411_01INNOFA B.V","INNOFA B.V.","Finalizat","MPF","0",{"$nulls":3},"PF012223","HUSA SM 8 NEW 2025 90X210","CP00000873",75,25,50,"BUC",{"v":22.78,"d":"22.7800"},"EUR",{"v":0,"d":"0.00"},{"v":0,"d":"0.00"},{"v":1139,"d":"1139.00"},"EUR","SO25000220","4571098751",21,"MPF","0","Bunuri",null,"SI25000111","1056547","Y","Y","Y","SM 8 NEW 2025"]
["2025-08-25","SH25000064","Aviz Expeditie","411_01INNOFA B.V","INNOFA B.V.","Finalizat","MPF","0",{"$nulls":3},"PF012222","HUSA SM 8 NEW 2025 90X200","CP00000872",25,0,25,"BUC",{"v":22.07,"d":"22.0700"},"EUR",{"v":0,"d":"0.00"},{"v":0,"d":"0.00"},551.75,"EUR","SO25000220","4571098751",19,"MPF","0","Bunuri",null,"SI25000111","1056546","Y","Y","Y","SM 8 NEW 2025"]
["2025-08-25","SH25000064","Aviz Expeditie","411_01INNOFA B.V","INNOFA B.V.","Finalizat","MPF","0",{"$nulls":3},"PF012218","HUSA SM 7 NEW 2025 80X200","CP00000868",250,100,150,"BUC",{"v":20.85,"d":"20.8500"},"EUR",{"v":0,"d":"0.00"},{"v":0,"d":"0.00"},{"v":3127.5,"d":"3127.50"},"EUR","SO25000228","4571098751",3,"MPF","0","Bunuri",null,"SI25000111","1056542","Y","Y","Y","SM 7 NEW 2025"]
["2025-08-25","SH25000064","Aviz Expeditie","411_01INNOFA B.V","INNOFA B.V.","Finalizat","MPF","0",{"$nulls":3},"PF012216","HUSA SM 6 NEW 2025 90X200","CP00000866",100,0,100,"BUC",{"v":22.07,"d":"22.0700"},"EUR",{"v":0,"d":"0.00"},{"v":0,"d":"0.00"},{"v":2207,"d":"2207.00"},"EUR","SO25000228","4571098751",1,"MPF","0","Bunuri",null,"SI25000111","1056540","Y","Y","Y","SM 6 NEW 2025"]
["2025-08-25","SH25000064","Aviz Expeditie","411_01INNOFA B.V","INNOFA B.V.","Finalizat","MPF","0",{"$nulls":3},"PF012220","HUSA SM 7 NEW 2025 90X210","CP00000870",125,0,50,"BUC",{"v":22.78,"d":"22.7800"},"EUR",{"v":0,"d":"0.00"},{"v":0,"d":"0.00"},{"v":1139,"d":"1139.00"},"EUR","SO25000220","4571098751",6,"MPF","0","Bunuri",null,"SI25000111","1056544","Y","Y","Y","SM 7 NEW 2025"]
["2025-08-25","SH25000064","Aviz Expeditie","411_01INNOFA B.V","INNOFA B.V.","Finalizat","MPF","0",{"$nulls":3},"PF012221","HUSA SM 8 NEW 2025 80X200","CP00000871",100,0,50,"BUC",{"v":20.85,"d":"20.8500"},"EUR",{"v":0,"d":"0.00"},{"v":0,"d":"0.00"},{"v":1042.5,"d":"1042.50"},"EUR","SO25000220","4571098751",11,"MPF","0","Bunuri",null,"SI25000111","1056545","Y","Y","Y","SM 8 NEW 2025"]
["2025-08-25","SH25000064","Aviz Expeditie","411_01INNOFA B.V","INNOFA B.V.","Finalizat","MPF","0",{"$nulls":3},"PF012220","HUSA SM 7 NEW 2025 90X210","CP00000870",75,0,50,"BUC",{"v":22.78,"d":"22.7800"},"EUR",{"v":0,"d":"0.00"},{"v":0,"d":"0.00"},{"v":1139,"d":"1139.00"},"EUR","SO25000220","4571098751",5,"MPF","0","Bunuri",null,"SI25000111","1056544","Y","Y","Y","SM 7 NEW 2025"]
["2025-08-25","SH25000064","Aviz Expeditie","411_01INNOFA B.V","INNOFA B.V.","Finalizat","MPF","0",{"$nulls":3},"PF012218","HUSA SM 7 NEW 2025 80X200","CP00000901",150,193,50,"BUC",{"v":20.85,"d":"20.8500"},"EUR",{"v":0,"d":"0.00"},{"v":0,"d":"0.00"},{"v":1042.5,"d":"1042.50"},"EUR","SO25000229","4571098778",3,"MPF","0","Bunuri",null,"SI25000111","1056542","Y","Y","Y","SM 7 NEW 2025"]
["2025-08-25","SH25000064","Aviz Expeditie","411_01INNOFA B.V","INNOFA B.V.","Finalizat","MPF","0",{"$nulls":3},"PALET1200X1000","PALETI LEMN (120X100)","0",148,143,14,"BUC",{"v":0,"d":"0.0000"},"EUR",{"v":0,"d":"0.00"},{"v":0,"d":"0.00"},{"v":0,"d":"0.00"},"EUR",null,null,0,"MPF","0","Bunuri",null,"SI25000111",null,"Y","Y","Y"]
["2025-08-25","SH25000064","Aviz Expeditie","411_01INNOFA B.V","INNOFA B.V.","Finalizat","MPF","0",{"$nulls":3},"CUTIE1200x90","CUTIE 1200 x 1000 x 900","0",46,404,14,"BUC",{"v":0,"d":"0.0000"},"EUR",{"v":0,"d":"0.00"},{"v":0,"d":"0.00"},{"v":0,"d":"0.00"},"EUR",null,null,0,"MPF","0","Bunuri",null,"SI25000111",null,"Y","Y","Y"]
["2025-08-25","SH25000064","Aviz Expeditie","411_01INNOFA B.V","INNOFA B.V.","Finalizat","MPF","0",{"$nulls":3},"CAPAC1200","CAPAC 1200 x 1000 x 150","0",50,19,14,"BUC",{"v":0,"d":"0.0000"},"EUR",{"v":0,"d":"0.00"},{"v":0,"d":"0.00"},{"v":0,"d":"0.00"},"EUR",null,null,0,"MPF","0","Bunuri",null,"SI25000111",null,"Y","Y","Y"]
["2025-08-26","SH25000065","Aviz Expeditie","411_01INNOFA B.V","INNOFA B.V.","Finalizat","MPF","0",{"$nulls":3},"PF012170","TIJK TBV TOPPER COOL MOTION INTENSE LUXE 160X 160X200","CP00000878",1,0,1,"BUC",{"v":37.25,"d":"37.2500"},"EUR",{"v":0,"d":"0.00"},{"v":0,"d":"0.00"},37.25,"EUR","SO25000159","45869",30,"MPF","0","Bunuri",null,"SI25000112","21472","Y","Y","Y"]
["2025-08-26","SH25000065","Aviz Expeditie","411_01INNOFA B.V","INNOFA B.V.","Finalizat","MPF","0",{"$nulls":3},"PF012208","TOPPER COOL MOTION FIRM 100X210X6 100X210","CP00001078",25,0,25,"BUC",{"v":24.57,"d":"24.5700"},"EUR",{"v":0,"d":"0.00"},{"v":0,"d":"0.00"},614.25,"EUR","SO25000170","45918",1,"MPF","0","Bunuri",null,"SI25000112","21224","Y","Y","Y"]
["2025-08-26","SH25000065","Aviz Expeditie","411_01INNOFA B.V","INNOFA B.V.","Finalizat","MPF","0",{"$nulls":3},"PF012209","TOPPER COOL MOTION SOFT 100X210X6 100X210","CP00001079",25,0,25,"BUC",{"v":24.57,"d":"24.5700"},"EUR",{"v":0,"d":"0.00"},{"v":0,"d":"0.00"},614.25,"EUR","SO25000170","45918",2,"MPF","0","Bunuri",null,"SI25000112","21263","Y","Y","Y"]
["2025-08-26","SH25000065","Aviz Expeditie","411_01INNOFA B.V","INNOFA B.V.","Finalizat","MPF","0",{"$nulls":3},"PF011798","HUSA DUO COOL MOTION NEXT  26 180X220x26","CP00000788",25,0,25,"BUC",{"v":51.68,"d":"51.6800"},"EUR",{"v":0,"d":"0.00"},{"v":0,"d":"0.00"},{"v":1292,"d":"1292.00"},"EUR","SO25000171","45926",1,"MPF","0","Bunuri",null,"SI25000112","21208","Y","Y","Y","DUO COOL MOTION NEXT  26"]
["2025-08-26","SH25000065","Aviz Expeditie","411_01INNOFA B.V","INNOFA B.V.","Finalizat","MPF","0",{"$nulls":3},"PF011867","HUSA DUO COOL MOTION NEXT  26 160X210x26","CP00000791",25,0,25,"BUC",{"v":45.73,"d":"45.7300"},"EUR",{"v":0,"d":"0.00"},{"v":0,"d":"0.00"},1143.25,"EUR","SO25000172","45934",3,"MPF","0","Bunuri",null,"SI25000112","21204","Y","Y","Y","DUO COOL MOTION NEXT  26"]
["2025-08-26","SH25000065","Aviz Expeditie","411_01INNOFA B.V","INNOFA B.V.","Finalizat","MPF","0",{"$nulls":3},"PF011841","HUSA CM NEXT 324 180X200","CP00000807",25,0,25,"BUC",{"v":40.77,"d":"40.7700"},"EUR",{"v":0,"d":"0.00"},{"v":0,"d":"0.00"},1019.25,"EUR","SO25000185","45960",1,"MPF","0","Bunuri",null,"SI25000112","21070","Y","Y","Y"]
["2025-08-26","SH25000065","Aviz Expeditie","411_01INNOFA B.V","INNOFA B.V.","Finalizat","MPF","0",{"$nulls":3},"PF011594","HUSA CM NEXT 1 200X210","CP00001159",25,0,25,"BUC",{"v":48.03,"d":"48.0300"},"EUR",{"v":0,"d":"0.00"},{"v":0,"d":"0.00"},1200.75,"EUR","SO25000231","45979",1,"MPF","0","Bunuri",null,"SI25000112","21024","Y","Y","Y"]
["2025-08-26","SH25000065","Aviz Expeditie","411_01INNOFA B.V","INNOFA B.V.","Finalizat","MPF","0",{"$nulls":3},"PF011736","HUSA CM NEXT 324 120X200","CP00001160",25,0,25,"BUC",{"v":30.3,"d":"30.3000"},"EUR",{"v":0,"d":"0.00"},{"v":0,"d":"0.00"},{"v":757.5,"d":"757.50"},"EUR","SO25000231","45979",2,"MPF","0","Bunuri",null,"SI25000112",null,"Y","Y","Y"]
["2025-08-26","SH25000065","Aviz Expeditie","411_01INNOFA B.V","INNOFA B.V.","Finalizat","MPF","0",{"$nulls":3},"PF011623","HUSA CM NEXT 724 90X200","CP00001162",75,0,75,"BUC",{"v":23.89,"d":"23.8900"},"EUR",{"v":0,"d":"0.00"},{"v":0,"d":"0.00"},1791.75,"EUR","SO25000233","45984",1,"MPF","0","Bunuri",null,"SI25000112","21134","Y","Y","Y"]
["2025-08-26","SH25000065","Aviz Expeditie","411_01INNOFA B.V","INNOFA B.V.","Finalizat","MPF","0",{"$nulls":3},"PF011679","HUSA CM NEXT 724 90X210","CP00001148",25,0,25,"BUC",{"v":27.47,"d":"27.4700"},"EUR",{"v":0,"d":"0.00"},{"v":0,"d":"0.00"},686.75,"EUR","SO25000235","46016",1,"MPF","0","Bunuri",null,"SI25000112","21135","Y","Y","Y"]
["2025-08-26","SH25000065","Aviz Expeditie","411_01INNOFA B.V","INNOFA B.V.","Finalizat","MPF","0",{"$nulls":3},"PF011679","HUSA CM NEXT 724 90X210","CP00001149",25,0,25,"BUC",{"v":27.47,"d":"27.4700"},"EUR",{"v":0,"d":"0.00"},{"v":0,"d":"0.00"},686.75,"EUR","SO25000236","46017",1,"MPF","0","Bunuri",null,"SI25000112","21135","Y","Y","Y"]
["2025-08-26","SH25000065","Aviz Expeditie","411_01INNOFA B.V","INNOFA B.V.","Finalizat","MPF","0",{"$nulls":3},"PF011679","HUSA CM NEXT 724 90X210","CP00001151",25,0,25,"BUC",{"v":27.47,"d":"27.4700"},"EUR",{"v":0,"d":"0.00"},{"v":0,"d":"0.00"},686.75,"EUR","SO25000238","46019",1,"MPF","0","Bunuri",null,"SI25000112","21135","Y","Y","Y"]
["2025-08-26","SH25000065","Aviz Expeditie","411_01INNOFA B.V","INNOFA B.V.","Finalizat","MPF","0",{"$nulls":3},"PF010848","HUSA CM NEXT 1 90X200","CP00001152",25,0,25,"BUC",{"v":20.62,"d":"20.6200"},"EUR",{"v":0,"d":"0.00"},{"v":0,"d":"0.00"},{"v":515.5,"d":"515.50"},"EUR","SO25000238","46019",2,"MPF","0","Bunuri",null,"SI25000112","21006","Y","Y","Y"]
["2025-08-26","SH25000065","Aviz Expeditie","411_01INNOFA B.V","INNOFA B.V.","Finalizat","MPF","0",{"$nulls":3},"PF011623","HUSA CM NEXT 724 90X200","CP00001155",25,0,25,"BUC",{"v":23.89,"d":"23.8900"},"EUR",{"v":0,"d":"0.00"},{"v":0,"d":"0.00"},597.25,"EUR","SO25000238","46019",5,"MPF","0","Bunuri",null,"SI25000112","21134","Y","Y","Y"]
["2025-08-26","SH25000065","Aviz Expeditie","411_01INNOFA B.V","INNOFA B.V.","Finalizat","MPF","0",{"$nulls":3},"PF011868","HUSA CM NEXT 324 100x200","CP00000806",25,0,25,"BUC",{"v":26.18,"d":"26.1800"},"EUR",{"v":0,"d":"0.00"},{"v":0,"d":"0.00"},{"v":654.5,"d":"654.50"},"EUR","SO25000184","45959",1,"MPF","0","Bunuri",null,"SI25000112",null,"Y","Y","Y"]
["2025-08-26","SH25000065","Aviz Expeditie","411_01INNOFA B.V","INNOFA B.V.","Finalizat","MPF","0",{"$nulls":3},"PF012214","HUSA SM 5 NEW 2025 90X210","CP00001163",75,0,75,"BUC",{"v":22.78,"d":"22.7800"},"EUR",{"v":0,"d":"0.00"},{"v":0,"d":"0.00"},{"v":1708.5,"d":"1708.50"},"EUR","SO25000261","45981",1,"MPF","0","Bunuri",null,"SI25000112","21420","Y","Y","Y"]
["2025-08-26","SH25000065","Aviz Expeditie","411_01INNOFA B.V","INNOFA B.V.","Finalizat","MPF","0",{"$nulls":3},"PF012212","HUSA SM 5 NEW 2025 80X200","CP00001164",75,0,75,"BUC",{"v":20.85,"d":"20.8500"},"EUR",{"v":0,"d":"0.00"},{"v":0,"d":"0.00"},1563.75,"EUR","SO25000262","45981",1,"MPF","0","Bunuri",null,"SI25000112","21418","Y","Y","Y","SM 5 NEW 2025"]
["2025-08-26","SH25000065","Aviz Expeditie","411_01INNOFA B.V","INNOFA B.V.","Finalizat","MPF","0",{"$nulls":3},"PF012213","HUSA SM 5 NEW 2025 90X200","CP00001165",250,0,250,"BUC",{"v":22.07,"d":"22.0700"},"EUR",{"v":0,"d":"0.00"},{"v":0,"d":"0.00"},{"v":5517.5,"d":"5517.50"},"EUR","SO25000262","45981",2,"MPF","0","Bunuri",null,"SI25000112","21419","Y","Y","Y"]
["2025-08-26","SH25000065","Aviz Expeditie","411_01INNOFA B.V","INNOFA B.V.","Finalizat","MPF","0",{"$nulls":3},"PF011655","HUSA DUO COOL MOTION NEXT  26 200X210x26","CP00001156",25,0,25,"BUC",{"v":61.13,"d":"61.1300"},"EUR",{"v":0,"d":"0.00"},{"v":0,"d":"0.00"},1528.25,"EUR","SO25000241","45985",1,"MPF","0","Bunuri",null,"SI25000112","21210","Y","Y","Y","DUO COOL MOTION NEXT  26"]
["2025-08-26","SH25000065","Aviz Expeditie","411_01INNOFA B.V","INNOFA B.V.","Finalizat","MPF","0",{"$nulls":3},"PF011660","HUSA CM NEXT 324 90X210","CP00001150",25,0,25,"BUC",{"v":27.37,"d":"27.3700"},"EUR",{"v":0,"d":"0.00"},{"v":0,"d":"0.00"},684.25,"EUR","SO25000237","46018",1,"MPF","0","Bunuri",null,"SI25000112","21057","Y","Y","Y"]
["2025-08-26","SH25000065","Aviz Expeditie","411_01INNOFA B.V","INNOFA B.V.","Finalizat","MPF","0",{"$nulls":3},"PF011677","HUSA CM NEXT 724 80X210","CP00001154",25,0,25,"BUC",{"v":26.37,"d":"26.3700"},"EUR",{"v":0,"d":"0.00"},{"v":0,"d":"0.00"},659.25,"EUR","SO25000238","46019",4,"MPF","0","Bunuri",null,"SI25000112","21132","Y","Y","Y"]
["2025-08-26","SH25000065","Aviz Expeditie","411_01INNOFA B.V","INNOFA B.V.","Finalizat","MPF","0",{"$nulls":3},"PF011659","HUSA CM NEXT 324 80X200","CP00001153",50,0,50,"BUC",{"v":22.85,"d":"22.8500"},"EUR",{"v":0,"d":"0.00"},{"v":0,"d":"0.00"},{"v":1142.5,"d":"1142.50"},"EUR","SO25000238","46019",3,"MPF","0","Bunuri",null,"SI25000112","21053","Y","Y","Y"]
["2025-08-26","SH25000065","Aviz Expeditie","411_01INNOFA B.V","INNOFA B.V.","Finalizat","MPF","0",{"$nulls":3},"PF011854","HUSA CM NEXT 324 80X190","CP00001158",1,0,1,"BUC",{"v":22.85,"d":"22.8500"},"EUR",{"v":0,"d":"0.00"},{"v":0,"d":"0.00"},22.85,"EUR","SO25000254","45869",1,"MPF","0","Bunuri",null,"SI25000112",null,"Y","Y","Y"]
["2025-08-26","SH25000065","Aviz Expeditie","411_01INNOFA B.V","INNOFA B.V.","Finalizat","MPF","0",{"$nulls":3},"PALET1200X1000","PALETI LEMN (120X100)","0",134,143,22,"BUC",{"v":0,"d":"0.0000"},"EUR",{"v":0,"d":"0.00"},{"v":0,"d":"0.00"},{"v":0,"d":"0.00"},"EUR",null,null,0,"MPF","0","Bunuri",null,"SI25000112",null,"Y","Y","Y"]
["2025-08-26","SH25000065","Aviz Expeditie","411_01INNOFA B.V","INNOFA B.V.","Finalizat","MPF","0",{"$nulls":3},"CUTIE1200x90","CUTIE 1200 x 1000 x 900","0",32,404,22,"BUC",{"v":0,"d":"0.0000"},"EUR",{"v":0,"d":"0.00"},{"v":0,"d":"0.00"},{"v":0,"d":"0.00"},"EUR",null,null,0,"MPF","0","Bunuri",null,"SI25000112",null,"Y","Y","Y"]
["2025-08-26","SH25000065","Aviz Expeditie","411_01INNOFA B.V","INNOFA B.V.","Finalizat","MPF","0",{"$nulls":3},"CAPAC1200","CAPAC 1200 x 1000 x 150","0",36,19,22,"BUC",{"v":0,"d":"0.0000"},"EUR",{"v":0,"d":"0.00"},{"v":0,"d":"0.00"},{"v":0,"d":"0.00"},"EUR",null,null,0,"MPF","0","Bunuri",null,"SI25000112",null,"Y","Y","Y"]
["2025-08-29","SH25000068","Aviz Expeditie","411_01ARAMIS INV","ARAMIS INVEST S.R.L.","Finalizat","MPF","0",{"$nulls":3},"PF012224","HUSA Vithall  Extra Firm EU 80X200","CP00000965",90,0,90,"BUC",{"v":23.63,"d":"23.6300"},"RON",{"v":0,"d":"0.00"},{"v":0,"d":"0.00"},{"v":2126.7,"d":"2126.70"},"RON","SO25000199","263661",2,"MPF","0","Bunuri",null,"SI25000098",null,"Y","Y","Y","Vithall  Extra Firm EU"]
["2025-08-29","SH25000068","Aviz Expeditie","411_01ARAMIS INV","ARAMIS INVEST S.R.L.","Finalizat","MPF","0",{"$nulls":3},"PF012128","HUSA NORRSELE MAT PAD 140x200","CP00000930",100,0,100,"BUC",{"v":22.14,"d":"22.1400"},"RON",{"v":0,"d":"0.00"},{"v":0,"d":"0.00"},{"v":2214,"d":"2214.00"},"RON","SO25000194","260811",1,"MPF","0","Bunuri",null,"SI25000098","111000000139906","Y","Y","Y","NORRSELE MAT PAD"]
["2025-08-29","SH25000068","Aviz Expeditie","411_01ARAMIS INV","ARAMIS INVEST S.R.L.","Finalizat","MPF","0",{"$nulls":3},"PF012128","HUSA NORRSELE MAT PAD 140x200","CP00000931",100,0,100,"BUC",{"v":22.14,"d":"22.1400"},"RON",{"v":0,"d":"0.00"},{"v":0,"d":"0.00"},{"v":2214,"d":"2214.00"},"RON","SO25000194","260811",2,"MPF","0","Bunuri",null,"SI25000098","111000000139906","Y","Y","Y","NORRSELE MAT PAD"]
["2025-08-29","SH25000068","Aviz Expeditie","411_01ARAMIS INV","ARAMIS INVEST S.R.L.","Finalizat","MPF","0",{"$nulls":3},"PF012128","HUSA NORRSELE MAT PAD 140x200","CP00000932",100,0,100,"BUC",{"v":22.14,"d":"22.1400"},"RON",{"v":0,"d":"0.00"},{"v":0,"d":"0.00"},{"v":2214,"d":"2214.00"},"RON","SO25000194","260811",3,"MPF","0","Bunuri",null,"SI25000098","111000000139906","Y","Y","Y","NORRSELE MAT PAD"]
["2025-08-29","SH25000068","Aviz Expeditie","411_01ARAMIS INV","ARAMIS INVEST S.R.L.","Finalizat","MPF","0",{"$nulls":3},"PF012129","HUSA NORRSELE MAT PAD 160x200","CP00000938",180,0,90,"BUC",{"v":24.53,"d":"24.5300"},"RON",{"v":0,"d":"0.00"},{"v":0,"d":"0.00"},{"v":2207.7,"d":"2207.70"},"RON","SO25000195","260811",6,"MPF","0","Bunuri",null,"SI25000098","111000000139907","Y","Y","Y","NORRSELE MAT PAD"]
["2025-08-29","SH25000068","Aviz Expeditie","411_01ARAMIS INV","ARAMIS INVEST S.R.L.","Finalizat","MPF","0",{"$nulls":3},"PF012129","HUSA NORRSELE MAT PAD 160x200","CP00000937",100,0,100,"BUC",{"v":24.53,"d":"24.5300"},"RON",{"v":0,"d":"0.00"},{"v":0,"d":"0.00"},{"v":2453,"d":"2453.00"},"RON","SO25000195","260811",5,"MPF","0","Bunuri",null,"SI25000098","111000000139907","Y","Y","Y","NORRSELE MAT PAD"]
["2025-08-29","SH25000068","Aviz Expeditie","411_01ARAMIS INV","ARAMIS INVEST S.R.L.","Finalizat","MPF","0",{"$nulls":3},"PALET2000X900","PALETI LEMN (90x200) - folositi la pachete","0",228,243,9,"BUC",{"v":0,"d":"0.0000"},"RON",{"v":0,"d":"0.00"},{"v":0,"d":"0.00"},{"v":0,"d":"0.00"},"RON",null,null,0,"MPF","0","Bunuri",null,"SI25000098",null,"Y","Y","Y"]
["2025-08-29","SH25000068","Aviz Expeditie","411_01ARAMIS INV","ARAMIS INVEST S.R.L.","Finalizat","MPF","0",{"$nulls":3},"CAPAC","CAPAC 1050 x 2050 x 350","0",70,98,9,"BUC",{"v":0,"d":"0.0000"},"RON",{"v":0,"d":"0.00"},{"v":0,"d":"0.00"},{"v":0,"d":"0.00"},"RON",null,null,0,"MPF","0","Bunuri",null,"SI25000098",null,"Y","Y","Y"]
["2025-08-29","SH25000068","Aviz Expeditie","411_01ARAMIS INV","ARAMIS INVEST S.R.L.","Finalizat","MPF","0",{"$nulls":3},"CUTIE1200x135","CUTIE 1200 x 1000 x 1350","0",43,7,2,"BUC",{"v":0,"d":"0.0000"},"RON",{"v":0,"d":"0.00"},{"v":0,"d":"0.00"},{"v":0,"d":"0.00"},"RON",null,null,0,"MPF","0","Bunuri",null,"SI25000098",null,"Y","Y","Y"]
["2025-08-29","SH25000068","Aviz Expeditie","411_01ARAMIS INV","ARAMIS INVEST S.R.L.","Finalizat","MPF","0",{"$nulls":3},"CAPAC1200","CAPAC 1200 x 1000 x 150","0",2,19,2,"BUC",{"v":0,"d":"0.0000"},"RON",{"v":0,"d":"0.00"},{"v":0,"d":"0.00"},{"v":0,"d":"0.00"},"RON",null,null,0,"MPF","0","Bunuri",null,"SI25000098",null,"Y","Y","Y"]
["2025-08-29","SH25000068","Aviz Expeditie","411_01ARAMIS INV","ARAMIS INVEST S.R.L.","Finalizat","MPF","0",{"$nulls":3},"PALET1200X1000","PALETI LEMN (120X100)","0",92,143,2,"BUC",{"v":0,"d":"0.0000"},"RON",{"v":0,"d":"0.00"},{"v":0,"d":"0.00"},{"v":0,"d":"0.00"},"RON",null,null,0,"MPF","0","Bunuri",null,"SI25000098",null,"Y","Y","Y"]
["2025-09-01","SH25000069","Aviz Expeditie","411_01INNOFA B.V","INNOFA B.V.","Finalizat","MPF","0",{"$nulls":3},"PALET1200X1000","PALETI LEMN (120X100)","0",90,143,10,"BUC",{"v":0,"d":"0.0000"},"EUR",{"v":0,"d":"0.00"},{"v":0,"d":"0.00"},{"v":0,"d":"0.00"},"EUR",null,null,0,"MPF","0","Bunuri",{"$nulls":3},"Y","Y","Y"]
["2025-09-01","SH25000069","Aviz Expeditie","411_01INNOFA B.V","INNOFA B.V.","Finalizat","MPF","0",{"$nulls":3},"CUTIE1200x90","CUTIE 1200 x 1000 x 900","0",128,154,10,"BUC",{"v":0,"d":"0.0000"},"EUR",{"v":0,"d":"0.00"},{"v":0,"d":"0.00"},{"v":0,"d":"0.00"},"EUR",null,null,0,"Prin","0","Bunuri",{"$nulls":3},"Y","Y","Y"]
["2025-09-01","SH25000069","Aviz Expeditie","411_01INNOFA B.V","INNOFA B.V.","Finalizat","MPF","0",{"$nulls":3},"CAPAC1200","CAPAC 1200 x 1000 x 150","0",107,660,10,"BUC",{"v":0,"d":"0.0000"},"EUR",{"v":0,"d":"0.00"},{"v":0,"d":"0.00"},{"v":0,"d":"0.00"},"EUR",null,null,0,"Prin","0","Bunuri",{"$nulls":3},"Y","Y","Y"]
["2025-09-01","SH25000069","Aviz Expeditie","411_01INNOFA B.V","INNOFA B.V.","Finalizat","MPF","0",{"$nulls":3},"PF012222","HUSA SM 8 NEW 2025 90X200","CP00001146",50,0,50,"BUC",{"v":25.96,"d":"25.9600"},"EUR",{"v":0,"d":"0.00"},{"v":0,"d":"0.00"},{"v":1298,"d":"1298.00"},"EUR","SO25000229","4571098778",7,"MPF","0","Bunuri",null,null,"1056546","Y","Y","Y","SM 8 NEW 2025"]
["2025-09-01","SH25000069","Aviz Expeditie","411_01INNOFA B.V","INNOFA B.V.","Finalizat","MPF","0",{"$nulls":3},"PF012221","HUSA SM 8 NEW 2025 80X200","CP00001145",250,8,100,"BUC",{"v":24.53,"d":"24.5300"},"EUR",{"v":0,"d":"0.00"},{"v":0,"d":"0.00"},{"v":2453,"d":"2453.00"},"EUR","SO25000229","4571098778",6,"MPF","0","Bunuri",null,null,"1056545","Y","Y","Y","SM 8 NEW 2025"]
["2025-09-01","SH25000069","Aviz Expeditie","411_01INNOFA B.V","INNOFA B.V.","Finalizat","MPF","0",{"$nulls":3},"PF012219","HUSA SM 7 NEW 2025 90X200","CP00001143",150,0,100,"BUC",{"v":25.96,"d":"25.9600"},"EUR",{"v":0,"d":"0.00"},{"v":0,"d":"0.00"},{"v":2596,"d":"2596.00"},"EUR","SO25000229","4571098778",4,"MPF","0","Bunuri",null,null,"1056543","Y","Y","Y","SM 7 NEW 2025"]
["2025-09-01","SH25000069","Aviz Expeditie","411_01INNOFA B.V","INNOFA B.V.","Finalizat","MPF","0",{"$nulls":3},"PF012218","HUSA SM 7 NEW 2025 80X200","CP00001142",50,0,50,"BUC",{"v":24.53,"d":"24.5300"},"EUR",{"v":0,"d":"0.00"},{"v":0,"d":"0.00"},{"v":1226.5,"d":"1226.50"},"EUR","SO25000229","4571098778",3,"MPF","0","Bunuri",null,null,"1056542","Y","Y","Y","SM 7 NEW 2025"]
["2025-09-01","SH25000069","Aviz Expeditie","411_01INNOFA B.V","INNOFA B.V.","Finalizat","MPF","0",{"$nulls":3},"PF012216","HUSA SM 6 NEW 2025 90X200","CP00001141",450,26,50,"BUC",{"v":25.96,"d":"25.9600"},"EUR",{"v":0,"d":"0.00"},{"v":0,"d":"0.00"},{"v":1298,"d":"1298.00"},"EUR","SO25000229","4571098778",2,"MPF","0","Bunuri",null,null,"1056540","Y","Y","Y","SM 6 NEW 2025"]
["2025-09-01","SH25000069","Aviz Expeditie","411_01INNOFA B.V","INNOFA B.V.","Finalizat","MPF","0",{"$nulls":3},"PF012215","HUSA SM 6 NEW 2025 80X200","CP00001140",250,0,50,"BUC",{"v":24.53,"d":"24.5300"},"EUR",{"v":0,"d":"0.00"},{"v":0,"d":"0.00"},{"v":1226.5,"d":"1226.50"},"EUR","SO25000229","4571098778",1,"MPF","0","Bunuri",null,null,"1056539","Y","Y","Y","SM 6 NEW 2025"]
["2025-09-01","SH25000069","Aviz Expeditie","411_01INNOFA B.V","INNOFA B.V.","Finalizat","MPF","0",{"$nulls":3},"PF012217","HUSA SM 6 NEW 2025 90X210","CP00001124",25,0,25,"BUC",{"v":26.8,"d":"26.8000"},"EUR",{"v":0,"d":"0.00"},{"v":0,"d":"0.00"},{"v":670,"d":"670.00"},"EUR","SO25000230","4571098779",3,"MPF","0","Bunuri",null,null,"1056541","Y","Y","Y","SM 6 NEW 2025"]
["2025-09-01","SH25000069","Aviz Expeditie","411_01INNOFA B.V","INNOFA B.V.","Finalizat","MPF","0",{"$nulls":3},"PF012220","HUSA SM 7 NEW 2025 90X210","CP00001108",25,0,25,"BUC",{"v":26.8,"d":"26.8000"},"EUR",{"v":0,"d":"0.00"},{"v":0,"d":"0.00"},{"v":670,"d":"670.00"},"EUR","SO25000230","4571098779",6,"MPF","0","Bunuri",null,null,"1056544","Y","Y","Y","SM 7 NEW 2025"]
["2025-09-01","SH25000069","Aviz Expeditie","411_01INNOFA B.V","INNOFA B.V.","Finalizat","MPF","0",{"$nulls":3},"PF012223","HUSA SM 8 NEW 2025 90X210","CP00001121",25,0,25,"BUC",{"v":26.8,"d":"26.8000"},"EUR",{"v":0,"d":"0.00"},{"v":0,"d":"0.00"},{"v":670,"d":"670.00"},"EUR","SO25000230","4571098779",9,"MPF","0","Bunuri",null,null,"1056547","Y","Y","Y","SM 8 NEW 2025"]
["2025-09-02","SH25000071","Aviz Expeditie","411_01INNOFA B.V","INNOFA B.V.","Finalizat","MPF","0",{"$nulls":3},"PF012204","HUSA PRESTIGE NEW25 90X210","CP00001177",7,0,7,"BUC",{"v":76.11,"d":"76.1100"},"EUR",{"v":0,"d":"0.00"},{"v":0,"d":"0.00"},532.77,"EUR","SO25000253","45910",1,"MPF","0","Bunuri",{"$nulls":3},"Y","Y","Y","PRESTIGE NEW25"]
["2025-09-02","SH25000071","Aviz Expeditie","411_01INNOFA B.V","INNOFA B.V.","Finalizat","MPF","0",{"$nulls":3},"PALET1200X1000","PALETI LEMN (120X100)","0",80,143,1,"BUC",{"v":0,"d":"0.0000"},"EUR",{"v":0,"d":"0.00"},{"v":0,"d":"0.00"},{"v":0,"d":"0.00"},"EUR",null,null,0,"MPF","0","Bunuri",{"$nulls":3},"Y","Y","Y"]
["2025-09-02","SH25000071","Aviz Expeditie","411_01INNOFA B.V","INNOFA B.V.","Finalizat","MPF","0",{"$nulls":3},"CUTIE1200x90","CUTIE 1200 x 1000 x 900","0",118,154,1,"BUC",{"v":0,"d":"0.0000"},"EUR",{"v":0,"d":"0.00"},{"v":0,"d":"0.00"},{"v":0,"d":"0.00"},"EUR",null,null,0,"Prin","0","Bunuri",{"$nulls":3},"Y","Y","Y"]
["2025-09-02","SH25000071","Aviz Expeditie","411_01INNOFA B.V","INNOFA B.V.","Finalizat","MPF","0",{"$nulls":3},"CAPAC1200","CAPAC 1200 x 1000 x 150","0",97,660,1,"BUC",{"v":0,"d":"0.0000"},"EUR",{"v":0,"d":"0.00"},{"v":0,"d":"0.00"},{"v":0,"d":"0.00"},"EUR",null,null,0,"Prin","0","Bunuri",{"$nulls":3},"Y","Y","Y"]
["2025-09-02","SH25000072","Aviz Expeditie","411_01INNOFA B.V","INNOFA B.V.","Finalizat","MPF","0",{"$nulls":3},"PF012212","HUSA SM 5 NEW 2025 80X200","CP00001164",575,0,100,"BUC",{"v":24.53,"d":"24.5300"},"EUR",{"v":0,"d":"0.00"},{"v":0,"d":"0.00"},{"v":2453,"d":"2453.00"},"EUR","SO25000262","45981",1,"MPF","0","Bunuri",null,null,"21418","Y","Y","Y","SM 5 NEW 2025"]
["2025-09-02","SH25000072","Aviz Expeditie","411_01INNOFA B.V","INNOFA B.V.","Finalizat","MPF","0",{"$nulls":3},"PF012213","HUSA SM 5 NEW 2025 90X200","CP00001165",800,0,150,"BUC",{"v":25.96,"d":"25.9600"},"EUR",{"v":0,"d":"0.00"},{"v":0,"d":"0.00"},{"v":3894,"d":"3894.00"},"EUR","SO25000262","45981",2,"MPF","0","Bunuri",null,null,"21419","Y","Y","Y"]
["2025-09-02","SH25000072","Aviz Expeditie","411_01INNOFA B.V","INNOFA B.V.","Finalizat","MPF","0",{"$nulls":3},"PF011621","HUSA CM NEXT 524 90X200","CP00001161",100,0,100,"BUC",{"v":28.1,"d":"28.1000"},"EUR",{"v":0,"d":"0.00"},{"v":0,"d":"0.00"},{"v":2810,"d":"2810.00"},"EUR","SO25000232","45983",1,"MPF","0","Bunuri",null,null,"21106","Y","Y","Y"]
["2025-09-02","SH25000072","Aviz Expeditie","411_01INNOFA B.V","INNOFA B.V.","Finalizat","MPF","0",{"$nulls":3},"PALET1200X1000","PALETI LEMN (120X100)","0",79,143,9,"BUC",{"v":0,"d":"0.0000"},"EUR",{"v":0,"d":"0.00"},{"v":0,"d":"0.00"},{"v":0,"d":"0.00"},"EUR",null,null,0,"MPF","0","Bunuri",{"$nulls":3},"Y","Y","Y"]
["2025-09-02","SH25000072","Aviz Expeditie","411_01INNOFA B.V","INNOFA B.V.","Finalizat","MPF","0",{"$nulls":3},"CUTIE1200x90","CUTIE 1200 x 1000 x 900","0",117,154,9,"BUC",{"v":0,"d":"0.0000"},"EUR",{"v":0,"d":"0.00"},{"v":0,"d":"0.00"},{"v":0,"d":"0.00"},"EUR",null,null,0,"Prin","0","Bunuri",{"$nulls":3},"Y","Y","Y"]
["2025-09-02","SH25000072","Aviz Expeditie","411_01INNOFA B.V","INNOFA B.V.","Finalizat","MPF","0",{"$nulls":3},"CAPAC1200","CAPAC 1200 x 1000 x 150","0",96,660,9,"BUC",{"v":0,"d":"0.0000"},"EUR",{"v":0,"d":"0.00"},{"v":0,"d":"0.00"},{"v":0,"d":"0.00"},"EUR",null,null,0,"Prin","0","Bunuri",{"$nulls":3},"Y","Y","Y"]
["2025-09-03","SH25000073","Aviz Expeditie","411_01INNOFA B.V","INNOFA B.V.","Finalizat","MPF","0",{"$nulls":3},"PF012218","HUSA SM 7 NEW 2025 80X200","CP00001129",100,0,100,"BUC",{"v":24.53,"d":"24.5300"},"EUR",{"v":0,"d":"0.00"},{"v":0,"d":"0.00"},{"v":2453,"d":"2453.00"},"EUR","SO25000228","4571098751",3,"MPF","0","Bunuri",null,null,"1056542","Y","Y","Y","SM 7 NEW 2025"]
["2025-09-03","SH25000073","Aviz Expeditie","411_01INNOFA B.V","INNOFA B.V.","Finalizat","MPF","0",{"$nulls":3},"PF012220","HUSA SM 7 NEW 2025 90X210","CP00001144",125,18,75,"BUC",{"v":26.8,"d":"26.8000"},"EUR",{"v":0,"d":"0.00"},{"v":0,"d":"0.00"},{"v":2010,"d":"2010.00"},"EUR","SO25000229","4571098778",5,"MPF","0","Bunuri",null,null,"1056544","Y","Y","Y","SM 7 NEW 2025"]
["2025-09-03","SH25000073","Aviz Expeditie","411_01INNOFA B.V","INNOFA B.V.","Finalizat","MPF","0",{"$nulls":3},"PF012221","HUSA SM 8 NEW 2025 80X200","CP00001145",150,8,100,"BUC",{"v":24.53,"d":"24.5300"},"EUR",{"v":0,"d":"0.00"},{"v":0,"d":"0.00"},{"v":2453,"d":"2453.00"},"EUR","SO25000229","4571098778",6,"MPF","0","Bunuri",null,null,"1056545","Y","Y","Y","SM 8 NEW 2025"]
["2025-09-03","SH25000073","Aviz Expeditie","411_01INNOFA B.V","INNOFA B.V.","Finalizat","MPF","0",{"$nulls":3},"PF012218","HUSA SM 7 NEW 2025 80X200","CP00001142",50,0,50,"BUC",{"v":24.53,"d":"24.5300"},"EUR",{"v":0,"d":"0.00"},{"v":0,"d":"0.00"},{"v":1226.5,"d":"1226.50"},"EUR","SO25000229","4571098778",3,"MPF","0","Bunuri",null,null,"1056542","Y","Y","Y","SM 7 NEW 2025"]
["2025-09-03","SH25000073","Aviz Expeditie","411_01INNOFA B.V","INNOFA B.V.","Finalizat","MPF","0",{"$nulls":3},"PF012216","HUSA SM 6 NEW 2025 90X200","CP00001141",450,26,50,"BUC",{"v":25.96,"d":"25.9600"},"EUR",{"v":0,"d":"0.00"},{"v":0,"d":"0.00"},{"v":1298,"d":"1298.00"},"EUR","SO25000229","4571098778",2,"MPF","0","Bunuri",null,null,"1056540","Y","Y","Y","SM 6 NEW 2025"]
["2025-09-03","SH25000073","Aviz Expeditie","411_01INNOFA B.V","INNOFA B.V.","Finalizat","MPF","0",{"$nulls":3},"PF012222","HUSA SM 8 NEW 2025 90X200","CP00001146",100,0,50,"BUC",{"v":25.96,"d":"25.9600"},"EUR",{"v":0,"d":"0.00"},{"v":0,"d":"0.00"},{"v":1298,"d":"1298.00"},"EUR","SO25000229","4571098778",7,"MPF","0","Bunuri",null,null,"1056546","Y","Y","Y","SM 8 NEW 2025"]
["2025-09-03","SH25000073","Aviz Expeditie","411_01INNOFA B.V","INNOFA B.V.","Finalizat","MPF","0",{"$nulls":3},"PF012223","HUSA SM 8 NEW 2025 90X210","CP00001123",25,0,25,"BUC",{"v":26.8,"d":"26.8000"},"EUR",{"v":0,"d":"0.00"},{"v":0,"d":"0.00"},{"v":670,"d":"670.00"},"EUR","SO25000220","4571098751",22,"MPF","0","Bunuri",null,null,"1056547","Y","Y","Y","SM 8 NEW 2025"]
["2025-09-03","SH25000073","Aviz Expeditie","411_01INNOFA B.V","INNOFA B.V.","Finalizat","MPF","0",{"$nulls":3},"PF012220","HUSA SM 7 NEW 2025 90X210","CP00000870",25,0,25,"BUC",{"v":26.8,"d":"26.8000"},"EUR",{"v":0,"d":"0.00"},{"v":0,"d":"0.00"},{"v":670,"d":"670.00"},"EUR","SO25000220","4571098751",7,"MPF","0","Bunuri",null,null,"1056544","Y","Y","Y","SM 7 NEW 2025"]
["2025-09-03","SH25000073","Aviz Expeditie","411_01INNOFA B.V","INNOFA B.V.","Finalizat","MPF","0",{"$nulls":3},"PF012221","HUSA SM 8 NEW 2025 80X200","CP00000871",50,0,50,"BUC",{"v":24.53,"d":"24.5300"},"EUR",{"v":0,"d":"0.00"},{"v":0,"d":"0.00"},{"v":1226.5,"d":"1226.50"},"EUR","SO25000220","4571098751",12,"MPF","0","Bunuri",null,null,"1056545","Y","Y","Y","SM 8 NEW 2025"]
["2025-09-03","SH25000073","Aviz Expeditie","411_01INNOFA B.V","INNOFA B.V.","Finalizat","MPF","0",{"$nulls":3},"PF012219","HUSA SM 7 NEW 2025 90X200","CP00001143",150,0,50,"BUC",{"v":25.96,"d":"25.9600"},"EUR",{"v":0,"d":"0.00"},{"v":0,"d":"0.00"},{"v":1298,"d":"1298.00"},"EUR","SO25000229","4571098778",4,"MPF","0","Bunuri",null,null,"1056543","Y","Y","Y","SM 7 NEW 2025"]
["2025-09-03","SH25000073","Aviz Expeditie","411_01INNOFA B.V","INNOFA B.V.","Finalizat","MPF","0",{"$nulls":3},"PALET1200X1000","PALETI LEMN (120X100)","0",90,143,12,"BUC",{"v":0,"d":"0.0000"},"EUR",{"v":0,"d":"0.00"},{"v":0,"d":"0.00"},{"v":0,"d":"0.00"},"EUR",null,null,0,"MPF","0","Bunuri",{"$nulls":3},"Y","Y","Y"]
["2025-09-03","SH25000073","Aviz Expeditie","411_01INNOFA B.V","INNOFA B.V.","Finalizat","MPF","0",{"$nulls":3},"CUTIE1200x90","CUTIE 1200 x 1000 x 900","0",10,404,10,"BUC",{"v":0,"d":"0.0000"},"EUR",{"v":0,"d":"0.00"},{"v":0,"d":"0.00"},{"v":0,"d":"0.00"},"EUR",null,null,0,"MPF","0","Bunuri",{"$nulls":3},"Y","Y","Y"]
["2025-09-03","SH25000073","Aviz Expeditie","411_01INNOFA B.V","INNOFA B.V.","Finalizat","MPF","0",{"$nulls":3},"CAPAC1200","CAPAC 1200 x 1000 x 150","0",12,19,12,"BUC",{"v":0,"d":"0.0000"},"EUR",{"v":0,"d":"0.00"},{"v":0,"d":"0.00"},{"v":0,"d":"0.00"},"EUR",null,null,0,"MPF","0","Bunuri",{"$nulls":3},"Y","Y","Y"]
["2025-09-03","SH25000074","Aviz Expeditie","411_01INNOFA B.V","INNOFA B.V.","Finalizat","MPF","0",{"$nulls":3},"PF012193","TOPPER COOL MOTION INTENSE START FIRM 140X200 140X200","CP00000891",2,0,2,"BUC",{"v":38.34,"d":"38.3400"},"EUR",{"v":0,"d":"0.00"},{"v":0,"d":"0.00"},76.68,"EUR","SO25000159","45869",53,"MPF","0","Bunuri",null,null,"21468","Y","Y","Y"]
["2025-09-03","SH25000074","Aviz Expeditie","411_01INNOFA B.V","INNOFA B.V.","Finalizat","MPF","0",{"$nulls":3},"PF012194","TOPPER COOL MOTION INTENSE START FIRM 160X200 160X200","CP00000892",7,0,7,"BUC",{"v":43.82,"d":"43.8200"},"EUR",{"v":0,"d":"0.00"},{"v":0,"d":"0.00"},306.74,"EUR","SO25000159","45869",54,"MPF","0","Bunuri",null,null,"21459","Y","Y","Y"]
["2025-09-03","SH25000074","Aviz Expeditie","411_01INNOFA B.V","INNOFA B.V.","Finalizat","MPF","0",{"$nulls":3},"PF012195","TOPPER COOL MOTION INTENSE START FIRM 180X200 180X200","CP00000893",10,0,10,"BUC",{"v":49.3,"d":"49.3000"},"EUR",{"v":0,"d":"0.00"},{"v":0,"d":"0.00"},{"v":493,"d":"493.00"},"EUR","SO25000159","45869",55,"MPF","0","Bunuri",null,null,"21455","Y","Y","Y"]
["2025-09-03","SH25000074","Aviz Expeditie","411_01INNOFA B.V","INNOFA B.V.","Finalizat","MPF","0",{"$nulls":3},"PF012196","TOPPER COOL MOTION INTENSE START FIRM 80X200X 80X200","CP00000894",5,0,5,"BUC",{"v":23.43,"d":"23.4300"},"EUR",{"v":0,"d":"0.00"},{"v":0,"d":"0.00"},117.15,"EUR","SO25000159","45869",56,"MPF","0","Bunuri",null,null,"21448","Y","Y","Y"]
["2025-09-03","SH25000074","Aviz Expeditie","411_01INNOFA B.V","INNOFA B.V.","Finalizat","MPF","0",{"$nulls":3},"PF012198","TOPPER COOL MOTION INTENSE START SOFT 160X200 160X200","CP00000895",4,0,4,"BUC",{"v":43.82,"d":"43.8200"},"EUR",{"v":0,"d":"0.00"},{"v":0,"d":"0.00"},175.28,"EUR","SO25000159","45869",58,"MPF","0","Bunuri",null,null,"21465","Y","Y","Y"]
["2025-09-03","SH25000074","Aviz Expeditie","411_01INNOFA B.V","INNOFA B.V.","Finalizat","MPF","0",{"$nulls":3},"PF012199","TOPPER COOL MOTION INTENSE START SOFT 180X200 180X200","CP00000896",6,0,6,"BUC",{"v":49.3,"d":"49.3000"},"EUR",{"v":0,"d":"0.00"},{"v":0,"d":"0.00"},{"v":295.8,"d":"295.80"},"EUR","SO25000159","45869",59,"MPF","0","Bunuri",null,null,"21470","Y","Y","Y"]
["2025-09-03","SH25000074","Aviz Expeditie","411_01INNOFA B.V","INNOFA B.V.","Finalizat","MPF","0",{"$nulls":3},"PF012200","TOPPER COOL MOTION INTENSE START SOFT 80X200X 80X200","CP00000900",1,0,1,"BUC",{"v":23.43,"d":"23.4300"},"EUR",{"v":0,"d":"0.00"},{"v":0,"d":"0.00"},23.43,"EUR","SO25000159","45869",60,"MPF","0","Bunuri",null,null,"21469","Y","Y","Y"]
["2025-09-03","SH25000074","Aviz Expeditie","411_01INNOFA B.V","INNOFA B.V.","Finalizat","MPF","0",{"$nulls":3},"PF012201","TOPPER COOL MOTION INTENSE START SOFT 90X200X 90X200","CP00000897",6,0,6,"BUC",{"v":24.65,"d":"24.6500"},"EUR",{"v":0,"d":"0.00"},{"v":0,"d":"0.00"},{"v":147.9,"d":"147.90"},"EUR","SO25000159","45869",61,"MPF","0","Bunuri",null,null,"21461","Y","Y","Y"]
["2025-09-03","SH25000074","Aviz Expeditie","411_01INNOFA B.V","INNOFA B.V.","Finalizat","MPF","0",{"$nulls":3},"PF012197","TOPPER COOL MOTION INTENSE START FIRM SPLIT 1 160X210","CP00000899",1,0,1,"BUC",{"v":57.79,"d":"57.7900"},"EUR",{"v":0,"d":"0.00"},{"v":0,"d":"0.00"},57.79,"EUR","SO25000159","45869",57,"MPF","0","Bunuri",null,null,"21474","Y","Y","Y"]
["2025-09-03","SH25000074","Aviz Expeditie","411_01INNOFA B.V","INNOFA B.V.","Finalizat","MPF","0",{"$nulls":3},"PALET1200X1000","PALETI LEMN (120X100)","0",78,143,1,"BUC",{"v":0,"d":"0.0000"},"EUR",{"v":0,"d":"0.00"},{"v":0,"d":"0.00"},{"v":0,"d":"0.00"},"EUR",null,null,0,"MPF","0","Bunuri",{"$nulls":3},"Y","Y","Y"]
["2025-09-03","SH25000075","Aviz Expeditie","411_01INNOFA B.V","INNOFA B.V.","Finalizat","MPF","0",{"$nulls":3},"PF012221","HUSA SM 8 NEW 2025 80X200","CP00001145",50,8,42,"BUC",{"v":24.53,"d":"24.5300"},"EUR",{"v":0,"d":"0.00"},{"v":0,"d":"0.00"},1030.26,"EUR","SO25000229","4571098778",6,"MPF","0","Bunuri",null,null,"1056545","Y","Y","Y","SM 8 NEW 2025"]
["2025-09-03","SH25000075","Aviz Expeditie","411_01INNOFA B.V","INNOFA B.V.","Finalizat","MPF","0",{"$nulls":3},"PF012215","HUSA SM 6 NEW 2025 80X200","CP00001140",300,0,100,"BUC",{"v":24.53,"d":"24.5300"},"EUR",{"v":0,"d":"0.00"},{"v":0,"d":"0.00"},{"v":2453,"d":"2453.00"},"EUR","SO25000229","4571098778",1,"MPF","0","Bunuri",null,null,"1056539","Y","Y","Y","SM 6 NEW 2025"]
["2025-09-03","SH25000075","Aviz Expeditie","411_01INNOFA B.V","INNOFA B.V.","Finalizat","MPF","0",{"$nulls":3},"PF012216","HUSA SM 6 NEW 2025 90X200","CP00001141",400,26,150,"BUC",{"v":25.96,"d":"25.9600"},"EUR",{"v":0,"d":"0.00"},{"v":0,"d":"0.00"},{"v":3894,"d":"3894.00"},"EUR","SO25000229","4571098778",2,"MPF","0","Bunuri",null,null,"1056540","Y","Y","Y","SM 6 NEW 2025"]
["2025-09-03","SH25000075","Aviz Expeditie","411_01INNOFA B.V","INNOFA B.V.","Finalizat","MPF","0",{"$nulls":3},"PALET1200X1000","PALETI LEMN (120X100)","0",77,143,6,"BUC",{"v":0,"d":"0.0000"},"EUR",{"v":0,"d":"0.00"},{"v":0,"d":"0.00"},{"v":0,"d":"0.00"},"EUR",null,null,0,"MPF","0","Bunuri",{"$nulls":3},"Y","Y","Y"]
["2025-09-03","SH25000075","Aviz Expeditie","411_01INNOFA B.V","INNOFA B.V.","Finalizat","MPF","0",{"$nulls":3},"CUTIE1200x90","CUTIE 1200 x 1000 x 900","0",116,154,6,"BUC",{"v":0,"d":"0.0000"},"EUR",{"v":0,"d":"0.00"},{"v":0,"d":"0.00"},{"v":0,"d":"0.00"},"EUR",null,null,0,"Prin","0","Bunuri",{"$nulls":3},"Y","Y","Y"]
["2025-09-03","SH25000075","Aviz Expeditie","411_01INNOFA B.V","INNOFA B.V.","Finalizat","MPF","0",{"$nulls":3},"CAPAC1200","CAPAC 1200 x 1000 x 150","0",95,660,6,"BUC",{"v":0,"d":"0.0000"},"EUR",{"v":0,"d":"0.00"},{"v":0,"d":"0.00"},{"v":0,"d":"0.00"},"EUR",null,null,0,"Prin","0","Bunuri",{"$nulls":3},"Y","Y","Y"]
["2025-09-04","SH25000076","Aviz Expeditie","411_01INNOFA B.V","INNOFA B.V.","Finalizat","MPF","0",{"$nulls":3},"PF012218","HUSA SM 7 NEW 2025 80X200","CP00001142",150,0,150,"BUC",{"v":24.53,"d":"24.5300"},"EUR",{"v":0,"d":"0.00"},{"v":0,"d":"0.00"},{"v":3679.5,"d":"3679.50"},"EUR","SO25000229","4571098778",3,"MPF","0","Bunuri",null,null,"1056542","Y","Y","Y","SM 7 NEW 2025"]
["2025-09-04","SH25000076","Aviz Expeditie","411_01INNOFA B.V","INNOFA B.V.","Finalizat","MPF","0",{"$nulls":3},"PF012216","HUSA SM 6 NEW 2025 90X200","CP00001141",250,26,200,"BUC",{"v":25.96,"d":"25.9600"},"EUR",{"v":0,"d":"0.00"},{"v":0,"d":"0.00"},{"v":5192,"d":"5192.00"},"EUR","SO25000229","4571098778",2,"MPF","0","Bunuri",null,null,"1056540","Y","Y","Y","SM 6 NEW 2025"]
["2025-09-04","SH25000076","Aviz Expeditie","411_01INNOFA B.V","INNOFA B.V.","Finalizat","MPF","0",{"$nulls":3},"PF012220","HUSA SM 7 NEW 2025 90X210","CP00001144",50,18,25,"BUC",{"v":26.8,"d":"26.8000"},"EUR",{"v":0,"d":"0.00"},{"v":0,"d":"0.00"},{"v":670,"d":"670.00"},"EUR","SO25000229","4571098778",5,"MPF","0","Bunuri",null,null,"1056544","Y","Y","Y","SM 7 NEW 2025"]
["2025-09-04","SH25000076","Aviz Expeditie","411_01INNOFA B.V","INNOFA B.V.","Finalizat","MPF","0",{"$nulls":3},"PF012223","HUSA SM 8 NEW 2025 90X210","CP00001175",175,25,75,"BUC",{"v":26.8,"d":"26.8000"},"EUR",{"v":0,"d":"0.00"},{"v":0,"d":"0.00"},{"v":2010,"d":"2010.00"},"EUR","SO25000230","4571098779",9,"MPF","0","Bunuri",null,null,"1056547","Y","Y","Y","SM 8 NEW 2025"]
["2025-09-04","SH25000076","Aviz Expeditie","411_01INNOFA B.V","INNOFA B.V.","Finalizat","MPF","0",{"$nulls":3},"PF012222","HUSA SM 8 NEW 2025 90X200","CP00001146",50,0,50,"BUC",{"v":25.96,"d":"25.9600"},"EUR",{"v":0,"d":"0.00"},{"v":0,"d":"0.00"},{"v":1298,"d":"1298.00"},"EUR","SO25000229","4571098778",7,"MPF","0","Bunuri",null,null,"1056546","Y","Y","Y","SM 8 NEW 2025"]
["2025-09-04","SH25000076","Aviz Expeditie","411_01INNOFA B.V","INNOFA B.V.","Finalizat","MPF","0",{"$nulls":3},"PALET1200X1000","PALETI LEMN (120X100)","0",71,143,11,"BUC",{"v":0,"d":"0.0000"},"EUR",{"v":0,"d":"0.00"},{"v":0,"d":"0.00"},{"v":0,"d":"0.00"},"EUR",null,null,0,"MPF","0","Bunuri",{"$nulls":3},"Y","Y","Y"]
["2025-09-04","SH25000076","Aviz Expeditie","411_01INNOFA B.V","INNOFA B.V.","Finalizat","MPF","0",{"$nulls":3},"CUTIE1200x90","CUTIE 1200 x 1000 x 900","0",110,154,11,"BUC",{"v":0,"d":"0.0000"},"EUR",{"v":0,"d":"0.00"},{"v":0,"d":"0.00"},{"v":0,"d":"0.00"},"EUR",null,null,0,"Prin","0","Bunuri",{"$nulls":3},"Y","Y","Y"]
["2025-09-04","SH25000076","Aviz Expeditie","411_01INNOFA B.V","INNOFA B.V.","Finalizat","MPF","0",{"$nulls":3},"CAPAC1200","CAPAC 1200 x 1000 x 150","0",89,660,11,"BUC",{"v":0,"d":"0.0000"},"EUR",{"v":0,"d":"0.00"},{"v":0,"d":"0.00"},{"v":0,"d":"0.00"},"EUR",null,null,0,"Prin","0","Bunuri",{"$nulls":3},"Y","Y","Y"]
["2025-09-06","SH25000078","Aviz Expeditie","411_01INNOFA B.V","INNOFA B.V.","Finalizat","MPF","0",{"$nulls":3},"PF012214","HUSA SM 5 NEW 2025 90X210","CP00001163",200,0,100,"BUC",{"v":26.8,"d":"26.8000"},"EUR",{"v":0,"d":"0.00"},{"v":0,"d":"0.00"},{"v":2680,"d":"2680.00"},"EUR","SO25000261","45981",1,"MPF","0","Bunuri",null,null,"21420","Y","Y","Y"]
["2025-09-06","SH25000078","Aviz Expeditie","411_01INNOFA B.V","INNOFA B.V.","Finalizat","MPF","0",{"$nulls":3},"PF012213","HUSA SM 5 NEW 2025 90X200","CP00001165",650,0,150,"BUC",{"v":25.96,"d":"25.9600"},"EUR",{"v":0,"d":"0.00"},{"v":0,"d":"0.00"},{"v":3894,"d":"3894.00"},"EUR","SO25000262","45981",2,"MPF","0","Bunuri",null,null,"21419","Y","Y","Y"]
["2025-09-06","SH25000078","Aviz Expeditie","411_01INNOFA B.V","INNOFA B.V.","Finalizat","MPF","0",{"$nulls":3},"PF010940","HUSA CM NEXT 1 140X200","CP00001171",25,0,25,"BUC",{"v":34.77,"d":"34.7700"},"EUR",{"v":0,"d":"0.00"},{"v":0,"d":"0.00"},869.25,"EUR","SO25000239","46020",1,"MPF","0","Bunuri",{"$nulls":3},"Y","Y","Y"]
["2025-09-06","SH25000078","Aviz Expeditie","411_01INNOFA B.V","INNOFA B.V.","Finalizat","MPF","0",{"$nulls":3},"PF012212","HUSA SM 5 NEW 2025 80X200","CP00001164",475,0,50,"BUC",{"v":24.53,"d":"24.5300"},"EUR",{"v":0,"d":"0.00"},{"v":0,"d":"0.00"},{"v":1226.5,"d":"1226.50"},"EUR","SO25000262","45981",1,"MPF","0","Bunuri",null,null,"21418","Y","Y","Y","SM 5 NEW 2025"]
["2025-09-06","SH25000078","Aviz Expeditie","411_01INNOFA B.V","INNOFA B.V.","Finalizat","MPF","0",{"$nulls":3},"PALET1200X1000","PALETI LEMN (120X100)","0",60,143,6,"BUC",{"v":0,"d":"0.0000"},"EUR",{"v":0,"d":"0.00"},{"v":0,"d":"0.00"},{"v":0,"d":"0.00"},"EUR",null,null,0,"MPF","0","Bunuri",{"$nulls":3},"Y","Y","Y"]
["2025-09-06","SH25000078","Aviz Expeditie","411_01INNOFA B.V","INNOFA B.V.","Finalizat","MPF","0",{"$nulls":3},"CAPAC1200","CAPAC 1200 x 1000 x 150","0",78,660,6,"BUC",{"v":0,"d":"0.0000"},"EUR",{"v":0,"d":"0.00"},{"v":0,"d":"0.00"},{"v":0,"d":"0.00"},"EUR",null,null,0,"Prin","0","Bunuri",{"$nulls":3},"Y","Y","Y"]
["2025-09-06","SH25000079","Aviz Expeditie","411_01INNOFA B.V","INNOFA B.V.","Finalizat","MPF","0",{"$nulls":3},"PF012217","HUSA SM 6 NEW 2025 90X210","CP00001174",42,0,42,"BUC",{"v":26.8,"d":"26.8000"},"EUR",{"v":0,"d":"0.00"},{"v":0,"d":"0.00"},{"v":1125.6,"d":"1125.60"},"EUR","SO25000230","4571098779",3,"MPF","0","Bunuri",null,null,"1056541","Y","Y","Y","SM 6 NEW 2025"]
["2025-09-06","SH25000079","Aviz Expeditie","411_01INNOFA B.V","INNOFA B.V.","Finalizat","MPF","0",{"$nulls":3},"PF012216","HUSA SM 6 NEW 2025 90X200","CP00001141",50,26,24,"BUC",{"v":25.96,"d":"25.9600"},"EUR",{"v":0,"d":"0.00"},{"v":0,"d":"0.00"},623.04,"EUR","SO25000229","4571098778",2,"MPF","0","Bunuri",null,null,"1056540","Y","Y","Y","SM 6 NEW 2025"]
["2025-09-06","SH25000079","Aviz Expeditie","411_01INNOFA B.V","INNOFA B.V.","Finalizat","MPF","0",{"$nulls":3},"PF012215","HUSA SM 6 NEW 2025 80X200","CP00001140",200,0,20,"BUC",{"v":24.53,"d":"24.5300"},"EUR",{"v":0,"d":"0.00"},{"v":0,"d":"0.00"},{"v":490.6,"d":"490.60"},"EUR","SO25000229","4571098778",1,"MPF","0","Bunuri",null,null,"1056539","Y","Y","Y","SM 6 NEW 2025"]
["2025-09-06","SH25000079","Aviz Expeditie","411_01INNOFA B.V","INNOFA B.V.","Finalizat","MPF","0",{"$nulls":3},"PF012222","HUSA SM 8 NEW 2025 90X200","CP00001146",50,0,50,"BUC",{"v":25.96,"d":"25.9600"},"EUR",{"v":0,"d":"0.00"},{"v":0,"d":"0.00"},{"v":1298,"d":"1298.00"},"EUR","SO25000229","4571098778",7,"MPF","0","Bunuri",null,null,"1056546","Y","Y","Y","SM 8 NEW 2025"]
["2025-09-06","SH25000079","Aviz Expeditie","411_01INNOFA B.V","INNOFA B.V.","Finalizat","MPF","0",{"$nulls":3},"PALET1200X1000","PALETI LEMN (120X100)","0",54,143,3,"BUC",{"v":0,"d":"0.0000"},"EUR",{"v":0,"d":"0.00"},{"v":0,"d":"0.00"},{"v":0,"d":"0.00"},"EUR",null,null,0,"MPF","0","Bunuri",{"$nulls":3},"Y","Y","Y"]
["2025-09-06","SH25000079","Aviz Expeditie","411_01INNOFA B.V","INNOFA B.V.","Finalizat","MPF","0",{"$nulls":3},"CUTIE1200x135","CUTIE 1200 x 1000 x 1350","0",41,7,3,"BUC",{"v":0,"d":"0.0000"},"EUR",{"v":0,"d":"0.00"},{"v":0,"d":"0.00"},{"v":0,"d":"0.00"},"EUR",null,null,0,"MPF","0","Bunuri",{"$nulls":3},"Y","Y","Y"]
["2025-09-06","SH25000079","Aviz Expeditie","411_01INNOFA B.V","INNOFA B.V.","Finalizat","MPF","0",{"$nulls":3},"CAPAC1200","CAPAC 1200 x 1000 x 150","0",72,660,3,"BUC",{"v":0,"d":"0.0000"},"EUR",{"v":0,"d":"0.00"},{"v":0,"d":"0.00"},{"v":0,"d":"0.00"},"EUR",null,null,0,"Prin","0","Bunuri",{"$nulls":3},"Y","Y","Y"]
["2025-09-09","SH25000080","Aviz Expeditie","411_01INNOFA B.V","INNOFA B.V.","Finalizat","MPF","0",{"$nulls":3},"PF012215","HUSA SM 6 NEW 2025 80X200","CP00001215",150,0,50,"BUC",{"v":24.53,"d":"24.5300"},"EUR",{"v":0,"d":"0.00"},{"v":0,"d":"0.00"},{"v":1226.5,"d":"1226.50"},"EUR","SO25000291","4571101044",1,"MPF","0","Bunuri",null,null,"1056539","Y","Y","Y","SM 6 NEW 2025"]
["2025-09-09","SH25000080","Aviz Expeditie","411_01INNOFA B.V","INNOFA B.V.","Finalizat","MPF","0",{"$nulls":3},"PF012216","HUSA SM 6 NEW 2025 90X200","CP00001216",200,0,200,"BUC",{"v":25.96,"d":"25.9600"},"EUR",{"v":0,"d":"0.00"},{"v":0,"d":"0.00"},{"v":5192,"d":"5192.00"},"EUR","SO25000291","4571101044",2,"MPF","0","Bunuri",null,null,"1056540","Y","Y","Y","SM 6 NEW 2025"]
["2025-09-09","SH25000080","Aviz Expeditie","411_01INNOFA B.V","INNOFA B.V.","Finalizat","MPF","0",{"$nulls":3},"PF012217","HUSA SM 6 NEW 2025 90X210","CP00001217",100,0,50,"BUC",{"v":26.8,"d":"26.8000"},"EUR",{"v":0,"d":"0.00"},{"v":0,"d":"0.00"},{"v":1340,"d":"1340.00"},"EUR","SO25000291","4571101044",3,"MPF","0","Bunuri",null,null,"1056541","Y","Y","Y","SM 6 NEW 2025"]
["2025-09-09","SH25000080","Aviz Expeditie","411_01INNOFA B.V","INNOFA B.V.","Finalizat","MPF","0",{"$nulls":3},"PF012220","HUSA SM 7 NEW 2025 90X210","CP00001228",50,0,50,"BUC",{"v":26.8,"d":"26.8000"},"EUR",{"v":0,"d":"0.00"},{"v":0,"d":"0.00"},{"v":1340,"d":"1340.00"},"EUR","SO25000292","4571101047",6,"MPF","0","Bunuri",null,null,"1056544","Y","Y","Y","SM 7 NEW 2025"]
["2025-09-09","SH25000080","Aviz Expeditie","411_01INNOFA B.V","INNOFA B.V.","Finalizat","MPF","0",{"$nulls":3},"PF012222","HUSA SM 8 NEW 2025 90X200","CP00001230",200,0,100,"BUC",{"v":25.96,"d":"25.9600"},"EUR",{"v":0,"d":"0.00"},{"v":0,"d":"0.00"},{"v":2596,"d":"2596.00"},"EUR","SO25000292","4571101047",8,"MPF","0","Bunuri",null,null,"1056546","Y","Y","Y","SM 8 NEW 2025"]
["2025-09-09","SH25000080","Aviz Expeditie","411_01INNOFA B.V","INNOFA B.V.","Finalizat","MPF","0",{"$nulls":3},"PF012223","HUSA SM 8 NEW 2025 90X210","CP00001231",100,25,50,"BUC",{"v":26.8,"d":"26.8000"},"EUR",{"v":0,"d":"0.00"},{"v":0,"d":"0.00"},{"v":1340,"d":"1340.00"},"EUR","SO25000292","4571101047",9,"MPF","0","Bunuri",null,null,"1056547","Y","Y","Y","SM 8 NEW 2025"]
["2025-09-09","SH25000080","Aviz Expeditie","411_01INNOFA B.V","INNOFA B.V.","Finalizat","MPF","0",{"$nulls":3},"PALET1200X1000","PALETI LEMN (120X100)","0",51,143,11,"BUC",{"v":0,"d":"0.0000"},"EUR",{"v":0,"d":"0.00"},{"v":0,"d":"0.00"},{"v":0,"d":"0.00"},"EUR",null,null,0,"MPF","0","Bunuri",{"$nulls":3},"Y","Y","Y"]
["2025-09-09","SH25000080","Aviz Expeditie","411_01INNOFA B.V","INNOFA B.V.","Finalizat","MPF","0",{"$nulls":3},"CUTIE1200x135","CUTIE 1200 x 1000 x 1350","0",38,7,11,"BUC",{"v":0,"d":"0.0000"},"EUR",{"v":0,"d":"0.00"},{"v":0,"d":"0.00"},{"v":0,"d":"0.00"},"EUR",null,null,0,"MPF","0","Bunuri",{"$nulls":3},"Y","Y","Y"]
["2025-09-09","SH25000081","Aviz Expeditie","411_01INNOFA B.V","INNOFA B.V.","Finalizat","MPF","0",{"$nulls":3},"PF012219","HUSA SM 7 NEW 2025 90X200","CP00001143",100,0,100,"BUC",{"v":25.96,"d":"25.9600"},"EUR",{"v":0,"d":"0.00"},{"v":0,"d":"0.00"},{"v":2596,"d":"2596.00"},"EUR","SO25000229","4571098778",4,"MPF","0","Bunuri",null,null,"1056543","Y","Y","Y","SM 7 NEW 2025"]
["2025-09-09","SH25000081","Aviz Expeditie","411_01INNOFA B.V","INNOFA B.V.","Finalizat","MPF","0",{"$nulls":3},"PF012219","HUSA SM 7 NEW 2025 90X200","CP00001139",200,0,150,"BUC",{"v":25.96,"d":"25.9600"},"EUR",{"v":0,"d":"0.00"},{"v":0,"d":"0.00"},{"v":3894,"d":"3894.00"},"EUR","SO25000230","4571098779",5,"MPF","0","Bunuri",null,null,"1056543","Y","Y","Y","SM 7 NEW 2025"]
["2025-09-09","SH25000081","Aviz Expeditie","411_01INNOFA B.V","INNOFA B.V.","Finalizat","MPF","0",{"$nulls":3},"PF012215","HUSA SM 6 NEW 2025 80X200","CP00001140",180,0,100,"BUC",{"v":24.53,"d":"24.5300"},"EUR",{"v":0,"d":"0.00"},{"v":0,"d":"0.00"},{"v":2453,"d":"2453.00"},"EUR","SO25000229","4571098778",1,"MPF","0","Bunuri",null,null,"1056539","Y","Y","Y","SM 6 NEW 2025"]
["2025-09-09","SH25000081","Aviz Expeditie","411_01INNOFA B.V","INNOFA B.V.","Finalizat","MPF","0",{"$nulls":3},"PF012222","HUSA SM 8 NEW 2025 90X200","CP00001146",150,0,50,"BUC",{"v":25.96,"d":"25.9600"},"EUR",{"v":0,"d":"0.00"},{"v":0,"d":"0.00"},{"v":1298,"d":"1298.00"},"EUR","SO25000229","4571098778",7,"MPF","0","Bunuri",null,null,"1056546","Y","Y","Y","SM 8 NEW 2025"]
["2025-09-09","SH25000081","Aviz Expeditie","411_01INNOFA B.V","INNOFA B.V.","Finalizat","MPF","0",{"$nulls":3},"PALET1200X1000","PALETI LEMN (120X100)","0",40,143,9,"BUC",{"v":0,"d":"0.0000"},"EUR",{"v":0,"d":"0.00"},{"v":0,"d":"0.00"},{"v":0,"d":"0.00"},"EUR",null,null,0,"MPF","0","Bunuri",{"$nulls":3},"Y","Y","Y"]
["2025-09-09","SH25000081","Aviz Expeditie","411_01INNOFA B.V","INNOFA B.V.","Finalizat","MPF","0",{"$nulls":3},"CUTIE1200x90","CUTIE 1200 x 1000 x 900","0",245,154,9,"BUC",{"v":0,"d":"0.0000"},"EUR",{"v":0,"d":"0.00"},{"v":0,"d":"0.00"},{"v":0,"d":"0.00"},"EUR",null,null,0,"Prin","0","Bunuri",{"$nulls":3},"Y","Y","Y"]
["2025-09-09","SH25000081","Aviz Expeditie","411_01INNOFA B.V","INNOFA B.V.","Finalizat","MPF","0",{"$nulls":3},"CAPAC1200","CAPAC 1200 x 1000 x 150","0",284,660,9,"BUC",{"v":0,"d":"0.0000"},"EUR",{"v":0,"d":"0.00"},{"v":0,"d":"0.00"},{"v":0,"d":"0.00"},"EUR",null,null,0,"Prin","0","Bunuri",{"$nulls":3},"Y","Y","Y"]
["2025-09-09","SH25000082","Aviz Expeditie","411_01INNOFA B.V","INNOFA B.V.","Finalizat","MPF","0",{"$nulls":3},"PF012218","HUSA SM 7 NEW 2025 80X200","CP00000901",200,193,7,"BUC",{"v":24.53,"d":"24.5300"},"EUR",{"v":0,"d":"0.00"},{"v":0,"d":"0.00"},171.71,"EUR","SO25000189","20250730",1,"MPF","0","Bunuri",null,null,"1056542","Y","Y","Y","SM 7 NEW 2025"]
["2025-09-09","SH25000082","Aviz Expeditie","411_01INNOFA B.V","INNOFA B.V.","Finalizat","MPF","0",{"$nulls":3},"PF012222","HUSA SM 8 NEW 2025 90X200","CP00001146",100,0,97,"BUC",{"v":25.96,"d":"25.9600"},"EUR",{"v":0,"d":"0.00"},{"v":0,"d":"0.00"},2518.12,"EUR","SO25000229","4571098778",7,"MPF","0","Bunuri",null,null,"1056546","Y","Y","Y","SM 8 NEW 2025"]
["2025-09-09","SH25000082","Aviz Expeditie","411_01INNOFA B.V","INNOFA B.V.","Finalizat","MPF","0",{"$nulls":3},"PF012220","HUSA SM 7 NEW 2025 90X210","CP00001144",25,18,7,"BUC",{"v":26.8,"d":"26.8000"},"EUR",{"v":0,"d":"0.00"},{"v":0,"d":"0.00"},{"v":187.6,"d":"187.60"},"EUR","SO25000229","4571098778",5,"MPF","0","Bunuri",null,null,"1056544","Y","Y","Y","SM 7 NEW 2025"]
["2025-09-09","SH25000082","Aviz Expeditie","411_01INNOFA B.V","INNOFA B.V.","Finalizat","MPF","0",{"$nulls":3},"PALET1200X1000","PALETI LEMN (120X100)","0",31,143,3,"BUC",{"v":0,"d":"0.0000"},"EUR",{"v":0,"d":"0.00"},{"v":0,"d":"0.00"},{"v":0,"d":"0.00"},"EUR",null,null,0,"MPF","0","Bunuri",{"$nulls":3},"Y","Y","Y"]
["2025-09-09","SH25000082","Aviz Expeditie","411_01INNOFA B.V","INNOFA B.V.","Finalizat","MPF","0",{"$nulls":3},"CUTIE1200x90","CUTIE 1200 x 1000 x 900","0",236,154,3,"BUC",{"v":0,"d":"0.0000"},"EUR",{"v":0,"d":"0.00"},{"v":0,"d":"0.00"},{"v":0,"d":"0.00"},"EUR",null,null,0,"Prin","0","Bunuri",{"$nulls":3},"Y","Y","Y"]
["2025-09-09","SH25000082","Aviz Expeditie","411_01INNOFA B.V","INNOFA B.V.","Finalizat","MPF","0",{"$nulls":3},"CAPAC1200","CAPAC 1200 x 1000 x 150","0",275,660,3,"BUC",{"v":0,"d":"0.0000"},"EUR",{"v":0,"d":"0.00"},{"v":0,"d":"0.00"},{"v":0,"d":"0.00"},"EUR",null,null,0,"Prin","0","Bunuri",{"$nulls":3},"Y","Y","Y"]
["2025-09-10","SH25000083","Aviz Expeditie","411_01ARAMIS INV","ARAMIS INVEST S.R.L.","Finalizat","MPF","0",{"$nulls":3},"PF012130","HUSA NORRSELE MAT PAD 180x200","CP00000927",100,0,100,"BUC",{"v":26.88,"d":"26.8800"},"RON",{"v":0,"d":"0.00"},{"v":0,"d":"0.00"},{"v":2688,"d":"2688.00"},"RON","SO25000193","260811",1,"MPF","0","Bunuri",null,"SI25000117","111000000139908","Y","Y","Y","NORRSELE MAT PAD"]
["2025-09-10","SH25000083","Aviz Expeditie","411_01ARAMIS INV","ARAMIS INVEST S.R.L.","Finalizat","MPF","0",{"$nulls":3},"PF012130","HUSA NORRSELE MAT PAD 180x200","CP00000925",100,0,100,"BUC",{"v":26.88,"d":"26.8800"},"RON",{"v":0,"d":"0.00"},{"v":0,"d":"0.00"},{"v":2688,"d":"2688.00"},"RON","SO25000193","260811",2,"MPF","0","Bunuri",null,"SI25000117","111000000139908","Y","Y","Y","NORRSELE MAT PAD"]
["2025-09-10","SH25000083","Aviz Expeditie","411_01ARAMIS INV","ARAMIS INVEST S.R.L.","Finalizat","MPF","0",{"$nulls":3},"PF012129","HUSA NORRSELE MAT PAD 160x200","CP00000938",10,0,10,"BUC",{"v":24.53,"d":"24.5300"},"RON",{"v":0,"d":"0.00"},{"v":0,"d":"0.00"},{"v":245.3,"d":"245.30"},"RON","SO25000195","260811",6,"MPF","0","Bunuri",null,"SI25000117","111000000139907","Y","Y","Y","NORRSELE MAT PAD"]
["2025-09-10","SH25000083","Aviz Expeditie","411_01ARAMIS INV","ARAMIS INVEST S.R.L.","Finalizat","MPF","0",{"$nulls":3},"PF012129","HUSA NORRSELE MAT PAD 160x200","CP00000936",30,0,30,"BUC",{"v":24.53,"d":"24.5300"},"RON",{"v":0,"d":"0.00"},{"v":0,"d":"0.00"},{"v":735.9,"d":"735.90"},"RON","SO25000195","260811",4,"MPF","0","Bunuri",null,"SI25000117","111000000139907","Y","Y","Y","NORRSELE MAT PAD"]
["2025-09-10","SH25000083","Aviz Expeditie","411_01ARAMIS INV","ARAMIS INVEST S.R.L.","Finalizat","MPF","0",{"$nulls":3},"PF012129","HUSA NORRSELE MAT PAD 160x200","CP00000939",100,0,100,"BUC",{"v":24.53,"d":"24.5300"},"RON",{"v":0,"d":"0.00"},{"v":0,"d":"0.00"},{"v":2453,"d":"2453.00"},"RON","SO25000195","260811",7,"MPF","0","Bunuri",null,"SI25000117","111000000139907","Y","Y","Y","NORRSELE MAT PAD"]
["2025-09-10","SH25000083","Aviz Expeditie","411_01ARAMIS INV","ARAMIS INVEST S.R.L.","Finalizat","MPF","0",{"$nulls":3},"PF012127","HUSA NORRSELE MAT PAD 90x200","CP00000999",100,0,100,"BUC",{"v":15.68,"d":"15.6800"},"RON",{"v":0,"d":"0.00"},{"v":0,"d":"0.00"},{"v":1568,"d":"1568.00"},"RON","SO25000201","263664",18,"MPF","0","Bunuri",null,"SI25000117","111000000139903","Y","Y","Y","NORRSELE MAT PAD"]
["2025-09-10","SH25000083","Aviz Expeditie","411_01ARAMIS INV","ARAMIS INVEST S.R.L.","Finalizat","MPF","0",{"$nulls":3},"PF012127","HUSA NORRSELE MAT PAD 90x200","CP00000998",100,0,100,"BUC",{"v":15.68,"d":"15.6800"},"RON",{"v":0,"d":"0.00"},{"v":0,"d":"0.00"},{"v":1568,"d":"1568.00"},"RON","SO25000201","263664",17,"MPF","0","Bunuri",null,"SI25000117","111000000139903","Y","Y","Y","NORRSELE MAT PAD"]
["2025-09-10","SH25000083","Aviz Expeditie","411_01ARAMIS INV","ARAMIS INVEST S.R.L.","Finalizat","MPF","0",{"$nulls":3},"PF012127","HUSA NORRSELE MAT PAD 90x200","CP00001000",100,0,100,"BUC",{"v":15.68,"d":"15.6800"},"RON",{"v":0,"d":"0.00"},{"v":0,"d":"0.00"},{"v":1568,"d":"1568.00"},"RON","SO25000201","263664",19,"MPF","0","Bunuri",null,"SI25000117","111000000139903","Y","Y","Y","NORRSELE MAT PAD"]
["2025-09-10","SH25000083","Aviz Expeditie","411_01ARAMIS INV","ARAMIS INVEST S.R.L.","Finalizat","MPF","0",{"$nulls":3},"PF012127","HUSA NORRSELE MAT PAD 90x200","CP00001001",100,0,100,"BUC",{"v":15.68,"d":"15.6800"},"RON",{"v":0,"d":"0.00"},{"v":0,"d":"0.00"},{"v":1568,"d":"1568.00"},"RON","SO25000201","263664",20,"MPF","0","Bunuri",null,"SI25000117","111000000139903","Y","Y","Y","NORRSELE MAT PAD"]
["2025-09-10","SH25000083","Aviz Expeditie","411_01ARAMIS INV","ARAMIS INVEST S.R.L.","Finalizat","MPF","0",{"$nulls":3},"PF012224","HUSA Vithall  Extra Firm EU 80X200","CP00000967",100,0,100,"BUC",{"v":23.63,"d":"23.6300"},"RON",{"v":0,"d":"0.00"},{"v":0,"d":"0.00"},{"v":2363,"d":"2363.00"},"RON","SO25000199","263661",4,"MPF","0","Bunuri",null,"SI25000117",null,"Y","Y","Y","Vithall  Extra Firm EU"]
["2025-09-10","SH25000083","Aviz Expeditie","411_01ARAMIS INV","ARAMIS INVEST S.R.L.","Finalizat","MPF","0",{"$nulls":3},"PF012224","HUSA Vithall  Extra Firm EU 80X200","CP00000968",100,0,100,"BUC",{"v":23.63,"d":"23.6300"},"RON",{"v":0,"d":"0.00"},{"v":0,"d":"0.00"},{"v":2363,"d":"2363.00"},"RON","SO25000199","263661",5,"MPF","0","Bunuri",null,"SI25000117",null,"Y","Y","Y","Vithall  Extra Firm EU"]
["2025-09-10","SH25000083","Aviz Expeditie","411_01ARAMIS INV","ARAMIS INVEST S.R.L.","Finalizat","MPF","0",{"$nulls":3},"PF012224","HUSA Vithall  Extra Firm EU 80X200","CP00000966",90,0,90,"BUC",{"v":23.63,"d":"23.6300"},"RON",{"v":0,"d":"0.00"},{"v":0,"d":"0.00"},{"v":2126.7,"d":"2126.70"},"RON","SO25000199","263661",3,"MPF","0","Bunuri",null,"SI25000117",null,"Y","Y","Y","Vithall  Extra Firm EU"]
["2025-09-10","SH25000083","Aviz Expeditie","411_01ARAMIS INV","ARAMIS INVEST S.R.L.","Finalizat","MPF","0",{"$nulls":3},"PF012224","HUSA Vithall  Extra Firm EU 80X200","CP00000965",10,0,10,"BUC",{"v":23.63,"d":"23.6300"},"RON",{"v":0,"d":"0.00"},{"v":0,"d":"0.00"},{"v":236.3,"d":"236.30"},"RON","SO25000199","263661",2,"MPF","0","Bunuri",null,"SI25000117",null,"Y","Y","Y","Vithall  Extra Firm EU"]
["2025-09-10","SH25000083","Aviz Expeditie","411_01ARAMIS INV","ARAMIS INVEST S.R.L.","Finalizat","MPF","0",{"$nulls":3},"PALET2000X900","PALETI LEMN (90x200) - folositi la pachete","0",219,243,12,"BUC",{"v":0,"d":"0.0000"},"RON",{"v":0,"d":"0.00"},{"v":0,"d":"0.00"},{"v":0,"d":"0.00"},"RON",null,null,0,"MPF","0","Bunuri",null,"SI25000117",null,"Y","Y","Y"]
["2025-09-10","SH25000083","Aviz Expeditie","411_01ARAMIS INV","ARAMIS INVEST S.R.L.","Finalizat","MPF","0",{"$nulls":3},"PALET1200X1000","PALETI LEMN (120X100)","0",28,143,7,"BUC",{"v":0,"d":"0.0000"},"RON",{"v":0,"d":"0.00"},{"v":0,"d":"0.00"},{"v":0,"d":"0.00"},"RON",null,null,0,"MPF","0","Bunuri",null,"SI25000117",null,"Y","Y","Y"]
["2025-09-10","SH25000083","Aviz Expeditie","411_01ARAMIS INV","ARAMIS INVEST S.R.L.","Finalizat","MPF","0",{"$nulls":3},"CUTIE1200x135","CUTIE 1200 x 1000 x 1350","0",27,7,6,"BUC",{"v":0,"d":"0.0000"},"RON",{"v":0,"d":"0.00"},{"v":0,"d":"0.00"},{"v":0,"d":"0.00"},"RON",null,null,0,"MPF","0","Bunuri",null,"SI25000117",null,"Y","Y","Y"]
["2025-09-10","SH25000083","Aviz Expeditie","411_01ARAMIS INV","ARAMIS INVEST S.R.L.","Finalizat","MPF","0",{"$nulls":3},"CAPAC1200","CAPAC 1200 x 1000 x 150","0",272,660,7,"BUC",{"v":0,"d":"0.0000"},"RON",{"v":0,"d":"0.00"},{"v":0,"d":"0.00"},{"v":0,"d":"0.00"},"RON",null,null,0,"Prin","0","Bunuri",null,"SI25000117",null,"Y","Y","Y"]
["2025-09-10","SH25000083","Aviz Expeditie","411_01ARAMIS INV","ARAMIS INVEST S.R.L.","Finalizat","MPF","0",{"$nulls":3},"PF012224","HUSA Vithall  Extra Firm EU 80X200","CP00000964",15,7,8,"BUC",{"v":23.63,"d":"23.6300"},"RON",{"v":0,"d":"0.00"},{"v":0,"d":"0.00"},189.04,"RON","SO25000199","263661",1,"MPF","0","Bunuri",null,"SI25000117",null,"Y","Y","Y","Vithall  Extra Firm EU"]
["2025-09-10","SH25000084","Aviz Expeditie","411_01INNOFA B.V","INNOFA B.V.","Finalizat","MPF","0",{"$nulls":3},"PF012215","HUSA SM 6 NEW 2025 80X200","CP00001140",80,0,50,"BUC",{"v":24.53,"d":"24.5300"},"EUR",{"v":0,"d":"0.00"},{"v":0,"d":"0.00"},{"v":1226.5,"d":"1226.50"},"EUR","SO25000229","4571098778",1,"MPF","0","Bunuri",null,null,"1056539","Y","Y","Y","SM 6 NEW 2025"]
["2025-09-10","SH25000084","Aviz Expeditie","411_01INNOFA B.V","INNOFA B.V.","Finalizat","MPF","0",{"$nulls":3},"PF012215","HUSA SM 6 NEW 2025 80X200","CP00001188",100,0,100,"BUC",{"v":24.53,"d":"24.5300"},"EUR",{"v":0,"d":"0.00"},{"v":0,"d":"0.00"},{"v":2453,"d":"2453.00"},"EUR","SO25000230","4571098779",1,"MPF","0","Bunuri",null,null,"1056539","Y","Y","Y","SM 6 NEW 2025"]
["2025-09-10","SH25000084","Aviz Expeditie","411_01INNOFA B.V","INNOFA B.V.","Finalizat","MPF","0",{"$nulls":3},"PF012217","HUSA SM 6 NEW 2025 90X210","CP00001174",50,0,50,"BUC",{"v":26.8,"d":"26.8000"},"EUR",{"v":0,"d":"0.00"},{"v":0,"d":"0.00"},{"v":1340,"d":"1340.00"},"EUR","SO25000230","4571098779",3,"MPF","0","Bunuri",null,null,"1056541","Y","Y","Y","SM 6 NEW 2025"]
["2025-09-10","SH25000084","Aviz Expeditie","411_01INNOFA B.V","INNOFA B.V.","Finalizat","MPF","0",{"$nulls":3},"PF012217","HUSA SM 6 NEW 2025 90X210","CP00001217",50,0,50,"BUC",{"v":26.8,"d":"26.8000"},"EUR",{"v":0,"d":"0.00"},{"v":0,"d":"0.00"},{"v":1340,"d":"1340.00"},"EUR","SO25000291","4571101044",3,"MPF","0","Bunuri",null,null,"1056541","Y","Y","Y","SM 6 NEW 2025"]
["2025-09-10","SH25000084","Aviz Expeditie","411_01INNOFA B.V","INNOFA B.V.","Finalizat","MPF","0",{"$nulls":3},"PF012219","HUSA SM 7 NEW 2025 90X200","CP00001139",250,0,150,"BUC",{"v":25.96,"d":"25.9600"},"EUR",{"v":0,"d":"0.00"},{"v":0,"d":"0.00"},{"v":3894,"d":"3894.00"},"EUR","SO25000230","4571098779",5,"MPF","0","Bunuri",null,null,"1056543","Y","Y","Y","SM 7 NEW 2025"]
["2025-09-10","SH25000084","Aviz Expeditie","411_01INNOFA B.V","INNOFA B.V.","Finalizat","MPF","0",{"$nulls":3},"PF012222","HUSA SM 8 NEW 2025 90X200","CP00001191",200,0,100,"BUC",{"v":25.96,"d":"25.9600"},"EUR",{"v":0,"d":"0.00"},{"v":0,"d":"0.00"},{"v":2596,"d":"2596.00"},"EUR","SO25000230","4571098779",7,"MPF","0","Bunuri",null,null,"1056546","Y","Y","Y","SM 8 NEW 2025"]
["2025-09-10","SH25000084","Aviz Expeditie","411_01INNOFA B.V","INNOFA B.V.","Finalizat","MPF","0",{"$nulls":3},"PF012223","HUSA SM 8 NEW 2025 90X210","CP00001175",100,25,50,"BUC",{"v":26.8,"d":"26.8000"},"EUR",{"v":0,"d":"0.00"},{"v":0,"d":"0.00"},{"v":1340,"d":"1340.00"},"EUR","SO25000230","4571098779",9,"MPF","0","Bunuri",null,null,"1056547","Y","Y","Y","SM 8 NEW 2025"]
["2025-09-10","SH25000084","Aviz Expeditie","411_01INNOFA B.V","INNOFA B.V.","Finalizat","MPF","0",{"$nulls":3},"PALET1200X1000","PALETI LEMN (120X100)","0",21,143,12,"BUC",{"v":0,"d":"0.0000"},"EUR",{"v":0,"d":"0.00"},{"v":0,"d":"0.00"},{"v":0,"d":"0.00"},"EUR",null,null,0,"MPF","0","Bunuri",{"$nulls":3},"Y","Y","Y"]
["2025-09-10","SH25000084","Aviz Expeditie","411_01INNOFA B.V","INNOFA B.V.","Finalizat","MPF","0",{"$nulls":3},"CUTIE1200x90","CUTIE 1200 x 1000 x 900","0",233,154,12,"BUC",{"v":0,"d":"0.0000"},"EUR",{"v":0,"d":"0.00"},{"v":0,"d":"0.00"},{"v":0,"d":"0.00"},"EUR",null,null,0,"Prin","0","Bunuri",{"$nulls":3},"Y","Y","Y"]
["2025-09-10","SH25000084","Aviz Expeditie","411_01INNOFA B.V","INNOFA B.V.","Finalizat","MPF","0",{"$nulls":3},"CAPAC1200","CAPAC 1200 x 1000 x 150","0",265,660,12,"BUC",{"v":0,"d":"0.0000"},"EUR",{"v":0,"d":"0.00"},{"v":0,"d":"0.00"},{"v":0,"d":"0.00"},"EUR",null,null,0,"Prin","0","Bunuri",{"$nulls":3},"Y","Y","Y"]
["2025-09-11","SH25000085","Aviz Expeditie","411_01INNOFA B.V","INNOFA B.V.","Finalizat","MPF","0",{"$nulls":3},"PF012212","HUSA SM 5 NEW 2025 80X200","CP00001164",425,0,130,"BUC",{"v":24.53,"d":"24.5300"},"EUR",{"v":0,"d":"0.00"},{"v":0,"d":"0.00"},{"v":3188.9,"d":"3188.90"},"EUR","SO25000262","45981",1,"MPF","0","Bunuri",null,null,"21418","Y","Y","Y","SM 5 NEW 2025"]
["2025-09-11","SH25000085","Aviz Expeditie","411_01INNOFA B.V","INNOFA B.V.","Finalizat","MPF","0",{"$nulls":3},"PF012213","HUSA SM 5 NEW 2025 90X200","CP00001165",500,0,40,"BUC",{"v":25.96,"d":"25.9600"},"EUR",{"v":0,"d":"0.00"},{"v":0,"d":"0.00"},{"v":1038.4,"d":"1038.40"},"EUR","SO25000262","45981",2,"MPF","0","Bunuri",null,null,"21419","Y","Y","Y"]
["2025-09-11","SH25000085","Aviz Expeditie","411_01INNOFA B.V","INNOFA B.V.","Finalizat","MPF","0",{"$nulls":3},"PF011841","HUSA CM NEXT 324 180X200","CP00001178",25,0,25,"BUC",{"v":47.96,"d":"47.9600"},"EUR",{"v":0,"d":"0.00"},{"v":0,"d":"0.00"},{"v":1199,"d":"1199.00"},"EUR","SO25000267","46055",1,"MPF","0","Bunuri",null,null,"21070","Y","Y","Y"]
["2025-09-11","SH25000085","Aviz Expeditie","411_01INNOFA B.V","INNOFA B.V.","Finalizat","MPF","0",{"$nulls":3},"PF011619","HUSA CM NEXT 324 90X200","CP00001185",25,0,25,"BUC",{"v":28,"d":"28.0000"},"EUR",{"v":0,"d":"0.00"},{"v":0,"d":"0.00"},{"v":700,"d":"700.00"},"EUR","SO25000268","46082",1,"MPF","0","Bunuri",null,null,"21056","Y","Y","Y"]
["2025-09-11","SH25000085","Aviz Expeditie","411_01INNOFA B.V","INNOFA B.V.","Finalizat","MPF","0",{"$nulls":3},"PF011660","HUSA CM NEXT 324 90X210","CP00001184",25,0,25,"BUC",{"v":32.2,"d":"32.2000"},"EUR",{"v":0,"d":"0.00"},{"v":0,"d":"0.00"},{"v":805,"d":"805.00"},"EUR","SO25000260","46060",1,"MPF","0","Bunuri",null,null,"21057","Y","Y","Y"]
["2025-09-11","SH25000085","Aviz Expeditie","411_01INNOFA B.V","INNOFA B.V.","Finalizat","MPF","0",{"$nulls":3},"PF011669","HUSA CM NEXT 524 90X210","CP00001182",25,0,25,"BUC",{"v":32.32,"d":"32.3200"},"EUR",{"v":0,"d":"0.00"},{"v":0,"d":"0.00"},{"v":808,"d":"808.00"},"EUR","SO25000258","46028",1,"MPF","0","Bunuri",null,null,"21107","Y","Y","Y"]
["2025-09-11","SH25000085","Aviz Expeditie","411_01INNOFA B.V","INNOFA B.V.","Finalizat","MPF","0",{"$nulls":3},"PF012110","HUSA TOPPER COOL MOTION SOFT 160X220x6","CP00001157",25,0,25,"BUC",{"v":48.64,"d":"48.6400"},"EUR",{"v":0,"d":"0.00"},{"v":0,"d":"0.00"},{"v":1216,"d":"1216.00"},"EUR","SO25000255","45882",1,"MPF","0","Bunuri",null,null,"21275","Y","Y","Y","TOPPER COOL MOTION SOFT"]
["2025-09-11","SH25000085","Aviz Expeditie","411_01INNOFA B.V","INNOFA B.V.","Finalizat","MPF","0",{"$nulls":3},"PF011621","HUSA CM NEXT 524 90X200","CP00001204",25,0,25,"BUC",{"v":28.1,"d":"28.1000"},"EUR",{"v":0,"d":"0.00"},{"v":0,"d":"0.00"},{"v":702.5,"d":"702.50"},"EUR","SO25000289","22536129",2,"MPF","0","Bunuri",null,null,"21106","Y","Y","Y"]
["2025-09-11","SH25000085","Aviz Expeditie","411_01INNOFA B.V","INNOFA B.V.","Finalizat","MPF","0",{"$nulls":3},"PF011653","HUSA DUO COOL MOTION NEXT  26 180X200x26","CP00001187",25,0,25,"BUC",{"v":52.87,"d":"52.8700"},"EUR",{"v":0,"d":"0.00"},{"v":0,"d":"0.00"},1321.75,"EUR","SO25000270","46084",1,"MPF","0","Bunuri",null,null,"21206","Y","Y","Y","DUO COOL MOTION NEXT  26"]
["2025-09-11","SH25000085","Aviz Expeditie","411_01INNOFA B.V","INNOFA B.V.","Finalizat","MPF","0",{"$nulls":3},"PF011653","HUSA DUO COOL MOTION NEXT  26 180X200x26","CP00001186",25,0,25,"BUC",{"v":52.87,"d":"52.8700"},"EUR",{"v":0,"d":"0.00"},{"v":0,"d":"0.00"},1321.75,"EUR","SO25000269","46082",1,"MPF","0","Bunuri",null,null,"21206","Y","Y","Y","DUO COOL MOTION NEXT  26"]
["2025-09-11","SH25000085","Aviz Expeditie","411_01INNOFA B.V","INNOFA B.V.","Finalizat","MPF","0",{"$nulls":3},"PF011621","HUSA CM NEXT 524 90X200","CP00001237",100,0,5,"BUC",{"v":28.1,"d":"28.1000"},"EUR",{"v":0,"d":"0.00"},{"v":0,"d":"0.00"},{"v":140.5,"d":"140.50"},"EUR","SO25000287","22536095",4,"MPF","0","Bunuri",null,null,"21106","Y","Y","Y"]
["2025-09-11","SH25000085","Aviz Expeditie","411_01INNOFA B.V","INNOFA B.V.","Finalizat","MPF","0",{"$nulls":3},"PF011679","HUSA CM NEXT 724 90X210","CP00001181",25,0,25,"BUC",{"v":32.32,"d":"32.3200"},"EUR",{"v":0,"d":"0.00"},{"v":0,"d":"0.00"},{"v":808,"d":"808.00"},"EUR","SO25000257","45978",1,"MPF","0","Bunuri",null,null,"21135","Y","Y","Y"]
["2025-09-11","SH25000085","Aviz Expeditie","411_01INNOFA B.V","INNOFA B.V.","Finalizat","MPF","0",{"$nulls":3},"PALET1200X1000","PALETI LEMN (120X100)","0",9,143,8,"BUC",{"v":0,"d":"0.0000"},"EUR",{"v":0,"d":"0.00"},{"v":0,"d":"0.00"},{"v":0,"d":"0.00"},"EUR",null,null,0,"MPF","0","Bunuri",{"$nulls":3},"Y","Y","Y"]
["2025-09-11","SH25000085","Aviz Expeditie","411_01INNOFA B.V","INNOFA B.V.","Finalizat","MPF","0",{"$nulls":3},"CUTIE1200x90","CUTIE 1200 x 1000 x 900","0",221,154,8,"BUC",{"v":0,"d":"0.0000"},"EUR",{"v":0,"d":"0.00"},{"v":0,"d":"0.00"},{"v":0,"d":"0.00"},"EUR",null,null,0,"Prin","0","Bunuri",{"$nulls":3},"Y","Y","Y"]
["2025-09-11","SH25000086","Aviz Expeditie","411_01INNOFA B.V","INNOFA B.V.","Finalizat","MPF","0",{"$nulls":3},"PF012212","HUSA SM 5 NEW 2025 80X200","CP00001164",295,0,20,"BUC",{"v":24.53,"d":"24.5300"},"EUR",{"v":0,"d":"0.00"},{"v":0,"d":"0.00"},{"v":490.6,"d":"490.60"},"EUR","SO25000262","45981",1,"MPF","0","Bunuri",null,null,"21418","Y","Y","Y","SM 5 NEW 2025"]
["2025-09-11","SH25000086","Aviz Expeditie","411_01INNOFA B.V","INNOFA B.V.","Finalizat","MPF","0",{"$nulls":3},"PF012213","HUSA SM 5 NEW 2025 90X200","CP00001165",460,0,140,"BUC",{"v":25.96,"d":"25.9600"},"EUR",{"v":0,"d":"0.00"},{"v":0,"d":"0.00"},{"v":3634.4,"d":"3634.40"},"EUR","SO25000262","45981",2,"MPF","0","Bunuri",null,null,"21419","Y","Y","Y"]
["2025-09-11","SH25000086","Aviz Expeditie","411_01INNOFA B.V","INNOFA B.V.","Finalizat","MPF","0",{"$nulls":3},"PF011621","HUSA CM NEXT 524 90X200","CP00001237",95,0,70,"BUC",{"v":28.1,"d":"28.1000"},"EUR",{"v":0,"d":"0.00"},{"v":0,"d":"0.00"},{"v":1967,"d":"1967.00"},"EUR","SO25000287","22536095",4,"MPF","0","Bunuri",null,null,"21106","Y","Y","Y"]
["2025-09-11","SH25000086","Aviz Expeditie","411_01INNOFA B.V","INNOFA B.V.","Finalizat","MPF","0",{"$nulls":3},"PF012214","HUSA SM 5 NEW 2025 90X210","CP00001163",100,0,50,"BUC",{"v":26.8,"d":"26.8000"},"EUR",{"v":0,"d":"0.00"},{"v":0,"d":"0.00"},{"v":1340,"d":"1340.00"},"EUR","SO25000261","45981",1,"MPF","0","Bunuri",null,null,"21420","Y","Y","Y"]
["2025-09-11","SH25000086","Aviz Expeditie","411_01INNOFA B.V","INNOFA B.V.","Finalizat","MPF","0",{"$nulls":3},"PF012078","HUSA TOPPER COOL MOTION FIRM 180X210x6","CP00001147",25,0,25,"BUC",{"v":52.01,"d":"52.0100"},"EUR",{"v":0,"d":"0.00"},{"v":0,"d":"0.00"},1300.25,"EUR","SO25000234","45985",1,"MPF","0","Bunuri",null,null,"21228","Y","Y","Y","TOPPER COOL MOTION FIRM"]
["2025-09-11","SH25000086","Aviz Expeditie","411_01INNOFA B.V","INNOFA B.V.","Finalizat","MPF","0",{"$nulls":3},"PF012234","HUSA TWIN 2024 26  160X220 160X220","CP00001254",25,0,25,"BUC",{"v":56.5,"d":"56.5000"},"EUR",{"v":0,"d":"0.00"},{"v":0,"d":"0.00"},{"v":1412.5,"d":"1412.50"},"EUR","SO25000233","45984",2,"MPF","0","Bunuri",null,null,"21172","Y","Y","Y","TWIN 2024 26  160X220"]
["2025-09-11","SH25000086","Aviz Expeditie","411_01INNOFA B.V","INNOFA B.V.","Finalizat","MPF","0",{"$nulls":3},"PF011875","HUSA CM NEXT 724 120X200","CP00001172",25,0,25,"BUC",{"v":35.73,"d":"35.7300"},"EUR",{"v":0,"d":"0.00"},{"v":0,"d":"0.00"},893.25,"EUR","SO25000259","46052",1,"MPF","0","Bunuri",null,null,"21140","Y","Y","Y"]
["2025-09-11","SH25000086","Aviz Expeditie","411_01INNOFA B.V","INNOFA B.V.","Finalizat","MPF","0",{"$nulls":3},"PF011643","HUSA CM NEXT 1 140X220","CP00001255",1,0,1,"BUC",{"v":39.98,"d":"39.9800"},"EUR",{"v":0,"d":"0.00"},{"v":0,"d":"0.00"},39.98,"EUR","SO25000299","45869",1,"MPF","0","Bunuri",null,null,"21394","Y","Y","Y"]
["2025-09-11","SH25000086","Aviz Expeditie","411_01INNOFA B.V","INNOFA B.V.","Finalizat","MPF","0",{"$nulls":3},"PF011667","HUSA CM NEXT 524 80X200","CP00001266",25,0,25,"BUC",{"v":26.98,"d":"26.9800"},"EUR",{"v":0,"d":"0.00"},{"v":0,"d":"0.00"},{"v":674.5,"d":"674.50"},"EUR","SO25000310","20251709",1,"MPF","0","Bunuri",null,null,"21103","Y","Y","Y"]
["2025-09-13","SH25000087","Aviz Expeditie","411_01INNOFA B.V","INNOFA B.V.","Finalizat","MPF","0",{"$nulls":3},"PF012243","HUSA TOPPER COOL MOTION FIRM 140x210x6","CP00001256",25,0,25,"BUC",{"v":40.45,"d":"40.4500"},"EUR",{"v":0,"d":"0.00"},{"v":0,"d":"0.00"},1011.25,"EUR","SO25000274","46083",1,"MPF","0","Bunuri",null,null,"21226","Y","Y","Y","TOPPER COOL MOTION FIRM"]
["2025-09-13","SH25000087","Aviz Expeditie","411_01INNOFA B.V","INNOFA B.V.","Finalizat","MPF","0",{"$nulls":3},"PF010848","HUSA CM NEXT 1 90X200","CP00001198",25,0,25,"BUC",{"v":24.26,"d":"24.2600"},"EUR",{"v":0,"d":"0.00"},{"v":0,"d":"0.00"},{"v":606.5,"d":"606.50"},"EUR","SO25000284","22536035",1,"MPF","0","Bunuri",null,null,"21006","Y","Y","Y"]
["2025-09-13","SH25000087","Aviz Expeditie","411_01INNOFA B.V","INNOFA B.V.","Finalizat","MPF","0",{"$nulls":3},"PF011625","HUSA CM NEXT 1 80X210","CP00001200",25,0,25,"BUC",{"v":26.81,"d":"26.8100"},"EUR",{"v":0,"d":"0.00"},{"v":0,"d":"0.00"},670.25,"EUR","SO25000286","22536037",1,"MPF","0","Bunuri",null,null,"21004","Y","Y","Y"]
["2025-09-13","SH25000087","Aviz Expeditie","411_01INNOFA B.V","INNOFA B.V.","Finalizat","MPF","0",{"$nulls":3},"PF011676","HUSA CM NEXT 724 80X200","CP00001196",25,0,25,"BUC",{"v":26.98,"d":"26.9800"},"EUR",{"v":0,"d":"0.00"},{"v":0,"d":"0.00"},{"v":674.5,"d":"674.50"},"EUR","SO25000271","46085",1,"MPF","0","Bunuri",null,null,"21131","Y","Y","Y"]
["2025-09-13","SH25000087","Aviz Expeditie","411_01INNOFA B.V","INNOFA B.V.","Finalizat","MPF","0",{"$nulls":3},"PF011821","HUSA CM NEXT 524 70X200","CP00001197",25,0,25,"BUC",{"v":26.98,"d":"26.9800"},"EUR",{"v":0,"d":"0.00"},{"v":0,"d":"0.00"},{"v":674.5,"d":"674.50"},"EUR","SO25000273","46087",1,"MPF","0","Bunuri",null,null,"21101","Y","Y","Y"]
["2025-09-13","SH25000087","Aviz Expeditie","411_01INNOFA B.V","INNOFA B.V.","Finalizat","MPF","0",{"$nulls":3},"PF011853","HUSA CM NEXT 324 180X220","CP00001199",25,0,25,"BUC",{"v":55.15,"d":"55.1500"},"EUR",{"v":0,"d":"0.00"},{"v":0,"d":"0.00"},1378.75,"EUR","SO25000285","22536036",1,"MPF","0","Bunuri",null,null,"21072","Y","Y","Y"]
["2025-09-13","SH25000087","Aviz Expeditie","411_01INNOFA B.V","INNOFA B.V.","Finalizat","MPF","0",{"$nulls":3},"PF011669","HUSA CM NEXT 524 90X210","CP00001205",25,0,25,"BUC",{"v":32.32,"d":"32.3200"},"EUR",{"v":0,"d":"0.00"},{"v":0,"d":"0.00"},{"v":808,"d":"808.00"},"EUR","SO25000289","22536129",3,"MPF","0","Bunuri",null,null,"21107","Y","Y","Y"]
["2025-09-13","SH25000087","Aviz Expeditie","411_01INNOFA B.V","INNOFA B.V.","Finalizat","MPF","0",{"$nulls":3},"PF011679","HUSA CM NEXT 724 90X210","CP00001202",25,0,25,"BUC",{"v":32.32,"d":"32.3200"},"EUR",{"v":0,"d":"0.00"},{"v":0,"d":"0.00"},{"v":808,"d":"808.00"},"EUR","SO25000288","22536128",1,"MPF","0","Bunuri",null,null,"21135","Y","Y","Y"]
["2025-09-13","SH25000087","Aviz Expeditie","411_01INNOFA B.V","INNOFA B.V.","Finalizat","MPF","0",{"$nulls":3},"PF011621","HUSA CM NEXT 524 90X200","CP00001237",25,0,25,"BUC",{"v":28.1,"d":"28.1000"},"EUR",{"v":0,"d":"0.00"},{"v":0,"d":"0.00"},{"v":702.5,"d":"702.50"},"EUR","SO25000287","22536095",4,"MPF","0","Bunuri",null,null,"21106","Y","Y","Y"]
["2025-09-13","SH25000087","Aviz Expeditie","411_01INNOFA B.V","INNOFA B.V.","Finalizat","MPF","0",{"$nulls":3},"PF011666","HUSA CM NEXT 524 140X200","CP00001240",25,0,25,"BUC",{"v":39.13,"d":"39.1300"},"EUR",{"v":0,"d":"0.00"},{"v":0,"d":"0.00"},978.25,"EUR","SO25000287","22536095",7,"MPF","0","Bunuri",null,null,"21354","Y","Y","Y"]
["2025-09-13","SH25000087","Aviz Expeditie","411_01INNOFA B.V","INNOFA B.V.","Finalizat","MPF","0",{"$nulls":3},"PF011667","HUSA CM NEXT 524 80X200","CP00001235",100,0,100,"BUC",{"v":26.98,"d":"26.9800"},"EUR",{"v":0,"d":"0.00"},{"v":0,"d":"0.00"},{"v":2698,"d":"2698.00"},"EUR","SO25000287","22536095",1,"MPF","0","Bunuri",null,null,"21103","Y","Y","Y"]
["2025-09-13","SH25000087","Aviz Expeditie","411_01INNOFA B.V","INNOFA B.V.","Finalizat","MPF","0",{"$nulls":3},"PF011668","HUSA CM NEXT 524 80X210","CP00001236",25,5,20,"BUC",{"v":31.02,"d":"31.0200"},"EUR",{"v":0,"d":"0.00"},{"v":0,"d":"0.00"},{"v":620.4,"d":"620.40"},"EUR","SO25000287","22536095",2,"MPF","0","Bunuri",null,null,"21104","Y","Y","Y"]
["2025-09-13","SH25000087","Aviz Expeditie","411_01INNOFA B.V","INNOFA B.V.","Finalizat","MPF","0",{"$nulls":3},"PF011669","HUSA CM NEXT 524 90X210","CP00001238",50,0,50,"BUC",{"v":32.32,"d":"32.3200"},"EUR",{"v":0,"d":"0.00"},{"v":0,"d":"0.00"},{"v":1616,"d":"1616.00"},"EUR","SO25000287","22536095",5,"MPF","0","Bunuri",null,null,"21107","Y","Y","Y"]
["2025-09-13","SH25000087","Aviz Expeditie","411_01INNOFA B.V","INNOFA B.V.","Finalizat","MPF","0",{"$nulls":3},"PF011859","HUSA CM NEXT 524 90X220","CP00001239",25,0,25,"BUC",{"v":32.32,"d":"32.3200"},"EUR",{"v":0,"d":"0.00"},{"v":0,"d":"0.00"},{"v":808,"d":"808.00"},"EUR","SO25000287","22536095",6,"MPF","0","Bunuri",null,null,"21108","Y","Y","Y"]
["2025-09-13","SH25000087","Aviz Expeditie","411_01INNOFA B.V","INNOFA B.V.","Finalizat","MPF","0",{"$nulls":3},"PF011668","HUSA CM NEXT 524 80X210","CP00001258",25,0,25,"BUC",{"v":31.02,"d":"31.0200"},"EUR",{"v":0,"d":"0.00"},{"v":0,"d":"0.00"},{"v":775.5,"d":"775.50"},"EUR","SO25000287","22536095",3,"MPF","0","Bunuri",null,null,"21104","Y","Y","Y"]
["2025-09-13","SH25000087","Aviz Expeditie","411_01INNOFA B.V","INNOFA B.V.","Finalizat","MPF","0",{"$nulls":3},"PF012254","HUSA SPLIT TOPPER COOL MOTION SOFT 200X210 200X210","CP00001257",25,0,16,"BUC",{"v":72.24,"d":"72.2400"},"EUR",{"v":0,"d":"0.00"},{"v":0,"d":"0.00"},1155.84,"EUR","SO25000286","22536037",2,"MPF","0","Bunuri",null,null,"21285","Y","Y","Y","SPLIT TOPPER COOL MOTION SOFT 200X210"]
["2025-09-13","SH25000087","Aviz Expeditie","411_01INNOFA B.V","INNOFA B.V.","Finalizat","MPF","0",{"$nulls":3},"PF011668","HUSA CM NEXT 524 80X210","CP00001203",25,0,20,"BUC",{"v":31.02,"d":"31.0200"},"EUR",{"v":0,"d":"0.00"},{"v":0,"d":"0.00"},{"v":620.4,"d":"620.40"},"EUR","SO25000289","22536129",1,"MPF","0","Bunuri",null,null,"21104","Y","Y","Y"]
["2025-09-13","SH25000088","Aviz Expeditie","411_01INNOFA B.V","INNOFA B.V.","Finalizat","MPF","0",{"$nulls":3},"PF012222","HUSA SM 8 NEW 2025 90X200","CP00001146",50,0,50,"BUC",{"v":25.96,"d":"25.9600"},"EUR",{"v":0,"d":"0.00"},{"v":0,"d":"0.00"},{"v":1298,"d":"1298.00"},"EUR","SO25000229","4571098778",7,"MPF","0","Bunuri",null,null,"1056546","Y","Y","Y","SM 8 NEW 2025"]
["2025-09-13","SH25000088","Aviz Expeditie","411_01INNOFA B.V","INNOFA B.V.","Finalizat","MPF","0",{"$nulls":3},"PALET1200X1000","PALETI LEMN (120X100)","0",1,143,1,"BUC",{"v":0,"d":"0.0000"},"EUR",{"v":0,"d":"0.00"},{"v":0,"d":"0.00"},{"v":0,"d":"0.00"},"EUR",null,null,0,"MPF","0","Bunuri",{"$nulls":3},"Y","Y","Y"]
["2025-09-15","SH25000090","Aviz Expeditie","411_01INNOFA B.V","INNOFA B.V.","Finalizat","MPF","0",{"$nulls":3},"PF012215","HUSA SM 6 NEW 2025 80X200","CP00001140",30,0,30,"BUC",{"v":24.53,"d":"24.5300"},"EUR",{"v":0,"d":"0.00"},{"v":0,"d":"0.00"},{"v":735.9,"d":"735.90"},"EUR","SO25000229","4571098778",1,"MPF","0","Bunuri",null,null,"1056539","Y","Y","Y","SM 6 NEW 2025"]
["2025-09-15","SH25000090","Aviz Expeditie","411_01INNOFA B.V","INNOFA B.V.","Finalizat","MPF","0",{"$nulls":3},"PF012215","HUSA SM 6 NEW 2025 80X200","CP00001188",50,0,50,"BUC",{"v":24.53,"d":"24.5300"},"EUR",{"v":0,"d":"0.00"},{"v":0,"d":"0.00"},{"v":1226.5,"d":"1226.50"},"EUR","SO25000230","4571098779",1,"MPF","0","Bunuri",null,null,"1056539","Y","Y","Y","SM 6 NEW 2025"]
["2025-09-15","SH25000090","Aviz Expeditie","411_01INNOFA B.V","INNOFA B.V.","Finalizat","MPF","0",{"$nulls":3},"PF012215","HUSA SM 6 NEW 2025 80X200","CP00001215",100,0,70,"BUC",{"v":24.53,"d":"24.5300"},"EUR",{"v":0,"d":"0.00"},{"v":0,"d":"0.00"},{"v":1717.1,"d":"1717.10"},"EUR","SO25000291","4571101044",1,"MPF","0","Bunuri",null,null,"1056539","Y","Y","Y","SM 6 NEW 2025"]
["2025-09-15","SH25000090","Aviz Expeditie","411_01INNOFA B.V","INNOFA B.V.","Finalizat","MPF","0",{"$nulls":3},"PF012216","HUSA SM 6 NEW 2025 90X200","CP00001189",500,0,250,"BUC",{"v":25.96,"d":"25.9600"},"EUR",{"v":0,"d":"0.00"},{"v":0,"d":"0.00"},{"v":6490,"d":"6490.00"},"EUR","SO25000230","4571098779",2,"MPF","0","Bunuri",null,null,"1056540","Y","Y","Y","SM 6 NEW 2025"]
["2025-09-15","SH25000090","Aviz Expeditie","411_01INNOFA B.V","INNOFA B.V.","Finalizat","MPF","0",{"$nulls":3},"PF012217","HUSA SM 6 NEW 2025 90X210","CP00001217",50,0,50,"BUC",{"v":26.8,"d":"26.8000"},"EUR",{"v":0,"d":"0.00"},{"v":0,"d":"0.00"},{"v":1340,"d":"1340.00"},"EUR","SO25000291","4571101044",3,"MPF","0","Bunuri",null,null,"1056541","Y","Y","Y","SM 6 NEW 2025"]
["2025-09-15","SH25000090","Aviz Expeditie","411_01INNOFA B.V","INNOFA B.V.","Finalizat","MPF","0",{"$nulls":3},"PF012218","HUSA SM 7 NEW 2025 80X200","CP00001190",200,0,150,"BUC",{"v":24.53,"d":"24.5300"},"EUR",{"v":0,"d":"0.00"},{"v":0,"d":"0.00"},{"v":3679.5,"d":"3679.50"},"EUR","SO25000230","4571098779",4,"MPF","0","Bunuri",null,null,"1056542","Y","Y","Y","SM 7 NEW 2025"]
["2025-09-15","SH25000090","Aviz Expeditie","411_01INNOFA B.V","INNOFA B.V.","Finalizat","MPF","0",{"$nulls":3},"PF012219","HUSA SM 7 NEW 2025 90X200","CP00001219",300,0,100,"BUC",{"v":25.96,"d":"25.9600"},"EUR",{"v":0,"d":"0.00"},{"v":0,"d":"0.00"},{"v":2596,"d":"2596.00"},"EUR","SO25000291","4571101044",5,"MPF","0","Bunuri",null,null,"1056543","Y","Y","Y","SM 7 NEW 2025"]
["2025-09-15","SH25000090","Aviz Expeditie","411_01INNOFA B.V","INNOFA B.V.","Finalizat","MPF","0",{"$nulls":3},"PF012220","HUSA SM 7 NEW 2025 90X210","CP00001176",100,0,100,"BUC",{"v":26.8,"d":"26.8000"},"EUR",{"v":0,"d":"0.00"},{"v":0,"d":"0.00"},{"v":2680,"d":"2680.00"},"EUR","SO25000230","4571098779",6,"MPF","0","Bunuri",null,null,"1056544","Y","Y","Y","SM 7 NEW 2025"]
["2025-09-15","SH25000090","Aviz Expeditie","411_01INNOFA B.V","INNOFA B.V.","Finalizat","MPF","0",{"$nulls":3},"PF012222","HUSA SM 8 NEW 2025 90X200","CP00001191",100,0,100,"BUC",{"v":25.96,"d":"25.9600"},"EUR",{"v":0,"d":"0.00"},{"v":0,"d":"0.00"},{"v":2596,"d":"2596.00"},"EUR","SO25000230","4571098779",7,"MPF","0","Bunuri",null,null,"1056546","Y","Y","Y","SM 8 NEW 2025"]
["2025-09-15","SH25000090","Aviz Expeditie","411_01INNOFA B.V","INNOFA B.V.","Finalizat","MPF","0",{"$nulls":3},"PF012222","HUSA SM 8 NEW 2025 90X200","CP00001221",100,0,100,"BUC",{"v":25.96,"d":"25.9600"},"EUR",{"v":0,"d":"0.00"},{"v":0,"d":"0.00"},{"v":2596,"d":"2596.00"},"EUR","SO25000291","4571101044",7,"MPF","0","Bunuri",null,null,"1056546","Y","Y","Y","SM 8 NEW 2025"]
["2025-09-15","SH25000090","Aviz Expeditie","411_01INNOFA B.V","INNOFA B.V.","Finalizat","MPF","0",{"$nulls":3},"PALET1200X1000","PALETI LEMN (120X100)","0",116,0,24,"BUC",{"v":0,"d":"0.0000"},"EUR",{"v":0,"d":"0.00"},{"v":0,"d":"0.00"},{"v":0,"d":"0.00"},"EUR",null,null,0,"Flr","0","Bunuri",{"$nulls":3},"Y","Y","Y"]
["2025-09-15","SH25000090","Aviz Expeditie","411_01INNOFA B.V","INNOFA B.V.","Finalizat","MPF","0",{"$nulls":3},"CUTIE1200x90","CUTIE 1200 x 1000 x 900","0",213,0,24,"BUC",{"v":0,"d":"0.0000"},"EUR",{"v":0,"d":"0.00"},{"v":0,"d":"0.00"},{"v":0,"d":"0.00"},"EUR",null,null,0,"Flr","0","Bunuri",{"$nulls":3},"Y","Y","Y"]
["2025-09-15","SH25000090","Aviz Expeditie","411_01INNOFA B.V","INNOFA B.V.","Finalizat","MPF","0",{"$nulls":3},"CAPAC1200","CAPAC 1200 x 1000 x 150","0",253,0,24,"BUC",{"v":0,"d":"0.0000"},"EUR",{"v":0,"d":"0.00"},{"v":0,"d":"0.00"},{"v":0,"d":"0.00"},"EUR",null,null,0,"Flr","0","Bunuri",{"$nulls":3},"Y","Y","Y"]
["2025-09-15","SH25000090","Aviz Expeditie","411_01INNOFA B.V","INNOFA B.V.","Finalizat","MPF","0",{"$nulls":3},"PF012222","HUSA SM 8 NEW 2025 90X200","CP00001192",400,0,100,"BUC",{"v":25.96,"d":"25.9600"},"EUR",{"v":0,"d":"0.00"},{"v":0,"d":"0.00"},{"v":2596,"d":"2596.00"},"EUR","SO25000230","4571098779",8,"MPF","0","Bunuri",null,null,"1056546","Y","Y","Y","SM 8 NEW 2025"]
["2025-09-16","SH25000089","Aviz Expeditie","411_01INNOFA B.V","INNOFA B.V.","Finalizat","MPF","0",{"$nulls":3},"PF012002","HUSA CM NEXT 624  H30 100X200","CP00001180",12,0,12,"BUC",{"v":40.89,"d":"40.8900"},"EUR",{"v":0,"d":"0.00"},{"v":0,"d":"0.00"},490.68,"EUR","SO25000280","46015",2,"MPF","0","Bunuri",{"$nulls":3},"Y","Y","Y"]
["2025-09-16","SH25000089","Aviz Expeditie","411_01INNOFA B.V","INNOFA B.V.","Finalizat","MPF","0",{"$nulls":3},"PF011920","HUSA CM NEXT 624 H30 200X200","CP00001179",7,0,7,"BUC",{"v":56.29,"d":"56.2900"},"EUR",{"v":0,"d":"0.00"},{"v":0,"d":"0.00"},394.03,"EUR","SO25000280","46015",1,"MPF","0","Bunuri",{"$nulls":3},"Y","Y","Y"]
["2025-09-16","SH25000089","Aviz Expeditie","411_01INNOFA B.V","INNOFA B.V.","Finalizat","MPF","0",{"$nulls":3},"PF012218","HUSA SM 7 NEW 2025 80X200","CP00001190",50,0,50,"BUC",{"v":24.53,"d":"24.5300"},"EUR",{"v":0,"d":"0.00"},{"v":0,"d":"0.00"},{"v":1226.5,"d":"1226.50"},"EUR","SO25000230","4571098779",4,"MPF","0","Bunuri",null,null,"1056542","Y","Y","Y","SM 7 NEW 2025"]
["2025-09-16","SH25000089","Aviz Expeditie","411_01INNOFA B.V","INNOFA B.V.","Finalizat","MPF","0",{"$nulls":3},"PF012222","HUSA SM 8 NEW 2025 90X200","CP00001192",300,0,150,"BUC",{"v":25.96,"d":"25.9600"},"EUR",{"v":0,"d":"0.00"},{"v":0,"d":"0.00"},{"v":3894,"d":"3894.00"},"EUR","SO25000230","4571098779",8,"MPF","0","Bunuri",null,null,"1056546","Y","Y","Y","SM 8 NEW 2025"]
["2025-09-16","SH25000089","Aviz Expeditie","411_01INNOFA B.V","INNOFA B.V.","Finalizat","MPF","0",{"$nulls":3},"PF012223","HUSA SM 8 NEW 2025 90X210","CP00001222",50,0,50,"BUC",{"v":26.8,"d":"26.8000"},"EUR",{"v":0,"d":"0.00"},{"v":0,"d":"0.00"},{"v":1340,"d":"1340.00"},"EUR","SO25000291","4571101044",8,"MPF","0","Bunuri",null,null,"1056547","Y","Y","Y","SM 8 NEW 2025"]
["2025-09-16","SH25000089","Aviz Expeditie","411_01INNOFA B.V","INNOFA B.V.","Finalizat","MPF","0",{"$nulls":3},"PF012223","HUSA SM 8 NEW 2025 90X210","CP00001175",50,25,25,"BUC",{"v":26.8,"d":"26.8000"},"EUR",{"v":0,"d":"0.00"},{"v":0,"d":"0.00"},{"v":670,"d":"670.00"},"EUR","SO25000291","4571101044",8,"MPF","0","Bunuri",null,null,"1056547","Y","Y","Y","SM 8 NEW 2025"]
["2025-09-16","SH25000089","Aviz Expeditie","411_01INNOFA B.V","INNOFA B.V.","Finalizat","MPF","0",{"$nulls":3},"PF012223","HUSA SM 8 NEW 2025 90X210","CP00001231",50,25,25,"BUC",{"v":26.8,"d":"26.8000"},"EUR",{"v":0,"d":"0.00"},{"v":0,"d":"0.00"},{"v":670,"d":"670.00"},"EUR","SO25000291","4571101044",8,"MPF","0","Bunuri",null,null,"1056547","Y","Y","Y","SM 8 NEW 2025"]
["2025-09-16","SH25000089","Aviz Expeditie","411_01INNOFA B.V","INNOFA B.V.","Finalizat","MPF","0",{"$nulls":3},"PALET1200X1000","PALETI LEMN (120X100)","0",92,0,7,"BUC",{"v":0,"d":"0.0000"},"EUR",{"v":0,"d":"0.00"},{"v":0,"d":"0.00"},{"v":0,"d":"0.00"},"EUR",null,null,0,"Flr","0","Bunuri",{"$nulls":3},"Y","Y","Y"]
["2025-09-16","SH25000089","Aviz Expeditie","411_01INNOFA B.V","INNOFA B.V.","Finalizat","MPF","0",{"$nulls":3},"CUTIE1200x90","CUTIE 1200 x 1000 x 900","0",189,0,7,"BUC",{"v":0,"d":"0.0000"},"EUR",{"v":0,"d":"0.00"},{"v":0,"d":"0.00"},{"v":0,"d":"0.00"},"EUR",null,null,0,"Flr","0","Bunuri",{"$nulls":3},"Y","Y","Y"]
["2025-09-16","SH25000089","Aviz Expeditie","411_01INNOFA B.V","INNOFA B.V.","Finalizat","MPF","0",{"$nulls":3},"CAPAC1200","CAPAC 1200 x 1000 x 150","0",229,0,7,"BUC",{"v":0,"d":"0.0000"},"EUR",{"v":0,"d":"0.00"},{"v":0,"d":"0.00"},{"v":0,"d":"0.00"},"EUR",null,null,0,"Flr","0","Bunuri",{"$nulls":3},"Y","Y","Y"]
["2025-09-16","SH25000091","Aviz Expeditie","411_01INNOFA B.V","INNOFA B.V.","Finalizat","MPF","0",{"$nulls":3},"PF012135","PILLOW PRESTIGE FLOW NEW25","CP00001264",100,48,50,"BUC",{"v":11.79,"d":"11.7900"},"EUR",{"v":0,"d":"0.00"},{"v":0,"d":"0.00"},{"v":589.5,"d":"589.50"},"EUR","SO25000304","AUM-003756-1",1,"MPF","0","Bunuri",null,null,"21430","Y","Y","Y","PERNA PRESTIGE FLOW"]
["2025-09-16","SH25000091","Aviz Expeditie","411_01INNOFA B.V","INNOFA B.V.","Finalizat","MPF","0",{"$nulls":3},"PF012137","HUSA PRESTIGE NEW25 90X200","CP00001250",20,16,4,"BUC",{"v":68.11,"d":"68.1100"},"EUR",{"v":0,"d":"0.00"},{"v":0,"d":"0.00"},272.44,"EUR","SO25000296","AUM-003882-1",4,"MPF","0","Bunuri",null,null,"21435","Y","Y","Y","PRESTIGE NEW25"]
["2025-09-16","SH25000091","Aviz Expeditie","411_01INNOFA B.V","INNOFA B.V.","Finalizat","MPF","0",{"$nulls":3},"PF012136","PILLOW PRESTIGE CROWN NEW25","CP00001265",80,8,50,"BUC",{"v":12.57,"d":"12.5700"},"EUR",{"v":0,"d":"0.00"},{"v":0,"d":"0.00"},{"v":628.5,"d":"628.50"},"EUR","SO25000304","AUM-003756-1",2,"MPF","0","Bunuri",null,null,"21431","Y","Y","Y","PERNA PRESTIGE CROWN"]
["2025-09-16","SH25000091","Aviz Expeditie","411_01INNOFA B.V","INNOFA B.V.","Finalizat","MPF","0",{"$nulls":3},"PALET1200X1000","PALETI LEMN (120X100)","0",79,143,1,"BUC",{"v":0,"d":"0.0000"},"EUR",{"v":0,"d":"0.00"},{"v":0,"d":"0.00"},{"v":0,"d":"0.00"},"EUR",null,null,0,"MPF","0","Bunuri",{"$nulls":3},"Y","Y","Y"]
["2025-09-16","SH25000091","Aviz Expeditie","411_01INNOFA B.V","INNOFA B.V.","Finalizat","MPF","0",{"$nulls":3},"CUTIE1200x135","CUTIE 1200 x 1000 x 1350","0",34,7,1,"BUC",{"v":0,"d":"0.0000"},"EUR",{"v":0,"d":"0.00"},{"v":0,"d":"0.00"},{"v":0,"d":"0.00"},"EUR",null,null,0,"MPF","0","Bunuri",{"$nulls":3},"Y","Y","Y"]
["2025-09-16","SH25000091","Aviz Expeditie","411_01INNOFA B.V","INNOFA B.V.","Finalizat","MPF","0",{"$nulls":3},"CAPAC1200","CAPAC 1200 x 1000 x 150","0",216,19,1,"BUC",{"v":0,"d":"0.0000"},"EUR",{"v":0,"d":"0.00"},{"v":0,"d":"0.00"},{"v":0,"d":"0.00"},"EUR",null,null,0,"MPF","0","Bunuri",{"$nulls":3},"Y","Y","Y"]
["2025-09-16","SH25000092","Aviz Expeditie","411_01INNOFA B.V","INNOFA B.V.","Finalizat","MPF","0",{"$nulls":3},"PF012135","PILLOW PRESTIGE FLOW NEW25","CP00001251",100,80,20,"BUC",{"v":11.79,"d":"11.7900"},"EUR",{"v":0,"d":"0.00"},{"v":0,"d":"0.00"},{"v":235.8,"d":"235.80"},"EUR","SO25000297","AUM-003883-1",1,"MPF","0","Bunuri",null,null,"21430","Y","Y","Y","PERNA PRESTIGE FLOW"]
["2025-09-16","SH25000092","Aviz Expeditie","411_01INNOFA B.V","INNOFA B.V.","Finalizat","MPF","0",{"$nulls":3},"PF012204","HUSA PRESTIGE NEW25 90X210","CP00001249",20,0,4,"BUC",{"v":76.11,"d":"76.1100"},"EUR",{"v":0,"d":"0.00"},{"v":0,"d":"0.00"},304.44,"EUR","SO25000296","AUM-003882-1",3,"MPF","0","Bunuri",null,null,"21436","Y","Y","Y","PRESTIGE NEW25"]
["2025-09-16","SH25000092","Aviz Expeditie","411_01INNOFA B.V","INNOFA B.V.","Finalizat","MPF","0",{"$nulls":3},"PF012136","PILLOW PRESTIGE CROWN NEW25","CP00001265",50,8,40,"BUC",{"v":12.57,"d":"12.5700"},"EUR",{"v":0,"d":"0.00"},{"v":0,"d":"0.00"},{"v":502.8,"d":"502.80"},"EUR","SO25000304","AUM-003756-1",2,"MPF","0","Bunuri",null,null,"21431","Y","Y","Y","PERNA PRESTIGE CROWN"]
["2025-09-16","SH25000092","Aviz Expeditie","411_01INNOFA B.V","INNOFA B.V.","Finalizat","MPF","0",{"$nulls":3},"PALET1200X1000","PALETI LEMN (120X100)","0",78,143,1,"BUC",{"v":0,"d":"0.0000"},"EUR",{"v":0,"d":"0.00"},{"v":0,"d":"0.00"},{"v":0,"d":"0.00"},"EUR",null,null,0,"MPF","0","Bunuri",{"$nulls":3},"Y","Y","Y"]
["2025-09-16","SH25000092","Aviz Expeditie","411_01INNOFA B.V","INNOFA B.V.","Finalizat","MPF","0",{"$nulls":3},"CUTIE1200x70","CUTIE 1200 x 1000 x 740","0",122,121,1,"BUC",{"v":0,"d":"0.0000"},"EUR",{"v":0,"d":"0.00"},{"v":0,"d":"0.00"},{"v":0,"d":"0.00"},"EUR",null,null,0,"MPF","0","Bunuri",{"$nulls":3},"Y","Y","Y"]
["2025-09-16","SH25000092","Aviz Expeditie","411_01INNOFA B.V","INNOFA B.V.","Finalizat","MPF","0",{"$nulls":3},"CAPAC1200","CAPAC 1200 x 1000 x 150","0",215,19,1,"BUC",{"v":0,"d":"0.0000"},"EUR",{"v":0,"d":"0.00"},{"v":0,"d":"0.00"},{"v":0,"d":"0.00"},"EUR",null,null,0,"MPF","0","Bunuri",{"$nulls":3},"Y","Y","Y"]
["2025-09-17","SH25000093","Aviz Expeditie","411_01INNOFA B.V","INNOFA B.V.","Finalizat","MPF","0",{"$nulls":3},"PF012222","HUSA SM 8 NEW 2025 90X200","CP00001192",150,0,100,"BUC",{"v":25.96,"d":"25.9600"},"EUR",{"v":0,"d":"0.00"},{"v":0,"d":"0.00"},{"v":2596,"d":"2596.00"},"EUR","SO25000230","4571098779",8,"MPF","0","Bunuri",null,null,"1056546","Y","Y","Y","SM 8 NEW 2025"]
["2025-09-17","SH25000093","Aviz Expeditie","411_01INNOFA B.V","INNOFA B.V.","Finalizat","MPF","0",{"$nulls":3},"PF012219","HUSA SM 7 NEW 2025 90X200","CP00001219",200,0,170,"BUC",{"v":25.96,"d":"25.9600"},"EUR",{"v":0,"d":"0.00"},{"v":0,"d":"0.00"},{"v":4413.2,"d":"4413.20"},"EUR","SO25000291","4571101044",5,"MPF","0","Bunuri",null,null,"1056543","Y","Y","Y","SM 7 NEW 2025"]
["2025-09-17","SH25000093","Aviz Expeditie","411_01INNOFA B.V","INNOFA B.V.","Finalizat","MPF","0",{"$nulls":3},"PALET1200X1000","PALETI LEMN (120X100)","0",85,143,6,"BUC",{"v":0,"d":"0.0000"},"EUR",{"v":0,"d":"0.00"},{"v":0,"d":"0.00"},{"v":0,"d":"0.00"},"EUR",null,null,0,"MPF","0","Bunuri",{"$nulls":3},"Y","Y","Y"]
["2025-09-17","SH25000093","Aviz Expeditie","411_01INNOFA B.V","INNOFA B.V.","Finalizat","MPF","0",{"$nulls":3},"CUTIE1200x135","CUTIE 1200 x 1000 x 1350","0",40,7,6,"BUC",{"v":0,"d":"0.0000"},"EUR",{"v":0,"d":"0.00"},{"v":0,"d":"0.00"},{"v":0,"d":"0.00"},"EUR",null,null,0,"MPF","0","Bunuri",{"$nulls":3},"Y","Y","Y"]
["2025-09-17","SH25000093","Aviz Expeditie","411_01INNOFA B.V","INNOFA B.V.","Finalizat","MPF","0",{"$nulls":3},"CAPAC1200","CAPAC 1200 x 1000 x 150","0",222,19,6,"BUC",{"v":0,"d":"0.0000"},"EUR",{"v":0,"d":"0.00"},{"v":0,"d":"0.00"},{"v":0,"d":"0.00"},"EUR",null,null,0,"MPF","0","Bunuri",{"$nulls":3},"Y","Y","Y"]
["2025-09-18","SH25000094","Aviz Expeditie","411_01INNOFA B.V","INNOFA B.V.","Finalizat","MPF","0",{"$nulls":3},"PF012216","HUSA SM 6 NEW 2025 90X200","CP00001189",250,0,250,"BUC",{"v":25.96,"d":"25.9600"},"EUR",{"v":0,"d":"0.00"},{"v":0,"d":"0.00"},{"v":6490,"d":"6490.00"},"EUR","SO25000230","4571098779",2,"MPF","0","Bunuri",null,null,"1056540","Y","Y","Y","SM 6 NEW 2025"]
["2025-09-18","SH25000094","Aviz Expeditie","411_01INNOFA B.V","INNOFA B.V.","Finalizat","MPF","0",{"$nulls":3},"PF012217","HUSA SM 6 NEW 2025 90X210","CP00001174",8,0,8,"BUC",{"v":26.8,"d":"26.8000"},"EUR",{"v":0,"d":"0.00"},{"v":0,"d":"0.00"},{"v":214.4,"d":"214.40"},"EUR","SO25000230","4571098779",3,"MPF","0","Bunuri",null,null,"1056541","Y","Y","Y","SM 6 NEW 2025"]
["2025-09-18","SH25000094","Aviz Expeditie","411_01INNOFA B.V","INNOFA B.V.","Finalizat","MPF","0",{"$nulls":3},"PF012219","HUSA SM 7 NEW 2025 90X200","CP00001139",100,0,100,"BUC",{"v":25.96,"d":"25.9600"},"EUR",{"v":0,"d":"0.00"},{"v":0,"d":"0.00"},{"v":2596,"d":"2596.00"},"EUR","SO25000230","4571098779",5,"MPF","0","Bunuri",null,null,"1056543","Y","Y","Y","SM 7 NEW 2025"]
["2025-09-18","SH25000094","Aviz Expeditie","411_01INNOFA B.V","INNOFA B.V.","Finalizat","MPF","0",{"$nulls":3},"PF012219","HUSA SM 7 NEW 2025 90X200","CP00001219",30,0,30,"BUC",{"v":25.96,"d":"25.9600"},"EUR",{"v":0,"d":"0.00"},{"v":0,"d":"0.00"},{"v":778.8,"d":"778.80"},"EUR","SO25000291","4571101044",5,"MPF","0","Bunuri",null,null,"1056543","Y","Y","Y","SM 7 NEW 2025"]
["2025-09-18","SH25000094","Aviz Expeditie","411_01INNOFA B.V","INNOFA B.V.","Finalizat","MPF","0",{"$nulls":3},"PF012220","HUSA SM 7 NEW 2025 90X210","CP00001176",75,0,75,"BUC",{"v":26.8,"d":"26.8000"},"EUR",{"v":0,"d":"0.00"},{"v":0,"d":"0.00"},{"v":2010,"d":"2010.00"},"EUR","SO25000230","4571098779",6,"MPF","0","Bunuri",null,null,"1056544","Y","Y","Y","SM 7 NEW 2025"]
["2025-09-18","SH25000094","Aviz Expeditie","411_01INNOFA B.V","INNOFA B.V.","Finalizat","MPF","0",{"$nulls":3},"PF012222","HUSA SM 8 NEW 2025 90X200","CP00001192",50,0,50,"BUC",{"v":25.96,"d":"25.9600"},"EUR",{"v":0,"d":"0.00"},{"v":0,"d":"0.00"},{"v":1298,"d":"1298.00"},"EUR","SO25000230","4571098779",8,"MPF","0","Bunuri",null,null,"1056546","Y","Y","Y","SM 8 NEW 2025"]
["2025-09-18","SH25000094","Aviz Expeditie","411_01INNOFA B.V","INNOFA B.V.","Finalizat","MPF","0",{"$nulls":3},"PALET1200X1000","PALETI LEMN (120X100)","0",77,143,12,"BUC",{"v":0,"d":"0.0000"},"EUR",{"v":0,"d":"0.00"},{"v":0,"d":"0.00"},{"v":0,"d":"0.00"},"EUR",null,null,0,"MPF","0","Bunuri",{"$nulls":3},"Y","Y","Y"]
["2025-09-18","SH25000094","Aviz Expeditie","411_01INNOFA B.V","INNOFA B.V.","Finalizat","MPF","0",{"$nulls":3},"CUTIE1200x135","CUTIE 1200 x 1000 x 1350","0",33,7,12,"BUC",{"v":0,"d":"0.0000"},"EUR",{"v":0,"d":"0.00"},{"v":0,"d":"0.00"},{"v":0,"d":"0.00"},"EUR",null,null,0,"MPF","0","Bunuri",{"$nulls":3},"Y","Y","Y"]
["2025-09-18","SH25000094","Aviz Expeditie","411_01INNOFA B.V","INNOFA B.V.","Finalizat","MPF","0",{"$nulls":3},"CAPAC1200","CAPAC 1200 x 1000 x 150","0",214,19,12,"BUC",{"v":0,"d":"0.0000"},"EUR",{"v":0,"d":"0.00"},{"v":0,"d":"0.00"},{"v":0,"d":"0.00"},"EUR",null,null,0,"MPF","0","Bunuri",{"$nulls":3},"Y","Y","Y"]
["2025-09-19","SH25000095","Aviz Expeditie","411_01ARAMIS INV","ARAMIS INVEST S.R.L.","Finalizat","MPF","0",{"$nulls":3},"PF012224","HUSA Vithall  Extra Firm EU 80X200","CP00001259",136,23,136,"BUC",{"v":23.63,"d":"23.6300"},"RON",{"v":0,"d":"0.00"},{"v":0,"d":"0.00"},3213.68,"RON","SO25000307","267202",1,"MPF","0","Bunuri",null,"SI25000124","111000000157079","Y","Y","Y","Vithall  Extra Firm EU"]
["2025-09-19","SH25000095","Aviz Expeditie","411_01ARAMIS INV","ARAMIS INVEST S.R.L.","Finalizat","MPF","0",{"$nulls":3},"PALET1200X1000","PALETI LEMN (120X100)","0",65,143,3,"BUC",{"v":0,"d":"0.0000"},"RON",{"v":0,"d":"0.00"},{"v":0,"d":"0.00"},{"v":0,"d":"0.00"},"RON",null,null,0,"MPF","0","Bunuri",null,"SI25000124",null,"Y","Y","Y"]
["2025-09-19","SH25000095","Aviz Expeditie","411_01ARAMIS INV","ARAMIS INVEST S.R.L.","Finalizat","MPF","0",{"$nulls":3},"CUTIE1200x135","CUTIE 1200 x 1000 x 1350","0",21,7,3,"BUC",{"v":0,"d":"0.0000"},"RON",{"v":0,"d":"0.00"},{"v":0,"d":"0.00"},{"v":0,"d":"0.00"},"RON",null,null,0,"MPF","0","Bunuri",null,"SI25000124",null,"Y","Y","Y"]
["2025-09-19","SH25000095","Aviz Expeditie","411_01ARAMIS INV","ARAMIS INVEST S.R.L.","Finalizat","MPF","0",{"$nulls":3},"CAPAC","CAPAC 1050 x 2050 x 350","0",101,98,3,"BUC",{"v":0,"d":"0.0000"},"RON",{"v":0,"d":"0.00"},{"v":0,"d":"0.00"},{"v":0,"d":"0.00"},"RON",null,null,0,"MPF","0","Bunuri",null,"SI25000124",null,"Y","Y","Y"]
["2025-09-19","SH25000096","Aviz Expeditie","411_01INNOFA B.V","INNOFA B.V.","Finalizat","MPF","0",{"$nulls":3},"PF012221","HUSA SM 8 NEW 2025 80X200","CP00001220",150,0,150,"BUC",{"v":24.53,"d":"24.5300"},"EUR",{"v":0,"d":"0.00"},{"v":0,"d":"0.00"},{"v":3679.5,"d":"3679.50"},"EUR","SO25000291","4571101044",6,"MPF","0","Bunuri",null,null,"1056545","Y","Y","Y","SM 8 NEW 2025"]
["2025-09-19","SH25000096","Aviz Expeditie","411_01INNOFA B.V","INNOFA B.V.","Finalizat","MPF","0",{"$nulls":3},"PF012221","HUSA SM 8 NEW 2025 80X200","CP00001229",50,0,50,"BUC",{"v":24.53,"d":"24.5300"},"EUR",{"v":0,"d":"0.00"},{"v":0,"d":"0.00"},{"v":1226.5,"d":"1226.50"},"EUR","SO25000292","4571101047",7,"MPF","0","Bunuri",null,null,"1056545","Y","Y","Y","SM 8 NEW 2025"]
["2025-09-19","SH25000096","Aviz Expeditie","411_01INNOFA B.V","INNOFA B.V.","Finalizat","MPF","0",{"$nulls":3},"PF012215","HUSA SM 6 NEW 2025 80X200","CP00001215",130,0,130,"BUC",{"v":24.53,"d":"24.5300"},"EUR",{"v":0,"d":"0.00"},{"v":0,"d":"0.00"},{"v":3188.9,"d":"3188.90"},"EUR","SO25000291","4571101044",1,"MPF","0","Bunuri",null,null,"1056539","Y","Y","Y","SM 6 NEW 2025"]
["2025-09-19","SH25000096","Aviz Expeditie","411_01INNOFA B.V","INNOFA B.V.","Finalizat","MPF","0",{"$nulls":3},"PF012216","HUSA SM 6 NEW 2025 90X200","CP00001216",100,0,100,"BUC",{"v":25.96,"d":"25.9600"},"EUR",{"v":0,"d":"0.00"},{"v":0,"d":"0.00"},{"v":2596,"d":"2596.00"},"EUR","SO25000291","4571101044",2,"MPF","0","Bunuri",null,null,"1056540","Y","Y","Y","SM 6 NEW 2025"]
["2025-09-19","SH25000096","Aviz Expeditie","411_01INNOFA B.V","INNOFA B.V.","Finalizat","MPF","0",{"$nulls":3},"PALET1200X1000","PALETI LEMN (120X100)","0",62,143,11,"BUC",{"v":0,"d":"0.0000"},"EUR",{"v":0,"d":"0.00"},{"v":0,"d":"0.00"},{"v":0,"d":"0.00"},"EUR",null,null,0,"MPF","0","Bunuri",{"$nulls":3},"Y","Y","Y"]
["2025-09-19","SH25000096","Aviz Expeditie","411_01INNOFA B.V","INNOFA B.V.","Finalizat","MPF","0",{"$nulls":3},"CUTIE1200x90","CUTIE 1200 x 1000 x 900","0",182,404,11,"BUC",{"v":0,"d":"0.0000"},"EUR",{"v":0,"d":"0.00"},{"v":0,"d":"0.00"},{"v":0,"d":"0.00"},"EUR",null,null,0,"MPF","0","Bunuri",{"$nulls":3},"Y","Y","Y"]
["2025-09-19","SH25000096","Aviz Expeditie","411_01INNOFA B.V","INNOFA B.V.","Finalizat","MPF","0",{"$nulls":3},"CAPAC1200","CAPAC 1200 x 1000 x 150","0",202,19,11,"BUC",{"v":0,"d":"0.0000"},"EUR",{"v":0,"d":"0.00"},{"v":0,"d":"0.00"},{"v":0,"d":"0.00"},"EUR",null,null,0,"MPF","0","Bunuri",{"$nulls":3},"Y","Y","Y"]
["2025-09-19","SH25000096","Aviz Expeditie","411_01INNOFA B.V","INNOFA B.V.","Finalizat","MPF","0",{"$nulls":3},"PF012222","HUSA SM 8 NEW 2025 90X200","CP00001230",100,0,100,"BUC",{"v":25.96,"d":"25.9600"},"EUR",{"v":0,"d":"0.00"},{"v":0,"d":"0.00"},{"v":2596,"d":"2596.00"},"EUR","SO25000332","4571102071",1,"MPF","0","Bunuri",null,null,"1056546","Y","Y","Y","SM 8 NEW 2025"]
["2025-09-19","SH25000097","Aviz Expeditie","411_01INNOFA B.V","INNOFA B.V.","Finalizat","MPF","0",{"$nulls":3},"PF011676","HUSA CM NEXT 724 80X200","CP00001206",25,0,25,"BUC",{"v":26.98,"d":"26.9800"},"EUR",{"v":0,"d":"0.00"},{"v":0,"d":"0.00"},{"v":674.5,"d":"674.50"},"EUR","SO25000289","22536129",4,"MPF","0","Bunuri",null,null,"21131","Y","Y","Y"]
["2025-09-19","SH25000097","Aviz Expeditie","411_01INNOFA B.V","INNOFA B.V.","Finalizat","MPF","0",{"$nulls":3},"PF011668","HUSA CM NEXT 524 80X210","CP00001203",5,0,5,"BUC",{"v":31.02,"d":"31.0200"},"EUR",{"v":0,"d":"0.00"},{"v":0,"d":"0.00"},{"v":155.1,"d":"155.10"},"EUR","SO25000289","22536129",1,"MPF","0","Bunuri",null,null,"21104","Y","Y","Y"]
["2025-09-19","SH25000097","Aviz Expeditie","411_01INNOFA B.V","INNOFA B.V.","Finalizat","MPF","0",{"$nulls":3},"PF012254","HUSA SPLIT TOPPER COOL MOTION SOFT 200X210 200X210","CP00001257",9,0,9,"BUC",{"v":72.24,"d":"72.2400"},"EUR",{"v":0,"d":"0.00"},{"v":0,"d":"0.00"},650.16,"EUR","SO25000286","22536037",2,"MPF","0","Bunuri",null,null,"21285","Y","Y","Y","SPLIT TOPPER COOL MOTION SOFT 200X210"]
["2025-09-19","SH25000097","Aviz Expeditie","411_01INNOFA B.V","INNOFA B.V.","Finalizat","MPF","0",{"$nulls":3},"PF011861","HUSA CM NEXT 724 100X220","CP00001201",25,0,25,"BUC",{"v":35.55,"d":"35.5500"},"EUR",{"v":0,"d":"0.00"},{"v":0,"d":"0.00"},888.75,"EUR","SO25000290","22536038",1,"MPF","0","Bunuri",null,null,"21139","Y","Y","Y"]
["2025-09-19","SH25000097","Aviz Expeditie","411_01INNOFA B.V","INNOFA B.V.","Finalizat","MPF","0",{"$nulls":3},"PF012214","HUSA SM 5 NEW 2025 90X210","CP00001163",50,0,50,"BUC",{"v":26.8,"d":"26.8000"},"EUR",{"v":0,"d":"0.00"},{"v":0,"d":"0.00"},{"v":1340,"d":"1340.00"},"EUR","SO25000261","45981",1,"MPF","0","Bunuri",null,null,"21420","Y","Y","Y"]
["2025-09-19","SH25000097","Aviz Expeditie","411_01INNOFA B.V","INNOFA B.V.","Finalizat","MPF","0",{"$nulls":3},"PF012213","HUSA SM 5 NEW 2025 90X200","CP00001165",320,0,320,"BUC",{"v":25.96,"d":"25.9600"},"EUR",{"v":0,"d":"0.00"},{"v":0,"d":"0.00"},{"v":8307.2,"d":"8307.20"},"EUR","SO25000262","45981",2,"MPF","0","Bunuri",null,null,"21419","Y","Y","Y"]
["2025-09-19","SH25000097","Aviz Expeditie","411_01INNOFA B.V","INNOFA B.V.","Finalizat","MPF","0",{"$nulls":3},"PF012212","HUSA SM 5 NEW 2025 80X200","CP00001164",275,0,275,"BUC",{"v":24.53,"d":"24.5300"},"EUR",{"v":0,"d":"0.00"},{"v":0,"d":"0.00"},6745.75,"EUR","SO25000262","45981",1,"MPF","0","Bunuri",null,null,"21418","Y","Y","Y","SM 5 NEW 2025"]
["2025-09-19","SH25000097","Aviz Expeditie","411_01INNOFA B.V","INNOFA B.V.","Finalizat","MPF","0",{"$nulls":3},"PALET1200X1000","PALETI LEMN (120X100)","0",51,143,17,"BUC",{"v":0,"d":"0.0000"},"EUR",{"v":0,"d":"0.00"},{"v":0,"d":"0.00"},{"v":0,"d":"0.00"},"EUR",null,null,0,"MPF","0","Bunuri",{"$nulls":3},"Y","Y","Y"]
["2025-09-19","SH25000097","Aviz Expeditie","411_01INNOFA B.V","INNOFA B.V.","Finalizat","MPF","0",{"$nulls":3},"CUTIE1200x90","CUTIE 1200 x 1000 x 900","0",171,404,17,"BUC",{"v":0,"d":"0.0000"},"EUR",{"v":0,"d":"0.00"},{"v":0,"d":"0.00"},{"v":0,"d":"0.00"},"EUR",null,null,0,"MPF","0","Bunuri",{"$nulls":3},"Y","Y","Y"]
["2025-09-19","SH25000097","Aviz Expeditie","411_01INNOFA B.V","INNOFA B.V.","Finalizat","MPF","0",{"$nulls":3},"CAPAC1200","CAPAC 1200 x 1000 x 150","0",191,19,17,"BUC",{"v":0,"d":"0.0000"},"EUR",{"v":0,"d":"0.00"},{"v":0,"d":"0.00"},{"v":0,"d":"0.00"},"EUR",null,null,0,"MPF","0","Bunuri",{"$nulls":3},"Y","Y","Y"]
["2025-09-19","SH25000098","Aviz Expeditie","411_01FORMAFOAM","FORMAFOAM B.V.","Finalizat","MPF","0",{"$nulls":3},"PF012258","HUSA SPLIT TOPPER COOL MOTION INTENSE START F 160X210","CP00001288",1,0,1,"BUC",{"v":57.79,"d":"57.7900"},"EUR",{"v":0,"d":"0.00"},{"v":0,"d":"0.00"},57.79,"EUR","SO25000315","22538018",4,"MPF","0","Bunuri",null,"SI25000155","Z05995","Y","Y","Y","SPLIT TOPPER COOL MOTION INTENSE START"]
["2025-09-19","SH25000098","Aviz Expeditie","411_01FORMAFOAM","FORMAFOAM B.V.","Finalizat","MPF","0",{"$nulls":3},"PF012257","HUSA SPLIT TOPPER COOL MOTION INTENSE LUXE SO 180X210","CP00001287",4,0,4,"BUC",{"v":65.01,"d":"65.0100"},"EUR",{"v":0,"d":"0.00"},{"v":0,"d":"0.00"},260.04,"EUR","SO25000315","22538018",3,"MPF","0","Bunuri",null,"SI25000155","Z05943","Y","Y","Y","SPLIT TOPPER COOL MOTION INTENSE LUXE"]
["2025-09-19","SH25000098","Aviz Expeditie","411_01FORMAFOAM","FORMAFOAM B.V.","Finalizat","MPF","0",{"$nulls":3},"PF012173","TOPPER COOL MOTION INTENSE LUXE FIRM 160X200X 160X200","CP00001279",5,0,5,"BUC",{"v":43.82,"d":"43.8200"},"EUR",{"v":0,"d":"0.00"},{"v":0,"d":"0.00"},{"v":219.1,"d":"219.10"},"EUR","SO25000315","22538018",2,"MPF","0","Bunuri",null,"SI25000155",null,"Y","Y","Y"]
["2025-09-19","SH25000098","Aviz Expeditie","411_01FORMAFOAM","FORMAFOAM B.V.","Finalizat","MPF","0",{"$nulls":3},"PF011929","HUSA CM NEXT 524 80X190","CP00001278",1,0,1,"BUC",{"v":26.98,"d":"26.9800"},"EUR",{"v":0,"d":"0.00"},{"v":0,"d":"0.00"},26.98,"EUR","SO25000315","22538018",1,"MPF","0","Bunuri",null,"SI25000155",null,"Y","Y","Y"]
["2025-09-19","SH25000098","Aviz Expeditie","411_01FORMAFOAM","FORMAFOAM B.V.","Finalizat","MPF","0",{"$nulls":3},"PF011654","HUSA DUO COOL MOTION NEXT  26 180X210x26","CP00001267",50,0,50,"BUC",{"v":60.8,"d":"60.8000"},"EUR",{"v":0,"d":"0.00"},{"v":0,"d":"0.00"},{"v":3040,"d":"3040.00"},"EUR","SO25000309","22537008",1,"MPF","0","Bunuri",null,"SI25000155",null,"Y","Y","Y","DUO COOL MOTION NEXT  26"]
["2025-09-22","SH25000099","Aviz Expeditie","411_01INNOFA B.V","INNOFA B.V.","Finalizat","MPF","0",{"$nulls":3},"PF012134","HUSA PRESTIGE NEW25 100X210","CP00001246",5,0,4,"BUC",{"v":84.24,"d":"84.2400"},"EUR",{"v":0,"d":"0.00"},{"v":0,"d":"0.00"},336.96,"EUR","SO25000295","AUM-003855-1",2,"MPF","0","Bunuri",{"$nulls":3},"Y","Y","Y","PRESTIGE NEW25"]
["2025-09-22","SH25000099","Aviz Expeditie","411_01INNOFA B.V","INNOFA B.V.","Finalizat","MPF","0",{"$nulls":3},"PF012135","PILLOW PRESTIGE FLOW NEW25","CP00001294",80,0,80,"BUC",{"v":11.79,"d":"11.7900"},"EUR",{"v":0,"d":"0.00"},{"v":0,"d":"0.00"},{"v":943.2,"d":"943.20"},"EUR","SO25000293","AUM-003833-2",2,"MPF","0","Bunuri",null,null,"21430","Y","Y","Y","PERNA PRESTIGE FLOW"]
["2025-09-22","SH25000099","Aviz Expeditie","411_01INNOFA B.V","INNOFA B.V.","Finalizat","MPF","0",{"$nulls":3},"PF012136","PILLOW PRESTIGE CROWN NEW25","CP00001295",60,0,60,"BUC",{"v":12.57,"d":"12.5700"},"EUR",{"v":0,"d":"0.00"},{"v":0,"d":"0.00"},{"v":754.2,"d":"754.20"},"EUR","SO25000293","AUM-003833-2",4,"MPF","0","Bunuri",null,null,"21431","Y","Y","Y","PERNA PRESTIGE CROWN"]
["2025-09-22","SH25000099","Aviz Expeditie","411_01INNOFA B.V","INNOFA B.V.","Finalizat","MPF","0",{"$nulls":3},"PF012204","HUSA PRESTIGE NEW25 90X210","CP00001249",16,0,16,"BUC",{"v":76.11,"d":"76.1100"},"EUR",{"v":0,"d":"0.00"},{"v":0,"d":"0.00"},1217.76,"EUR","SO25000296","AUM-003882-1",3,"MPF","0","Bunuri",null,null,"21436","Y","Y","Y","PRESTIGE NEW25"]
["2025-09-22","SH25000099","Aviz Expeditie","411_01INNOFA B.V","INNOFA B.V.","Finalizat","MPF","0",{"$nulls":3},"PF012237","HUSA PRESTIGE NEW25 100X220 100X220","CP00001289",20,0,20,"BUC",{"v":89.24,"d":"89.2400"},"EUR",{"v":0,"d":"0.00"},{"v":0,"d":"0.00"},{"v":1784.8,"d":"1784.80"},"EUR","SO25000302","AUM-003683-1",3,"MPF","0","Bunuri",null,null,"21440","Y","Y","Y","PRESTIGE NEW25 100X220"]
["2025-09-22","SH25000099","Aviz Expeditie","411_01INNOFA B.V","INNOFA B.V.","Finalizat","MPF","0",{"$nulls":3},"PF012238","HUSA PRESTIGE NEW25 160X200 160X200","CP00001290",5,0,5,"BUC",{"v":112.4,"d":"112.4000"},"EUR",{"v":0,"d":"0.00"},{"v":0,"d":"0.00"},{"v":562,"d":"562.00"},"EUR","SO25000303","AUM-003713-1",1,"MPF","0","Bunuri",null,null,"21484","Y","Y","Y","PRESTIGE NEW25 160X200"]
["2025-09-22","SH25000099","Aviz Expeditie","411_01INNOFA B.V","INNOFA B.V.","Finalizat","MPF","0",{"$nulls":3},"PF012239","HUSA PRESTIGE NEW25 180X210 180X210","CP00001291",5,0,5,"BUC",{"v":135.1,"d":"135.1000"},"EUR",{"v":0,"d":"0.00"},{"v":0,"d":"0.00"},{"v":675.5,"d":"675.50"},"EUR","SO25000302","AUM-003683-1",4,"MPF","0","Bunuri",null,null,"21477","Y","Y","Y","PRESTIGE NEW25 180X210"]
["2025-09-22","SH25000099","Aviz Expeditie","411_01INNOFA B.V","INNOFA B.V.","Finalizat","MPF","0",{"$nulls":3},"PF012240","HUSA PRESTIGE NEW25 80X210 80X210","CP00001292",20,0,20,"BUC",{"v":74.11,"d":"74.1100"},"EUR",{"v":0,"d":"0.00"},{"v":0,"d":"0.00"},{"v":1482.2,"d":"1482.20"},"EUR","SO25000302","AUM-003683-1",1,"MPF","0","Bunuri",null,null,"21433","Y","Y","Y","PRESTIGE NEW25 80X210"]
["2025-09-22","SH25000099","Aviz Expeditie","411_01INNOFA B.V","INNOFA B.V.","Finalizat","MPF","0",{"$nulls":3},"PF012241","HUSA PRESTIGE NEW25 90X220 90X220","CP00001293",20,0,20,"BUC",{"v":81.26,"d":"81.2600"},"EUR",{"v":0,"d":"0.00"},{"v":0,"d":"0.00"},{"v":1625.2,"d":"1625.20"},"EUR","SO25000302","AUM-003683-1",2,"MPF","0","Bunuri",null,null,"21437","Y","Y","Y","PRESTIGE NEW25 90X220"]
["2025-09-22","SH25000099","Aviz Expeditie","411_01INNOFA B.V","INNOFA B.V.","Finalizat","MPF","0",{"$nulls":3},"PALET1200X1000","PALETI LEMN (120X100)","0",34,143,4,"BUC",{"v":0,"d":"0.0000"},"EUR",{"v":0,"d":"0.00"},{"v":0,"d":"0.00"},{"v":0,"d":"0.00"},"EUR",null,null,0,"MPF","0","Bunuri",{"$nulls":3},"Y","Y","Y"]
["2025-09-22","SH25000099","Aviz Expeditie","411_01INNOFA B.V","INNOFA B.V.","Finalizat","MPF","0",{"$nulls":3},"CUTIE1200x135","CUTIE 1200 x 1000 x 1350","0",18,7,4,"BUC",{"v":0,"d":"0.0000"},"EUR",{"v":0,"d":"0.00"},{"v":0,"d":"0.00"},{"v":0,"d":"0.00"},"EUR",null,null,0,"MPF","0","Bunuri",{"$nulls":3},"Y","Y","Y"]
["2025-09-22","SH25000099","Aviz Expeditie","411_01INNOFA B.V","INNOFA B.V.","Finalizat","MPF","0",{"$nulls":3},"CAPAC1200","CAPAC 1200 x 1000 x 150","0",174,19,4,"BUC",{"v":0,"d":"0.0000"},"EUR",{"v":0,"d":"0.00"},{"v":0,"d":"0.00"},{"v":0,"d":"0.00"},"EUR",null,null,0,"MPF","0","Bunuri",{"$nulls":3},"Y","Y","Y"]
["2025-09-23","SH25000100","Aviz Expeditie","411_01CARPENTER","CARPENTER BELGIUM BV","Finalizat","MPF","0",{"$nulls":3},"PF012216","HUSA SM 6 NEW 2025 90X200","CP00001296",100,0,100,"BUC",{"v":25.96,"d":"25.9600"},"EUR",{"v":0,"d":"0.00"},{"v":0,"d":"0.00"},{"v":2596,"d":"2596.00"},"EUR","SO25000318","4571098778",1,"MPF","0","Bunuri",null,"SI25000159",null,"Y","Y","Y","SM 6 NEW 2025"]
["2025-09-23","SH25000100","Aviz Expeditie","411_01CARPENTER","CARPENTER BELGIUM BV","Finalizat","MPF","0",{"$nulls":3},"PF012217","HUSA SM 6 NEW 2025 90X210","CP00001300",100,0,100,"BUC",{"v":26.8,"d":"26.8000"},"EUR",{"v":0,"d":"0.00"},{"v":0,"d":"0.00"},{"v":2680,"d":"2680.00"},"EUR","SO25000321","4571101047",1,"MPF","0","Bunuri",null,"SI25000159",null,"Y","Y","Y","SM 6 NEW 2025"]
["2025-09-23","SH25000100","Aviz Expeditie","411_01CARPENTER","CARPENTER BELGIUM BV","Finalizat","MPF","0",{"$nulls":3},"PF012219","HUSA SM 7 NEW 2025 90X200","CP00001299",100,0,100,"BUC",{"v":25.96,"d":"25.9600"},"EUR",{"v":0,"d":"0.00"},{"v":0,"d":"0.00"},{"v":2596,"d":"2596.00"},"EUR","SO25000320","4571101044",1,"MPF","0","Bunuri",null,"SI25000159",null,"Y","Y","Y","SM 7 NEW 2025"]
["2025-09-23","SH25000100","Aviz Expeditie","411_01CARPENTER","CARPENTER BELGIUM BV","Finalizat","MPF","0",{"$nulls":3},"PF012220","HUSA SM 7 NEW 2025 90X210","CP00001297",25,0,25,"BUC",{"v":26.8,"d":"26.8000"},"EUR",{"v":0,"d":"0.00"},{"v":0,"d":"0.00"},{"v":670,"d":"670.00"},"EUR","SO25000318","4571098778",2,"MPF","0","Bunuri",null,"SI25000159",null,"Y","Y","Y","SM 7 NEW 2025"]
["2025-09-23","SH25000100","Aviz Expeditie","411_01CARPENTER","CARPENTER BELGIUM BV","Finalizat","MPF","0",{"$nulls":3},"PF012220","HUSA SM 7 NEW 2025 90X210","CP00001301",25,0,25,"BUC",{"v":26.8,"d":"26.8000"},"EUR",{"v":0,"d":"0.00"},{"v":0,"d":"0.00"},{"v":670,"d":"670.00"},"EUR","SO25000322","4571102071",1,"MPF","0","Bunuri",null,"SI25000159",null,"Y","Y","Y","SM 7 NEW 2025"]
["2025-09-23","SH25000100","Aviz Expeditie","411_01CARPENTER","CARPENTER BELGIUM BV","Finalizat","MPF","0",{"$nulls":3},"PF012221","HUSA SM 8 NEW 2025 80X200","CP00001302",100,0,100,"BUC",{"v":24.53,"d":"24.5300"},"EUR",{"v":0,"d":"0.00"},{"v":0,"d":"0.00"},{"v":2453,"d":"2453.00"},"EUR","SO25000322","4571102071",2,"MPF","0","Bunuri",null,"SI25000159",null,"Y","Y","Y","SM 8 NEW 2025"]
["2025-09-23","SH25000100","Aviz Expeditie","411_01CARPENTER","CARPENTER BELGIUM BV","Finalizat","MPF","0",{"$nulls":3},"PF012223","HUSA SM 8 NEW 2025 90X210","CP00001298",50,0,50,"BUC",{"v":26.8,"d":"26.8000"},"EUR",{"v":0,"d":"0.00"},{"v":0,"d":"0.00"},{"v":1340,"d":"1340.00"},"EUR","SO25000318","4571098778",3,"MPF","0","Bunuri",null,"SI25000159",null,"Y","Y","Y","SM 8 NEW 2025"]
["2025-09-23","SH25000100","Aviz Expeditie","411_01CARPENTER","CARPENTER BELGIUM BV","Finalizat","MPF","0",{"$nulls":3},"PALET1200X1000","PALETI LEMN (120X100)","0",30,143,11,"BUC",{"v":0,"d":"0.0000"},"EUR",{"v":0,"d":"0.00"},{"v":0,"d":"0.00"},{"v":0,"d":"0.00"},"EUR",null,null,0,"MPF","0","Bunuri",null,"SI25000159",null,"Y","Y","Y"]
["2025-09-23","SH25000100","Aviz Expeditie","411_01CARPENTER","CARPENTER BELGIUM BV","Finalizat","MPF","0",{"$nulls":3},"CUTIE1200x90","CUTIE 1200 x 1000 x 900","0",154,404,11,"BUC",{"v":0,"d":"0.0000"},"EUR",{"v":0,"d":"0.00"},{"v":0,"d":"0.00"},{"v":0,"d":"0.00"},"EUR",null,null,0,"MPF","0","Bunuri",null,"SI25000159",null,"Y","Y","Y"]
["2025-09-23","SH25000100","Aviz Expeditie","411_01CARPENTER","CARPENTER BELGIUM BV","Finalizat","MPF","0",{"$nulls":3},"CAPAC1200","CAPAC 1200 x 1000 x 150","0",170,19,11,"BUC",{"v":0,"d":"0.0000"},"EUR",{"v":0,"d":"0.00"},{"v":0,"d":"0.00"},{"v":0,"d":"0.00"},"EUR",null,null,0,"MPF","0","Bunuri",null,"SI25000159",null,"Y","Y","Y"]
["2025-09-23","SH25000101","Aviz Expeditie","411_01FORMAFOAM","FORMAFOAM B.V.","Finalizat","MPF","0",{"$nulls":3},"PF011650","HUSA DUO COOL MOTION NEXT  26 140X200x26","CP00001282",25,0,25,"BUC",{"v":43.04,"d":"43.0400"},"EUR",{"v":0,"d":"0.00"},{"v":0,"d":"0.00"},{"v":1076,"d":"1076.00"},"EUR","SO25000312","22537012",1,"MPF","0","Bunuri",null,"SI25000160",null,"Y","Y","Y","DUO COOL MOTION NEXT  26"]
["2025-09-23","SH25000101","Aviz Expeditie","411_01FORMAFOAM","FORMAFOAM B.V.","Finalizat","MPF","0",{"$nulls":3},"PF011653","HUSA DUO COOL MOTION NEXT  26 180X200x26","CP00001283",50,0,50,"BUC",{"v":52.87,"d":"52.8700"},"EUR",{"v":0,"d":"0.00"},{"v":0,"d":"0.00"},{"v":2643.5,"d":"2643.50"},"EUR","SO25000313","22537013",1,"MPF","0","Bunuri",null,"SI25000160",null,"Y","Y","Y","DUO COOL MOTION NEXT  26"]
["2025-09-23","SH25000101","Aviz Expeditie","411_01FORMAFOAM","FORMAFOAM B.V.","Finalizat","MPF","0",{"$nulls":3},"PF011818","HUSA CM NEXT 524 100X210","CP00001280",25,0,25,"BUC",{"v":35.55,"d":"35.5500"},"EUR",{"v":0,"d":"0.00"},{"v":0,"d":"0.00"},888.75,"EUR","SO25000311","22537011",1,"MPF","0","Bunuri",null,"SI25000160",null,"Y","Y","Y"]
["2025-09-23","SH25000101","Aviz Expeditie","411_01FORMAFOAM","FORMAFOAM B.V.","Finalizat","MPF","0",{"$nulls":3},"PF012088","HUSA SPLIT TOPPER COOL MOTION FIRM 180X210x6","CP00001281",25,0,25,"BUC",{"v":65.01,"d":"65.0100"},"EUR",{"v":0,"d":"0.00"},{"v":0,"d":"0.00"},1625.25,"EUR","SO25000311","22537011",2,"MPF","0","Bunuri",null,"SI25000160",null,"Y","Y","Y","SPLIT TOPPER COOL MOTION FIRM"]
["2025-09-23","SH25000101","Aviz Expeditie","411_01FORMAFOAM","FORMAFOAM B.V.","Finalizat","MPF","0",{"$nulls":3},"PF011667","HUSA CM NEXT 524 80X200","CP00001316",25,0,25,"BUC",{"v":26.98,"d":"26.9800"},"EUR",{"v":0,"d":"0.00"},{"v":0,"d":"0.00"},{"v":674.5,"d":"674.50"},"EUR","SO25000330","22539035",1,"MPF","0","Bunuri",null,"SI25000160",null,"Y","Y","Y"]
["2025-09-23","SH25000101","Aviz Expeditie","411_01FORMAFOAM","FORMAFOAM B.V.","Finalizat","MPF","0",{"$nulls":3},"PF011834","HUSA TWIN 2024 26 2 180X200x26","CP00001183",25,0,25,"BUC",{"v":55.51,"d":"55.5100"},"EUR",{"v":0,"d":"0.00"},{"v":0,"d":"0.00"},1387.75,"EUR","SO25000331","46052",1,"MPF","0","Bunuri",null,"SI25000160",null,"Y","Y","Y","TWIN 2024 26 2"]
["2025-09-23","SH25000101","Aviz Expeditie","411_01FORMAFOAM","FORMAFOAM B.V.","Finalizat","MPF","0",{"$nulls":3},"PALET1200X1000","PALETI LEMN (120X100)","0",19,143,7,"BUC",{"v":0,"d":"0.0000"},"EUR",{"v":0,"d":"0.00"},{"v":0,"d":"0.00"},{"v":0,"d":"0.00"},"EUR",null,null,0,"MPF","0","Bunuri",null,"SI25000160",null,"Y","Y","Y"]
["2025-09-23","SH25000101","Aviz Expeditie","411_01FORMAFOAM","FORMAFOAM B.V.","Finalizat","MPF","0",{"$nulls":3},"CUTIE1200x90","CUTIE 1200 x 1000 x 900","0",143,404,7,"BUC",{"v":0,"d":"0.0000"},"EUR",{"v":0,"d":"0.00"},{"v":0,"d":"0.00"},{"v":0,"d":"0.00"},"EUR",null,null,0,"MPF","0","Bunuri",null,"SI25000160",null,"Y","Y","Y"]
["2025-09-23","SH25000101","Aviz Expeditie","411_01FORMAFOAM","FORMAFOAM B.V.","Finalizat","MPF","0",{"$nulls":3},"CAPAC1200","CAPAC 1200 x 1000 x 150","0",159,19,7,"BUC",{"v":0,"d":"0.0000"},"EUR",{"v":0,"d":"0.00"},{"v":0,"d":"0.00"},{"v":0,"d":"0.00"},"EUR",null,null,0,"MPF","0","Bunuri",null,"SI25000160",null,"Y","Y","Y"]
["2025-09-26","SH25000102","Aviz Expeditie","411_01ARAMIS INV","ARAMIS INVEST S.R.L.","Finalizat","MPF","0",{"$nulls":3},"PF012256","HUSA NASFJALLET MATT PAD 90X200 90X200","CP00001347",200,19,162,"BUC",{"v":7.09,"d":"7.0900"},"RON",{"v":0,"d":"0.00"},{"v":0,"d":"0.00"},1148.58,"RON","SO25000307","267202",2,"MPF","0","Bunuri",null,"SI25000125","111000000139871","Y","Y","Y","NASFJALLET MATT PAD 90X200"]
["2025-09-26","SH25000102","Aviz Expeditie","411_01ARAMIS INV","ARAMIS INVEST S.R.L.","Finalizat","MPF","0",{"$nulls":3},"PF012127","HUSA NORRSELE MAT PAD 90x200","CP00001002",100,0,100,"BUC",{"v":15.68,"d":"15.6800"},"RON",{"v":0,"d":"0.00"},{"v":0,"d":"0.00"},{"v":1568,"d":"1568.00"},"RON","SO25000307","267202",3,"MPF","0","Bunuri",null,"SI25000125","111000000139903","Y","Y","Y","NORRSELE MAT PAD"]
["2025-09-26","SH25000102","Aviz Expeditie","411_01ARAMIS INV","ARAMIS INVEST S.R.L.","Finalizat","MPF","0",{"$nulls":3},"PF012128","HUSA NORRSELE MAT PAD 140x200","CP00001261",100,0,100,"BUC",{"v":22.14,"d":"22.1400"},"RON",{"v":0,"d":"0.00"},{"v":0,"d":"0.00"},{"v":2214,"d":"2214.00"},"RON","SO25000307","267202",4,"MPF","0","Bunuri",null,"SI25000125","111000000139906","Y","Y","Y","NORRSELE MAT PAD"]
["2025-09-26","SH25000102","Aviz Expeditie","411_01ARAMIS INV","ARAMIS INVEST S.R.L.","Finalizat","MPF","0",{"$nulls":3},"PF012224","HUSA Vithall  Extra Firm EU 80X200","CP00001259",393,23,200,"BUC",{"v":23.63,"d":"23.6300"},"RON",{"v":0,"d":"0.00"},{"v":0,"d":"0.00"},{"v":4726,"d":"4726.00"},"RON","SO25000307","267202",1,"MPF","0","Bunuri",null,"SI25000125","111000000157079","Y","Y","Y","Vithall  Extra Firm EU"]
["2025-09-26","SH25000102","Aviz Expeditie","411_01ARAMIS INV","ARAMIS INVEST S.R.L.","Finalizat","MPF","0",{"$nulls":3},"PALET1200X1000","PALETI LEMN (120X100)","0",12,143,6,"BUC",{"v":0,"d":"0.0000"},"RON",{"v":0,"d":"0.00"},{"v":0,"d":"0.00"},{"v":0,"d":"0.00"},"RON",null,null,0,"MPF","0","Bunuri",null,"SI25000125",null,"Y","Y","Y"]
["2025-09-26","SH25000102","Aviz Expeditie","411_01ARAMIS INV","ARAMIS INVEST S.R.L.","Finalizat","MPF","0",{"$nulls":3},"CUTIE1200x135","CUTIE 1200 x 1000 x 1350","0",14,7,4,"BUC",{"v":0,"d":"0.0000"},"RON",{"v":0,"d":"0.00"},{"v":0,"d":"0.00"},{"v":0,"d":"0.00"},"RON",null,null,0,"MPF","0","Bunuri",null,"SI25000125",null,"Y","Y","Y"]
["2025-09-26","SH25000102","Aviz Expeditie","411_01ARAMIS INV","ARAMIS INVEST S.R.L.","Finalizat","MPF","0",{"$nulls":3},"CAPAC1200","CAPAC 1200 x 1000 x 150","0",152,19,4,"BUC",{"v":0,"d":"0.0000"},"RON",{"v":0,"d":"0.00"},{"v":0,"d":"0.00"},{"v":0,"d":"0.00"},"RON",null,null,0,"MPF","0","Bunuri",null,"SI25000125",null,"Y","Y","Y"]
["2025-09-26","SH25000102","Aviz Expeditie","411_01ARAMIS INV","ARAMIS INVEST S.R.L.","Finalizat","MPF","0",{"$nulls":3},"PALET2000X900","PALETI LEMN (90x200) - folositi la pachete","0",247,243,4,"BUC",{"v":0,"d":"0.0000"},"RON",{"v":0,"d":"0.00"},{"v":0,"d":"0.00"},{"v":0,"d":"0.00"},"RON",null,null,0,"MPF","0","Bunuri",null,"SI25000125",null,"Y","Y","Y"]
["2025-09-29","SH25000103","Aviz Expeditie","411_01INNOFA B.V","INNOFA B.V.","Finalizat","MPF","0",{"$nulls":3},"PF012135","PILLOW PRESTIGE FLOW NEW25","CP00001241",170,0,170,"BUC",{"v":11.79,"d":"11.7900"},"EUR",{"v":0,"d":"0.00"},{"v":0,"d":"0.00"},{"v":2004.3,"d":"2004.30"},"EUR","SO25000293","AUM-003833-2",1,"MPF","0","Bunuri",null,null,"21430","Y","Y","Y","PERNA PRESTIGE FLOW"]
["2025-09-29","SH25000103","Aviz Expeditie","411_01INNOFA B.V","INNOFA B.V.","Finalizat","MPF","0",{"$nulls":3},"PF012136","PILLOW PRESTIGE CROWN NEW25","CP00001242",190,0,190,"BUC",{"v":12.57,"d":"12.5700"},"EUR",{"v":0,"d":"0.00"},{"v":0,"d":"0.00"},{"v":2388.3,"d":"2388.30"},"EUR","SO25000293","AUM-003833-2",3,"MPF","0","Bunuri",null,null,"21431","Y","Y","Y","PERNA PRESTIGE CROWN"]
["2025-09-29","SH25000103","Aviz Expeditie","411_01INNOFA B.V","INNOFA B.V.","Finalizat","MPF","0",{"$nulls":3},"PF012137","HUSA PRESTIGE NEW25 90X200","CP00001244",16,0,16,"BUC",{"v":68.11,"d":"68.1100"},"EUR",{"v":0,"d":"0.00"},{"v":0,"d":"0.00"},1089.76,"EUR","SO25000294","AUM-003841",2,"MPF","0","Bunuri",null,null,"21435","Y","Y","Y","PRESTIGE NEW25"]
["2025-09-29","SH25000103","Aviz Expeditie","411_01INNOFA B.V","INNOFA B.V.","Finalizat","MPF","0",{"$nulls":3},"PALET1200X1000","PALETI LEMN (120X100)","0",6,143,2,"BUC",{"v":0,"d":"0.0000"},"EUR",{"v":0,"d":"0.00"},{"v":0,"d":"0.00"},{"v":0,"d":"0.00"},"EUR",null,null,0,"MPF","0","Bunuri",{"$nulls":3},"Y","Y","Y"]
["2025-09-29","SH25000103","Aviz Expeditie","411_01INNOFA B.V","INNOFA B.V.","Finalizat","MPF","0",{"$nulls":3},"CUTIE1200x90","CUTIE 1200 x 1000 x 900","0",136,404,2,"BUC",{"v":0,"d":"0.0000"},"EUR",{"v":0,"d":"0.00"},{"v":0,"d":"0.00"},{"v":0,"d":"0.00"},"EUR",null,null,0,"MPF","0","Bunuri",{"$nulls":3},"Y","Y","Y"]
["2025-09-29","SH25000103","Aviz Expeditie","411_01INNOFA B.V","INNOFA B.V.","Finalizat","MPF","0",{"$nulls":3},"CAPAC1200","CAPAC 1200 x 1000 x 150","0",148,19,2,"BUC",{"v":0,"d":"0.0000"},"EUR",{"v":0,"d":"0.00"},{"v":0,"d":"0.00"},{"v":0,"d":"0.00"},"EUR",null,null,0,"MPF","0","Bunuri",{"$nulls":3},"Y","Y","Y"]
["2025-09-29","SH25000103","Aviz Expeditie","411_01INNOFA B.V","INNOFA B.V.","Finalizat","MPF","0",{"$nulls":3},"PF012253","HUSA PRESTIGE NEW25 100X200 100X200","CP00001349",5,0,5,"BUC",{"v":78.24,"d":"78.2400"},"EUR",{"v":0,"d":"0.00"},{"v":0,"d":"0.00"},{"v":391.2,"d":"391.20"},"EUR","SO25000305","AUM-003821",2,"MPF","0","Bunuri",{"$nulls":3},"Y","Y","Y","PRESTIGE NEW25 100X200"]
["2025-09-29","SH25000104","Aviz Expeditie","411_01FORMAFOAM","FORMAFOAM B.V.","Finalizat","MPF","0",{"$nulls":3},"PF011621","HUSA CM NEXT 524 90X200","CP00001286",25,0,25,"BUC",{"v":28.1,"d":"28.1000"},"EUR",{"v":0,"d":"0.00"},{"v":0,"d":"0.00"},{"v":702.5,"d":"702.50"},"EUR","SO25000314","22538017",3,"MPF","0","Bunuri",null,"SI25000162",null,"Y","Y","Y"]
["2025-09-29","SH25000104","Aviz Expeditie","411_01FORMAFOAM","FORMAFOAM B.V.","Finalizat","MPF","0",{"$nulls":3},"PF011665","HUSA CM NEXT 524 120X200","CP00001319",25,0,25,"BUC",{"v":35.73,"d":"35.7300"},"EUR",{"v":0,"d":"0.00"},{"v":0,"d":"0.00"},893.25,"EUR","SO25000330","22539035",4,"MPF","0","Bunuri",null,"SI25000162",null,"Y","Y","Y"]
["2025-09-29","SH25000104","Aviz Expeditie","411_01FORMAFOAM","FORMAFOAM B.V.","Finalizat","MPF","0",{"$nulls":3},"PF011666","HUSA CM NEXT 524 140X200","CP00001284",25,0,25,"BUC",{"v":39.13,"d":"39.1300"},"EUR",{"v":0,"d":"0.00"},{"v":0,"d":"0.00"},978.25,"EUR","SO25000314","22538017",1,"MPF","0","Bunuri",null,"SI25000162",null,"Y","Y","Y"]
["2025-09-29","SH25000104","Aviz Expeditie","411_01FORMAFOAM","FORMAFOAM B.V.","Finalizat","MPF","0",{"$nulls":3},"PF011667","HUSA CM NEXT 524 80X200","CP00001285",25,0,25,"BUC",{"v":26.98,"d":"26.9800"},"EUR",{"v":0,"d":"0.00"},{"v":0,"d":"0.00"},{"v":674.5,"d":"674.50"},"EUR","SO25000314","22538017",2,"MPF","0","Bunuri",null,"SI25000162",null,"Y","Y","Y"]
["2025-09-29","SH25000104","Aviz Expeditie","411_01FORMAFOAM","FORMAFOAM B.V.","Finalizat","MPF","0",{"$nulls":3},"PF011669","HUSA CM NEXT 524 90X210","CP00001318",25,0,25,"BUC",{"v":32.32,"d":"32.3200"},"EUR",{"v":0,"d":"0.00"},{"v":0,"d":"0.00"},{"v":808,"d":"808.00"},"EUR","SO25000330","22539035",3,"MPF","0","Bunuri",null,"SI25000162",null,"Y","Y","Y"]
["2025-09-29","SH25000104","Aviz Expeditie","411_01FORMAFOAM","FORMAFOAM B.V.","Finalizat","MPF","0",{"$nulls":3},"PF011919","HUSA CM NEXT 524 80X220","CP00001317",25,0,25,"BUC",{"v":31.02,"d":"31.0200"},"EUR",{"v":0,"d":"0.00"},{"v":0,"d":"0.00"},{"v":775.5,"d":"775.50"},"EUR","SO25000330","22539035",2,"MPF","0","Bunuri",null,"SI25000162",null,"Y","Y","Y"]
["2025-09-29","SH25000104","Aviz Expeditie","411_01FORMAFOAM","FORMAFOAM B.V.","Finalizat","MPF","0",{"$nulls":3},"PF012050","HUSA CM NEXT 524 120x210","CP00001320",25,0,25,"BUC",{"v":41.08,"d":"41.0800"},"EUR",{"v":0,"d":"0.00"},{"v":0,"d":"0.00"},{"v":1027,"d":"1027.00"},"EUR","SO25000330","22539035",5,"MPF","0","Bunuri",null,"SI25000162",null,"Y","Y","Y"]
["2025-09-29","SH25000104","Aviz Expeditie","411_01FORMAFOAM","FORMAFOAM B.V.","Finalizat","MPF","0",{"$nulls":3},"PF011680","HUSA CM NEXT 724 90X220","CP00001335",25,0,25,"BUC",{"v":32.32,"d":"32.3200"},"EUR",{"v":0,"d":"0.00"},{"v":0,"d":"0.00"},{"v":808,"d":"808.00"},"EUR","SO25000325","22539020",1,"MPF","0","Bunuri",null,"SI25000162",null,"Y","Y","Y"]
["2025-09-29","SH25000104","Aviz Expeditie","411_01FORMAFOAM","FORMAFOAM B.V.","Finalizat","MPF","0",{"$nulls":3},"PF012070","HUSA TOPPER COOL MOTION FIRM 90X200x6","CP00001333",25,0,25,"BUC",{"v":24.65,"d":"24.6500"},"EUR",{"v":0,"d":"0.00"},{"v":0,"d":"0.00"},616.25,"EUR","SO25000323","22539018",1,"MPF","0","Bunuri",null,"SI25000162",null,"Y","Y","Y","TOPPER COOL MOTION FIRM"]
["2025-09-29","SH25000104","Aviz Expeditie","411_01FORMAFOAM","FORMAFOAM B.V.","Finalizat","MPF","0",{"$nulls":3},"PALET1200X1000","PALETI LEMN (120X100)","0",4,143,4,"BUC",{"v":0,"d":"0.0000"},"EUR",{"v":0,"d":"0.00"},{"v":0,"d":"0.00"},{"v":0,"d":"0.00"},"EUR",null,null,0,"MPF","0","Bunuri",null,"SI25000162",null,"Y","Y","Y"]
["2025-09-29","SH25000104","Aviz Expeditie","411_01FORMAFOAM","FORMAFOAM B.V.","Finalizat","MPF","0",{"$nulls":3},"CUTIE1200x90","CUTIE 1200 x 1000 x 900","0",134,404,6,"BUC",{"v":0,"d":"0.0000"},"EUR",{"v":0,"d":"0.00"},{"v":0,"d":"0.00"},{"v":0,"d":"0.00"},"EUR",null,null,0,"MPF","0","Bunuri",null,"SI25000162",null,"Y","Y","Y"]
["2025-09-29","SH25000104","Aviz Expeditie","411_01FORMAFOAM","FORMAFOAM B.V.","Finalizat","MPF","0",{"$nulls":3},"CAPAC1200","CAPAC 1200 x 1000 x 150","0",146,19,6,"BUC",{"v":0,"d":"0.0000"},"EUR",{"v":0,"d":"0.00"},{"v":0,"d":"0.00"},{"v":0,"d":"0.00"},"EUR",null,null,0,"MPF","0","Bunuri",null,"SI25000162",null,"Y","Y","Y"]
["2025-09-29","SH25000105","Aviz Expeditie","411_01CARPENTER","CARPENTER BELGIUM BV","Finalizat","MPF","0",{"$nulls":3},"PF012221","HUSA SM 8 NEW 2025 80X200","CP00001309",50,0,50,"BUC",{"v":24.53,"d":"24.5300"},"EUR",{"v":0,"d":"0.00"},{"v":0,"d":"0.00"},{"v":1226.5,"d":"1226.50"},"EUR","SO25000321","4571101047",5,"MPF","0","Bunuri",null,"SI25000163",null,"Y","Y","Y","SM 8 NEW 2025"]
["2025-09-29","SH25000105","Aviz Expeditie","411_01CARPENTER","CARPENTER BELGIUM BV","Finalizat","MPF","0",{"$nulls":3},"PF012221","HUSA SM 8 NEW 2025 80X200","CP00001303",50,0,50,"BUC",{"v":24.53,"d":"24.5300"},"EUR",{"v":0,"d":"0.00"},{"v":0,"d":"0.00"},{"v":1226.5,"d":"1226.50"},"EUR","SO25000318","4571098778",4,"MPF","0","Bunuri",null,"SI25000163",null,"Y","Y","Y","SM 8 NEW 2025"]
["2025-09-29","SH25000105","Aviz Expeditie","411_01CARPENTER","CARPENTER BELGIUM BV","Finalizat","MPF","0",{"$nulls":3},"PF012222","HUSA SM 8 NEW 2025 90X200","CP00001342",50,100,50,"BUC",{"v":25.96,"d":"25.9600"},"EUR",{"v":0,"d":"0.00"},{"v":0,"d":"0.00"},{"v":1298,"d":"1298.00"},"EUR","SO25000320","4571101044",6,"MPF","0","Bunuri",null,"SI25000163",null,"Y","Y","Y","SM 8 NEW 2025"]
["2025-09-29","SH25000105","Aviz Expeditie","411_01CARPENTER","CARPENTER BELGIUM BV","Finalizat","MPF","0",{"$nulls":3},"PF012223","HUSA SM 8 NEW 2025 90X210","CP00001304",100,0,100,"BUC",{"v":26.8,"d":"26.8000"},"EUR",{"v":0,"d":"0.00"},{"v":0,"d":"0.00"},{"v":2680,"d":"2680.00"},"EUR","SO25000319","4571098779",1,"MPF","0","Bunuri",null,"SI25000163",null,"Y","Y","Y","SM 8 NEW 2025"]
["2025-09-29","SH25000105","Aviz Expeditie","411_01CARPENTER","CARPENTER BELGIUM BV","Finalizat","MPF","0",{"$nulls":3},"PF012220","HUSA SM 7 NEW 2025 90X210","CP00001308",50,0,50,"BUC",{"v":26.8,"d":"26.8000"},"EUR",{"v":0,"d":"0.00"},{"v":0,"d":"0.00"},{"v":1340,"d":"1340.00"},"EUR","SO25000321","4571101047",4,"MPF","0","Bunuri",null,"SI25000163",null,"Y","Y","Y","SM 7 NEW 2025"]
["2025-09-29","SH25000105","Aviz Expeditie","411_01CARPENTER","CARPENTER BELGIUM BV","Finalizat","MPF","0",{"$nulls":3},"PF012220","HUSA SM 7 NEW 2025 90X210","CP00001315",50,18,50,"BUC",{"v":26.8,"d":"26.8000"},"EUR",{"v":0,"d":"0.00"},{"v":0,"d":"0.00"},{"v":1340,"d":"1340.00"},"EUR","SO25000322","4571102071",7,"MPF","0","Bunuri",null,"SI25000163",null,"Y","Y","Y","SM 7 NEW 2025"]
["2025-09-29","SH25000105","Aviz Expeditie","411_01CARPENTER","CARPENTER BELGIUM BV","Finalizat","MPF","0",{"$nulls":3},"PF012217","HUSA SM 6 NEW 2025 90X210","CP00001314",50,0,50,"BUC",{"v":26.8,"d":"26.8000"},"EUR",{"v":0,"d":"0.00"},{"v":0,"d":"0.00"},{"v":1340,"d":"1340.00"},"EUR","SO25000322","4571102071",6,"MPF","0","Bunuri",null,"SI25000163",null,"Y","Y","Y","SM 6 NEW 2025"]
["2025-09-29","SH25000105","Aviz Expeditie","411_01CARPENTER","CARPENTER BELGIUM BV","Finalizat","MPF","0",{"$nulls":3},"PF012218","HUSA SM 7 NEW 2025 80X200","CP00001305",100,0,100,"BUC",{"v":24.53,"d":"24.5300"},"EUR",{"v":0,"d":"0.00"},{"v":0,"d":"0.00"},{"v":2453,"d":"2453.00"},"EUR","SO25000320","4571101044",2,"MPF","0","Bunuri",null,"SI25000163",null,"Y","Y","Y","SM 7 NEW 2025"]
["2025-09-29","SH25000105","Aviz Expeditie","411_01CARPENTER","CARPENTER BELGIUM BV","Finalizat","MPF","0",{"$nulls":3},"PF012215","HUSA SM 6 NEW 2025 80X200","CP00001311",100,0,100,"BUC",{"v":24.53,"d":"24.5300"},"EUR",{"v":0,"d":"0.00"},{"v":0,"d":"0.00"},{"v":2453,"d":"2453.00"},"EUR","SO25000322","4571102071",3,"MPF","0","Bunuri",null,"SI25000163",null,"Y","Y","Y","SM 6 NEW 2025"]
["2025-09-29","SH25000105","Aviz Expeditie","411_01CARPENTER","CARPENTER BELGIUM BV","Finalizat","MPF","0",{"$nulls":3},"PF012219","HUSA SM 7 NEW 2025 90X200","CP00001312",200,0,200,"BUC",{"v":25.96,"d":"25.9600"},"EUR",{"v":0,"d":"0.00"},{"v":0,"d":"0.00"},{"v":5192,"d":"5192.00"},"EUR","SO25000322","4571102071",4,"MPF","0","Bunuri",null,"SI25000163",null,"Y","Y","Y","SM 7 NEW 2025"]
["2025-09-29","SH25000105","Aviz Expeditie","411_01CARPENTER","CARPENTER BELGIUM BV","Finalizat","MPF","0",{"$nulls":3},"PF012216","HUSA SM 6 NEW 2025 90X200","CP00001306",300,0,300,"BUC",{"v":25.96,"d":"25.9600"},"EUR",{"v":0,"d":"0.00"},{"v":0,"d":"0.00"},{"v":7788,"d":"7788.00"},"EUR","SO25000321","4571101047",2,"MPF","0","Bunuri",null,"SI25000163",null,"Y","Y","Y","SM 6 NEW 2025"]
["2025-09-29","SH25000105","Aviz Expeditie","411_01CARPENTER","CARPENTER BELGIUM BV","Finalizat","MPF","0",{"$nulls":3},"PALET1200X1000","PALETI LEMN (120X100)","0",157,0,22,"BUC",{"v":0,"d":"0.0000"},"EUR",{"v":0,"d":"0.00"},{"v":0,"d":"0.00"},{"v":0,"d":"0.00"},"EUR",null,null,0,"Prin","0","Bunuri",null,"SI25000163",null,"Y","Y","Y"]
["2025-09-29","SH25000105","Aviz Expeditie","411_01CARPENTER","CARPENTER BELGIUM BV","Finalizat","MPF","0",{"$nulls":3},"CUTIE1200x90","CUTIE 1200 x 1000 x 900","0",128,404,22,"BUC",{"v":0,"d":"0.0000"},"EUR",{"v":0,"d":"0.00"},{"v":0,"d":"0.00"},{"v":0,"d":"0.00"},"EUR",null,null,0,"MPF","0","Bunuri",null,"SI25000163",null,"Y","Y","Y"]
["2025-09-29","SH25000105","Aviz Expeditie","411_01CARPENTER","CARPENTER BELGIUM BV","Finalizat","MPF","0",{"$nulls":3},"CAPAC1200","CAPAC 1200 x 1000 x 150","0",146,19,22,"BUC",{"v":0,"d":"0.0000"},"EUR",{"v":0,"d":"0.00"},{"v":0,"d":"0.00"},{"v":0,"d":"0.00"},"EUR",null,null,0,"MPF","0","Bunuri",null,"SI25000163",null,"Y","Y","Y"]
["2025-09-30","SH25000115","Aviz Expeditie","411_01INNOFA B.V","INNOFA B.V.","Finalizat","MPF","0",{"$nulls":3},"PF012232","HUSA SILENTNIGHT -JUST CALM 135X190","CP00001440",200,0,200,"BUC",{"v":0,"d":"0.0000"},"EUR",{"v":0,"d":"0.00"},{"v":0,"d":"0.00"},{"v":0,"d":"0.00"},"EUR","SO25000263","45933",1,"MPF","0","Bunuri",null,null,"21600","Y","Y","Y","SILENTNIGHT -JUST CALM"]
["2025-09-30","SH25000115","Aviz Expeditie","411_01INNOFA B.V","INNOFA B.V.","Finalizat","MPF","0",{"$nulls":3},"PF012232","HUSA SILENTNIGHT -JUST CALM 135X190","CP00001441",200,0,200,"BUC",{"v":0,"d":"0.0000"},"EUR",{"v":0,"d":"0.00"},{"v":0,"d":"0.00"},{"v":0,"d":"0.00"},"EUR","SO25000264","45988",1,"MPF","0","Bunuri",null,null,"21600","Y","Y","Y","SILENTNIGHT -JUST CALM"]
["2025-09-30","SH25000115","Aviz Expeditie","411_01INNOFA B.V","INNOFA B.V.","Finalizat","MPF","0",{"$nulls":3},"PF012233","HUSA SILENTNIGHT -JUST CALM 150X200","CP00001365",250,0,250,"BUC",{"v":0,"d":"0.0000"},"EUR",{"v":0,"d":"0.00"},{"v":0,"d":"0.00"},{"v":0,"d":"0.00"},"EUR","SO25000263","45933",2,"MPF","0","Bunuri",null,null,"21601","Y","Y","Y","SILENTNIGHT -JUST CALM"]
["2025-09-30","SH25000115","Aviz Expeditie","411_01INNOFA B.V","INNOFA B.V.","Finalizat","MPF","0",{"$nulls":3},"PF012233","HUSA SILENTNIGHT -JUST CALM 150X200","CP00001366",200,0,200,"BUC",{"v":0,"d":"0.0000"},"EUR",{"v":0,"d":"0.00"},{"v":0,"d":"0.00"},{"v":0,"d":"0.00"},"EUR","SO25000264","45988",2,"MPF","0","Bunuri",null,null,"21601","Y","Y","Y","SILENTNIGHT -JUST CALM"]
["2025-09-30","SH25000115","Aviz Expeditie","411_01INNOFA B.V","INNOFA B.V.","Finalizat","MPF","0",{"$nulls":3},"PF012232","HUSA SILENTNIGHT -JUST CALM 135X190","CP00001443",200,0,200,"BUC",{"v":0,"d":"0.0000"},"EUR",{"v":0,"d":"0.00"},{"v":0,"d":"0.00"},{"v":0,"d":"0.00"},"EUR","SO25000265","46011",1,"MPF","0","Bunuri",null,null,"21600","Y","Y","Y","SILENTNIGHT -JUST CALM"]
["2025-09-30","SH25000115","Aviz Expeditie","411_01INNOFA B.V","INNOFA B.V.","Finalizat","MPF","0",{"$nulls":3},"PF012233","HUSA SILENTNIGHT -JUST CALM 150X200","CP00001367",350,0,350,"BUC",{"v":0,"d":"0.0000"},"EUR",{"v":0,"d":"0.00"},{"v":0,"d":"0.00"},{"v":0,"d":"0.00"},"EUR","SO25000265","46011",2,"MPF","0","Bunuri",null,null,"21601","Y","Y","Y","SILENTNIGHT -JUST CALM"]
["2025-09-30","SH25000115","Aviz Expeditie","411_01INNOFA B.V","INNOFA B.V.","Finalizat","MPF","0",{"$nulls":3},"PF012242","HUSA SILENTNIGHT -JUST CALM 180X200 180X200","CP00001442",50,0,50,"BUC",{"v":0,"d":"0.0000"},"EUR",{"v":0,"d":"0.00"},{"v":0,"d":"0.00"},{"v":0,"d":"0.00"},"EUR","SO25000265","46011",3,"MPF","0","Bunuri",null,null,"21603","Y","Y","Y","SILENTNIGHT -JUST CALM 180X200"]
["2025-09-30","SH25000115","Aviz Expeditie","411_01INNOFA B.V","INNOFA B.V.","Finalizat","MPF","0",{"$nulls":3},"PF012204","HUSA PRESTIGE NEW25 90X210","CP00001262",2,0,2,"BUC",{"v":0,"d":"0.0000"},"EUR",{"v":0,"d":"0.00"},{"v":0,"d":"0.00"},{"v":0,"d":"0.00"},"EUR","SO25000306","AUM-003824-1",1,"MPF","0","Bunuri",null,null,"21436","Y","Y","Y","PRESTIGE NEW25"]
["2025-09-30","SH25000115","Aviz Expeditie","411_01INNOFA B.V","INNOFA B.V.","Finalizat","MPF","0",{"$nulls":3},"PF012136","PILLOW PRESTIGE CROWN NEW25","CP00001265",10,8,2,"BUC",{"v":0,"d":"0.0000"},"EUR",{"v":0,"d":"0.00"},{"v":0,"d":"0.00"},{"v":0,"d":"0.00"},"EUR","SO25000304","AUM-003756-1",2,"MPF","0","Bunuri",null,null,"21431","Y","Y","Y","PERNA PRESTIGE CROWN"]
["2025-09-30","SH25000115","Aviz Expeditie","411_01INNOFA B.V","INNOFA B.V.","Finalizat","MPF","0",{"$nulls":3},"PF012135","PILLOW PRESTIGE FLOW NEW25","CP00001264",50,48,2,"BUC",{"v":0,"d":"0.0000"},"EUR",{"v":0,"d":"0.00"},{"v":0,"d":"0.00"},{"v":0,"d":"0.00"},"EUR","SO25000304","AUM-003756-1",1,"MPF","0","Bunuri",null,null,"21430","Y","Y","Y","PERNA PRESTIGE FLOW"]
["2025-09-30","SH25000115","Aviz Expeditie","411_01INNOFA B.V","INNOFA B.V.","Finalizat","MPF","0",{"$nulls":3},"PF012134","HUSA PRESTIGE NEW25 100X210","CP00001248",2,0,2,"BUC",{"v":0,"d":"0.0000"},"EUR",{"v":0,"d":"0.00"},{"v":0,"d":"0.00"},{"v":0,"d":"0.00"},"EUR","SO25000296","AUM-003882-1",2,"MPF","0","Bunuri",{"$nulls":3},"Y","Y","Y","PRESTIGE NEW25"]
["2025-09-30","SH25000115","Aviz Expeditie","411_01INNOFA B.V","INNOFA B.V.","Finalizat","MPF","0",{"$nulls":3},"PF012134","HUSA PRESTIGE NEW25 100X210","CP00001246",1,0,1,"BUC",{"v":0,"d":"0.0000"},"EUR",{"v":0,"d":"0.00"},{"v":0,"d":"0.00"},{"v":0,"d":"0.00"},"EUR",null,null,0,"MPF","0","Bunuri",{"$nulls":3},"Y","Y","Y","PRESTIGE NEW25"]
["2025-09-30","SH25000116","Aviz Expeditie","411_01Prognoza","PROGNOZA","Finalizat","MPF","0",{"$nulls":3},"PF012233","HUSA SILENTNIGHT -JUST CALM 150X200","CP00001495",9,0,9,"BUC",{"v":0,"d":"0.0000"},"EUR",{"v":0,"d":"0.00"},{"v":0,"d":"0.00"},{"v":0,"d":"0.00"},"EUR","SO25000380","20251010",12,"MPF","0","Bunuri",{"$nulls":3},"Y","Y","Y","SILENTNIGHT -JUST CALM"]
["2025-09-30","SH25000116","Aviz Expeditie","411_01Prognoza","PROGNOZA","Finalizat","MPF","0",{"$nulls":3},"PF012232","HUSA SILENTNIGHT -JUST CALM 135X190","CP00001586",5,0,5,"BUC",{"v":0,"d":"0.0000"},"EUR",{"v":0,"d":"0.00"},{"v":0,"d":"0.00"},{"v":0,"d":"0.00"},"EUR","SO25000390","20250909",1,"MPF","0","Bunuri",{"$nulls":3},"Y","Y","Y","SILENTNIGHT -JUST CALM"]
["2025-09-30","SH25000116","Aviz Expeditie","411_01Prognoza","PROGNOZA","Finalizat","MPF","0",{"$nulls":3},"PF012280","HUSA GHOSTBED CLASSIC 135X190 135X190","CP00001496",35,0,35,"BUC",{"v":0,"d":"0.0000"},"EUR",{"v":0,"d":"0.00"},{"v":0,"d":"0.00"},{"v":0,"d":"0.00"},"EUR","SO25000380","20251010",13,"MPF","0","Bunuri",{"$nulls":3},"Y","Y","Y","GHOSTBED CLASSIC 135X190"]
["2025-09-30","SH25000116","Aviz Expeditie","411_01Prognoza","PROGNOZA","Finalizat","MPF","0",{"$nulls":3},"PF012281","HUSA GHOSTBED CLASSIC 150X200 150X200","CP00001497",36,0,36,"BUC",{"v":0,"d":"0.0000"},"EUR",{"v":0,"d":"0.00"},{"v":0,"d":"0.00"},{"v":0,"d":"0.00"},"EUR","SO25000380","20251010",14,"MPF","0","Bunuri",{"$nulls":3},"Y","Y","Y","GHOSTBED CLASSIC 150X200"]
["2025-09-30","SH25000116","Aviz Expeditie","411_01Prognoza","PROGNOZA","Finalizat","MPF","0",{"$nulls":3},"PF012282","HUSA GHOSTBED CLASSIC 180X200 180X200","CP00001498",10,0,10,"BUC",{"v":0,"d":"0.0000"},"EUR",{"v":0,"d":"0.00"},{"v":0,"d":"0.00"},{"v":0,"d":"0.00"},"EUR","SO25000380","20251010",15,"MPF","0","Bunuri",{"$nulls":3},"Y","Y","Y","GHOSTBED CLASSIC 180X200"]
["2025-09-30","SH25000116","Aviz Expeditie","411_01Prognoza","PROGNOZA","Finalizat","MPF","0",{"$nulls":3},"PF012283","HUSA GHOSTBED CLASSIC 90X190 90X190","CP00001499",15,0,15,"BUC",{"v":0,"d":"0.0000"},"EUR",{"v":0,"d":"0.00"},{"v":0,"d":"0.00"},{"v":0,"d":"0.00"},"EUR","SO25000380","20251010",16,"MPF","0","Bunuri",{"$nulls":3},"Y","Y","Y","GHOSTBED CLASSIC 90X190"]
["2025-09-30","SH25000116","Aviz Expeditie","411_01Prognoza","PROGNOZA","Finalizat","MPF","0",{"$nulls":3},"PF012284","HUSA GHOSTBED LUXE 135X190 135X190","CP00001500",4,0,4,"BUC",{"v":0,"d":"0.0000"},"EUR",{"v":0,"d":"0.00"},{"v":0,"d":"0.00"},{"v":0,"d":"0.00"},"EUR","SO25000380","20251010",17,"MPF","0","Bunuri",{"$nulls":3},"Y","Y","Y","GHOSTBED LUXE 139X190"]
["2025-09-30","SH25000116","Aviz Expeditie","411_01Prognoza","PROGNOZA","Finalizat","MPF","0",{"$nulls":3},"PF012285","HUSA GHOSTBED LUXE 150X200 150X200","CP00001501",4,0,4,"BUC",{"v":0,"d":"0.0000"},"EUR",{"v":0,"d":"0.00"},{"v":0,"d":"0.00"},{"v":0,"d":"0.00"},"EUR","SO25000380","20251010",18,"MPF","0","Bunuri",{"$nulls":3},"Y","Y","Y","GHOSTBED LUXE 150X200"]
["2025-09-30","SH25000116","Aviz Expeditie","411_01Prognoza","PROGNOZA","Finalizat","MPF","0",{"$nulls":3},"PF012287","HUSA GHOSTBED LUXE 90X190 90X190","CP00001502",4,0,4,"BUC",{"v":0,"d":"0.0000"},"EUR",{"v":0,"d":"0.00"},{"v":0,"d":"0.00"},{"v":0,"d":"0.00"},"EUR","SO25000380","20251010",19,"MPF","0","Bunuri",{"$nulls":3},"Y","Y","Y","GHOSTBED LUXE 90X190"]
["2025-09-30","SH25000116","Aviz Expeditie","411_01Prognoza","PROGNOZA","Finalizat","MPF","0",{"$nulls":3},"PF012309","COVER KAMEO 90X200","CP00001503",50,0,50,"BUC",{"v":0,"d":"0.0000"},"EUR",{"v":0,"d":"0.00"},{"v":0,"d":"0.00"},{"v":0,"d":"0.00"},"EUR","SO25000380","20251010",20,"MPF","0","Bunuri",{"$nulls":3},"Y","Y","Y"]
["2025-09-30","SH25000116","Aviz Expeditie","411_01Prognoza","PROGNOZA","Finalizat","MPF","0",{"$nulls":3},"PF012299","COVER KAMEO 180X200","CP00001504",1,0,1,"BUC",{"v":0,"d":"0.0000"},"EUR",{"v":0,"d":"0.00"},{"v":0,"d":"0.00"},{"v":0,"d":"0.00"},"EUR","SO25000380","20251010",21,"MPF","0","Bunuri",{"$nulls":3},"Y","Y","Y"]
["2025-09-30","SH25000116","Aviz Expeditie","411_01Prognoza","PROGNOZA","Finalizat","MPF","0",{"$nulls":3},"PF012223","HUSA SM 8 NEW 2025 90X210","CP00001505",5,0,5,"BUC",{"v":0,"d":"0.0000"},"EUR",{"v":0,"d":"0.00"},{"v":0,"d":"0.00"},{"v":0,"d":"0.00"},"EUR","SO25000380","20251010",22,"MPF","0","Bunuri",{"$nulls":3},"Y","Y","Y","SM 8 NEW 2025"]
["2025-09-30","SH25000116","Aviz Expeditie","411_01Prognoza","PROGNOZA","Finalizat","MPF","0",{"$nulls":3},"PF012222","HUSA SM 8 NEW 2025 90X200","CP00001508",36,0,36,"BUC",{"v":0,"d":"0.0000"},"EUR",{"v":0,"d":"0.00"},{"v":0,"d":"0.00"},{"v":0,"d":"0.00"},"EUR","SO25000380","20251010",25,"MPF","0","Bunuri",{"$nulls":3},"Y","Y","Y","SM 8 NEW 2025"]
["2025-09-30","SH25000116","Aviz Expeditie","411_01Prognoza","PROGNOZA","Finalizat","MPF","0",{"$nulls":3},"PF012221","HUSA SM 8 NEW 2025 80X200","CP00001493",272,0,109,"BUC",{"v":0,"d":"0.0000"},"EUR",{"v":0,"d":"0.00"},{"v":0,"d":"0.00"},{"v":0,"d":"0.00"},"EUR","SO25000380","20251010",10,"MPF","0","Bunuri",{"$nulls":3},"Y","Y","Y","SM 8 NEW 2025"]
["2025-09-30","SH25000116","Aviz Expeditie","411_01Prognoza","PROGNOZA","Finalizat","MPF","0",{"$nulls":3},"PF012220","HUSA SM 7 NEW 2025 90X210","CP00001507",2,0,2,"BUC",{"v":0,"d":"0.0000"},"EUR",{"v":0,"d":"0.00"},{"v":0,"d":"0.00"},{"v":0,"d":"0.00"},"EUR","SO25000380","20251010",24,"MPF","0","Bunuri",{"$nulls":3},"Y","Y","Y","SM 7 NEW 2025"]
["2025-09-30","SH25000116","Aviz Expeditie","411_01Prognoza","PROGNOZA","Finalizat","MPF","0",{"$nulls":3},"PF012219","HUSA SM 7 NEW 2025 90X200","CP00001510",20,0,20,"BUC",{"v":0,"d":"0.0000"},"EUR",{"v":0,"d":"0.00"},{"v":0,"d":"0.00"},{"v":0,"d":"0.00"},"EUR","SO25000380","20251010",27,"MPF","0","Bunuri",{"$nulls":3},"Y","Y","Y","SM 7 NEW 2025"]
["2025-09-30","SH25000116","Aviz Expeditie","411_01Prognoza","PROGNOZA","Finalizat","MPF","0",{"$nulls":3},"PF012217","HUSA SM 6 NEW 2025 90X210","CP00001512",5,0,5,"BUC",{"v":0,"d":"0.0000"},"EUR",{"v":0,"d":"0.00"},{"v":0,"d":"0.00"},{"v":0,"d":"0.00"},"EUR","SO25000380","20251010",30,"MPF","0","Bunuri",{"$nulls":3},"Y","Y","Y","SM 6 NEW 2025"]
["2025-09-30","SH25000116","Aviz Expeditie","411_01Prognoza","PROGNOZA","Finalizat","MPF","0",{"$nulls":3},"PF012216","HUSA SM 6 NEW 2025 90X200","CP00001513",15,0,4,"BUC",{"v":0,"d":"0.0000"},"EUR",{"v":0,"d":"0.00"},{"v":0,"d":"0.00"},{"v":0,"d":"0.00"},"EUR","SO25000380","20251010",31,"MPF","0","Bunuri",{"$nulls":3},"Y","Y","Y","SM 6 NEW 2025"]
["2025-09-30","SH25000116","Aviz Expeditie","411_01Prognoza","PROGNOZA","Finalizat","MPF","0",{"$nulls":3},"PF012216","HUSA SM 6 NEW 2025 90X200","CP00001490",31,0,31,"BUC",{"v":0,"d":"0.0000"},"EUR",{"v":0,"d":"0.00"},{"v":0,"d":"0.00"},{"v":0,"d":"0.00"},"EUR","SO25000380","20251010",7,"MPF","0","Bunuri",{"$nulls":3},"Y","Y","Y","SM 6 NEW 2025"]
["2025-09-30","SH25000116","Aviz Expeditie","411_01Prognoza","PROGNOZA","Finalizat","MPF","0",{"$nulls":3},"PF012215","HUSA SM 6 NEW 2025 80X200","CP00001489",350,0,85,"BUC",{"v":0,"d":"0.0000"},"EUR",{"v":0,"d":"0.00"},{"v":0,"d":"0.00"},{"v":0,"d":"0.00"},"EUR","SO25000380","20251010",6,"MPF","0","Bunuri",{"$nulls":3},"Y","Y","Y","SM 6 NEW 2025"]
["2025-09-30","SH25000116","Aviz Expeditie","411_01Prognoza","PROGNOZA","Finalizat","MPF","0",{"$nulls":3},"PF012214","HUSA SM 5 NEW 2025 90X210","CP00001518",16,0,2,"BUC",{"v":0,"d":"0.0000"},"EUR",{"v":0,"d":"0.00"},{"v":0,"d":"0.00"},{"v":0,"d":"0.00"},"EUR","SO25000381","20251010",2,"MPF","0","Bunuri",{"$nulls":3},"Y","Y","Y"]
["2025-09-30","SH25000116","Aviz Expeditie","411_01Prognoza","PROGNOZA","Finalizat","MPF","0",{"$nulls":3},"PF012213","HUSA SM 5 NEW 2025 90X200","CP00001487",820,0,36,"BUC",{"v":0,"d":"0.0000"},"EUR",{"v":0,"d":"0.00"},{"v":0,"d":"0.00"},{"v":0,"d":"0.00"},"EUR","SO25000380","20251010",4,"MPF","0","Bunuri",{"$nulls":3},"Y","Y","Y"]
["2025-09-30","SH25000116","Aviz Expeditie","411_01Prognoza","PROGNOZA","Finalizat","MPF","0",{"$nulls":3},"PF012212","HUSA SM 5 NEW 2025 80X200","CP00001486",655,0,84,"BUC",{"v":0,"d":"0.0000"},"EUR",{"v":0,"d":"0.00"},{"v":0,"d":"0.00"},{"v":0,"d":"0.00"},"EUR","SO25000380","20251010",3,"MPF","0","Bunuri",{"$nulls":3},"Y","Y","Y","SM 5 NEW 2025"]
["2025-09-30","SH25000116","Aviz Expeditie","411_01Prognoza","PROGNOZA","Finalizat","MPF","0",{"$nulls":3},"PF012219","HUSA SM 7 NEW 2025 90X200","CP00001330",100,80,20,"BUC",{"v":0,"d":"0.0000"},"EUR",{"v":0,"d":"0.00"},{"v":0,"d":"0.00"},{"v":0,"d":"0.00"},"EUR","SO25000380","20251010",28,"MPF","0","Bunuri",{"$nulls":3},"Y","Y","Y","SM 7 NEW 2025"]
["2025-09-30","SH25000116","Aviz Expeditie","411_01Prognoza","PROGNOZA","Finalizat","MPF","0",{"$nulls":3},"PF012218","HUSA SM 7 NEW 2025 80X200","CP00001491",237,0,84,"BUC",{"v":0,"d":"0.0000"},"EUR",{"v":0,"d":"0.00"},{"v":0,"d":"0.00"},{"v":0,"d":"0.00"},"EUR","SO25000380","20251010",8,"MPF","0","Bunuri",{"$nulls":3},"Y","Y","Y","SM 7 NEW 2025"]
["2025-10-03","SH25000106","Aviz Expeditie","411_01ARAMIS INV","ARAMIS INVEST S.R.L.","Finalizat","MPF","0",{"$nulls":3},"PF012224","HUSA Vithall  Extra Firm EU 80X200","CP00001259",193,23,170,"BUC",{"v":23.63,"d":"23.6300"},"RON",{"v":0,"d":"0.00"},{"v":0,"d":"0.00"},{"v":4017.1,"d":"4017.10"},"RON","SO25000307","267202",1,"MPF","0","Bunuri",null,"SI25000127","111000000157079","Y","Y","Y","Vithall  Extra Firm EU"]
["2025-10-03","SH25000106","Aviz Expeditie","411_01ARAMIS INV","ARAMIS INVEST S.R.L.","Finalizat","MPF","0",{"$nulls":3},"PF012256","HUSA NASFJALLET MATT PAD 90X200 90X200","CP00001347",38,19,19,"BUC",{"v":7.09,"d":"7.0900"},"RON",{"v":0,"d":"0.00"},{"v":0,"d":"0.00"},134.71,"RON","SO25000307","267202",2,"MPF","0","Bunuri",null,"SI25000127","111000000139871","Y","Y","Y","NASFJALLET MATT PAD 90X200"]
["2025-10-03","SH25000106","Aviz Expeditie","411_01ARAMIS INV","ARAMIS INVEST S.R.L.","Finalizat","MPF","0",{"$nulls":3},"PF012130","HUSA NORRSELE MAT PAD 180x200","CP00001062",17,0,17,"BUC",{"v":26.88,"d":"26.8800"},"RON",{"v":0,"d":"0.00"},{"v":0,"d":"0.00"},456.96,"RON","SO25000205","263668",16,"MPF","0","Bunuri",null,"SI25000127","111000000139908","Y","Y","Y","NORRSELE MAT PAD"]
["2025-10-03","SH25000106","Aviz Expeditie","411_01ARAMIS INV","ARAMIS INVEST S.R.L.","Finalizat","MPF","0",{"$nulls":3},"PALET1200X1000","PALETI LEMN (120X100)","0",214,0,4,"BUC",{"v":0,"d":"0.0000"},"RON",{"v":0,"d":"0.00"},{"v":0,"d":"0.00"},{"v":0,"d":"0.00"},"RON",null,null,0,"Prin","0","Bunuri",null,"SI25000127",null,"Y","Y","Y"]
["2025-10-03","SH25000106","Aviz Expeditie","411_01ARAMIS INV","ARAMIS INVEST S.R.L.","Finalizat","MPF","0",{"$nulls":3},"CUTIE1200x135","CUTIE 1200 x 1000 x 1350","0",10,7,3,"BUC",{"v":0,"d":"0.0000"},"RON",{"v":0,"d":"0.00"},{"v":0,"d":"0.00"},{"v":0,"d":"0.00"},"RON",null,null,0,"MPF","0","Bunuri",null,"SI25000127",null,"Y","Y","Y"]
["2025-10-03","SH25000106","Aviz Expeditie","411_01ARAMIS INV","ARAMIS INVEST S.R.L.","Finalizat","MPF","0",{"$nulls":3},"CAPAC1200","CAPAC 1200 x 1000 x 150","0",118,19,4,"BUC",{"v":0,"d":"0.0000"},"RON",{"v":0,"d":"0.00"},{"v":0,"d":"0.00"},{"v":0,"d":"0.00"},"RON",null,null,0,"MPF","0","Bunuri",null,"SI25000127",null,"Y","Y","Y"]
["2025-10-03","SH25000106","Aviz Expeditie","411_01ARAMIS INV","ARAMIS INVEST S.R.L.","Finalizat","MPF","0",{"$nulls":3},"CUTIE1200x90","CUTIE 1200 x 1000 x 900","0",106,404,1,"BUC",{"v":0,"d":"0.0000"},"RON",{"v":0,"d":"0.00"},{"v":0,"d":"0.00"},{"v":0,"d":"0.00"},"RON",null,null,0,"MPF","0","Bunuri",null,"SI25000127",null,"Y","Y","Y"]
["2025-10-06","SH25000107","Aviz Expeditie","411_01VITA","Vita Cellular Foam (UK) Ltd","Finalizat","MPF","0",{"$nulls":3},"PF012233","HUSA SILENTNIGHT -JUST CALM 150X200","CP00001369",100,0,100,"BUC",{"v":42.29,"d":"42.2900"},"EUR",{"v":0,"d":"0.00"},{"v":0,"d":"0.00"},{"v":4229,"d":"4229.00"},"EUR","SO25000347","17093",4,"MPF","0","Bunuri",null,"SI25000167",null,"Y","Y","Y","SILENTNIGHT -JUST CALM"]
["2025-10-06","SH25000107","Aviz Expeditie","411_01VITA","Vita Cellular Foam (UK) Ltd","Finalizat","MPF","0",{"$nulls":3},"PF012232","HUSA SILENTNIGHT -JUST CALM 135X190","CP00001364",186,0,86,"BUC",{"v":36.11,"d":"36.1100"},"EUR",{"v":0,"d":"0.00"},{"v":0,"d":"0.00"},3105.46,"EUR","SO25000347","17093",2,"MPF","0","Bunuri",null,"SI25000167",null,"Y","Y","Y","SILENTNIGHT -JUST CALM"]
["2025-10-06","SH25000107","Aviz Expeditie","411_01VITA","Vita Cellular Foam (UK) Ltd","Finalizat","MPF","0",{"$nulls":3},"PALET1200X1000","PALETI LEMN (120X100)","0",203,0,4,"BUC",{"v":0,"d":"0.0000"},"EUR",{"v":0,"d":"0.00"},{"v":0,"d":"0.00"},{"v":0,"d":"0.00"},"EUR",null,null,0,"Prin","0","Bunuri",null,"SI25000167",null,"Y","Y","Y"]
["2025-10-06","SH25000107","Aviz Expeditie","411_01VITA","Vita Cellular Foam (UK) Ltd","Finalizat","MPF","0",{"$nulls":3},"CUTIE1200x90","CUTIE 1200 x 1000 x 900","0",98,404,4,"BUC",{"v":0,"d":"0.0000"},"EUR",{"v":0,"d":"0.00"},{"v":0,"d":"0.00"},{"v":0,"d":"0.00"},"EUR",null,null,0,"MPF","0","Bunuri",null,"SI25000167",null,"Y","Y","Y"]
["2025-10-06","SH25000107","Aviz Expeditie","411_01VITA","Vita Cellular Foam (UK) Ltd","Finalizat","MPF","0",{"$nulls":3},"CAPAC1200","CAPAC 1200 x 1000 x 150","0",107,19,4,"BUC",{"v":0,"d":"0.0000"},"EUR",{"v":0,"d":"0.00"},{"v":0,"d":"0.00"},{"v":0,"d":"0.00"},"EUR",null,null,0,"MPF","0","Bunuri",null,"SI25000167",null,"Y","Y","Y"]
["2025-10-06","SH25000108","Aviz Expeditie","411_01VITA","Vita Cellular Foam (UK) Ltd","Finalizat","MPF","0",{"$nulls":3},"PF012287","HUSA GHOSTBED LUXE 90X190 90X190","CP00001390",25,0,25,"BUC",{"v":33.47,"d":"33.4700"},"EUR",{"v":0,"d":"0.00"},{"v":0,"d":"0.00"},836.75,"EUR","SO25000346","17212",12,"MPF","0","Bunuri",null,"SI25000168","CGB30090190","Y","Y","Y","GHOSTBED LUXE 90X190"]
["2025-10-06","SH25000108","Aviz Expeditie","411_01VITA","Vita Cellular Foam (UK) Ltd","Finalizat","MPF","0",{"$nulls":3},"PF012286","HUSA GHOSTBED LUXE 180X200 180X200","CP00001385",25,0,25,"BUC",{"v":45.2,"d":"45.2000"},"EUR",{"v":0,"d":"0.00"},{"v":0,"d":"0.00"},{"v":1130,"d":"1130.00"},"EUR","SO25000346","17212",20,"MPF","0","Bunuri",null,"SI25000168","CGB30180200","Y","Y","Y","GHOSTBED LUXE 180X200"]
["2025-10-06","SH25000108","Aviz Expeditie","411_01VITA","Vita Cellular Foam (UK) Ltd","Finalizat","MPF","0",{"$nulls":3},"PF012285","HUSA GHOSTBED LUXE 150X200 150X200","CP00001384",50,0,50,"BUC",{"v":40.59,"d":"40.5900"},"EUR",{"v":0,"d":"0.00"},{"v":0,"d":"0.00"},{"v":2029.5,"d":"2029.50"},"EUR","SO25000346","17212",18,"MPF","0","Bunuri",null,"SI25000168","CGB30150200","Y","Y","Y","GHOSTBED LUXE 150X200"]
["2025-10-06","SH25000108","Aviz Expeditie","411_01VITA","Vita Cellular Foam (UK) Ltd","Finalizat","MPF","0",{"$nulls":3},"PF012284","HUSA GHOSTBED LUXE 135X190 135X190","CP00001383",50,0,50,"BUC",{"v":37.92,"d":"37.9200"},"EUR",{"v":0,"d":"0.00"},{"v":0,"d":"0.00"},{"v":1896,"d":"1896.00"},"EUR","SO25000346","17212",15,"MPF","0","Bunuri",null,"SI25000168","CGB30135190","Y","Y","Y","GHOSTBED LUXE 139X190"]
["2025-10-06","SH25000108","Aviz Expeditie","411_01VITA","Vita Cellular Foam (UK) Ltd","Finalizat","MPF","0",{"$nulls":3},"PF012283","HUSA GHOSTBED CLASSIC 90X190 90X190","CP00001381",60,0,60,"BUC",{"v":29.79,"d":"29.7900"},"EUR",{"v":0,"d":"0.00"},{"v":0,"d":"0.00"},{"v":1787.4,"d":"1787.40"},"EUR","SO25000346","17212",2,"MPF","0","Bunuri",null,"SI25000168","CGB25090190","Y","Y","Y","GHOSTBED CLASSIC 90X190"]
["2025-10-06","SH25000108","Aviz Expeditie","411_01VITA","Vita Cellular Foam (UK) Ltd","Finalizat","MPF","0",{"$nulls":3},"PF012282","HUSA GHOSTBED CLASSIC 180X200 180X200","CP00001382",60,0,60,"BUC",{"v":43.25,"d":"43.2500"},"EUR",{"v":0,"d":"0.00"},{"v":0,"d":"0.00"},{"v":2595,"d":"2595.00"},"EUR","SO25000346","17212",10,"MPF","0","Bunuri",null,"SI25000168","CGB25180200","Y","Y","Y","GHOSTBED CLASSIC 180X200"]
["2025-10-06","SH25000108","Aviz Expeditie","411_01VITA","Vita Cellular Foam (UK) Ltd","Finalizat","MPF","0",{"$nulls":3},"PF012281","HUSA GHOSTBED CLASSIC 150X200 150X200","CP00001375",50,0,50,"BUC",{"v":38.6,"d":"38.6000"},"EUR",{"v":0,"d":"0.00"},{"v":0,"d":"0.00"},{"v":1930,"d":"1930.00"},"EUR","SO25000346","17212",7,"MPF","0","Bunuri",null,"SI25000168","CGB25150200","Y","Y","Y","GHOSTBED CLASSIC 150X200"]
["2025-10-06","SH25000108","Aviz Expeditie","411_01VITA","Vita Cellular Foam (UK) Ltd","Finalizat","MPF","0",{"$nulls":3},"PF012280","HUSA GHOSTBED CLASSIC 135X190 135X190","CP00001372",50,0,50,"BUC",{"v":35.01,"d":"35.0100"},"EUR",{"v":0,"d":"0.00"},{"v":0,"d":"0.00"},{"v":1750.5,"d":"1750.50"},"EUR","SO25000346","17212",4,"MPF","0","Bunuri",null,"SI25000168","CGB25135190","Y","Y","Y","GHOSTBED CLASSIC 135X190"]
["2025-10-06","SH25000108","Aviz Expeditie","411_01VITA","Vita Cellular Foam (UK) Ltd","Finalizat","MPF","0",{"$nulls":3},"PALET1200X1000","PALETI LEMN (120X100)","0",206,0,9,"BUC",{"v":0,"d":"0.0000"},"EUR",{"v":0,"d":"0.00"},{"v":0,"d":"0.00"},{"v":0,"d":"0.00"},"EUR",null,null,0,"Prin","0","Bunuri",null,"SI25000168",null,"Y","Y","Y"]
["2025-10-06","SH25000108","Aviz Expeditie","411_01VITA","Vita Cellular Foam (UK) Ltd","Finalizat","MPF","0",{"$nulls":3},"CUTIE1200x90","CUTIE 1200 x 1000 x 900","0",101,404,9,"BUC",{"v":0,"d":"0.0000"},"EUR",{"v":0,"d":"0.00"},{"v":0,"d":"0.00"},{"v":0,"d":"0.00"},"EUR",null,null,0,"MPF","0","Bunuri",null,"SI25000168",null,"Y","Y","Y"]
["2025-10-06","SH25000108","Aviz Expeditie","411_01VITA","Vita Cellular Foam (UK) Ltd","Finalizat","MPF","0",{"$nulls":3},"CAPAC1200","CAPAC 1200 x 1000 x 150","0",110,19,9,"BUC",{"v":0,"d":"0.0000"},"EUR",{"v":0,"d":"0.00"},{"v":0,"d":"0.00"},{"v":0,"d":"0.00"},"EUR",null,null,0,"MPF","0","Bunuri",null,"SI25000168",null,"Y","Y","Y"]
["2025-10-06","SH25000108","Aviz Expeditie","411_01VITA","Vita Cellular Foam (UK) Ltd","Finalizat","MPF","0",{"$nulls":3},"PF012232","HUSA SILENTNIGHT -JUST CALM 135X190","CP00001364",100,0,100,"BUC",{"v":36.11,"d":"36.1100"},"EUR",{"v":0,"d":"0.00"},{"v":0,"d":"0.00"},{"v":3611,"d":"3611.00"},"EUR","SO25000347","17093",2,"MPF","0","Bunuri",null,"SI25000168",null,"Y","Y","Y","SILENTNIGHT -JUST CALM"]
["2025-10-06","SH25000109","Aviz Expeditie","411_01FORMAFOAM","FORMAFOAM B.V.","Finalizat","MPF","0",{"$nulls":3},"PF010866","HUSA CM NEXT 1 90X210","CP00001359",25,0,25,"BUC",{"v":27.92,"d":"27.9200"},"EUR",{"v":0,"d":"0.00"},{"v":0,"d":"0.00"},{"v":698,"d":"698.00"},"EUR","SO25000352","22540052",1,"MPF","0","Bunuri",null,"SI25000170",null,"Y","Y","Y"]
["2025-10-06","SH25000109","Aviz Expeditie","411_01FORMAFOAM","FORMAFOAM B.V.","Finalizat","MPF","0",{"$nulls":3},"PF011648","HUSA DUO COOL MOTION NEXT  22 180X200x22","CP00001361",25,0,25,"BUC",{"v":52.76,"d":"52.7600"},"EUR",{"v":0,"d":"0.00"},{"v":0,"d":"0.00"},{"v":1319,"d":"1319.00"},"EUR","SO25000353","22540053",1,"MPF","0","Bunuri",null,"SI25000170",null,"Y","Y","Y","DUO COOL MOTION NEXT  22"]
["2025-10-06","SH25000109","Aviz Expeditie","411_01FORMAFOAM","FORMAFOAM B.V.","Finalizat","MPF","0",{"$nulls":3},"PF011660","HUSA CM NEXT 324 90X210","CP00001360",50,0,50,"BUC",{"v":32.2,"d":"32.2000"},"EUR",{"v":0,"d":"0.00"},{"v":0,"d":"0.00"},{"v":1610,"d":"1610.00"},"EUR","SO25000352","22540052",2,"MPF","0","Bunuri",null,"SI25000170",null,"Y","Y","Y"]
["2025-10-06","SH25000109","Aviz Expeditie","411_01FORMAFOAM","FORMAFOAM B.V.","Finalizat","MPF","0",{"$nulls":3},"PF011668","HUSA CM NEXT 524 80X210","CP00001362",5,0,5,"BUC",{"v":31.02,"d":"31.0200"},"EUR",{"v":0,"d":"0.00"},{"v":0,"d":"0.00"},{"v":155.1,"d":"155.10"},"EUR","SO25000354","22536095",1,"MPF","0","Bunuri",null,"SI25000170",null,"Y","Y","Y"]
["2025-10-06","SH25000109","Aviz Expeditie","411_01FORMAFOAM","FORMAFOAM B.V.","Finalizat","MPF","0",{"$nulls":3},"PF011676","HUSA CM NEXT 724 80X200","CP00001336",25,0,25,"BUC",{"v":26.98,"d":"26.9800"},"EUR",{"v":0,"d":"0.00"},{"v":0,"d":"0.00"},{"v":674.5,"d":"674.50"},"EUR","SO25000326","22539021",1,"MPF","0","Bunuri",null,"SI25000170",null,"Y","Y","Y"]
["2025-10-06","SH25000109","Aviz Expeditie","411_01FORMAFOAM","FORMAFOAM B.V.","Finalizat","MPF","0",{"$nulls":3},"PF011677","HUSA CM NEXT 724 80X210","CP00001337",25,0,25,"BUC",{"v":31.02,"d":"31.0200"},"EUR",{"v":0,"d":"0.00"},{"v":0,"d":"0.00"},{"v":775.5,"d":"775.50"},"EUR","SO25000327","22539022",1,"MPF","0","Bunuri",null,"SI25000170",null,"Y","Y","Y"]
["2025-10-06","SH25000109","Aviz Expeditie","411_01FORMAFOAM","FORMAFOAM B.V.","Finalizat","MPF","0",{"$nulls":3},"PF011748","HUSA CM NEXT 724 100X210","CP00001339",25,0,25,"BUC",{"v":35.55,"d":"35.5500"},"EUR",{"v":0,"d":"0.00"},{"v":0,"d":"0.00"},888.75,"EUR","SO25000329","22539024",1,"MPF","0","Bunuri",null,"SI25000170",null,"Y","Y","Y"]
["2025-10-06","SH25000109","Aviz Expeditie","411_01FORMAFOAM","FORMAFOAM B.V.","Finalizat","MPF","0",{"$nulls":3},"PALET1200X1000","PALETI LEMN (120X100)","0",173,0,6,"BUC",{"v":0,"d":"0.0000"},"EUR",{"v":0,"d":"0.00"},{"v":0,"d":"0.00"},{"v":0,"d":"0.00"},"EUR",null,null,0,"Prin","0","Bunuri",null,"SI25000170",null,"Y","Y","Y"]
["2025-10-06","SH25000109","Aviz Expeditie","411_01FORMAFOAM","FORMAFOAM B.V.","Finalizat","MPF","0",{"$nulls":3},"CAPAC1200","CAPAC 1200 x 1000 x 150","0",97,19,6,"BUC",{"v":0,"d":"0.0000"},"EUR",{"v":0,"d":"0.00"},{"v":0,"d":"0.00"},{"v":0,"d":"0.00"},"EUR",null,null,0,"MPF","0","Bunuri",null,"SI25000170",null,"Y","Y","Y"]
["2025-10-06","SH25000109","Aviz Expeditie","411_01FORMAFOAM","FORMAFOAM B.V.","Finalizat","MPF","0",{"$nulls":3},"CUTIE1200x90","CUTIE 1200 x 1000 x 900","0",68,404,6,"BUC",{"v":0,"d":"0.0000"},"EUR",{"v":0,"d":"0.00"},{"v":0,"d":"0.00"},{"v":0,"d":"0.00"},"EUR",null,null,0,"MPF","0","Bunuri",null,"SI25000170",null,"Y","Y","Y"]
["2025-10-06","SH25000109","Aviz Expeditie","411_01FORMAFOAM","FORMAFOAM B.V.","Finalizat","MPF","0",{"$nulls":3},"PF011621","HUSA CM NEXT 524 90X200","CP00001334",25,0,25,"BUC",{"v":28.1,"d":"28.1000"},"EUR",{"v":0,"d":"0.00"},{"v":0,"d":"0.00"},{"v":702.5,"d":"702.50"},"EUR","SO25000324","22539019",1,"MPF","0","Bunuri",null,"SI25000170",null,"Y","Y","Y"]
["2025-10-06","SH25000109","Aviz Expeditie","411_01FORMAFOAM","FORMAFOAM B.V.","Finalizat","MPF","0",{"$nulls":3},"PF011808","HUSA CM NEXT 324 80X210","CP00001358",3,0,3,"BUC",{"v":30.91,"d":"30.9100"},"EUR",{"v":0,"d":"0.00"},{"v":0,"d":"0.00"},92.73,"EUR","SO25000351","45954",1,"MPF","0","Bunuri",null,"SI25000170",null,"Y","Y","Y"]
["2025-10-06","SH25000110","Aviz Expeditie","411_01CARPENTER","CARPENTER BELGIUM BV","Finalizat","MPF","0",{"$nulls":3},"PF012215","HUSA SM 6 NEW 2025 80X200","CP00001311",104,0,104,"BUC",{"v":24.53,"d":"24.5300"},"EUR",{"v":0,"d":"0.00"},{"v":0,"d":"0.00"},2551.12,"EUR","SO25000322","4571102071",3,"MPF","0","Bunuri",null,"SI25000171",null,"Y","Y","Y","SM 6 NEW 2025"]
["2025-10-06","SH25000110","Aviz Expeditie","411_01CARPENTER","CARPENTER BELGIUM BV","Finalizat","MPF","0",{"$nulls":3},"PF012216","HUSA SM 6 NEW 2025 90X200","CP00001306",50,0,50,"BUC",{"v":25.96,"d":"25.9600"},"EUR",{"v":0,"d":"0.00"},{"v":0,"d":"0.00"},{"v":1298,"d":"1298.00"},"EUR","SO25000321","4571101047",2,"MPF","0","Bunuri",null,"SI25000171",null,"Y","Y","Y","SM 6 NEW 2025"]
["2025-10-06","SH25000110","Aviz Expeditie","411_01CARPENTER","CARPENTER BELGIUM BV","Finalizat","MPF","0",{"$nulls":3},"PF012217","HUSA SM 6 NEW 2025 90X210","CP00001314",50,0,50,"BUC",{"v":26.8,"d":"26.8000"},"EUR",{"v":0,"d":"0.00"},{"v":0,"d":"0.00"},{"v":1340,"d":"1340.00"},"EUR","SO25000322","4571102071",6,"MPF","0","Bunuri",null,"SI25000171",null,"Y","Y","Y","SM 6 NEW 2025"]
["2025-10-06","SH25000110","Aviz Expeditie","411_01CARPENTER","CARPENTER BELGIUM BV","Finalizat","MPF","0",{"$nulls":3},"PF012218","HUSA SM 7 NEW 2025 80X200","CP00001307",150,0,150,"BUC",{"v":24.53,"d":"24.5300"},"EUR",{"v":0,"d":"0.00"},{"v":0,"d":"0.00"},{"v":3679.5,"d":"3679.50"},"EUR","SO25000321","4571101047",3,"MPF","0","Bunuri",null,"SI25000171",null,"Y","Y","Y","SM 7 NEW 2025"]
["2025-10-06","SH25000110","Aviz Expeditie","411_01CARPENTER","CARPENTER BELGIUM BV","Finalizat","MPF","0",{"$nulls":3},"PF012221","HUSA SM 8 NEW 2025 80X200","CP00001309",50,0,50,"BUC",{"v":24.53,"d":"24.5300"},"EUR",{"v":0,"d":"0.00"},{"v":0,"d":"0.00"},{"v":1226.5,"d":"1226.50"},"EUR","SO25000321","4571101047",5,"MPF","0","Bunuri",null,"SI25000171",null,"Y","Y","Y","SM 8 NEW 2025"]
["2025-10-06","SH25000110","Aviz Expeditie","411_01CARPENTER","CARPENTER BELGIUM BV","Finalizat","MPF","0",{"$nulls":3},"PF012221","HUSA SM 8 NEW 2025 80X200","CP00000902",250,192,58,"BUC",{"v":24.53,"d":"24.5300"},"EUR",{"v":0,"d":"0.00"},{"v":0,"d":"0.00"},1422.74,"EUR","SO25000322","4571102071",5,"MPF","0","Bunuri",null,"SI25000171",null,"Y","Y","Y","SM 8 NEW 2025"]
["2025-10-06","SH25000110","Aviz Expeditie","411_01CARPENTER","CARPENTER BELGIUM BV","Finalizat","MPF","0",{"$nulls":3},"PF012223","HUSA SM 8 NEW 2025 90X210","CP00001310",50,0,50,"BUC",{"v":26.8,"d":"26.8000"},"EUR",{"v":0,"d":"0.00"},{"v":0,"d":"0.00"},{"v":1340,"d":"1340.00"},"EUR","SO25000321","4571101047",6,"MPF","0","Bunuri",null,"SI25000171",null,"Y","Y","Y","SM 8 NEW 2025"]
["2025-10-06","SH25000110","Aviz Expeditie","411_01CARPENTER","CARPENTER BELGIUM BV","Finalizat","MPF","0",{"$nulls":3},"PF012215","HUSA SM 6 NEW 2025 80X200","CP00001325",250,0,250,"BUC",{"v":24.53,"d":"24.5300"},"EUR",{"v":0,"d":"0.00"},{"v":0,"d":"0.00"},{"v":6132.5,"d":"6132.50"},"EUR","SO25000321","4571101047",7,"MPF","0","Bunuri",null,"SI25000171",null,"Y","Y","Y","SM 6 NEW 2025"]
["2025-10-06","SH25000110","Aviz Expeditie","411_01CARPENTER","CARPENTER BELGIUM BV","Finalizat","MPF","0",{"$nulls":3},"PF012217","HUSA SM 6 NEW 2025 90X210","CP00001328",100,0,100,"BUC",{"v":26.8,"d":"26.8000"},"EUR",{"v":0,"d":"0.00"},{"v":0,"d":"0.00"},{"v":2680,"d":"2680.00"},"EUR","SO25000322","4571102071",9,"MPF","0","Bunuri",null,"SI25000171",null,"Y","Y","Y","SM 6 NEW 2025"]
["2025-10-06","SH25000110","Aviz Expeditie","411_01CARPENTER","CARPENTER BELGIUM BV","Finalizat","MPF","0",{"$nulls":3},"PF012218","HUSA SM 7 NEW 2025 80X200","CP00001329",50,0,50,"BUC",{"v":24.53,"d":"24.5300"},"EUR",{"v":0,"d":"0.00"},{"v":0,"d":"0.00"},{"v":1226.5,"d":"1226.50"},"EUR","SO25000322","4571102071",10,"MPF","0","Bunuri",null,"SI25000171",null,"Y","Y","Y","SM 7 NEW 2025"]
["2025-10-06","SH25000110","Aviz Expeditie","411_01CARPENTER","CARPENTER BELGIUM BV","Finalizat","MPF","0",{"$nulls":3},"PF012219","HUSA SM 7 NEW 2025 90X200","CP00001330",200,80,100,"BUC",{"v":25.96,"d":"25.9600"},"EUR",{"v":0,"d":"0.00"},{"v":0,"d":"0.00"},{"v":2596,"d":"2596.00"},"EUR","SO25000322","4571102071",11,"MPF","0","Bunuri",null,"SI25000171",null,"Y","Y","Y","SM 7 NEW 2025"]
["2025-10-06","SH25000110","Aviz Expeditie","411_01CARPENTER","CARPENTER BELGIUM BV","Finalizat","MPF","0",{"$nulls":3},"PF012221","HUSA SM 8 NEW 2025 80X200","CP00001324",150,0,50,"BUC",{"v":24.53,"d":"24.5300"},"EUR",{"v":0,"d":"0.00"},{"v":0,"d":"0.00"},{"v":1226.5,"d":"1226.50"},"EUR","SO25000320","4571101044",4,"MPF","0","Bunuri",null,"SI25000171",null,"Y","Y","Y","SM 8 NEW 2025"]
["2025-10-06","SH25000110","Aviz Expeditie","411_01CARPENTER","CARPENTER BELGIUM BV","Finalizat","MPF","0",{"$nulls":3},"PF012222","HUSA SM 8 NEW 2025 90X200","CP00001343",100,100,100,"BUC",{"v":25.96,"d":"25.9600"},"EUR",{"v":0,"d":"0.00"},{"v":0,"d":"0.00"},{"v":2596,"d":"2596.00"},"EUR","SO25000321","4571101047",9,"MPF","0","Bunuri",null,"SI25000171",null,"Y","Y","Y","SM 8 NEW 2025"]
["2025-10-06","SH25000110","Aviz Expeditie","411_01CARPENTER","CARPENTER BELGIUM BV","Finalizat","MPF","0",{"$nulls":3},"PF012215","HUSA SM 6 NEW 2025 80X200","CP00001341",50,80,50,"BUC",{"v":24.53,"d":"24.5300"},"EUR",{"v":0,"d":"0.00"},{"v":0,"d":"0.00"},{"v":1226.5,"d":"1226.50"},"EUR","SO25000320","4571101044",5,"MPF","0","Bunuri",null,"SI25000171",null,"Y","Y","Y","SM 6 NEW 2025"]
["2025-10-06","SH25000110","Aviz Expeditie","411_01CARPENTER","CARPENTER BELGIUM BV","Finalizat","MPF","0",{"$nulls":3},"PALET1200X1000","PALETI LEMN (120X100)","0",197,0,24,"BUC",{"v":0,"d":"0.0000"},"EUR",{"v":0,"d":"0.00"},{"v":0,"d":"0.00"},{"v":0,"d":"0.00"},"EUR",null,null,0,"Prin","0","Bunuri",null,"SI25000171",null,"Y","Y","Y"]
["2025-10-06","SH25000110","Aviz Expeditie","411_01CARPENTER","CARPENTER BELGIUM BV","Finalizat","MPF","0",{"$nulls":3},"CUTIE1200x90","CUTIE 1200 x 1000 x 900","0",92,404,24,"BUC",{"v":0,"d":"0.0000"},"EUR",{"v":0,"d":"0.00"},{"v":0,"d":"0.00"},{"v":0,"d":"0.00"},"EUR",null,null,0,"MPF","0","Bunuri",null,"SI25000171",null,"Y","Y","Y"]
["2025-10-06","SH25000110","Aviz Expeditie","411_01CARPENTER","CARPENTER BELGIUM BV","Finalizat","MPF","0",{"$nulls":3},"CAPAC1200","CAPAC 1200 x 1000 x 150","0",101,19,4,"BUC",{"v":0,"d":"0.0000"},"EUR",{"v":0,"d":"0.00"},{"v":0,"d":"0.00"},{"v":0,"d":"0.00"},"EUR",null,null,0,"MPF","0","Bunuri",null,"SI25000171",null,"Y","Y","Y"]
["2025-10-07","SH25000111","Aviz Expeditie","411_01FORMAFOAM","FORMAFOAM B.V.","Finalizat","MPF","0",{"$nulls":3},"PF011657","HUSA CM NEXT 324 140X200","CP00001338",25,0,25,"BUC",{"v":39.04,"d":"39.0400"},"EUR",{"v":0,"d":"0.00"},{"v":0,"d":"0.00"},{"v":976,"d":"976.00"},"EUR","SO25000328","22539023",1,"MPF","0","Bunuri",null,"SI25000172",null,"Y","Y","Y"]
["2025-10-07","SH25000111","Aviz Expeditie","411_01FORMAFOAM","FORMAFOAM B.V.","Finalizat","MPF","0",{"$nulls":3},"PF011654","HUSA DUO COOL MOTION NEXT  26 180X210x26","CP00001350",25,0,25,"BUC",{"v":60.8,"d":"60.8000"},"EUR",{"v":0,"d":"0.00"},{"v":0,"d":"0.00"},{"v":1520,"d":"1520.00"},"EUR","SO25000345","22539087",1,"MPF","0","Bunuri",null,"SI25000172",null,"Y","Y","Y","DUO COOL MOTION NEXT  26"]
["2025-10-07","SH25000111","Aviz Expeditie","411_01FORMAFOAM","FORMAFOAM B.V.","Finalizat","MPF","0",{"$nulls":3},"PALET1200X1000","PALETI LEMN (120X100)","0",167,0,2,"BUC",{"v":0,"d":"0.0000"},"EUR",{"v":0,"d":"0.00"},{"v":0,"d":"0.00"},{"v":0,"d":"0.00"},"EUR",null,null,0,"Prin","0","Bunuri",null,"SI25000172",null,"Y","Y","Y"]
["2025-10-07","SH25000111","Aviz Expeditie","411_01FORMAFOAM","FORMAFOAM B.V.","Finalizat","MPF","0",{"$nulls":3},"CUTIE1200x90","CUTIE 1200 x 1000 x 900","0",62,404,2,"BUC",{"v":0,"d":"0.0000"},"EUR",{"v":0,"d":"0.00"},{"v":0,"d":"0.00"},{"v":0,"d":"0.00"},"EUR",null,null,0,"MPF","0","Bunuri",null,"SI25000172",null,"Y","Y","Y"]
["2025-10-07","SH25000111","Aviz Expeditie","411_01FORMAFOAM","FORMAFOAM B.V.","Finalizat","MPF","0",{"$nulls":3},"CAPAC1200","CAPAC 1200 x 1000 x 150","0",91,19,2,"BUC",{"v":0,"d":"0.0000"},"EUR",{"v":0,"d":"0.00"},{"v":0,"d":"0.00"},{"v":0,"d":"0.00"},"EUR",null,null,0,"MPF","0","Bunuri",null,"SI25000172",null,"Y","Y","Y"]
["2025-10-07","SH25000112","Aviz Expeditie","411_01INNOFA B.V","INNOFA B.V.","Finalizat","MPF","0",{"$nulls":3},"PF012205","HUSA PRESTIGE NEW25 80X200","CP00001392",1,0,1,"BUC",{"v":64.11,"d":"64.1100"},"EUR",{"v":0,"d":"0.00"},{"v":0,"d":"0.00"},64.11,"EUR","SO25000294","AUM-003841",1,"MPF","0","Bunuri",{"$nulls":3},"Y","Y","Y","PRESTIGE NEW25"]
["2025-10-10","SH25000114","Aviz Expeditie","411_01ARAMIS INV","ARAMIS INVEST S.R.L.","Finalizat","MPF","0",{"$nulls":3},"PF012224","HUSA Vithall  Extra Firm EU 80X200","CP00001474",400,0,400,"BUC",{"v":23.63,"d":"23.6300"},"RON",{"v":0,"d":"0.00"},{"v":0,"d":"0.00"},{"v":9452,"d":"9452.00"},"RON","SO25000372","269590",1,"MPF","0","Bunuri",null,"SI25000178","111000000157079","Y","Y","Y","Vithall  Extra Firm EU"]
["2025-10-10","SH25000114","Aviz Expeditie","411_01ARAMIS INV","ARAMIS INVEST S.R.L.","Finalizat","MPF","0",{"$nulls":3},"PF012319","HUSA NASFJALLET MATT PAD STAN SI GB 90X190","CP00001475",200,0,200,"BUC",{"v":7.09,"d":"7.0900"},"RON",{"v":0,"d":"0.00"},{"v":0,"d":"0.00"},{"v":1418,"d":"1418.00"},"RON","SO25000374","269597",1,"MPF","0","Bunuri",null,"SI25000178","111000000140441","Y","Y","Y","NASFJALLET MATT PAD STAN SI GB"]
["2025-10-10","SH25000114","Aviz Expeditie","411_01ARAMIS INV","ARAMIS INVEST S.R.L.","Finalizat","MPF","0",{"$nulls":3},"CUTIE1200x90","CUTIE 1200 x 1000 x 900","0",510,154,10,"BUC",{"v":0,"d":"0.0000"},"RON",{"v":0,"d":"0.00"},{"v":0,"d":"0.00"},{"v":0,"d":"0.00"},"RON",null,null,0,"Prin","0","Bunuri",null,"SI25000178",null,"Y","Y","Y"]
["2025-10-10","SH25000114","Aviz Expeditie","411_01ARAMIS INV","ARAMIS INVEST S.R.L.","Finalizat","MPF","0",{"$nulls":3},"CAPAC1200","CAPAC 1200 x 1000 x 150","0",350,660,10,"BUC",{"v":0,"d":"0.0000"},"RON",{"v":0,"d":"0.00"},{"v":0,"d":"0.00"},{"v":0,"d":"0.00"},"RON",null,null,0,"Prin","0","Bunuri",null,"SI25000178",null,"Y","Y","Y"]
["2025-10-10","SH25000114","Aviz Expeditie","411_01ARAMIS INV","ARAMIS INVEST S.R.L.","Finalizat","MPF","0",{"$nulls":3},"PALET1200X1000","PALETI LEMN (120X100)","0",165,0,10,"BUC",{"v":0,"d":"0.0000"},"RON",{"v":0,"d":"0.00"},{"v":0,"d":"0.00"},{"v":0,"d":"0.00"},"RON",null,null,0,"Prin","0","Bunuri",null,"SI25000178",null,"Y","Y","Y"]
["2025-10-13","SH25000119","Aviz Expeditie","411_01FORMAFOAM","FORMAFOAM B.V.","Finalizat","MPF","0",{"$nulls":3},"PF011648","HUSA DUO COOL MOTION NEXT  22 180X200x22","CP00001354",25,0,25,"BUC",{"v":52.76,"d":"52.7600"},"EUR",{"v":0,"d":"0.00"},{"v":0,"d":"0.00"},{"v":1319,"d":"1319.00"},"EUR","SO25000341","22539065",1,"MPF","0","Bunuri",null,"SI25000180",null,"Y","Y","Y","DUO COOL MOTION NEXT  22"]
["2025-10-13","SH25000119","Aviz Expeditie","411_01FORMAFOAM","FORMAFOAM B.V.","Finalizat","MPF","0",{"$nulls":3},"PF011652","HUSA DUO COOL MOTION NEXT  26 160X200x26","CP00001352",50,0,50,"BUC",{"v":46.78,"d":"46.7800"},"EUR",{"v":0,"d":"0.00"},{"v":0,"d":"0.00"},{"v":2339,"d":"2339.00"},"EUR","SO25000339","22539063",1,"MPF","0","Bunuri",null,"SI25000180",null,"Y","Y","Y","DUO COOL MOTION NEXT  26"]
["2025-10-13","SH25000119","Aviz Expeditie","411_01FORMAFOAM","FORMAFOAM B.V.","Finalizat","MPF","0",{"$nulls":3},"PF011653","HUSA DUO COOL MOTION NEXT  26 180X200x26","CP00001353",25,0,25,"BUC",{"v":52.87,"d":"52.8700"},"EUR",{"v":0,"d":"0.00"},{"v":0,"d":"0.00"},1321.75,"EUR","SO25000340","22539064",1,"MPF","0","Bunuri",null,"SI25000180",null,"Y","Y","Y","DUO COOL MOTION NEXT  26"]
["2025-10-13","SH25000119","Aviz Expeditie","411_01FORMAFOAM","FORMAFOAM B.V.","Finalizat","MPF","0",{"$nulls":3},"PF011656","HUSA DUO COOL MOTION NEXT  26 200X220x26","CP00001356",25,0,25,"BUC",{"v":71.92,"d":"71.9200"},"EUR",{"v":0,"d":"0.00"},{"v":0,"d":"0.00"},{"v":1798,"d":"1798.00"},"EUR","SO25000343","22539067",1,"MPF","0","Bunuri",null,"SI25000180",null,"Y","Y","Y","DUO COOL MOTION NEXT  26"]
["2025-10-13","SH25000119","Aviz Expeditie","411_01FORMAFOAM","FORMAFOAM B.V.","Finalizat","MPF","0",{"$nulls":3},"PF011834","HUSA TWIN 2024 26 2 180X200x26","CP00001355",25,0,25,"BUC",{"v":55.51,"d":"55.5100"},"EUR",{"v":0,"d":"0.00"},{"v":0,"d":"0.00"},1387.75,"EUR","SO25000342","22539066",1,"MPF","0","Bunuri",null,"SI25000180",null,"Y","Y","Y","TWIN 2024 26 2"]
["2025-10-13","SH25000119","Aviz Expeditie","411_01FORMAFOAM","FORMAFOAM B.V.","Finalizat","MPF","0",{"$nulls":3},"PF012073","HUSA TOPPER COOL MOTION FIRM 180X200x6","CP00001357",25,0,25,"BUC",{"v":49.3,"d":"49.3000"},"EUR",{"v":0,"d":"0.00"},{"v":0,"d":"0.00"},{"v":1232.5,"d":"1232.50"},"EUR","SO25000344","22539068",1,"MPF","0","Bunuri",null,"SI25000180",null,"Y","Y","Y","TOPPER COOL MOTION FIRM"]
["2025-10-13","SH25000119","Aviz Expeditie","411_01FORMAFOAM","FORMAFOAM B.V.","Finalizat","MPF","0",{"$nulls":3},"PALET1200X1000","PALETI LEMN (120X100)","0",201,0,7,"BUC",{"v":0,"d":"0.0000"},"EUR",{"v":0,"d":"0.00"},{"v":0,"d":"0.00"},{"v":0,"d":"0.00"},"EUR",null,null,0,"Prin","0","Bunuri",null,"SI25000180",null,"Y","Y","Y"]
["2025-10-13","SH25000119","Aviz Expeditie","411_01FORMAFOAM","FORMAFOAM B.V.","Finalizat","MPF","0",{"$nulls":3},"CUTIE1200x90","CUTIE 1200 x 1000 x 900","0",41,404,7,"BUC",{"v":0,"d":"0.0000"},"EUR",{"v":0,"d":"0.00"},{"v":0,"d":"0.00"},{"v":0,"d":"0.00"},"EUR",null,null,0,"MPF","0","Bunuri",null,"SI25000180",null,"Y","Y","Y"]
["2025-10-13","SH25000120","Aviz Expeditie","411_01CARPENTER","CARPENTER BELGIUM BV","Finalizat","MPF","0",{"$nulls":3},"PF012217","HUSA SM 6 NEW 2025 90X210","CP00001322",42,0,42,"BUC",{"v":26.8,"d":"26.8000"},"EUR",{"v":0,"d":"0.00"},{"v":0,"d":"0.00"},{"v":1125.6,"d":"1125.60"},"EUR","SO25000319","4571098779",2,"MPF","0","Bunuri",null,"SI25000181",null,"Y","Y","Y","SM 6 NEW 2025"]
["2025-10-13","SH25000120","Aviz Expeditie","411_01CARPENTER","CARPENTER BELGIUM BV","Finalizat","MPF","0",{"$nulls":3},"PF012219","HUSA SM 7 NEW 2025 90X200","CP00001344",150,51,99,"BUC",{"v":25.96,"d":"25.9600"},"EUR",{"v":0,"d":"0.00"},{"v":0,"d":"0.00"},2570.04,"EUR","SO25000321","4571101047",10,"MPF","0","Bunuri",null,"SI25000181",null,"Y","Y","Y","SM 7 NEW 2025"]
["2025-10-13","SH25000120","Aviz Expeditie","411_01CARPENTER","CARPENTER BELGIUM BV","Finalizat","MPF","0",{"$nulls":3},"PF012219","HUSA SM 7 NEW 2025 90X200","CP00001326",150,0,150,"BUC",{"v":25.96,"d":"25.9600"},"EUR",{"v":0,"d":"0.00"},{"v":0,"d":"0.00"},{"v":3894,"d":"3894.00"},"EUR","SO25000321","4571101047",8,"MPF","0","Bunuri",null,"SI25000181",null,"Y","Y","Y","SM 7 NEW 2025"]
["2025-10-13","SH25000120","Aviz Expeditie","411_01CARPENTER","CARPENTER BELGIUM BV","Finalizat","MPF","0",{"$nulls":3},"PF012223","HUSA SM 8 NEW 2025 90X210","CP00001332",101,51,50,"BUC",{"v":26.8,"d":"26.8000"},"EUR",{"v":0,"d":"0.00"},{"v":0,"d":"0.00"},{"v":1340,"d":"1340.00"},"EUR","SO25000322","4571102071",13,"MPF","0","Bunuri",null,"SI25000181",null,"Y","Y","Y","SM 8 NEW 2025"]
["2025-10-13","SH25000120","Aviz Expeditie","411_01CARPENTER","CARPENTER BELGIUM BV","Finalizat","MPF","0",{"$nulls":3},"PF012222","HUSA SM 8 NEW 2025 90X200","CP00001342",300,100,200,"BUC",{"v":25.96,"d":"25.9600"},"EUR",{"v":0,"d":"0.00"},{"v":0,"d":"0.00"},{"v":5192,"d":"5192.00"},"EUR","SO25000320","4571101044",6,"MPF","0","Bunuri",null,"SI25000181",null,"Y","Y","Y","SM 8 NEW 2025"]
["2025-10-13","SH25000120","Aviz Expeditie","411_01CARPENTER","CARPENTER BELGIUM BV","Finalizat","MPF","0",{"$nulls":3},"PF012221","HUSA SM 8 NEW 2025 80X200","CP00001324",100,0,100,"BUC",{"v":24.53,"d":"24.5300"},"EUR",{"v":0,"d":"0.00"},{"v":0,"d":"0.00"},{"v":2453,"d":"2453.00"},"EUR","SO25000320","4571101044",4,"MPF","0","Bunuri",null,"SI25000181",null,"Y","Y","Y","SM 8 NEW 2025"]
["2025-10-13","SH25000120","Aviz Expeditie","411_01CARPENTER","CARPENTER BELGIUM BV","Finalizat","MPF","0",{"$nulls":3},"PF012216","HUSA SM 6 NEW 2025 90X200","CP00001323",200,100,100,"BUC",{"v":25.96,"d":"25.9600"},"EUR",{"v":0,"d":"0.00"},{"v":0,"d":"0.00"},{"v":2596,"d":"2596.00"},"EUR","SO25000320","4571101044",3,"MPF","0","Bunuri",null,"SI25000181",null,"Y","Y","Y","SM 6 NEW 2025"]
["2025-10-13","SH25000120","Aviz Expeditie","411_01CARPENTER","CARPENTER BELGIUM BV","Finalizat","MPF","0",{"$nulls":3},"PF012314","HUSA CM NEXT 2 200X220 200X220","CP00001467",25,0,25,"BUC",{"v":56.5,"d":"56.5000"},"EUR",{"v":0,"d":"0.00"},{"v":0,"d":"0.00"},{"v":1412.5,"d":"1412.50"},"EUR","SO25000359","4571105088",1,"MPF","0","Bunuri",null,"SI25000181","1050768","Y","Y","Y","CM NEXT 2 200X220"]
["2025-10-13","SH25000120","Aviz Expeditie","411_01CARPENTER","CARPENTER BELGIUM BV","Finalizat","MPF","0",{"$nulls":3},"PF012218","HUSA SM 7 NEW 2025 80X200","CP00001329",143,0,143,"BUC",{"v":24.53,"d":"24.5300"},"EUR",{"v":0,"d":"0.00"},{"v":0,"d":"0.00"},3507.79,"EUR","SO25000322","4571102071",10,"MPF","0","Bunuri",null,"SI25000181",null,"Y","Y","Y","SM 7 NEW 2025"]
["2025-10-13","SH25000120","Aviz Expeditie","411_01CARPENTER","CARPENTER BELGIUM BV","Finalizat","MPF","0",{"$nulls":3},"PALET1200X1000","PALETI LEMN (120X100)","0",220,0,19,"BUC",{"v":0,"d":"0.0000"},"EUR",{"v":0,"d":"0.00"},{"v":0,"d":"0.00"},{"v":0,"d":"0.00"},"EUR",null,null,0,"Prin","0","Bunuri",null,"SI25000181",null,"Y","Y","Y"]
["2025-10-13","SH25000120","Aviz Expeditie","411_01CARPENTER","CARPENTER BELGIUM BV","Finalizat","MPF","0",{"$nulls":3},"CAPAC1200","CAPAC 1200 x 1000 x 150","0",89,19,19,"BUC",{"v":0,"d":"0.0000"},"EUR",{"v":0,"d":"0.00"},{"v":0,"d":"0.00"},{"v":0,"d":"0.00"},"EUR",null,null,0,"MPF","0","Bunuri",null,"SI25000181",null,"Y","Y","Y"]
["2025-10-13","SH25000120","Aviz Expeditie","411_01CARPENTER","CARPENTER BELGIUM BV","Finalizat","MPF","0",{"$nulls":3},"CUTIE1200x90","CUTIE 1200 x 1000 x 900","0",60,404,19,"BUC",{"v":0,"d":"0.0000"},"EUR",{"v":0,"d":"0.00"},{"v":0,"d":"0.00"},{"v":0,"d":"0.00"},"EUR",null,null,0,"MPF","0","Bunuri",null,"SI25000181",null,"Y","Y","Y"]
["2025-10-13","SH25000121","Aviz Expeditie","411_01ABZ NV","ABZ NV","Proiect","MPF","0",{"$nulls":3},"PF012259","HUSA ZZZOO AIRGOSAFE 60X120","CP00001588",600,0,600,"BUC",{"v":25,"d":"25.0000"},"EUR",{"v":0,"d":"0.00"},{"v":0,"d":"0.00"},{"v":15000,"d":"15000.00"},"EUR","SO25000333","4250287",1,"MPF","0","Bunuri",null,null,"MB205-60","Y","Y","Y","ZZZOO AIRGOSAFE"]
["2025-10-13","SH25000121","Aviz Expeditie","411_01ABZ NV","ABZ NV","Proiect","MPF","0",{"$nulls":3},"PALET1200X1000","PALETI LEMN (120X100)","0",175,0,19,"BUC",{"v":0,"d":"0.0000"},"EUR",{"v":0,"d":"0.00"},{"v":0,"d":"0.00"},{"v":0,"d":"0.00"},"EUR",null,null,0,"Prin","0","Bunuri",{"$nulls":3},"Y","Y","Y"]
["2025-10-13","SH25000121","Aviz Expeditie","411_01ABZ NV","ABZ NV","Proiect","MPF","0",{"$nulls":3},"CUTIE1200x90","CUTIE 1200 x 1000 x 900","0",15,404,19,"BUC",{"v":0,"d":"0.0000"},"EUR",{"v":0,"d":"0.00"},{"v":0,"d":"0.00"},{"v":0,"d":"0.00"},"EUR",null,null,0,"MPF","0","Bunuri",{"$nulls":3},"Y","Y","Y"]
["2025-10-13","SH25000121","Aviz Expeditie","411_01ABZ NV","ABZ NV","Proiect","MPF","0",{"$nulls":3},"CAPAC1200","CAPAC 1200 x 1000 x 150","0",19,19,19,"BUC",{"v":0,"d":"0.0000"},"EUR",{"v":0,"d":"0.00"},{"v":0,"d":"0.00"},{"v":0,"d":"0.00"},"EUR",null,null,0,"MPF","0","Bunuri",{"$nulls":3},"Y","Y","Y"]
["2025-10-13","SH25000122","Aviz Expeditie","411_01VITA","Vita Cellular Foam (UK) Ltd","Finalizat","MPF","0",{"$nulls":3},"PF012287","HUSA GHOSTBED LUXE 90X190 90X190","CP00001391",16,0,16,"BUC",{"v":33.47,"d":"33.4700"},"EUR",{"v":0,"d":"0.00"},{"v":0,"d":"0.00"},535.52,"EUR","SO25000346","17212",13,"MPF","0","Bunuri",null,"SI25000179","CGB30090190","Y","Y","Y","GHOSTBED LUXE 90X190"]
["2025-10-13","SH25000122","Aviz Expeditie","411_01VITA","Vita Cellular Foam (UK) Ltd","Finalizat","MPF","0",{"$nulls":3},"PF012286","HUSA GHOSTBED LUXE 180X200 180X200","CP00001388",65,0,65,"BUC",{"v":45.2,"d":"45.2000"},"EUR",{"v":0,"d":"0.00"},{"v":0,"d":"0.00"},{"v":2938,"d":"2938.00"},"EUR","SO25000346","17212",21,"MPF","0","Bunuri",null,"SI25000179","CGB30180200","Y","Y","Y","GHOSTBED LUXE 180X200"]
["2025-10-13","SH25000122","Aviz Expeditie","411_01VITA","Vita Cellular Foam (UK) Ltd","Finalizat","MPF","0",{"$nulls":3},"PF012285","HUSA GHOSTBED LUXE 150X200 150X200","CP00001387",136,0,136,"BUC",{"v":40.59,"d":"40.5900"},"EUR",{"v":0,"d":"0.00"},{"v":0,"d":"0.00"},5520.24,"EUR","SO25000346","17212",19,"MPF","0","Bunuri",null,"SI25000179","CGB30150200","Y","Y","Y","GHOSTBED LUXE 150X200"]
["2025-10-13","SH25000122","Aviz Expeditie","411_01VITA","Vita Cellular Foam (UK) Ltd","Finalizat","MPF","0",{"$nulls":3},"PF012284","HUSA GHOSTBED LUXE 135X190 135X190","CP00001386",121,0,121,"BUC",{"v":37.92,"d":"37.9200"},"EUR",{"v":0,"d":"0.00"},{"v":0,"d":"0.00"},4588.32,"EUR","SO25000346","17212",16,"MPF","0","Bunuri",null,"SI25000179","CGB30135190","Y","Y","Y","GHOSTBED LUXE 139X190"]
["2025-10-13","SH25000122","Aviz Expeditie","411_01VITA","Vita Cellular Foam (UK) Ltd","Finalizat","MPF","0",{"$nulls":3},"PF012281","HUSA GHOSTBED CLASSIC 150X200 150X200","CP00001376",100,0,100,"BUC",{"v":38.6,"d":"38.6000"},"EUR",{"v":0,"d":"0.00"},{"v":0,"d":"0.00"},{"v":3860,"d":"3860.00"},"EUR","SO25000346","17212",8,"MPF","0","Bunuri",null,"SI25000179","CGB25150200","Y","Y","Y","GHOSTBED CLASSIC 150X200"]
["2025-10-13","SH25000122","Aviz Expeditie","411_01VITA","Vita Cellular Foam (UK) Ltd","Finalizat","MPF","0",{"$nulls":3},"PF012280","HUSA GHOSTBED CLASSIC 135X190 135X190","CP00001373",85,0,85,"BUC",{"v":35.01,"d":"35.0100"},"EUR",{"v":0,"d":"0.00"},{"v":0,"d":"0.00"},2975.85,"EUR","SO25000346","17212",5,"MPF","0","Bunuri",null,"SI25000179","CGB25135190","Y","Y","Y","GHOSTBED CLASSIC 135X190"]
["2025-10-13","SH25000122","Aviz Expeditie","411_01VITA","Vita Cellular Foam (UK) Ltd","Finalizat","MPF","0",{"$nulls":3},"PALET1200X1000","PALETI LEMN (120X100)","0",175,0,11,"BUC",{"v":0,"d":"0.0000"},"EUR",{"v":0,"d":"0.00"},{"v":0,"d":"0.00"},{"v":0,"d":"0.00"},"EUR",null,null,0,"Prin","0","Bunuri",null,"SI25000179",null,"Y","Y","Y"]
["2025-10-13","SH25000122","Aviz Expeditie","411_01VITA","Vita Cellular Foam (UK) Ltd","Finalizat","MPF","0",{"$nulls":3},"CUTIE1200x90","CUTIE 1200 x 1000 x 900","0",15,404,11,"BUC",{"v":0,"d":"0.0000"},"EUR",{"v":0,"d":"0.00"},{"v":0,"d":"0.00"},{"v":0,"d":"0.00"},"EUR",null,null,0,"MPF","0","Bunuri",null,"SI25000179",null,"Y","Y","Y"]
["2025-10-13","SH25000122","Aviz Expeditie","411_01VITA","Vita Cellular Foam (UK) Ltd","Finalizat","MPF","0",{"$nulls":3},"CAPAC1200","CAPAC 1200 x 1000 x 150","0",51,19,11,"BUC",{"v":0,"d":"0.0000"},"EUR",{"v":0,"d":"0.00"},{"v":0,"d":"0.00"},{"v":0,"d":"0.00"},"EUR",null,null,0,"MPF","0","Bunuri",null,"SI25000179",null,"Y","Y","Y"]
["2025-10-14","SH25000123","Aviz Expeditie","411_01ABZ NV","ABZ NV","Proiect","MPF","0",{"$nulls":3},"PF012260","HUSA ZZZOO AIRGOSAFE 70X140","CP00001589",210,0,210,"BUC",{"v":25,"d":"25.0000"},"EUR",{"v":0,"d":"0.00"},{"v":0,"d":"0.00"},{"v":5250,"d":"5250.00"},"EUR","SO25000333","4250287",2,"MPF","0","Bunuri",null,null,"MB205-70","Y","Y","Y","ZZZOO AIRGOSAFE"]
["2025-10-14","SH25000123","Aviz Expeditie","411_01ABZ NV","ABZ NV","Proiect","MPF","0",{"$nulls":3},"PALET1200X1000","PALETI LEMN (120X100)","0",164,0,5,"BUC",{"v":0,"d":"0.0000"},"EUR",{"v":0,"d":"0.00"},{"v":0,"d":"0.00"},{"v":0,"d":"0.00"},"EUR",null,null,0,"Prin","0","Bunuri",{"$nulls":3},"Y","Y","Y"]
["2025-10-14","SH25000123","Aviz Expeditie","411_01ABZ NV","ABZ NV","Proiect","MPF","0",{"$nulls":3},"CUTIE1200x90","CUTIE 1200 x 1000 x 900","0",575,154,5,"BUC",{"v":0,"d":"0.0000"},"EUR",{"v":0,"d":"0.00"},{"v":0,"d":"0.00"},{"v":0,"d":"0.00"},"EUR",null,null,0,"Prin","0","Bunuri",{"$nulls":3},"Y","Y","Y"]
["2025-10-14","SH25000123","Aviz Expeditie","411_01ABZ NV","ABZ NV","Proiect","MPF","0",{"$nulls":3},"CAPAC1200","CAPAC 1200 x 1000 x 150","0",40,19,5,"BUC",{"v":0,"d":"0.0000"},"EUR",{"v":0,"d":"0.00"},{"v":0,"d":"0.00"},{"v":0,"d":"0.00"},"EUR",null,null,0,"MPF","0","Bunuri",{"$nulls":3},"Y","Y","Y"]
["2025-10-15","SH25000124","Aviz Expeditie","411_01ARAMIS INV","ARAMIS INVEST S.R.L.","Proiect","MPF","0",{"$nulls":3},"PF012224","HUSA Vithall  Extra Firm EU 80X200","CP00001604",400,0,400,"BUC",{"v":0,"d":"0.0000"},"RON",{"v":0,"d":"0.00"},{"v":0,"d":"0.00"},{"v":0,"d":"0.00"},"RON","SO25000395","269989",1,"MPF","0","Bunuri",null,null,"111000000157079","Y","Y","Y","Vithall  Extra Firm EU"]
["2025-10-15","SH25000124","Aviz Expeditie","411_01ARAMIS INV","ARAMIS INVEST S.R.L.","Proiect","MPF","0",{"$nulls":3},"PALET1200X1000","PALETI LEMN (120X100)","0",159,0,8,"BUC",{"v":0,"d":"0.0000"},"RON",{"v":0,"d":"0.00"},{"v":0,"d":"0.00"},{"v":0,"d":"0.00"},"RON",null,null,0,"Prin","0","Bunuri",{"$nulls":3},"Y","Y","Y"]
["2025-10-15","SH25000124","Aviz Expeditie","411_01ARAMIS INV","ARAMIS INVEST S.R.L.","Proiect","MPF","0",{"$nulls":3},"CUTIE1200x90","CUTIE 1200 x 1000 x 900","0",570,154,8,"BUC",{"v":0,"d":"0.0000"},"RON",{"v":0,"d":"0.00"},{"v":0,"d":"0.00"},{"v":0,"d":"0.00"},"RON",null,null,0,"Prin","0","Bunuri",{"$nulls":3},"Y","Y","Y"]
["2025-10-15","SH25000124","Aviz Expeditie","411_01ARAMIS INV","ARAMIS INVEST S.R.L.","Proiect","MPF","0",{"$nulls":3},"CAPAC1200","CAPAC 1200 x 1000 x 150","0",35,19,8,"BUC",{"v":0,"d":"0.0000"},"RON",{"v":0,"d":"0.00"},{"v":0,"d":"0.00"},{"v":0,"d":"0.00"},"RON",null,null,0,"MPF","0","Bunuri",{"$nulls":3},"Y","Y","Y"]
["2025-10-16","SH25000127","Aviz Expeditie","411_01FORMAFOAM","FORMAFOAM B.V.","Finalizat","MPF","0",{"$nulls":3},"PF012212","HUSA SM 5 NEW 2025 80X200","CP00001598",100,0,100,"BUC",{"v":24.53,"d":"24.5300"},"EUR",{"v":0,"d":"0.00"},{"v":0,"d":"0.00"},{"v":2453,"d":"2453.00"},"EUR","SO25000392","22535099",1,"MPF","0","Bunuri",{"$nulls":3},"Y","Y","Y","SM 5 NEW 2025"]
["2025-10-16","SH25000127","Aviz Expeditie","411_01FORMAFOAM","FORMAFOAM B.V.","Finalizat","MPF","0",{"$nulls":3},"PF012213","HUSA SM 5 NEW 2025 90X200","CP00001596",150,0,150,"BUC",{"v":25.96,"d":"25.9600"},"EUR",{"v":0,"d":"0.00"},{"v":0,"d":"0.00"},{"v":3894,"d":"3894.00"},"EUR","SO25000392","22535099",5,"MPF","0","Bunuri",{"$nulls":3},"Y","Y","Y"]
["2025-10-16","SH25000127","Aviz Expeditie","411_01FORMAFOAM","FORMAFOAM B.V.","Finalizat","MPF","0",{"$nulls":3},"PF012214","HUSA SM 5 NEW 2025 90X210","CP00001597",100,0,100,"BUC",{"v":26.8,"d":"26.8000"},"EUR",{"v":0,"d":"0.00"},{"v":0,"d":"0.00"},{"v":2680,"d":"2680.00"},"EUR","SO25000392","22535099",8,"MPF","0","Bunuri",{"$nulls":3},"Y","Y","Y"]
["2025-10-16","SH25000127","Aviz Expeditie","411_01FORMAFOAM","FORMAFOAM B.V.","Finalizat","MPF","0",{"$nulls":3},"PALET1200X1000","PALETI LEMN (120X100)","0",151,0,8,"BUC",{"v":0,"d":"0.0000"},"EUR",{"v":0,"d":"0.00"},{"v":0,"d":"0.00"},{"v":0,"d":"0.00"},"EUR",null,null,0,"Prin","0","Bunuri",{"$nulls":3},"Y","Y","Y"]
["2025-10-16","SH25000127","Aviz Expeditie","411_01FORMAFOAM","FORMAFOAM B.V.","Finalizat","MPF","0",{"$nulls":3},"CUTIE1200x90","CUTIE 1200 x 1000 x 900","0",562,154,8,"BUC",{"v":0,"d":"0.0000"},"EUR",{"v":0,"d":"0.00"},{"v":0,"d":"0.00"},{"v":0,"d":"0.00"},"EUR",null,null,0,"Prin","0","Bunuri",{"$nulls":4},"Y"]
["2025-10-16","SH25000127","Aviz Expeditie","411_01FORMAFOAM","FORMAFOAM B.V.","Finalizat","MPF","0",{"$nulls":3},"CAPAC1200","CAPAC 1200 x 1000 x 150","0",27,19,8,"BUC",{"v":0,"d":"0.0000"},"EUR",{"v":0,"d":"0.00"},{"v":0,"d":"0.00"},{"v":0,"d":"0.00"},"EUR",null,null,0,"MPF","0","Bunuri",{"$nulls":3},"Y","Y","Y"]